10,000 Biggest World Cities - Statistics

General Stats
  • This quiz has been taken 114 times
  • The average score is 490 of 10000
Answer Stats
Country City population City % Correct
Japan 37785000 Tokyo
89%
Turkey 120699 Muş
87%
Korea, South 23016000 Seoul
86%
Côte d’Ivoire 241969 Man
85%
United States 18832416 New York
85%
Ghana 83715 Ho
83%
Indonesia 33756000 Jakarta
83%
United Kingdom 11262000 London
83%
Canada 423369 London
83%
United States 11885717 Los Angeles
83%
Chile 143023 Los Ángeles
83%
China 24073000 Shanghai
83%
Japan 75337 Kai
82%
Philippines 173403 Mexico
82%
Mexico 21804000 Mexico City
82%
Russia 17332000 Moscow
82%
France 11060000 Paris
82%
Burma 119714 An
80%
Sierra Leone 233684 Bo
80%
India 32226000 Delhi
80%
India 24973000 Mumbai
80%
India 249998 New Delhi
80%
Ghana 107214 Wa
80%
China 18522000 Beijing
79%
Egypt 20296000 Cairo
79%
Philippines 24922000 Manila
79%
Brazil 23086000 São Paulo
79%
Iran 14148000 Tehran
79%
Argentina 16710000 Buenos Aires
77%
Brazil 12592000 Rio de Janeiro
77%
Thailand 18007000 Bangkok
76%
China 26940000 Guangzhou
76%
Turkey 14441000 Istanbul
76%
China 10251000 Wuhan
75%
Spain 4800000 Barcelona
73%
Venezuela 815141 Barcelona
73%
Brazil 141742 Brasília
73%
Nigeria 16637000 Lagos
73%
Japan 15126000 Ōsaka
73%
India 21747000 Kolkāta
72%
United States 3364862 San Francisco
72%
Mexico 89122 San Francisco
72%
Philippines 80760 San Francisco
72%
Argentina 62001 San Francisco
72%
Philippines 59236 San Francisco
72%
Chile 7171000 Santiago
72%
Dominican Republic 1343423 Santiago
72%
Philippines 148580 Santiago
72%
Spain 99536 Santiago de Compostela
72%
United States 58200 St. Peters
72%
Bangladesh 19134000 Dhaka
70%
Japan 80099 Hannō
70%
Nigeria 260900 Hong
70%
Hong Kong 7450000 Hong Kong
70%
Congo (Kinshasa) 12836000 Kinshasa
70%
Peru 10320000 Lima
70%
United States 66286 Lima
70%
Spain 6211000 Madrid
70%
Colombia 112254 Madrid
70%
Russia 5597763 Saint Petersburg
70%
Egypt 4870000 Alexandria
69%
United States 156788 Alexandria
69%
United States 73457 Alexandria
69%
United States 8489066 Chicago
69%
Vietnam 15136000 Ho Chi Minh City
69%
United States 6046392 Houston
69%
Saudi Arabia 7237000 Riyadh
69%
Turkey 525016 Van
69%
Greece 3059764 Athens
68%
United States 147368 Athens
68%
Australia 5031195 Melbourne
68%
United States 85718 Melbourne
68%
Australia 4840600 Sydney
68%
United States 260646 St. Petersburg
66%
Turkey 5864049 Ankara
65%
Iraq 6183000 Baghdad
65%
India 15386000 Bangalore
65%
Germany 4679500 Berlin
65%
South Africa 4770313 Cape Town
65%
Vietnam 8587100 Hanoi
65%
Turkey 58600 Kaş
65%
Italy 2748109 Rome
65%
United States 3057778 San Diego
65%
Venezuela 187215 San Diego
65%
United States 94723 Sandy
65%
Japan 93671 Sanjō
65%
United States 1771563 San Jose
65%
Costa Rica 1543000 San José
65%
Philippines 153267 San Jose
65%
Philippines 150917 San Jose
65%
Philippines 79868 San Jose
65%
Philippines 65140 San Jose
65%
Italy 188098 Taranto
65%
Canada 5647656 Toronto
65%
United States 5146120 Washington
65%
United Kingdom 67158 Washington
65%
Netherlands 1477213 Amsterdam
63%
Venezuela 3242000 Caracas
63%
China 433200 Chang’an
63%
United States 5843632 Dallas
63%
Tanzania 7962000 Dar es Salaam
63%
India 93917 Dhār
63%
Pakistan 1014825 Islamabad
63%
India 108505 Islāmābād
63%
Pakistan 20249000 Karachi
63%
United States 3555253 Seattle
63%
Taiwan 2494813 Taipei
63%
Canada 2426160 Vancouver
63%
United States 192696 Vancouver
63%
China 12328000 Xi’an
63%
Ethiopia 5704000 Addis Ababa
62%
Cameroon 95230 Bogo
62%
Philippines 88867 Bogo
62%
Colombia 8034649 Bogotá
62%
United Arab Emirates 3331420 Dubai
62%
Malaysia 8911000 Kuala Lumpur
62%
China 4393699 Lu’an
62%
United Kingdom 547627 Manchester
62%
United States 162716 Manchester
62%
United States 6113982 Miami
62%
Yemen 2545000 Sanaa
62%
Philippines 61460 Taal
62%
Nigeria 3770000 Abuja
61%
China 12135000 Chongqing
61%
United States 331332 Jackson
61%
United States 81058 Jackson
61%
United States 74049 Jackson
61%
United States 59352 Jackson
61%
Pakistan 12306000 Lahore
61%
United States 2256509 Las Vegas
61%
United Kingdom 513441 Liverpool
61%
Angola 9051000 Luanda
61%
Germany 2606021 Munich
61%
Kenya 5545000 Nairobi
61%
United States 2084045 Portland
61%
United States 213660 Portland
61%
Portugal 231800 Porto
61%
United Arab Emirates 1483000 Abu Dhabi
59%
India 146709 Bīr
59%
United Kingdom 2590363 Birmingham
59%
United States 778756 Birmingham
59%
Congo (Brazzaville) 2557100 Brazzaville
59%
China 14645000 Chengdu
59%
Germany 775790 Frankfurt
59%
South Africa 7860781 Johannesburg
59%
Ukraine 2952301 Kyiv
59%
Algeria 69052 Mila
59%
Japan 63060 Nago
59%
United States 5696588 Philadelphia
59%
United States 4065338 Phoenix
59%
Algeria 2364230 Algiers
58%
United States 1915031 Austin
58%
United States 4355184 Boston
58%
United Kingdom 64600 Boston
58%
Australia 2706966 Brisbane
58%
India 12395000 Chennai
58%
United States 3716929 Detroit
58%
Ireland 592713 Dublin
58%
United States 70542 Dublin
58%
Germany 2496600 Hamburg
58%
United States 60034 Hamburg
58%
Sudan 7869000 Khartoum
58%
Canada 3675219 Montréal
58%
United States 1913597 Orlando
58%
Canada 1068821 Ottawa
58%
Australia 2141834 Perth
58%
Korea, North 2863000 Pyongyang
58%
Sudan 259000 Singa
58%
Singapore 5983000 Singapore
58%
Austria 2223236 Vienna
58%
Philippines 89164 Banga
56%
Belgium 1249597 Brussels
56%
Mexico 5525000 Guadalajara
56%
Spain 161683 Guadalajara
56%
India 10494000 Hyderābād
56%
United States 1303156 Jacksonville
56%
United States 109958 Jacksonville
56%
Afghanistan 4273156 Kabul
56%
Japan 9197000 Nagoya
56%
Italy 913462 Naples
56%
Ecuador 1763275 Quito
56%
Indonesia 106101 Raba
56%
China 17619000 Shenzhen
56%
Honduras 96758 Tela
56%
Morocco 3215935 Casablanca
55%
United Kingdom 626410 Glasgow
55%
Israel 936425 Jerusalem
55%
France 520774 Lyon
55%
United States 2906807 Minneapolis
55%
Norway 709037 Oslo
55%
United States 2069843 San Antonio
55%
Chile 86239 San Antonio
55%
Philippines 83060 San Antonio
55%
Philippines 70134 San Antonio
55%
Paraguay 69976 San Antonio
55%
India 254425 Tuni
55%
Switzerland 448664 Zürich
55%
Ghana 491817 Accra
54%
Jordan 4007526 Amman
54%
Kazakhstan 1078362 Astana
54%
Moldova 97930 Bălţi
54%
United States 2189589 Baltimore
54%
Romania 2412530 Bucharest
54%
Hungary 1686222 Budapest
54%
United States 2691349 Denver
54%
United States 1740984 Indianapolis
54%
United States 1686807 Kansas City
54%
United States 154776 Kansas City
54%
Kuwait 2989000 Kuwait City
54%
Bolivia 321073 La Paz
54%
Mexico 250141 La Paz
54%
Argentina 74762 La Paz
54%
Philippines 68952 La Paz
54%
Colombia 2529403 Medellín
54%
Philippines 59605 Medellin
54%
Uruguay 1719453 Montevideo
54%
Netherlands 664311 Rotterdam
54%
United States 1962998 Sacramento
54%
Sweden 995574 Stockholm
54%
United States 2906035 Tampa
54%
United States 5211164 Atlanta
52%
Azerbaijan 2300500 Baku
52%
Serbia 1197714 Belgrade
52%
United States 862494 El Paso
52%
Finland 1360075 Helsinki
52%
Portugal 548703 Lisbon
52%
Italy 1354196 Milan
52%
United States 1290221 Milwaukee
52%
Belarus 1992862 Minsk
52%
Mexico 5324281 Monterrey
52%
United States 918752 New Orleans
52%
France 353701 Nice
52%
Italy 841600 Turin
52%
Venezuela 2585202 Valencia
52%
Spain 1595000 Valencia
52%
Philippines 216546 Valencia
52%
New Zealand 216200 Wellington
52%
United States 61497 Wellington
52%
Australia 1387290 Adelaide
51%
Switzerland 134506 Bern
51%
Australia 381488 Canberra
51%
United States 1578153 Columbus
51%
United States 257578 Columbus
51%
Denmark 1366301 Copenhagen
51%
Senegal 1438725 Dakar
51%
Syria 2584771 Damascus
51%
United States 102561 Edinburg
51%
Guatemala 3014000 Guatemala City
51%
Cuba 2089532 Havana
51%
France 877215 Marseille
51%
Philippines 133184 Naga
51%
United States 1178679 Nashville
51%
United States 1000207 Oklahoma City
51%
United States 147347 St. George
51%
Italy 250369 Venice
51%
Poland 2028000 Warsaw
51%
Cameroon 2440462 Yaoundé
51%
Paraguay 477346 Asunción
49%
New Zealand 1470100 Auckland
49%
South Sudan 315351 Bor
49%
Russia 77320 Bor
49%
United States 1436613 Charlotte
49%
United States 1679247 Cleveland
49%
United States 70578 Cleveland
49%
Germany 1087353 Cologne
49%
Macau 568700 Macau
49%
Saudi Arabia 2427924 Mecca
49%
South Africa 507710 Newcastle
49%
United Kingdom 300196 Newcastle
49%
Australia 152984 Newcastle
49%
Algeria 803329 Oran
49%
India 59091 Panna
49%
Morocco 572717 Rabat
49%
Latvia 605273 Riga
49%
United States 1169033 Salt Lake City
49%
India 403316 Salt Lake City
49%
Libya 1183000 Tripoli
49%
Lebanon 227857 Tripoli
49%
Croatia 767131 Zagreb
49%
United States 767499 Albuquerque
48%
United States 289069 Anchorage
48%
Lebanon 2421354 Beirut
48%
United States 1704916 Cincinnati
48%
Japan 1198021 Hiroshima
48%
Japan 1463723 Kyōto
48%
United Kingdom 536280 Leeds
48%
United States 1033394 Memphis
48%
India 159897 Moga
48%
Somalia 2120000 Mogadishu
48%
Oman 1421409 Muscat
48%
Japan 404656 Nagasaki
48%
United States 162648 Odessa
48%
Panama 880691 Panama City
48%
United States 177125 Panama City
48%
United States 75868 Pittsburg
48%
Czechia 1384732 Prague
48%
Canada 733156 Quebec City
48%
United States 67103 Spring
48%
United States 438889 Springfield
48%
United States 289041 Springfield
48%
United States 156240 Springfield
48%
United States 84309 Springfield
48%
United States 61642 Springfield
48%
Uzbekistan 3095498 Tashkent
48%
Georgia 1118035 Tbilisi
48%
China 10368000 Tianjin
48%
Albania 418495 Tirana
48%
China 3707090 Xiamen
48%
Brazil 5328000 Belo Horizonte
46%
Sierra Leone 951000 Freetown
46%
Nepal 845767 Kathmandu
46%
United Kingdom 314018 Kingston upon Hull
46%
South Africa 2818100 Pretoria
46%
Dominican Republic 1128678 Santo Domingo
46%
Philippines 61092 Santo Domingo
46%
Estonia 638076 Tallinn
46%
Lithuania 581475 Vilnius
46%
Japan 263436 Yao
46%
Chad 91507 Yao
46%
Armenia 1106300 Yerevan
46%
Côte d’Ivoire 4980000 Abidjan
45%
Korea, South 3453198 Busan
45%
United States 726389 Charleston
45%
United States 133045 Charleston
45%
Ireland 222333 Cork
45%
China 9523000 Hangzhou
45%
United States 346323 Honolulu
45%
Zambia 1747152 Lusaka
45%
Senegal 154555 Saint-Louis
45%
Argentina 405683 Santa Fe
45%
United States 94032 Santa Fe
45%
Bosnia and Herzegovina 244000 Sarajevo
45%
United States 2127843 St. Louis
45%
Turkey 100613 Sur
45%
Tunisia 599368 Tunis
45%
Mongolia 1396288 Ulaanbaatar
45%
India 8009000 Ahmedabad
44%
United States 449428 Boise
44%
France 994920 Bordeaux
44%
Canada 1306784 Calgary
44%
Colombia 2838333 Cali
44%
Qatar 1186023 Doha
44%
Sweden 674529 Gothenburg
44%
Saudi Arabia 4697000 Jeddah
44%
Jamaica 580000 Kingston
44%
Canada 132485 Kingston
44%
United States 965005 Louisville
44%
Sweden 360249 Malmö
44%
United States 438072 Oakland
44%
Haiti 987310 Port-au-Prince
44%
Iceland 139875 Reykjavík
44%
France 511684 Toulouse
44%
United States 879871 Tucson
44%
Syria 2003671 Aleppo
42%
Colombia 561955 Bello
42%
Slovakia 475503 Bratislava
42%
United States 949547 Buffalo
42%
Germany 595471 Dortmund
42%
South Africa 838634 Durban
42%
Germany 631217 Düsseldorf
42%
Canada 1151635 Edmonton
42%
United Kingdom 80546 Edmonton
42%
Germany 586608 Essen
42%
Morocco 1112072 Fès
42%
Italy 360930 Florence
42%
United States 92315 Florence
42%
United States 80720 Florence
42%
United States 941311 Fort Worth
42%
Switzerland 203840 Geneva
42%
Turkey 2965900 İzmir
42%
Nigeria 4224966 Kano
42%
Germany 619879 Leipzig
42%
China 8422000 Nanjing
42%
Morocco 945101 Sale
42%
United Kingdom 134022 Sale
42%
Bulgaria 1404116 Sofia
42%
United States 307762 St. Paul
42%
Germany 2787724 Stuttgart
42%
Netherlands 548320 The Hague
42%
Belgium 565039 Antwerp
41%
Spain 775000 Bilbao
41%
United Kingdom 707412 Bristol
41%
United States 68737 Bristol
41%
United States 61129 Bristol
41%
Sri Lanka 752993 Colombo
41%
Brazil 183329 Colombo
41%
Germany 548186 Hannover
41%
Gabon 797003 Libreville
41%
United States 293055 Lincoln
41%
United Kingdom 130200 Lincoln
41%
Saudi Arabia 1411599 Medina
41%
Japan 77027 Nikkō
41%
Germany 526091 Nuremberg
41%
United States 826161 Omaha
41%
United States 454814 Reno
41%
Brazil 191900 Rio Grande
41%
Argentina 98017 Río Grande
41%
Japan 1959313 Sapporo
41%
Spain 1100000 Sevilla
41%
United States 602242 Albany
39%
United States 82612 Albany
39%
United States 65410 Albany
39%
United States 344553 Anaheim
39%
Madagascar 1275207 Antananarivo
39%
United Kingdom 345006 Belfast
39%
Kyrgyzstan 1145044 Bishkek
39%
United States 638421 Colorado Springs
39%
United States 560170 Des Moines
39%
Uganda 1680600 Kampala
39%
United Kingdom 464395 Leicester
39%
Slovenia 284293 Ljubljana
39%
Luxembourg 132780 Luxembourg
39%
Spain 967250 Málaga
39%
Brazil 175343 Manaus
39%
France 307101 Montpellier
39%
Cyprus 330000 Nicosia
39%
Colombia 800000 Palermo
39%
Italy 630167 Palermo
39%
United States 1150010 Raleigh
39%
United States 1081248 Richmond
39%
Canada 209937 Richmond
39%
United States 115396 Richmond
39%
Spain 538000 Santa Cruz
39%
United States 165263 Santa Cruz
39%
Philippines 126735 Santa Cruz
39%
Philippines 123574 Santa Cruz
39%
Philippines 101125 Santa Cruz
39%
Philippines 63839 Santa Cruz
39%
Greece 802572 Thessaloníki
39%
Mexico 2002000 Tijuana
39%
Namibia 431000 Windhoek
39%
United Kingdom 200680 Aberdeen
38%
Japan 87668 Ama
38%
South Africa 256185 Bloemfontein
38%
Italy 387971 Bologna
38%
Germany 577026 Bremen
38%
China 660300 Dali
38%
China 109696 Dali
38%
Germany 566222 Dresden
38%
United States 724547 Fresno
38%
South Africa 157394 George
38%
Malaysia 708127 George Town
38%
Guyana 235017 Georgetown
38%
United States 78803 Georgetown
38%
Austria 292630 Graz
38%
Ethiopia 129000 Harar
38%
China 3830000 Harbin
38%
India 3073350 Jaipur
38%
Nicaragua 1051236 Managua
38%
Morocco 966987 Marrakech
38%
Cambodia 2129371 Phnom Penh
38%
Montenegro 172139 Podgorica
38%
Argentina 1276000 Rosario
38%
Philippines 128352 Rosario
38%
Philippines 110807 Rosario
38%
Philippines 60278 Rosario
38%
India 693236 Salem
38%
United States 272331 Salem
38%
Brazil 2417678 Salvador
38%
El Salvador 1538525 San Salvador
38%
North Macedonia 422540 Skopje
38%
Canada 363222 Victoria
38%
Philippines 69370 Victoria
38%
United States 66523 Victoria
38%
Laos 948487 Vientiane
38%
Russia 591628 Vladivostok
38%
United States 434231 Winston-Salem
38%
Turkey 1344000 Antalya
37%
Turkmenistan 1030063 Ashgabat
37%
United States 630063 Baton Rouge
37%
Norway 291189 Bergen
37%
Belarus 344470 Brest
37%
France 140993 Brest
37%
Mexico 888797 Cancún
37%
United States 605083 Columbia
37%
United States 141811 Columbia
37%
United States 105871 Columbia
37%
China 5871474 Dalian
37%
United States 251545 Montgomery
37%
Bahamas, The 274400 Nassau
37%
Burkina Faso 3063271 Ouagadougou
37%
Kosovo 198897 Pristina
37%
Puerto Rico 1809800 San Juan
37%
Argentina 471389 San Juan
37%
Dominican Republic 132177 San Juan
37%
Philippines 126347 San Juan
37%
Philippines 114068 San Juan
37%
United Kingdom 518090 Sheffield
37%
United States 261271 Tallahassee
37%
United States 740620 Tulsa
37%
Iran 127396 Bam
35%
Gambia, The 413397 Banjul
35%
Moldova 639000 Chisinau
35%
Argentina 2106734 Córdoba
35%
Spain 323763 Córdoba
35%
Mexico 204721 Córdoba
35%
Gaza Strip 590481 Gaza
35%
Ecuador 3094420 Guayaquil
35%
United States 969171 Hartford
35%
Russia 1259173 Kazan
35%
Ukraine 1421125 Kharkiv
35%
Germany 248873 Kiel
35%
United States 618226 Knoxville
35%
Mozambique 1133200 Maputo
35%
United Kingdom 108600 Oxford
35%
Spain 550000 Palma
35%
United States 1270529 Providence
35%
Austria 155021 Salzburg
35%
Croatia 160577 Split
35%
France 291709 Strasbourg
35%
Indonesia 6556000 Surabaya
35%
China 4335017 Ürümqi
35%
Germany 252769 Aachen
34%
United States 107684 Allen
34%
Mali 4227569 Bamako
34%
United Kingdom 134293 Brighton
34%
Australia 146778 Cairns
34%
India 59272 Dhone
34%
Ukraine 901645 Donetsk
34%
China 3671192 Fuzhou
34%
China 3614866 Fuzhou
34%
Poland 749786 Gdańsk
34%
Italy 558745 Genoa
34%
Canada 439819 Halifax
34%
United Kingdom 104100 Halifax
34%
Zimbabwe 1558823 Harare
34%
Turkey 91450 Kars
34%
France 238695 Lille
34%
United States 467846 Little Rock
34%
Togo 1500000 Lomé
34%
United States 458491 Long Beach
34%
Ukraine 717273 Lviv
34%
Bahrain 727000 Manama
34%
United Kingdom 289301 Nottingham
34%
Brazil 1488920 Recife
34%
United Kingdom 855569 Southampton
34%
United States 69002 Southampton
34%
United States 458988 Spokane
34%
Honduras 1157509 Tegucigalpa
34%
Kazakhstan 2228675 Almaty
32%
United States 439361 Augusta
32%
Nigeria 118121 Bama
32%
China 87000 Bama
32%
Switzerland 173552 Basel
32%
Belgium 118509 Bruges
32%
United States 93523 Carson
32%
United States 58364 Carson City
32%
United States 499494 Harrisburg
32%
Austria 130585 Innsbruck
32%
South Sudan 459342 Juba
32%
Poland 804237 Kraków
32%
United States 321122 Lexington
32%
Austria 211944 Linz
32%
Germany 316877 Mannheim
32%
United States 307188 Newark
32%
United States 83890 Newark
32%
Suriname 240924 Paramaribo
32%
United States 1712828 Pittsburgh
32%
India 8231000 Pune
32%
China 5818255 Qingdao
32%
Bolivia 300000 Sucre
32%
South Africa 66208 Virginia
32%
Spain 686986 Zaragoza
32%
China 5621593 Zhengzhou
32%
Yemen 863000 Aden
31%
Indonesia 432557 Bandung
31%
Guinea 1667864 Conakry
31%
Australia 139902 Darwin
31%
Brazil 4167996 Fortaleza
31%
Germany 237244 Freiburg im Breisgau
31%
China 4216940 Hefei
31%
United States 289691 Jersey City
31%
United States 460255 Madison
31%
United States 58335 Madison
31%
Germany 222889 Mainz
31%
Kenya 1200000 Mombasa
31%
Liberia 1021762 Monrovia
31%
China 3837978 Nanning
31%
Russia 1104485 Omsk
31%
Jamaica 156469 Portmore
31%
Papua New Guinea 317374 Port Moresby
31%
Brazil 1332845 Porto Alegre
31%
Benin 133168 Porto-Novo
31%
Mexico 1576259 Puebla
31%
Russia 1135968 Rostov
31%
United States 207795 Sioux Falls
31%
United States 407625 Syracuse
31%
United States 220482 Tacoma
31%
Norway 212660 Trondheim
31%
United States 487014 Worcester
31%
South Africa 127597 Worcester
31%
United Kingdom 101891 Worcester
31%
Côte d’Ivoire 340234 Yamoussoukro
31%
United States 246769 York
31%
United Kingdom 141685 York
31%
Denmark 290598 Aarhus
30%
Spain 249261 A Coruña
30%
United States 205100 Amarillo
30%
Brazil 1280614 Belém
30%
Czechia 400566 Brno
30%
Italy 148117 Cagliari
30%
United States 667936 Dayton
30%
Indonesia 670210 Denpasar
30%
Cameroon 5768400 Douala
30%
United States 128045 Dover
30%
United States 72476 Dover
30%
United States 345279 Fort Wayne
30%
Japan 2286000 Fukuoka
30%
Egypt 5598402 Giza
30%
United States 408023 Lancaster
30%
United States 170013 Lancaster
30%
Spain 635000 Las Palmas
30%
Nicaragua 176171 León
30%
Spain 122051 León
30%
Belgium 195278 Liège
30%
United States 507478 Mesa
30%
China 4087523 Ningbo
30%
Italy 196764 Parma
30%
United States 80131 Parma
30%
United Kingdom 855679 Portsmouth
30%
United States 97299 Portsmouth
30%
United States 94815 Portsmouth
30%
Italy 118046 Trento
30%
Netherlands 359370 Utrecht
30%
United States 1431821 Virginia Beach
30%
United States 501760 Wichita
30%
Canada 758515 Winnipeg
30%
Russia 1468833 Yekaterinburg
30%
Nigeria 174152 Ada
28%
Germany 303150 Augsburg
28%
United States 578542 Bakersfield
28%
Italy 316015 Bari
28%
India 62721 Bāri
28%
Congo (Kinshasa) 232000 Beni
28%
United States 99060 Bismarck
28%
Canada 138479 Cambridge
28%
United Kingdom 123867 Cambridge
28%
United States 117794 Cambridge
28%
China 4766296 Changsha
28%
China 717700 Changsha
28%
New Zealand 383200 Christchurch
28%
United States 339432 Corpus Christi
28%
Korea, South 2376044 Daegu
28%
United States 411362 Durham
28%
United Kingdom 488050 Edinburgh
28%
Netherlands 243730 Eindhoven
28%
South Africa 967677 Gqeberha
28%
United States 345858 Greensboro
28%
United States 324067 Mobile
28%
Russia 267422 Murmansk
28%
France 325070 Nantes
28%
Chad 807000 N’Djamena
28%
United Kingdom 159600 Newport
28%
Finland 214814 Oulu
28%
Trinidad and Tobago 84126 Port of Spain
28%
Germany 187119 Potsdam
28%
United States 694707 Rochester
28%
United States 123252 Rochester
28%
United Kingdom 62982 Rochester
28%
United States 311639 Santa Ana
28%
El Salvador 277264 Santa Ana
28%
Philippines 203598 Santa Ana
28%
Philippines 61537 Santa Ana
28%
China 7964000 Shenyang
28%
Fiji 88271 Suva
28%
Russia 1128787 Ufa
28%
Sweden 174982 Uppsala
28%
Sweden 133117 Uppsala
28%
India 1760285 Āgra
27%
United Kingdom 94092 Bath
27%
Philippines 67182 Bay
27%
Barbados 110000 Bridgetown
27%
Angola 279792 Caála
27%
United States 525233 Concord
27%
United States 297379 Concord
27%
Tanzania 765179 Dodoma
27%
United States 272737 Eugene
27%
Pakistan 3203846 Faisalabad
27%
Botswana 235884 Gaborone
27%
France 156389 Grenoble
27%
Canada 729560 Hamilton
27%
New Zealand 176500 Hamilton
27%
United States 91802 Hamilton
27%
United States 63124 Hamilton
27%
United States 359389 Huntsville
27%
Korea, South 2936117 Incheon
27%
China 5606374 Jinan
27%
Russia 489584 Kaliningrad
27%
Japan 1521707 Kōbe
27%
United States 318001 Lansing
27%
Ireland 62702 Limerick
27%
Israel 75700 Lod
27%
Germany 219044 Lübeck
27%
India 3382000 Lucknow
27%
Maldives 133019 Male
27%
Russia 1633851 Novosibirsk
27%
Philippines 109624 Quezon
27%
Philippines 65283 Quezon
27%
United States 316446 Savannah
27%
Poland 672929 Wrocław
27%
Japan 3757630 Yokohama
27%
Iran 100641 Ahar
25%
United States 394769 Arlington
25%
United States 235463 Arlington
25%
Eritrea 963000 Asmara
25%
Germany 335789 Bonn
25%
France 74040 Cannes
25%
Italy 311584 Catania
25%
United Kingdom 87507 Chester
25%
France 159941 Dijon
25%
United States 225066 Fargo
25%
United States 611480 Grand Rapids
25%
Australia 197451 Hobart
25%
Rwanda 1156663 Kigali
25%
China 4422686 Kunming
25%
Poland 670642 Łódź
25%
Turkmenistan 167027 Mary
25%
India 2405665 Nāgpur
25%
Kazakhstan 234184 Oral
25%
Russia 303696 Orël
25%
Russia 1026908 Perm
25%
United Kingdom 267918 Plymouth
25%
United States 79526 Plymouth
25%
United States 62656 Plymouth
25%
Germany 210795 Rostock
25%
Canada 69895 Saint John
25%
Russia 1156659 Samara
25%
Iraq 140400 Sāmarrā’
25%
Canada 185565 St. John's
25%
Finland 334112 Tampere
25%
Bhutan 114551 Thimphu
25%
United States 492076 Toledo
25%
Philippines 207314 Toledo
25%
Brazil 150470 Toledo
25%
Spain 86526 Toledo
25%
United States 362501 Trenton
25%
Malta 480134 Valletta
25%
Italy 255588 Verona
25%
China 3604446 Wenzhou
25%
United States 390201 Aurora
24%
United States 179867 Aurora
24%
Philippines 62097 Aurora
24%
Canada 62057 Aurora
24%
Colombia 1326588 Barranquilla
24%
Nigeria 1780000 Benin City
24%
United States 120121 Boulder
24%
United Kingdom 187503 Bournemouth
24%
Colombia 914552 Cartagena
24%
Spain 219777 Cartagena
24%
United States 81378 Cheyenne
24%
United Kingdom 148280 Dundee
24%
Germany 92667 Flensburg
24%
United States 183032 Fort Lauderdale
24%
United States 68604 Gary
24%
Australia 607665 Gold Coast
24%
Nigeria 3552000 Ibadan
24%
United States 135015 Kent
24%
United Kingdom 213052 Luton
24%
Germany 240114 Magdeburg
24%
Iran 3700000 Mashhad
24%
United States 565056 New Haven
24%
Niger 1496260 Niamey
24%
United States 270773 North Las Vegas
24%
United Kingdom 213166 Norwich
24%
United States 163299 Norwich
24%
United States 66224 Novi
24%
United States 215677 Olympia
24%
Italy 88737 Pisa
24%
Cabo Verde 61644 Praia
24%
United Kingdom 337108 Reading
24%
United States 280030 Reading
24%
United States 2288508 Riverside
24%
United States 194950 Santa Barbara
24%
Philippines 92187 Santa Barbara
24%
Philippines 67630 Santa Barbara
24%
Philippines 289820 Santa Maria
24%
Brazil 243611 Santa Maria
24%
United States 144857 Santa Maria
24%
Philippines 57526 Santa Maria
24%
Sri Lanka 115826 Sri Jayewardenepura Kotte
24%
Poland 396168 Szczecin
24%
Finland 202250 Turku
24%
Central African Republic 889231 Bangui
23%
United States 113454 Bend
23%
Germany 338410 Bielefeld
23%
United Kingdom 362690 Coventry
23%
Spain 232717 Granada
23%
Nicaragua 105862 Granada
23%
Mexico 1321004 Juárez
23%
Russia 1138654 Krasnodar
23%
Malawi 989318 Lilongwe
23%
Iran 1201158 Qom
23%
France 227830 Rennes
23%
France 172569 Saint-Étienne
23%
Argentina 169947 San Luis
23%
Cuba 88496 San Luis
23%
Guatemala 77395 San Luis
23%
Philippines 58551 San Luis
23%
China 4312192 Shantou
23%
India 6538000 Sūrat
23%
China 5324476 Suzhou
23%
China 4330000 Suzhou
23%
Italy 198417 Trieste
23%
Denmark 143598 Aalborg
21%
Libya 631555 Benghazi
21%
United Kingdom 139305 Blackpool
21%
Germany 114677 Bremerhaven
21%
France 67585 Calais
21%
Germany 250681 Chemnitz
21%
Romania 286598 Cluj-Napoca
21%
Brazil 1773718 Curitiba
21%
United States 75924 Daytona Beach
21%
China 10646000 Dongguan
21%
China 75135 Dongguan
21%
Tajikistan 1564700 Dushanbe
21%
United States 408626 Greenville
21%
United States 120595 Greenville
21%
Germany 242172 Halle
21%
Germany 180761 Hamm
21%
United States 152935 Hollywood
21%
United States 203691 Huntington
21%
United States 201208 Huntington
21%
United States 196010 Huntington Beach
21%
Germany 204687 Kassel
21%
Poland 285711 Katowice
21%
Ghana 3903480 Kumasi
21%
Kenya 83457 Lafey
21%
Egypt 202232 Luxor
21%
United States 810034 McAllen
21%
Mexico 1102342 Mexicali
21%
United Kingdom 137467 Northampton
21%
Serbia 260438 Novi Sad
21%
France 116344 Orléans
21%
Thailand 79308 Phuket
21%
Germany 183509 Saarbrücken
21%
United States 278269 Shreveport
21%
Norway 146011 Stavanger
21%
United States 416005 Stockton
21%
United Kingdom 245000 Stoke-on-Trent
21%
Morocco 1275428 Tangier
21%
United States 150343 Topeka
21%
Spain 300618 Valladolid
21%
Russia 1004763 Volgograd
21%
Germany 128246 Würzburg
21%
Turkey 1765981 Adana
20%
Morocco 538000 Agadir
20%
Spain 358720 Alicante
20%
United States 314647 Ann Arbor
20%
Guinea-Bissau 492004 Bissau
20%
United States 656464 Cape Coral
20%
Belgium 204322 Charleroi
20%
Mexico 925762 Chihuahua
20%
Peru 428450 Cusco
20%
United Kingdom 255394 Derby
20%
Timor-Leste 222323 Dili
20%
Burkina Faso 61456 Djibo
20%
Djibouti 603900 Djibouti
20%
United States 135887 Elizabeth
20%
United Kingdom 124180 Exeter
20%
United States 405556 Fayetteville
20%
United States 326821 Fayetteville
20%
China 9042500 Foshan
20%
United States 85575 Franklin
20%
United States 68367 Franklin
20%
Japan 284282 Fukushima
20%
Belgium 265086 Gent
20%
United States 137334 Hampton
20%
Lithuania 305120 Kaunas
20%
United States 231548 Lafayette
20%
United States 160373 Lafayette
20%
United States 102615 Lafayette
20%
United States 255949 Laredo
20%
Switzerland 141418 Lausanne
20%
United States 283024 Lubbock
20%
Venezuela 2658355 Maracaibo
20%
Eswatini 60691 Mbabane
20%
Indonesia 3632000 Medan
20%
Argentina 115041 Mendoza
20%
Mexico 892363 Mérida
20%
Venezuela 199878 Mérida
20%
Spain 59857 Mérida
20%
Mongolia 134530 Mörön
20%
Argentina 99066 Morón
20%
Cuba 59371 Morón
20%
Iraq 1792000 Mosul
20%
Denmark 182387 Odense
20%
Nigeria 1865000 Port Harcourt
20%
Mauritius 149194 Port Louis
20%
Egypt 524433 Port Said
20%
Canada 226404 Regina
20%
Canada 266141 Saskatoon
20%
Canada 72051 Sault Ste. Marie
20%
United States 112823 Sioux City
20%
Russia 444989 Sochi
20%
Indonesia 552118 Surakarta
20%
China 3875053 Taiyuan
20%
Germany 285522 Wiesbaden
20%
Germany 127256 Wolfsburg
20%
United Kingdom 250970 Wolverhampton
20%
Germany 69147 Aalen
18%
France 75343 Ajaccio
18%
United States 538659 Akron
18%
United States 632175 Allentown
18%
Italy 119534 Bergamo
18%
United States 133173 Billings
18%
Germany 551000 Braunschweig
18%
United States 223416 Brownsville
18%
Turkey 3101833 Bursa
18%
United States 410795 Chattanooga
18%
Colombia 124309 Chía
18%
Italy 83184 Como
18%
Romania 263707 Constanţa
18%
Germany 164792 Darmstadt
18%
United Kingdom 85016 Derry
18%
Ukraine 968502 Dnipro
18%
Germany 503707 Duisburg
18%
United States 71555 Fairbanks
18%
United States 219946 Gainesville
18%
United States 182116 Gainesville
18%
Netherlands 233273 Groningen
18%
Israel 600000 Haifa
18%
Sweden 116029 Helsingborg
18%
United States 324523 Henderson
18%
United States 129897 Iowa City
18%
Russia 623736 Irkutsk
18%
United States 308160 Irvine
18%
United States 255036 Irving
18%
Japan 122432 Ise
18%
Taiwan 2737660 Kaohsiung
18%
Germany 309964 Karlsruhe
18%
China 867891 Lhasa
18%
Switzerland 63185 Lugano
18%
Ukraine 397677 Luhansk
18%
Philippines 83237 Maco
18%
Lesotho 343541 Maseru
18%
Mauritania 1077169 Nouakchott
18%
Czechia 284765 Ostrava
18%
Spain 220543 Oviedo
18%
United States 120020 Pueblo
18%
United States 214019 Roanoke
18%
Cuba 247436 Santa Clara
18%
United States 129239 Santa Clara
18%
United States 91535 Santa Monica
18%
Sao Tome and Principe 71868 São Tomé
18%
Egypt 413839 Talā
18%
Mexico 80365 Tala
18%
Nigeria 1160000 Aba
17%
India 293373 Bāli
17%
Canada 186948 Burlington
17%
United States 154504 Burlington
17%
United States 118409 Burlington
17%
Saint Lucia 70000 Castries
17%
Philippines 1910167 Davao
17%
Finland 314821 Espoo
17%
United States 291688 Flint
17%
Ireland 83456 Galway
17%
Philippines 71368 Goa
17%
United States 227679 Green Bay
17%
Australia 232930 Ipswich
17%
United Kingdom 151562 Ipswich
17%
Germany 85770 Konstanz
17%
Switzerland 81691 Lucerne
17%
Netherlands 120227 Maastricht
17%
United States 156543 Macon
17%
Ukraine 120000 Mariupol
17%
Germany 268943 Mönchengladbach
17%
Germany 322904 Münster
17%
United States 184774 Newport News
17%
United States 138723 Orange
17%
Poland 546859 Poznań
17%
France 116331 Rouen
17%
United States 265529 Santa Clarita
17%
Brazil 418608 Santos
17%
Brazil 1037775 São Luís
17%
Russia 838042 Saratov
17%
Germany 129942 Ulm
17%
Mexico 428323 Veracruz
17%
Spain 293977 Vigo
17%
United States 275128 Wilmington
17%
United States 71124 Wilmington
17%
Switzerland 109775 Winterthur
17%
China 3245179 Wuxi
17%
China 791939 Wuxi
17%
China 2631647 Zibo
17%
Netherlands 111766 Alkmaar
15%
Russia 351488 Arkhangelsk
15%
France 91760 Avignon
15%
Philippines 61493 Baao
15%
South Africa 60779 Bethal
15%
United Kingdom 293277 Bradford
15%
United States 921660 Bridgeport
15%
United States 293657 Canton
15%
United States 275030 Chula Vista
15%
Bolivia 856198 Cochabamba
15%
United States 120443 Duluth
15%
United States 184332 Erie
15%
United States 196743 Frederick
15%
Turkey 2130432 Gaziantep
15%
Belgium 66110 Genk
15%
Germany 120261 Göttingen
15%
United Kingdom 91053 Hastings
15%
China 2866615 Hohhot
15%
Germany 110791 Jena
15%
India 243800 Kanpur
15%
Germany 115298 Koblenz
15%
France 166462 Le Havre
15%
Germany 166414 Leverkusen
15%
China 10820000 Linyi
15%
Equatorial Guinea 297000 Malabo
15%
United States 92942 Missoula
15%
Brazil 751300 Natal
15%
Kyrgyzstan 353080 Osh
15%
Czechia 185599 Plzeň
15%
United States 473733 Port St. Lucie
15%
Pakistan 1001205 Quetta
15%
Germany 159465 Regensburg
15%
France 178478 Reims
15%
Argentina 535303 Salta
15%
Philippines 414812 Santa Rosa
15%
United States 299986 Santa Rosa
15%
Argentina 102880 Santa Rosa
15%
Brazil 77519 Santa Rosa
15%
Philippines 75649 Santa Rosa
15%
Germany 98733 Schwerin
15%
United States 242169 Scottsdale
15%
Ukraine 547820 Sevastopol
15%
United Arab Emirates 1247749 Sharjah
15%
Iran 1565572 Shīrāz
15%
United Kingdom 160257 Southend
15%
Poland 198273 Toruń
15%
Germany 112737 Trier
15%
Finland 248199 Vantaa
15%
United States 197594 Waco
15%
Canada 306519 Windsor
15%
Germany 358938 Wuppertal
15%
Russia 311760 Yakutsk
15%
Tanzania 219007 Zanzibar
15%
India 1132383 Amritsar
14%
United Kingdom 82002 Burnley
14%
United States 192755 Cedar Rapids
14%
United States 251153 Chesapeake
14%
Thailand 1198000 Chiang Mai
14%
Russia 333159 Chita
14%
Japan 83881 Chita
14%
United States 128680 Coeur d'Alene
14%
Benin 679012 Cotonou
14%
Iraq 846000 Erbil
14%
Germany 265885 Gelsenkirchen
14%
United Kingdom 145563 Gloucester
14%
United States 65961 Gloucester
14%
India 1994397 Indore
14%
China 4469176 Ji’an
14%
Taiwan 82840 Ji’an
14%
United States 204408 Kalamazoo
14%
Afghanistan 614254 Kandahār
14%
Austria 101403 Klagenfurt
14%
Russia 1092851 Krasnoyarsk
14%
Canada 438366 Laval
14%
Poland 334681 Lublin
14%
Congo (Kinshasa) 1786397 Lubumbashi
14%
Burma 1319452 Mandalay
14%
Italy 218786 Messina
14%
France 121695 Metz
14%
Canada 132979 Milton
14%
Spain 672773 Murcia
14%
Philippines 88868 Murcia
14%
Japan 316048 Naha
14%
Japan 352377 Nara
14%
Philippines 77948 Narra
14%
Serbia 183164 Niš
14%
United States 235037 Norfolk
14%
United States 178347 Ontario
14%
Spain 207777 Pamplona
14%
Sudan 579942 Port Sudan
14%
Burma 6874000 Rangoon
14%
Pakistan 2098231 Rawalpindi
14%
United States 172995 Salinas
14%
United States 221774 San Bernardino
14%
China 80773 Shiji
14%
China 4098243 Shijiazhuang
14%
Egypt 516959 Suez
14%
United States 166253 Tuscaloosa
14%
Finland 69036 Vaasa
14%
United States 209529 Yonkers
14%
Turkey 452157 Batman
13%
United States 128737 Bellingham
13%
United States 120223 Berkeley
13%
Germany 73921 Brandenburg
13%
United States 73159 Brunswick
13%
Philippines 158544 Cadiz
13%
Spain 110914 Cádiz
13%
French Guiana 61550 Cayenne
13%
China 4408154 Changchun
13%
China 3601079 Changzhou
13%
Russia 1177058 Chelyabinsk
13%
United States 282356 Davenport
13%
United States 228518 Fremont
13%
United States 210238 Frisco
13%
United States 271118 Gilbert
13%
United States 250193 Glendale
13%
United States 192270 Glendale
13%
China 3299724 Guiyang
13%
Germany 162960 Heidelberg
13%
Germany 130093 Heilbronn
13%
United States 221901 Hialeah
13%
Syria 775404 Homs
13%
United Kingdom 162949 Huddersfield
13%
Romania 271692 Iaşi
13%
Nigeria 79815 Idah
13%
Germany 142308 Ingolstadt
13%
India 81404 Kadi
13%
Lithuania 158420 Klaipėda
13%
Turkey 2320241 Konya
13%
Norway 64057 Kristiansand
13%
China 3067141 Lanzhou
13%
Argentina 904789 La Plata
13%
Colombia 67220 La Plata
13%
United States 1694263 Manhattan
13%
Congo (Kinshasa) 2892000 Mbuji-Mayi
13%
United Kingdom 264349 Milton Keynes
13%
Japan 367184 Nagano
13%
United States 81591 New Rochelle
13%
Canada 94415 Niagara Falls
13%
Japan 790646 Niigata
13%
United States 128714 Norman
13%
India 1684222 Patna
13%
United States 262461 Peoria
13%
United States 194338 Peoria
13%
United States 287339 Plano
13%
Bulgaria 346893 Plovdiv
13%
United Kingdom 141801 Preston
13%
Finland 65329 Rovaniemi
13%
Japan 1061177 Sendai
13%
United Kingdom 277417 Sunderland
13%
France 180834 Toulon
13%
France 138668 Tours
13%
Turkey 364180 Alanya
11%
Belgium 120887 Anderlecht
11%
France 157555 Angers
11%
France 131272 Annecy
11%
China 3325372 Anshan
11%
Peru 1008290 Arequipa
11%
United Kingdom 61011 Bangor
11%
United States 70468 Bayonne
11%
United Kingdom 92407 Bedford
11%
United States 77069 Bethlehem
11%
India 1798218 Bhopāl
11%
United Kingdom 117963 Blackburn
11%
Germany 366385 Bochum
11%
Portugal 181494 Braga
11%
United States 86169 Bryan
11%
Burundi 1143202 Bujumbura
11%
Philippines 964169 Cebu City
11%
United States 148477 Champaign
11%
United States 278123 Chandler
11%
France 67360 Colmar
11%
United Kingdom 109805 Doncaster
11%
Spain 189093 Donostia
11%
Germany 93323 Düren
11%
Albania 153614 Durrës
11%
Poland 60390 Ełk
11%
United States 111083 Everett
11%
United States 77868 Flagstaff
11%
United States 91730 Fort Myers
11%
United States 202810 Galveston
11%
Germany 94847 Gera
11%
Spain 268561 Gijón
11%
Brazil 1093007 Goiânia
11%
Congo (Kinshasa) 249862 Goma
11%
China 2250000 Haikou
11%
China 2509243 Huizhou
11%
United States 149785 Joliet
11%
Sweden 112766 Jönköping
11%
Finland 147856 Jyväskylä
11%
Turkey 1434357 Kayseri
11%
India 677381 Kochi
11%
Japan 325535 Kōchi
11%
Slovakia 229040 Košice
11%
Finland 78824 Kouvola
11%
Finland 120809 Lahti
11%
France 79961 La Rochelle
11%
United States 142432 Las Cruces
11%
Italy 94783 Lecce
11%
United Kingdom 140545 Middlesbrough
11%
United States 355686 Modesto
11%
Czechia 63882 Most
11%
United States 187601 Murfreesboro
11%
France 104387 Nancy
11%
United States 80512 North Port
11%
Japan 142094 Okinawa
11%
Germany 174629 Oldenburg
11%
Sweden 128658 Örebro
11%
Germany 166960 Osnabrück
11%
Germany 155749 Paderborn
11%
Finland 84026 Pori
11%
United States 639820 Provo
11%
Mexico 224166 Puerto Vallarta
11%
United States 2405464 Queens
11%
United States 174693 Rancho Cucamonga
11%
United States 274256 Rockford
11%
United States 92577 Roswell
11%
El Salvador 290612 San Miguel
11%
Philippines 172073 San Miguel
11%
Argentina 157532 San Miguel
11%
Côte d’Ivoire 390654 San-Pédro
11%
Philippines 326001 San Pedro
11%
Argentina 75616 San Pedro
11%
Argentina 58430 San Pedro
11%
Russia 312896 Smolensk
11%
Canada 568322 Surrey
11%
China 4512762 Taizhou
11%
China 2162461 Taizhou
11%
Japan 147252 Tama
11%
United States 87307 Troy
11%
Russia 439128 Ulan-Ude
11%
India 70589 Vālpārai
11%
India 1198491 Vārānasi
11%
United Kingdom 103608 Wigan
11%
United States 144509 Yuma
11%
France 134780 Amiens
10%
Brazil 288085 Anápolis
10%
Chile 348517 Antofagasta
10%
United States 234701 Appleton
10%
Bosnia and Herzegovina 185042 Banja Luka
10%
Germany 74907 Bayreuth
10%
United States 133107 Bloomington
10%
United States 107262 Bloomington
10%
United States 88838 Bloomington
10%
United Kingdom 285372 Bolton
10%
United States 63917 Bozeman
10%
Italy 196446 Brescia
10%
Italy 82694 Brindisi
10%
United States 105165 Burbank
10%
Bulgaria 210284 Burgas
10%
France 108398 Caen
10%
Brazil 1213792 Campinas
10%
United States 114500 Carlsbad
10%
United States 218159 Clarksville
10%
United States 93525 Compton
10%
Algeria 448374 Constantine
10%
Venezuela 195227 Coro
10%
Germany 100010 Cottbus
10%
Denmark 71921 Esbjerg
10%
Portugal 64560 Faro
10%
United States 166746 Fredericksburg
10%
Netherlands 162543 Haarlem
10%
Germany 157896 Herne
10%
China 2333896 Huainan
10%
United States 111295 Idaho Falls
10%
Korea, South 435413 Jeju
10%
Spain 213688 Jerez de la Frontera
10%
Finland 78175 Joensuu
10%
Ukraine 603904 Kryvyi Rih
10%
Russia 436678 Kursk
10%
United States 145110 Lake Charles
10%
United States 290762 Lakeland
10%
Cyprus 235056 Limassol
10%
Argentina 682605 Mar del Plata
10%
United States 61773 Marietta
10%
Germany 85001 Marl
10%
United States 164628 Medford
10%
United States 59062 Medford
10%
Bosnia and Herzegovina 105448 Mostar
10%
Pakistan 1871843 Multan
10%
Belgium 114007 Namur
10%
Israel 83400 Nazareth
10%
France 150444 Nîmes
10%
Germany 211099 Oberhausen
10%
United States 623688 Ogden
10%
United States 373423 Oxnard
10%
Russia 189315 Pskov
10%
United States 90421 Rapid City
10%
Spain 109930 Reus
10%
Japan 1325843 Saitama
10%
Brazil 134319 Salto
10%
Uruguay 104028 Salto
10%
Germany 105039 Salzgitter
10%
United States 107198 Sandy Springs
10%
Argentina 605767 San Miguel de Tucumán
10%
Spain 94969 San Sebastián de los Reyes
10%
Spain 174101 Santander
10%
Tunisia 341999 Sfax
10%
United States 99936 St. Augustine
10%
Hungary 157930 Szeged
10%
Iran 1558693 Tabrīz
10%
United States 186419 Tempe
10%
Netherlands 1944588 Tilburg
10%
Romania 250849 Timişoara
10%
Mexico 2476689 Toluca
10%
Turkey 293661 Trabzon
10%
Argentina 82615 Ushuaia
10%
Chile 296655 Valparaíso
10%
Bulgaria 350745 Varna
10%
Russia 1051995 Voronezh
10%
China 2636154 Weifang
10%
China 100615 Weifen
10%
China 2208708 Xining
10%
United States 127130 Abilene
8%
France 147933 Aix-en-Provence
8%
Spain 124978 Algeciras
8%
United States 66355 Alpharetta
8%
Italy 98356 Ancona
8%
Romania 145078 Arad
8%
United States 295040 Asheville
8%
Egypt 267913 Aswān
8%
Indonesia 190184 Batu
8%
Georgia 169095 Batumi
8%
United States 151199 Bellevue
8%
United States 64355 Bellevue
8%
France 57699 Bellevue
8%
Australia 103034 Bendigo
8%
Italy 106107 Bolzano
8%
Canada 656480 Brampton
8%
Romania 237589 Braşov
8%
Netherlands 184126 Breda
8%
United States 115919 Broken Arrow
8%
United States 2736074 Brooklyn
8%
Russia 373310 Bryansk
8%
Angola 739182 Cabinda
8%
United States 71471 Camden
8%
Japan 975014 Chiba
8%
United States 109411 Chico
8%
Philippines 65855 Coron
8%
United States 158839 Corona
8%
Korea, South 1475221 Daejeon
8%
United States 106412 Davie
8%
United States 79355 Davis
8%
Hungary 201704 Debrecen
8%
Norway 109416 Drammen
8%
Turkey 180002 Edirne
8%
United States 177221 Elk Grove
8%
Germany 117806 Erlangen
8%
Turkey 767848 Erzurum
8%
Turkey 820568 Eskişehir
8%
Ecuador 155487 Esmeraldas
8%
Brazil 72512 Esmeraldas
8%
United States 211921 Fontana
8%
United States 339256 Fort Collins
8%
Japan 243739 Fuji
8%
Portugal 105795 Funchal
8%
Germany 132032 Fürth
8%
Burundi 135467 Gitega
8%
United States 68853 Grand Forks
8%
United States 66175 Great Falls
8%
Mexico 194500 Guanajuato
8%
Germany 190490 Hagen
8%
Germany 103184 Hanau
8%
United States 58340 Hoboken
8%
United States 121944 Independence
8%
Ukraine 238196 Ivano-Frankivsk
8%
India 1033918 Jodhpur
8%
Congo (Kinshasa) 572000 Kabinda
8%
Nigeria 760084 Kaduna
8%
Japan 1531646 Kawasaki
8%
Canada 181380 Kelowna
8%
Russia 615570 Khabarovsk
8%
Japan 935084 Kitakyūshū
8%
Canada 522888 Kitchener
8%
Germany 228550 Krefeld
8%
Finland 124131 Kuopio
8%
Papua New Guinea 100677 Lae
8%
Finland 72959 Lappeenranta
8%
China 4041700 Liuzhou
8%
Italy 152914 Livorno
8%
United States 122915 Logan
8%
France 58202 Lorient
8%
Germany 176110 Ludwigshafen
8%
China 2372571 Luoyang
8%
United States 179196 Mauldin
8%
United States 81319 Miami Beach
8%
United States 143714 Midland
8%
Canada 717961 Mississauga
8%
Belgium 95299 Mons
8%
Italy 121799 Monza
8%
United States 210378 Moreno Valley
8%
United States 66407 Morristown
8%
United States 92662 Mount Pleasant
8%
France 104924 Mulhouse
8%
United States 201129 Nampa
8%
China 2261382 Nantong
8%
United States 81643 Napa
8%
United States 149424 Naperville
8%
United States 247828 Nashua
8%
Netherlands 177659 Nijmegen
8%
Russia 176735 Norilsk
8%
Mexico 300050 Oaxaca
8%
United Kingdom 96555 Oldham
8%
Czechia 102293 Olomouc
8%
Russia 536862 Orenburg
8%
Greece 173600 Pátra
8%
Kazakhstan 201446 Petropavl
8%
Congo (Brazzaville) 1420612 Pointe-Noire
8%
United Kingdom 144800 Poole
8%
Philippines 2960048 Quezon City
8%
United States 101361 Quincy
8%
Germany 111693 Recklinghausen
8%
United States 120849 Redding
8%
Germany 118528 Reutlingen
8%
Croatia 107964 Rijeka
8%
Italy 149211 Rimini
8%
Colombia 135465 Rionegro
8%
United States 67218 Rockville
8%
Uzbekistan 513572 Samarkand
8%
United States 375462 Scranton
8%
Kazakhstan 1184113 Shymkent
8%
Germany 161545 Solingen
8%
United States 275725 South Bend
8%
Germany 59450 Stralsund
8%
United States 96638 Suffolk
8%
United States 153455 Sunnyvale
8%
United Kingdom 222193 Swindon
8%
China 3399231 Tangshan
8%
Estonia 97435 Tartu
8%
Canada 108843 Thunder Bay
8%
Russia 545391 Tomsk
8%
Russia 466609 Tula
8%
United States 131037 Tyler
8%
Korea, South 1127553 Ulsan
8%
Sweden 94243 Umeå
8%
United States 76393 Valdosta
8%
Brazil 322869 Vitória
8%
Spain 257968 Vitoria-Gasteiz
8%
Italy 63316 Vittoria
8%
Russia 352347 Vladimir
8%
United States 82871 Warwick
8%
United Kingdom 90301 Watford
8%
United States 119508 West Palm Beach
8%
China 1901793 Yinchuan
8%
Croatia 70779 Zadar
8%
China 2909633 Zhongshan
8%
Germany 87593 Zwickau
8%
Mexico 934424 Aguascalientes
7%
United Arab Emirates 490035 ‘Ajmān
7%
Spain 202675 Almería
7%
Vietnam 81600 An Khê
7%
Netherlands 164096 Arnhem
7%
Russia 465524 Astrakhan
7%
United Kingdom 245199 Barnsley
7%
Equatorial Guinea 250770 Bata
7%
United States 146554 Beaumont
7%
United States 97502 Beaverton
7%
Angola 512886 Benguela
7%
Spain 74663 Benidorm
7%
Germany 112660 Bergisch Gladbach
7%
Poland 294242 Białystok
7%
United States 102247 Bowling Green
7%
United States 1472654 Bronx
7%
Turkey 522404 Buca
7%
United Kingdom 78729 Bury
7%
United Kingdom 75399 Carlisle
7%
United States 100501 Carmel
7%
United States 107386 Centennial
7%
Canada 103988 Chatham
7%
United Kingdom 76792 Chatham
7%
United States 117075 Clearwater
7%
France 147751 Clermont-Ferrand
7%
India 959823 Coimbatore
7%
United States 215768 College Station
7%
Argentina 201228 Comodoro Rivadavia
7%
United States 133962 Coral Springs
7%
United States 455152 Denton
7%
Turkey 1791373 Diyarbakır
7%
Mexico 654876 Durango
7%
South Africa 267007 East London
7%
United States 108477 Eau Claire
7%
Nigeria 159866 Ede
7%
Netherlands 72460 Ede
7%
Netherlands 159732 Enschede
7%
Uganda 69958 Entebbe
7%
Nigeria 1029400 Enugu
7%
United States 206418 Evansville
7%
United States 150794 Fairfield
7%
Brazil 342315 Florianópolis
7%
Cuba 71676 Florida
7%
Colombia 58988 Florida
7%
United States 128384 Fort Smith
7%
Botswana 103417 Francistown
7%
United States 170603 Garden Grove
7%
United States 245298 Garland
7%
Netherlands 73681 Gouda
7%
United States 141008 Grand Junction
7%
United States 143554 Greeley
7%
United States 112818 Gresham
7%
United Kingdom 88243 Grimsby
7%
Mexico 691931 Guadalupe
7%
Mexico 170029 Guadalupe
7%
Cuba 228436 Guantánamo
7%
Korea, South 1490092 Gwangju
7%
Korea, South 397269 Gwangju
7%
Vietnam 2310280 Haiphong
7%
Finland 68288 Hämeenlinna
7%
Afghanistan 556205 Herāt
7%
China 1558826 Huzhou
7%
United States 105575 Inglewood
7%
Germany 92404 Iserlohn
7%
United States 129818 Johnson City
7%
United States 79187 Jonesboro
7%
Nigeria 622802 Jos
7%
United States 261099 Killeen
7%
United States 91614 Kirkland
7%
Iraq 975000 Kirkuk
7%
Georgia 147900 Kutaisi
7%
United States 82512 Layton
7%
Netherlands 124481 Leeuwarden
7%
France 145182 Le Mans
7%
France 129754 Limoges
7%
Sweden 116851 Linköping
7%
Germany 94859 Ludwigsburg
7%
China 4218427 Luzhou
7%
Nigeria 1197497 Maiduguri
7%
Indonesia 1338663 Makassar
7%
Dominican Republic 76863 Mao
7%
Venezuela 1723236 Maracay
7%
Slovenia 96211 Maribor
7%
Mexico 501441 Mazatlán
7%
United States 124865 Meridian
7%
Turkey 1040507 Mersin
7%
Italy 184153 Modena
7%
United States 117507 Monroe
7%
Germany 173255 Mülheim
7%
United States 83477 Muncie
7%
China 3576547 Nanchang
7%
Argentina 288896 Neuquén
7%
United States 152104 New Bedford
7%
Sweden 137326 Norrköping
7%
United States 172542 Oceanside
7%
Ukraine 1010537 Odesa
7%
Japan 720043 Okayama
7%
United States 97048 Orem
7%
Croatia 96313 Osijek
7%
Belgium 71557 Ostend
7%
Japan 224358 Ōta
7%
United States 197199 Overland Park
7%
United States 81734 Owensboro
7%
United States 165487 Palmdale
7%
United States 149345 Pasadena
7%
United States 136462 Pasadena
7%
Hungary 140330 Pécs
7%
United States 401535 Pensacola
7%
Italy 161748 Perugia
7%
Pakistan 1970042 Peshawar
7%
United States 307738 Poughkeepsie
7%
Mexico 794789 Querétaro
7%
Italy 155751 Ravenna
7%
United States 105279 Renton
7%
United States 118269 Richardson
7%
Japan 232359 Saga
7%
Reunion 319141 Saint-Denis
7%
France 115237 Saint-Denis
7%
Guatemala 71478 Salamá
7%
Philippines 91344 Salaman
7%
Mexico 327169 Salamanca
7%
Spain 144866 Salamanca
7%
Turkey 1356079 Samsun
7%
Mexico 136285 San José del Cabo
7%
Mexico 772828 San Luis Potosí
7%
Honduras 719064 San Pedro Sula
7%
Argentina 911506 Santiago del Estero
7%
United Kingdom 79977 Scunthorpe
7%
Finland 66271 Seinäjoki
7%
Algeria 70499 Sig
7%
Ukraine 332317 Simferopol
7%
Tunisia 314071 Sousse
7%
United States 105460 Spokane Valley
7%
United States 135806 Stamford
7%
Philippines 132338 Talavera
7%
Spain 83477 Talavera de la Reina
7%
Spain 141151 Tarragona
7%
United States 78541 Texarkana
7%
India 1886941 Thāne
7%
Moldova 133807 Tiraspol
7%
Australia 173724 Townsville
7%
Japan 422106 Toyota
7%
Peru 935147 Trujillo
7%
Venezuela 110920 Trujillo
7%
Honduras 60558 Trujillo
7%
Italy 97808 Udine
7%
United States 114961 Utica
7%
Denmark 61310 Vejle
7%
France 83918 Versailles
7%
Nigeria 363382 Warri
7%
Germany 65611 Weimar
7%
United Kingdom 146386 West Bromwich
7%
Australia 261896 Wollongong
7%
China 3644420 Wuhu
7%
Russia 274715 Yoshkar-Ola
7%
China 5051922 Yueyang
7%
Ukraine 710052 Zaporizhzhia
7%
Nigeria 847903 Akure
6%
Korea, South 233172 Anyang
6%
Japan 425962 Aomori
6%
Germany 72918 Aschaffenburg
6%
United States 108327 Auburn
6%
United States 85455 Auburn
6%
Pakistan 117455 Badin
6%
China 2650364 Baotou
6%
India 624700 Bhilai
6%
Burkina Faso 903887 Bobo-Dioulasso
6%
China 95260 Boli
6%
United States 116365 Brandon
6%
Colombia 893040 Bucaramanga
6%
United States 99844 Buckeye
6%
Spain 175895 Burgos
6%
Poland 337666 Bydgoszcz
6%
Mexico 202694 Cabo San Lucas
6%
United States 132741 Carrollton
6%
United States 176686 Cary
6%
Bangladesh 2581643 Chattogram
6%
United States 91775 Chino
6%
United States 83223 Cicero
6%
United States 122719 Clovis
6%
Portugal 140816 Coimbra
6%
United Kingdom 121859 Colchester
6%
Poland 213107 Częstochowa
6%
United States 175074 Danbury
6%
Latvia 77799 Daugavpils
6%
United States 59408 Des Plaines
6%
United States 114106 Elgin
6%
Iran 2219343 Eşfahān
6%
United States 76552 Evanston
6%
United States 99232 Federal Way
6%
Brazil 60025 Floriano
6%
Argentina 234000 Formosa
6%
Brazil 78651 Formosa
6%
Gabon 110568 Franceville
6%
Canada 64614 Fredericton
6%
United States 141278 Fullerton
6%
Poland 245222 Gdynia
6%
Australia 180239 Geelong
6%
Germany 94996 Gießen
6%
Colombia 152582 Girón
6%
Spain 156423 Girona
6%
United States 102891 Goodyear
6%
United States 198564 Grand Prairie
6%
China 4931137 Guilin
6%
United States 231754 Gulfport
6%
Germany 102464 Gütersloh
6%
Japan 788211 Hamamatsu
6%
United States 77098 Hammond
6%
United States 67874 Hammond
6%
United Kingdom 87995 Hartlepool
6%
United States 789177 Hempstead
6%
China 8287693 Heze
6%
Germany 102325 Hildesheim
6%
United States 107050 Hillsboro
6%
Solomon Islands 84520 Honiara
6%
Denmark 63162 Horsens
6%
China 2632788 Huai’an
6%
Japan 283835 Ibaraki
6%
Ecuador 131856 Ibarra
6%
Peru 66118 Ilo
6%
Nigeria 847582 Ilorin
6%
Egypt 429465 Ismailia
6%
Afghanistan 263312 Jalālābād
6%
India 172000 Jalālābād
6%
Kyrgyzstan 89004 Jalal-Abad
6%
China 4630300 Jiangmen
6%
China 8081905 Jining
6%
China 281716 Jining
6%
Japan 62997 Kaga
6%
Japan 593754 Kagoshima
6%
Germany 101486 Kaiserslautern
6%
Canada 97902 Kamloops
6%
Congo (Kinshasa) 1971704 Kananga
6%
Sweden 66675 Karlskrona
6%
Hungary 109450 Kecskemét
6%
Ukraine 279131 Kherson
6%
Poland 186894 Kielce
6%
South Africa 96977 Kimberley
6%
Congo (Kinshasa) 1081000 Kisangani
6%
United States 442790 Kissimmee
6%
United States 58037 Lake Havasu City
6%
United States 82506 Largo
6%
Cyprus 90419 Larnaca
6%
Australia 80943 Launceston
6%
United States 96380 Lawrence
6%
United States 88297 Lawrence
6%
Czechia 107982 Liberec
6%
United States 72996 Lodi
6%
United States 114799 Lowell
6%
United States 123662 Lynchburg
6%
Russia 662660 Makhachkala
6%
Egypt 212628 Mallawī
6%
United States 70539 Maple Grove
6%
Spain 159000 Marbella
6%
United States 202314 McKinney
6%
Canada 63382 Medicine Hat
6%
Morocco 520428 Meknès
6%
United States 60418 Meriden
6%
United States 148848 Mesquite
6%
United States 111264 Miami Gardens
6%
China 4613862 Mianyang
6%
Canada 119785 Moncton
6%
United States 80626 Morgantown
6%
Ukraine 470011 Mykolaiv
6%
United States 325829 Myrtle Beach
6%
Fiji 71048 Nadi
6%
China 5607565 Nanchong
6%
Germany 155163 Neuss
6%
United States 98700 New Braunfels
6%
New Caledonia 182341 Nouméa
6%
Mexico 384033 Nuevo Laredo
6%
Nigeria 166112 Offa
6%
Nigeria 386723 Oyo
6%
Congo (Brazzaville) 63598 Oyo
6%
Italy 206496 Padova
6%
French Polynesia 131695 Papeete
6%
United States 170557 Pembroke Pines
6%
Italy 118657 Pescara
6%
United Kingdom 194000 Peterborough
6%
Canada 84793 Peterborough
6%
India 244377 Puducherry
6%
Chile 123403 Punta Arenas
6%
China 4067489 Qiqihar
6%
India 1010087 Raipur
6%
India 2043000 Rājkot
6%
Canada 100844 Red Deer
6%
Argentina 298611 Resistencia
6%
United States 106533 Rio Rancho
6%
Australia 63151 Rockhampton
6%
United States 152438 Roseville
6%
United Kingdom 57772 Royal Tunbridge Wells
6%
United Kingdom 183248 Saint Helens
6%
Philippines 285348 San Pablo
6%
Colombia 515556 Santa Marta
6%
Ecuador 334826 Santo Domingo de los Colorados
6%
China 2521964 Shaoxing
6%
Germany 102114 Siegen
6%
United States 80331 South Jordan
6%
United Kingdom 91703 Southport
6%
United States 210388 Spartanburg
6%
United Kingdom 294773 Stockport
6%
Taiwan 2850285 Taichung
6%
Egypt 253600 Ţanţā
6%
United States 110404 Temecula
6%
United States 78940 Terre Haute
6%
United States 142878 Thornton
6%
United States 208302 Thousand Oaks
6%
Australia 108398 Toowoomba
6%
Senegal 529176 Touba
6%
Italy 84607 Treviso
6%
Canada 139163 Trois-Rivières
6%
Turkey 288878 Tuzla
6%
Bosnia and Herzegovina 110979 Tuzla
6%
Russia 424969 Tver
6%
Sweden 131643 Västerås
6%
Austria 65127 Villach
6%
France 162207 Villeurbanne
6%
United States 138128 Warren
6%
South Sudan 163442 Wau
6%
United States 116277 West Jordan
6%
United Kingdom 255324 Westminster
6%
United States 115546 Westminster
6%
United States 90147 Westminster
6%
United States 102558 Wichita Falls
6%
United Kingdom 474485 Worthing
6%
China 4459760 Yangzhou
6%
Russia 567443 Yaroslavl
6%
China 1234015 Yiwu
6%
United States 315751 Youngstown
6%
Mexico 207860 Zamora
6%
Spain 59506 Zamora
6%
China 4113594 Zhaoqing
6%
Netherlands 129840 Zwolle
6%
Canada 153524 Abbotsford
4%
Niger 117770 Agadez
4%
Iran 1325000 Ahvāz
4%
Netherlands 214715 Almere
4%
China 142000 Altay
4%
United States 66112 Ames
4%
China 4165284 Anqing
4%
United States 333347 Antioch
4%
Kazakhstan 387807 Aqtöbe
4%
China 158593 Aral
4%
Chile 202131 Arica
4%
Tanzania 617631 Arusha
4%
United States 122835 Arvada
4%
United Kingdom 83213 Ashford
4%
India 1175116 Aurangābād
4%
India 102244 Aurangābād
4%
Portugal 78450 Aveiro
4%
United States 90644 Avondale
4%
Spain 227083 Badalona
4%
Burma 284179 Bago
4%
Philippines 191210 Bago
4%
Romania 108759 Baia Mare
4%
Germany 80580 Bamberg
4%
China 10546831 Baoding
4%
Canada 154676 Barrie
4%
United States 73448 Battle Creek
4%
Tunisia 88251 Béja
4%
Italy 58418 Benevento
4%
Malawi 800264 Blantyre
4%
United States 98833 Boca Raton
4%
Turkey 175000 Bodrum
4%
Germany 118705 Bottrop
4%
Côte d’Ivoire 740000 Bouaké
4%
United States 80601 Boynton Beach
4%
United States 228576 Bremerton
4%
United States 105080 Brockton
4%
Philippines 68892 Buenavista
4%
Uzbekistan 280187 Bukhara
4%
Mexico 249623 Campeche
4%
United States 68438 Casper
4%
France 69578 Cergy
4%
France 60251 Chambéry
4%
United States 59889 Chapel Hill
4%
United States 102802 Charlottesville
4%
Poland 59546 Chełm
4%
Ukraine 282747 Chernihiv
4%
Thailand 69888 Chiang Rai
4%
United States 78024 Chino Hills
4%
United States 89247 Clifton
4%
Chile 719944 Concepción
4%
Philippines 169953 Concepcion
4%
United States 96976 Conroe
4%
United States 69918 Conway
4%
United States 67769 Corvallis
4%
Romania 234140 Craiova
4%
United States 82632 Cranston
4%
Italy 70637 Cremona
4%
United States 102560 Daly City
4%
China 2781562 Daqing
4%
Panama 82907 David
4%
United States 84629 Decatur
4%
United States 57760 Decatur
4%
Germany 79686 Dessau-Rosslau
4%
Netherlands 121434 Dordrecht
4%
United States 111793 Downey
4%
United States 65441 Dundalk
4%
France 87013 Dunkerque
4%
United Kingdom 101547 Eastbourne
4%
Mexico 1655015 Ecatepec
4%
United States 104909 El Cajon
4%
Spain 243128 Elche
4%
United States 76363 Elizabethtown
4%
United States 232043 Enterprise
4%
Germany 95881 Esslingen
4%
United States 93764 Fall River
4%
United States 100918 Fishers
4%
Germany 63441 Friedrichshafen
4%
China 577000 Fu’an
4%
United States 189767 Gastonia
4%
Spain 189906 Getafe
4%
India 2375820 Ghāziābād
4%
Japan 400118 Gifu
4%
United Kingdom 104157 Gillingham
4%
Germany 75799 Gladbeck
4%
Brazil 80055 Goiana
4%
Canada 144356 Guelph
4%
Portugal 156830 Guimarães
4%
Hungary 246159 Győr
4%
Japan 251891 Hakodate
4%
Japan 117544 Handa
4%
China 2708015 Handan
4%
Belgium 77651 Hasselt
4%
United States 159201 Hayward
4%
United Kingdom 94932 Hemel Hempstead
4%
Mexico 855563 Hermosillo
4%
Angola 713134 Huambo
4%
Jordan 569068 Irbid
4%
Philippines 64516 Isabela
4%
Russia 361644 Ivanovo
4%
Russia 618776 Izhevsk
4%
Indonesia 413283 Jayapura
4%
China 1518654 Jiaxing
4%
China 5577814 Jieyang
4%
China 568900 Jin’e
4%
China 1463990 Jinhua
4%
China 2703853 Jinzhou
4%
United States 88490 Joplin
4%
United States 61097 Jupiter
4%
China 920000 Kashgar
4%
Burma 167700 Katha
4%
United States 65113 Kenner
4%
United States 125807 Kenosha
4%
United States 59375 Kokomo
4%
Hong Kong 2108419 Kowloon
4%
Malaysia 325132 Kuching
4%
United States 156309 Lakewood
4%
United States 136655 Lakewood
4%
United States 80510 Lakewood
4%
United States 63034 Lakewood
4%
United States 102583 Lee's Summit
4%
Spain 194084 Leganés
4%
Netherlands 124093 Leiden
4%
Netherlands 83033 Lelystad
4%
Canada 98406 Lethbridge
4%
Latvia 66680 Liepāja
4%
United States 94058 Livonia
4%
United States 102183 Longmont
4%
United States 112687 Longview
4%
United States 70004 Longview
4%
United States 203802 Lorain
4%
Poland 70016 Lubin
4%
Germany 77511 Lüneburg
4%
United States 100905 Lynn
4%
Australia 72900 Mackay
4%
Cameroon 85100 Maga
4%
Russia 89193 Magadan
4%
United States 77137 Mansfield
4%
United States 75398 Mansfield
4%
United Kingdom 69987 Mansfield
4%
China 6174050 Maoming
4%
Germany 78203 Marburg
4%
Turkey 97818 Marmaris
4%
United States 168664 Marysville
4%
Italy 66160 Massa
4%
India 278745 Mau
4%
Belgium 86921 Mechelen
4%
India 1305429 Meerut
4%
United States 68617 Michigan City
4%
United States 95894 Middletown
4%
United States 66849 Middletown
4%
United States 135986 Miramar
4%
Mexico 118614 Miramar
4%
Cuba 73053 Moa
4%
Germany 105606 Moers
4%
United States 63045 Moore
4%
United States 162458 Muskegon
4%
Morocco 112450 Nador
4%
Burma 1160242 Nay Pyi Taw
4%
United States 84304 Newport Beach
4%
United States 88504 Newton
4%
Slovakia 77610 Nitra
4%
United States 117460 North Charleston
4%
United States 64504 North Little Rock
4%
United States 59429 North Miami
4%
United States 197770 Ocala
4%
United States 92697 O'Fallon
4%
Germany 62195 Offenburg
4%
United States 143720 Olathe
4%
Sudan 2805396 Omdurman
4%
Nigeria 1483000 Onitsha
4%
Philippines 66327 Opol
4%
Poland 127387 Opole
4%
Canada 335949 Oshawa
4%
Indonesia 1535952 Palembang
4%
India 229956 Pāli
4%
India 124175 Pāli
4%
Guatemala 72203 Palín
4%
New Zealand 76236 Palmerston North
4%
Philippines 76213 Palo
4%
United States 67231 Palo Alto
4%
Cyprus 70635 Paphos
4%
United States 186178 Paradise
4%
Argentina 268889 Paraná
4%
Czechia 92362 Pardubice
4%
United States 157660 Paterson
4%
Italy 70636 Pavia
4%
Philippines 70388 Pavia
4%
France 120996 Perpignan
4%
Germany 128992 Pforzheim
4%
Greece 448051 Piraeus
4%
Germany 65218 Plauen
4%
United States 76370 Pocatello
4%
France 89472 Poitiers
4%
Brazil 334661 Porto Velho
4%
Bolivia 267907 Potosí
4%
Kosovo 220128 Prizren
4%
China 3107400 Qinhuangdao
4%
China 6480000 Quanzhou
4%
France 64530 Quimper
4%
Denmark 64057 Randers
4%
Germany 112970 Remscheid
4%
United Kingdom 110194 Rochdale
4%
Russia 520509 Ryazan
4%
Japan 824408 Sakai
4%
Japan 87945 Sakai
4%
Nigeria 388225 Saki
4%
Oman 331949 Şalālah
4%
Italy 127186 Salerno
4%
United States 80352 Salisbury
4%
Mexico 864431 Saltillo
4%
Philippines 132650 San Carlos
4%
Venezuela 83957 San Carlos
4%
Venezuela 282830 San Cristóbal
4%
Dominican Republic 232769 San Cristóbal
4%
Mexico 183509 San Cristóbal
4%
Philippines 354666 San Fernando
4%
Venezuela 165135 San Fernando
4%
Argentina 163240 San Fernando
4%
Philippines 125640 San Fernando
4%
Spain 93645 San Fernando
4%
Trinidad and Tobago 82997 San Fernando
4%
Philippines 72224 San Fernando
4%
Philippines 63045 San Fernando
4%
Chile 58367 San Fernando
4%
Bolivia 3151676 Santa Cruz de la Sierra
4%
Italy 121021 Sassari
4%
Romania 91520 Satu Mare
4%
Belgium 132799 Schaarbeek
4%
United States 118398 Seaside
4%
Philippines 81689 Siasi
4%
Lithuania 104300 Šiauliai
4%
Turkey 365274 Sivas
4%
Turkey 111789 Soma
4%
United States 116347 St. Cloud
4%
United States 61963 St. Cloud
4%
United States 109735 Sugar Land
4%
Ukraine 256474 Sumy
4%
Sweden 99825 Sundsvall
4%
United States 149519 Surprise
4%
Korea, South 1234300 Suwon
4%
Japan 417814 Takamatsu
4%
Ghana 1095808 Tamale
4%
Turkey 186421 Tekirdağ
4%
Morocco 422757 Tétouan
4%
Russia 667956 Tolyatti
4%
United States 143499 Torrance
4%
Mexico 66001 Torreón
4%
France 62443 Troyes
4%
Germany 93615 Tübingen
4%
Lebanon 60000 Tyre
4%
Russia 861100 Tyumen
4%
Japan 162873 Ube
4%
Russia 613334 Ulyanovsk
4%
Nigeria 554906 Uyo
4%
India 2065771 Vadodara
4%
France 64288 Valence
4%
Colombia 544134 Valledupar
4%
Italy 109823 Vicenza
4%
United States 363596 Victorville
4%
United States 166273 Visalia
4%
Albania 130827 Vlorë
4%
Russia 71279 Vyborg
4%
United Kingdom 67594 Walsall
4%
United States 154327 Warner Robins
4%
Canada 121436 Waterloo
4%
United States 113832 Waterloo
4%
United States 67952 Weston
4%
United Kingdom 76143 Weston-super-Mare
4%
United States 137955 West Valley City
4%
Germany 76247 Wilhelmshaven
4%
United States 91935 Williamsburg
4%
United States 86501 Winchester
4%
Germany 95724 Witten
4%
United States 61256 Woodland
4%
Germany 85609 Worms
4%
China 2820977 Wuzhou
4%
China 3959842 Xianyang
4%
China 6109106 Xinyang
4%
United States 134003 Yakima
4%
China 6709629 Yancheng
4%
China 2511053 Yantai
4%
Indonesia 422732 Yogyakarta
4%
Nigeria 408198 Zaria
4%
China 4118908 Zhangjiakou
4%
China 6981236 Zhanjiang
4%
China 2439585 Zhuhai
4%
Netherlands 125267 Zoetermeer
4%
China 6270700 Zunyi
4%
Belgium 88854 Aalst
3%
Pakistan 148587 Abbottabad
3%
Turkey 251799 Afyonkarahisar
3%
Turkey 148765 Ağrı
3%
Canada 126666 Ajax
3%
Japan 302984 Akita
3%
Spain 174137 Albacete
3%
Spain 76922 Alcalá de Guadaira
3%
Spain 196888 Alcalá de Henares
3%
Netherlands 73132 Almelo
3%
United States 73070 Altoona
3%
Netherlands 157462 Amersfoort
3%
China 357535 Anda
3%
United States 80820 Anderson
3%
Uzbekistan 747800 Andijon
3%
United States 70542 Ankeny
3%
United States 67765 Apex
3%
United States 75478 Apple Valley
3%
Kazakhstan 183350 Aqtaū
3%
France 107135 Argenteuil
3%
United States 76220 Arlington Heights
3%
Italy 73421 Asti
3%
Kazakhstan 130916 Atyraū
3%
Turkey 259027 Aydın
3%
United Kingdom 83407 Aylesbury
3%
Oman 85000 Bahlā’
3%
Australia 116201 Ballarat
3%
Indonesia 235305 Banda Aceh
3%
Iran 526648 Bandar ‘Abbās
3%
Italy 92427 Barletta
3%
Russia 623057 Barnaul
3%
Indonesia 171660 Beji
3%
Indonesia 2381053 Bekasi
3%
India 4487379 Belāhi
3%
Russia 328482 Belgorod
3%
Argentina 72000 Bella Vista
3%
Canada 75052 Belleville
3%
China 3164467 Bengbu
3%
France 120057 Besançon
3%
United States 67403 Bethesda
3%
China 3748474 Binzhou
3%
North Macedonia 69287 Bitola
3%
United States 71014 Blacksburg
3%
United States 71261 Blaine
3%
Germany 72409 Bocholt
3%
United States 445500 Bonita Springs
3%
United States 62832 Bossier City
3%
France 120205 Boulogne-Billancourt
3%
France 64238 Bourges
3%
United States 74807 Brick
3%
United States 84349 Brooklyn Park
3%
United States 75110 Broomfield
3%
Cameroon 131325 Buea
3%
United States 83052 Buena Park
3%
Philippines 73143 Bula
3%
Zimbabwe 665952 Bulawayo
3%
Australia 71090 Bunbury
3%
Australia 70540 Bundaberg
3%
Canada 249125 Burnaby
3%
Serbia 71883 Čačak
3%
Philippines 728402 Cagayan de Oro
3%
United States 63465 Caldwell
3%
Brazil 419379 Campina Grande
3%
Brazil 663621 Campo Grande
3%
China 7300783 Cangzhou
3%
Italy 71869 Carpi
3%
Portugal 214158 Cascais
3%
Italy 72805 Caserta
3%
Spain 180379 Castellón de la Plana
3%
Philippines 60635 Castilla
3%
Brazil 71809 Castro
3%
Germany 74370 Castrop-Rauxel
3%
Australia 346596 Central Coast
3%
India 1055450 Chandīgarh
3%
China 1510100 Changshu
3%
Korea, South 1009998 Changwon
3%
China 3180884 Changzhi
3%
China 2656600 Chaozhou
3%
United Kingdom 115369 Chelmsford
3%
United Kingdom 116447 Cheltenham
3%
United States 75641 Cherry Hill
3%
China 4035967 Chifeng
3%
United States 60083 Clay
3%
France 65102 Clichy
3%
El Salvador 96989 Colón
3%
Panama 78000 Colón
3%
Cuba 72000 Colón
3%
Turkey 269595 Çorum
3%
United States 110538 Costa Mesa
3%
Bangladesh 223522 Cox’s Bāzār
3%
United Kingdom 106597 Crawley
3%
Ecuador 361524 Cuenca
3%
Mexico 808416 Culiacán
3%
United States 58886 Cupertino
3%
United States 65317 Dalton
3%
Egypt 206664 Damietta
3%
China 5385422 Dazhou
3%
United States 107846 Dearborn
3%
Netherlands 109435 Delft
3%
United States 66940 Delray Beach
3%
United States 224303 Deltona
3%
Germany 65170 Dormagen
3%
United States 74002 Dothan
3%
United Kingdom 79379 Dudley
3%
United States 114617 East Los Angeles
3%
United States 95618 Edmond
3%
United States 107066 El Monte
3%
Philippines 58771 El Salvador
3%
Netherlands 107024 Emmen
3%
United States 61585 Encinitas
3%
United States 149913 Escondido
3%
Sweden 69948 Eskilstuna
3%
China 1079353 Ezhou
3%
India 1404653 Farīdābād
3%
Italy 145348 Foggia
3%
United States 82140 Folsom
3%
Italy 116440 Forlì
3%
Martinique 253995 Fort-de-France
3%
United States 72013 Framingham
3%
Norway 63610 Fredrikstad
3%
Spain 190790 Fuenlabrada
3%
Japan 261474 Fukui
3%
Germany 70366 Fulda
3%
China 1861372 Fushun
3%
United States 69225 Gaithersburg
3%
China 7396873 Ganzhou
3%
Canada 291041 Gatineau
3%
Sweden 86533 Gävle
3%
Poland 174016 Gliwice
3%
Germany 59300 Göppingen
3%
Pakistan 2027001 Gujranwala
3%
Pakistan 71094 Hala
3%
Korea, North 768551 Hamhŭng
3%
United States 115767 Harlingen
3%
Turkey 96072 Harran
3%
United States 73926 Harrisonburg
3%
United Kingdom 73576 Harrogate
3%
United States 82730 Hattiesburg
3%
Netherlands 86936 Heerlen
3%
China 6645243 Hengyang
3%
United States 100141 Hesperia
3%
United States 171342 High Point
3%
United Kingdom 120256 High Wycombe
3%
United States 80725 Homestead
3%
United States 92401 Hoover
3%
United States 147841 Houma
3%
Czechia 93906 Hradec Králové
3%
Belarus 361115 Hrodna
3%
Spain 143290 Huelva
3%
United States 62458 Huntersville
3%
Italy 69121 Imola
3%
United States 371926 Indio
3%
Greece 64896 Ioánnina
3%
Chile 188003 Iquique
3%
Turkey 247580 Isparta
3%
India 502197 Jammu
3%
United States 74640 Janesville
3%
China 1595138 Jiangyin
3%
China 72806 Jingzhou
3%
Brazil 833932 João Pessoa
3%
United States 82115 Johns Creek
3%
Malaysia 497097 Johor Bahru
3%
United States 106244 Jurupa Valley
3%
Turkey 571266 Kahramanmaraş
3%
Sri Lanka 120087 Kandy
3%
Iran 1973470 Karaj
3%
Sweden 65856 Karlstad
3%
Turkey 125622 Kastamonu
3%
Germany 70056 Kempten
3%
Morocco 507736 Kenitra
3%
United States 260091 Kennewick
3%
United Kingdom 64681 Kensington
3%
Sudan 936349 Khartoum North
3%
Bangladesh 928891 Khulna
3%
Russia 471754 Kirov
3%
Zambia 661901 Kitwe
3%
Denmark 62338 Kolding
3%
India 1001694 Kota
3%
Serbia 150623 Kragujevac
3%
Ukraine 147145 Kramatorsk
3%
United States 93163 La Crosse
3%
United States 85846 Lake Forest
3%
United States 72480 Lakeville
3%
Spain 160258 La Laguna
3%
Germany 75272 Landshut
3%
Argentina 180995 La Rioja
3%
Greece 112777 Lárisa
3%
United States 90662 Lawton
3%
United States 114885 League City
3%
United States 81039 Lehi
3%
United States 128313 Lewisville
3%
China 5789863 Liaocheng
3%
United States 77350 Loveland
3%
Italy 88798 Lucca
3%
Spain 99482 Lugo
3%
Germany 87266 Lünen
3%
Brazil 957916 Maceió
3%
United States 82510 Madera
3%
India 1561129 Madurai
3%
Guinea 376269 Mamou
3%
Mayotte 71437 Mamoudzou
3%
India 623841 Mangalore
3%
Canada 338503 Markham
3%
Argentina 65859 Martínez
3%
Italy 59685 Matera
3%
Japan 239115 Matsumoto
3%
Japan 506743 Matsuyama
3%
Algeria 138355 Médéa
3%
United States 107020 Menifee
3%
United States 163257 Merced
3%
Nigeria 322163 Minna
3%
Japan 139118 Minō
3%
Hungary 143502 Miskolc
3%
United States 86234 Mission
3%
United States 634674 Mission Viejo
3%
Japan 397476 Miyazaki
3%
Jamaica 97890 Montego Bay
3%
United States 72528 Mount Vernon
3%
United States 66704 Mount Vernon
3%
Tanzania 1104521 Mwanza
3%
Kenya 307990 Nakuru
3%
Russia 265162 Nalchik
3%
Uzbekistan 1010000 Namangan
3%
Mozambique 743000 Nampula
3%
Uganda 532800 Nansana
3%
China 9577771 Nanyang
3%
Japan 130689 Narita
3%
Uzbekistan 144158 Navoiy
3%
Germany 80185 Neumünster
3%
Turkey 123882 Nevşehir
3%
United States 73301 New Britain
3%
Japan 227997 Neya
3%
Mexico 1077208 Nezahualcóyotl
3%
Vietnam 579000 Nha Trang
3%
United States 71940 Noblesville
3%
United States 100713 Norwalk
3%
United States 91375 Norwalk
3%
Serbia 66527 Novi Pazar
3%
Uzbekistan 332500 Nukus
3%
Italy 61048 Olbia
3%
Romania 183105 Oradea
3%
Philippines 70342 Orani
3%
United States 75850 Oshkosh
3%
Spain 104891 Ourense
3%
South Africa 294457 Paarl
3%
United Kingdom 77220 Paisley
3%
Brazil 302692 Palmas
3%
United States 547659 Palm Bay
3%
United States 59751 Palm Beach Gardens
3%
France 78620 Pau
3%
United States 75280 Pawtucket
3%
United States 125983 Pearland
3%
Italy 102465 Piacenza
3%
South Africa 839327 Pietermaritzburg
3%
China 4904701 Pingdingshan
3%
Romania 141275 Piteşti
3%
Peru 473025 Piura
3%
Mexico 304942 Playa del Carmen
3%
Brazil 113793 Poá
3%
Ukraine 279593 Poltava
3%
United States 148391 Pomona
3%
Spain 83077 Pontevedra
3%
Italy 64406 Potenza
3%
Italy 195736 Prato
3%
United States 96190 Prescott Valley
3%
China 3874000 Qingyuan
3%
South Africa 68872 Queenstown
3%
China 5765775 Qujing
3%
India 1073440 Rānchi
3%
Germany 87513 Ratingen
3%
Italy 169545 Reggio Emilia
3%
Mexico 589466 Reynosa
3%
United States 103866 Rialto
3%
Ukraine 243873 Rivne
3%
China 2801013 Rizhao
3%
United Kingdom 109691 Rotherham
3%
France 99507 Roubaix
3%
China 1424667 Rui’an
3%
Germany 67277 Rüsselsheim
3%
Poland 195871 Rzeszów
3%
Morocco 323888 Safi
3%
France 73111 Saint-Nazaire
3%
United Kingdom 103886 Salford
3%
Norway 115543 Sandvika
3%
Turkey 596637 Şanlıurfa
3%
Costa Rica 163745 San Marcos
3%
United States 94078 San Marcos
3%
United States 74469 San Marcos
3%
El Salvador 74221 San Marcos
3%
Colombia 59976 San Marcos
3%
El Salvador 112065 San Martín
3%
Argentina 79476 San Martín
3%
Philippines 273306 San Mateo
3%
United States 103555 San Mateo
3%
Philippines 66663 San Mateo
3%
Brazil 80439 Santana
3%
China 1031396 Sanya
3%
Brazil 173559 São José
3%
Italy 58194 Savona
3%
United States 68521 Schenectady
3%
Indonesia 1621384 Semarang
3%
China 7325300 Shangqiu
3%
China 613000 Shenzhou
3%
Canada 172950 Sherbrooke
3%
Netherlands 157486 ’s-Hertogenbosch
3%
Ethiopia 95491 Shirē
3%
Japan 685589 Shizuoka
3%
United Kingdom 71715 Shrewsbury
3%
United States 126503 Simi Valley
3%
Portugal 385606 Sintra
3%
India 80000 Sīra
3%
Italy 116244 Siracusa
3%
Algeria 163318 Skikda
3%
United Kingdom 119070 Slough
3%
Sweden 72704 Södertälje
3%
Nigeria 427760 Sokoto
3%
India 150000 Soro
3%
South Africa 1271628 Soweto
3%
United States 109106 Sparks
3%
United States 87388 Springdale
3%
South Africa 121610 Springs
3%
India 1180570 Srīnagar
3%
United Kingdom 70592 Stafford
3%
United States 495747 Staten Island
3%
Russia 450680 Stavropol
3%
United States 71048 St. Charles
3%
United States 133473 Sterling Heights
3%
United Kingdom 89663 Stevenage
3%
Canada 166004 Sudbury
3%
China 4719178 Suqian
3%
Russia 395900 Surgut
3%
Libya 76788 Surt
3%
Poland 68752 Suwałki
3%
Bangladesh 479837 Sylhet
3%
Hungary 147920 Szombathely
3%
China 5472217 Tai’an
3%
Taiwan 1856642 Tainan
3%
Japan 85199 Takayama
3%
Russia 289701 Tambov
3%
Indonesia 2237006 Tangerang
3%
Kazakhstan 357795 Taraz
3%
Syria 89457 Ţarţūs
3%
United Kingdom 60479 Taunton
3%
United States 59719 Taunton
3%
New Zealand 151300 Tauranga
3%
United States 62405 Taylor
3%
United Kingdom 142723 Telford
3%
Italy 106370 Terni
3%
Senegal 115245 Thiès
3%
India 743691 Thiruvananthapuram
3%
Algeria 135088 Tizi Ouzou
3%
Belgium 69554 Tournai
3%
Bolivia 130657 Trinidad
3%
Cuba 76500 Trinidad
3%
Slovakia 63803 Trnava
3%
Sweden 59210 Trollhättan
3%
Indonesia 82955 Tual
3%
Malaysia 128200 Tuaran
3%
China 622903 Turpan
3%
Japan 179626 Uji
3%
United States 60119 Union
3%
Turkey 74736 Urla
3%
Turkey 236366 Uşak
3%
Chile 150048 Valdivia
3%
United States 171414 Vallejo
3%
Sweden 66275 Växjö
3%
Colombia 664148 Villavicencio
3%
Germany 88213 Villingen-Schwenningen
3%
Chile 332875 Viña del Mar
3%
Vietnam 790000 Vinh
3%
Russia 312420 Vologda
3%
United Kingdom 165456 Warrington
3%
United States 199965 Waterbury
3%
United States 88919 Waukegan
3%
United States 70779 Waukesha
3%
China 2804771 Weihai
3%
South Africa 64130 Welkom
3%
United States 57786 Weymouth
3%
United States 59818 White Plains
3%
United States 85925 Whittier
3%
Curaçao 150000 Willemstad
3%
United Kingdom 92765 Wimbledon
3%
Korea, North 363127 Wŏnsan
3%
China 811631 Wu’an
3%
China 5260951 Xiangyang
3%
China 494887 Xiangyang
3%
Ukraine 76746 Yalta
3%
Japan 247234 Yamagata
3%
Cuba 59415 Yara
3%
China 4471896 Yibin
3%
United States 127854 Yuba City
3%
Mexico 149607 Zacatecas
3%
Mexico 1476491 Zapopan
3%
Bosnia and Herzegovina 70553 Zenica
3%
China 5054328 Zhangzhou
3%
China 3113384 Zhenjiang
3%
China 3902738 Zhuzhou
3%
Poland 216781 Zielona Góra
3%
Slovakia 82656 Žilina
3%
Czechia 74255 Zlín
3%
Russia 181709 Abakan
1%
Nigeria 888924 Abeokuta
1%
Saudi Arabia 236157 Abhā
1%
Benin 90195 Abomey
1%
Turkey 123721 Akçakale
1%
Turkey 247147 Aksaray
1%
China 535657 Aksu
1%
Turkey 77623 Aksu
1%
United States 76876 Alameda
1%
Spain 173625 Alcorcón
1%
Spain 60372 Alcoy
1%
Italy 91059 Alessandria
1%
United States 81483 Alhambra
1%
Egypt 621953 Al Manşūrah
1%
Yemen 114931 Al Manşūrah
1%
Portugal 171454 Amadora
1%
Russia 85747 Anapa
1%
Italy 97146 Andria
1%
Philippines 462928 Angeles City
1%
China 2493436 Ankang
1%
Algeria 257359 Annaba
1%
Iraq 724700 An Najaf
1%
Philippines 887399 Antipolo
1%
France 64026 Antony
1%
Italy 58949 Anzio
1%
Italy 74126 Aprilia
1%
Italy 96260 Arezzo
1%
Niger 78651 Arlit
1%
Turkey 326452 Arnavutköy
1%
Spain 64497 Arrecife
1%
Japan 63507 Asahi
1%
Korea, South 332790 Asan
1%
India 563917 Āsansol
1%
Netherlands 68836 Assen
1%
Egypt 389307 Asyūţ
1%
Spain 58111 Ávila
1%
United States 217860 Babylon
1%
Romania 136087 Bacău
1%
Philippines 600783 Bacolod
1%
Spain 150570 Badajoz
1%
Iran 673405 Bahār
1%
Pakistan 762111 Bahawalpur
1%
Ethiopia 243300 Bahir Dar
1%
Somalia 1200000 Baidoa
1%
United States 70720 Baldwin Park
1%
Dominican Republic 145595 Baní
1%
Indonesia 203417 Banjar
1%
Indonesia 662230 Banjarmasin
1%
Pakistan 62191 Bannu
1%
Slovakia 76018 Banská Bystrica
1%
United Kingdom 59068 Barking
1%
Venezuela 1240714 Barquisimeto
1%
Portugal 78345 Barreiro
1%
United Kingdom 185900 Basildon
1%
Indonesia 136145 Batang
1%
Philippines 351437 Batangas
1%
Algeria 290645 Batna
1%
United States 84538 Baytown
1%
Argentina 58811 Beccar
1%
Algeria 165627 Béchar
1%
Israel 209000 Beersheba
1%
Mozambique 530604 Beira
1%
Algeria 176139 Bejaïa
1%
United States 57702 Bel Air South
1%
United States 77396 Bellflower
1%
Spain 77654 Benalmádena
1%
Moldova 76158 Bender
1%
Morocco 209594 Béni Mellal
1%
Ukraine 106311 Berdiansk
1%
Netherlands 67514 Bergen op Zoom
1%
France 80815 Béziers
1%
Poland 169089 Bielsko-Biała
1%
Vietnam 1575000 Biên Hòa
1%
India 297268 Bihār
1%
Bosnia and Herzegovina 114663 Bijeljina
1%
Central African Republic 124176 Bimbo
1%
United States 150564 Binghamton
1%
Turkey 133423 Bingöl
1%
United Kingdom 109848 Birkenhead
1%
Algeria 204661 Biskra
1%
Nigeria 176072 Biu
1%
Bulgaria 77441 Blagoevgrad
1%
Canada 59819 Blainville
1%
Algeria 99200 Blida
1%
United States 59416 Blue Springs
1%
Brazil 361261 Blumenau
1%
Brazil 413486 Boa Vista
1%
China 235585 Bole
1%
United States 73813 Bolingbrook
1%
Congo (Kinshasa) 162521 Boma
1%
Sweden 114445 Borås
1%
Turkey 454470 Bornova
1%
Algeria 68545 Bouira
1%
United States 57771 Bowie
1%
Brazil 128914 Bragança
1%
United States 64609 Brentwood
1%
United Kingdom 78536 Brixton
1%
United Kingdom 87889 Bromley
1%
United States 62822 Brookline
1%
Canada 91525 Brossard
1%
Korea, South 772450 Bucheon
1%
Australia 58956 Buderim
1%
Chile 96614 Buin
1%
Congo (Kinshasa) 1133000 Bukavu
1%
Congo (Kinshasa) 900666 Bunia
1%
United States 64295 Burnsville
1%
Congo (Kinshasa) 154621 Butembo
1%
Malaysia 80378 Butterworth
1%
Philippines 372910 Butuan
1%
Spain 96441 Cáceres
1%
Brazil 85857 Cáceres
1%
Chile 157575 Calama
1%
Colombia 85385 Caldas
1%
Canada 76581 Caledon
1%
India 431560 Calicut
1%
Italy 66777 Calimera
1%
Peru 415888 Callao
1%
Philippines 1661584 Caloocan City
1%
United States 74210 Camarillo
1%
Brazil 103074 Camboriú
1%
Turkey 143622 Çanakkale
1%
United Kingdom 67768 Cannock
1%
Puerto Rico 139051 Carolina
1%
Italy 59905 Carrara
1%
Haiti 511345 Carrefour
1%
United States 57590 Casa Grande
1%
United States 70770 Casas Adobes
1%
United States 76614 Castle Rock
1%
United States 77474 Cedar Park
1%
South Africa 236580 Centurion
1%
Turkey 206829 Çerkezköy
1%
Cuba 124994 Cerro
1%
Italy 95778 Cesena
1%
Czechia 97377 České Budějovice
1%
China 5279102 Changde
1%
Brazil 224013 Chapecó
1%
India 141640 Chās
1%
Korea, South 852018 Cheongju
1%
Ukraine 264298 Chernivtsi
1%
Mexico 169028 Chetumal
1%
Peru 552508 Chiclayo
1%
Chile 164270 Chillán
1%
Canada 93203 Chilliwack
1%
Algeria 155134 Chlef
1%
Thailand 342959 Chon Buri
1%
Korea, North 667929 Ch’ŏngjin
1%
Korea, South 281596 Chuncheon
1%
Korea, South 207839 Chungju
1%
Italy 74528 Cinisello Balsamo
1%
Indonesia 296389 Cirebon
1%
United States 87036 Citrus Heights
1%
Mexico 160225 Ciudad Acuña
1%
Mexico 191238 Ciudad del Carmen
1%
Venezuela 978202 Ciudad Guayana
1%
Mexico 1072676 Ciudad Nezahualcóyotl
1%
Spain 75909 Ciudad Real
1%
United States 57587 Coconut Creek
1%
United States 64640 Commerce City
1%
Chile 133256 Conchalí
1%
Argentina 199634 Concordia
1%
Brazil 81646 Concórdia
1%
United States 63348 Coon Rapids
1%
Chile 158438 Copiapó
1%
Chile 204068 Coquimbo
1%
Turkey 300296 Çorlu
1%
United States 62564 Council Bluffs
1%
Chile 61210 Coyhaique
1%
Italy 58445 Crotone
1%
United Kingdom 192064 Croydon
1%
Venezuela 127900 Cúa
1%
Colombia 806378 Cúcuta
1%
Mexico 338650 Cuernavaca
1%
Brazil 483346 Cuiabá
1%
Mauritius 78618 Curepipe
1%
Chile 136954 Curicó
1%
United Kingdom 106247 Dagenham
1%
Japan 76164 Daisen
1%
United Kingdom 93015 Darlington
1%
Philippines 703141 Dasmariñas
1%
China 871214 Daye
1%
United States 86742 Deerfield Beach
1%
Ethiopia 87380 Denan
1%
India 173216 Deo
1%
Indonesia 2330333 Depok
1%
Netherlands 101236 Deventer
1%
China 5568235 Dezhou
1%
India 1162472 Dhanbād
1%
Germany 67949 Dinslaken
1%
Philippines 138141 Dipolog
1%
Ethiopia 277000 Dire Dawa
1%
Algeria 158679 Djelfa
1%
Bosnia and Herzegovina 68514 Doboj
1%
Angola 71715 Dondo
1%
Mozambique 70817 Dondo
1%
United States 76490 Doral
1%
Germany 76842 Dorsten
1%
Spain 140430 Dos Hermanas
1%
Canada 79258 Drummondville
1%
United States 68567 Dubuque
1%
Syria 123494 Dūmā
1%
United States 68158 Eagan
1%
United Kingdom 76186 East Ham
1%
United States 70179 Eastvale
1%
United States 63249 Eden Prairie
1%
United States 107027 Edison
1%
Bolivia 943000 El Alto
1%
Albania 78703 Elbasan
1%
Poland 115220 Elbląg
1%
United Kingdom 61090 Ellesmere Port
1%
Mexico 557430 Ensenada
1%
Morocco 97687 Errachidia
1%
Turkey 150714 Erzincan
1%
Turkey 445421 Esenler
1%
Spain 78413 Estepona
1%
United States 83316 Farmington Hills
1%
Portugal 58065 Felgueiras
1%
Italy 129340 Ferrara
1%
Portugal 62125 Figueira da Foz
1%
Colombia 191867 Florencia
1%
United States 77886 Flower Mound
1%
Canada 68002 Fort McMurray
1%
Brazil 285415 Foz do Iguaçu
1%
Brazil 287737 Franca
1%
Spain 85859 Fuengirola
1%
China 414090 Fujin
1%
China 1316000 Fuqing
1%
China 7599913 Fuyang
1%
China 771000 Fuyang
1%
Somalia 745000 Gaalkacyo
1%
Colombia 60708 Galapa
1%
Romania 217851 Galaţi
1%
Sri Lanka 93118 Galle
1%
Korea, South 210456 Gangneung
1%
Mexico 234698 García
1%
United States 59765 Gardena
1%
Turkey 407019 Gebze
1%
Italy 71217 Gela
1%
Philippines 697315 General Santos
1%
Argentina 64640 Gerli
1%
United States 115448 Gilroy
1%
Japan 99256 Ginowan
1%
Greece 89597 Glyfáda
1%
Ethiopia 350000 Godē
1%
China 215214 Golmud
1%
Indonesia 191897 Gorontalo
1%
Argentina 72304 Goya
1%
Canada 64141 Grande Prairie
1%
United Kingdom 74000 Gravesend
1%
United Kingdom 66843 Grays
1%
United States 64237 Greenwood
1%
Germany 60071 Greifswald
1%
Italy 81321 Grosseto
1%
Russia 291687 Groznyy
1%
Morocco 126729 Guelmim
1%
Pakistan 390533 Gujrat
1%
Uganda 152276 Gulu
1%
India 180935 Guna
1%
China 1142142 Guyuan
1%
Pakistan 70852 Gwadar
1%
India 1069276 Gwalior
1%
Armenia 121976 Gyumri
1%
Japan 222799 Hachinohe
1%
Japan 575721 Hachiōji
1%
China 874334 Hai’an
1%
United Kingdom 60097 Halesowen
1%
Sweden 71422 Halmstad
1%
Germany 57916 Hameln
1%
United Kingdom 95996 Hammersmith
1%
United States 68276 Hanford
1%
Somalia 1200000 Hargeysa
1%
United Kingdom 82059 Harlow
1%
United Kingdom 149246 Harrow
1%
Turkey 399045 Hatay
1%
United States 85933 Hawthorne
1%
United Kingdom 93928 Hayes
1%
China 1565973 Hebi
1%
United States 176009 Hemet
1%
United States 62390 Hendersonville
1%
Germany 62204 Herten
1%
Australia 57722 Hervey Bay
1%
Japan 490819 Higashi-ōsaka
1%
Netherlands 91235 Hilversum
1%
Japan 257662 Hiratsuka
1%
Iraq 66700 Hīt
1%
Cuba 350191 Holguín
1%
United States 110905 Holland
1%
Belarus 501102 Homyel’
1%
Netherlands 75645 Hoorn
1%
China 322300 Hotan
1%
United Kingdom 91900 Hove
1%
China 1970265 Huaibei
1%
Peru 378203 Huancayo
1%
India 943788 Hubli
1%
Colombia 546003 Ibagué
1%
Yemen 234837 Ibb
1%
Yemen 221472 Ibb
1%
Peru 282407 Ica
1%
Korea, South 270758 Iksan
1%
Philippines 496794 Imus
1%
Japan 65670 Ina
1%
Japan 73420 Inuyama
1%
Peru 377609 Iquitos
1%
Japan 145303 Iruma
1%
United States 60334 Irvington
1%
Turkey 251682 İskenderun
1%
United States 338784 Islip
1%
Japan 63343 Itō
1%
Japan 336111 Iwaki
1%
Nigeria 191377 Iwo
1%
India 1267564 Jabalpur
1%
Pakistan 200815 Jacobabad
1%
Spain 112074 Jaén
1%
Peru 81587 Jaén
1%
Philippines 79189 Jaen
1%
India 1558000 Jamshedpur
1%
Brazil 133497 Jaú
1%
Poland 77305 Jelenia Góra
1%
Korea, South 341545 Jeonju
1%
China 312663 Jiayuguan
1%
Ethiopia 120960 Jīma
1%
China 2194545 Jincheng
1%
China 105038 Jincheng
1%
China 142948 Jinjiang
1%
Brazil 540756 Juiz de Fora
1%
Brazil 401896 Jundiaí
1%
China 617706 Jurong
1%
Korea, North 192578 Kaesŏng
1%
Pakistan 73981 Kahan
1%
United States 115634 Kailua
1%
Tunisia 210313 Kairouan
1%
Poland 95905 Kalisz
1%
Greece 97616 Kallithéa
1%
Russia 331842 Kaluga
1%
India 1246381 Kalyān
1%
Japan 462479 Kanazawa
1%
Benin 177683 Kandi
1%
Japan 99545 Kani
1%
Turkey 137514 Kapaklı
1%
India 209882 Kāpra
1%
Kyrgyzstan 85588 Karakol
1%
Turkey 175390 Karaman
1%
Iraq 690100 Karbalā’
1%
Japan 427603 Kashiwa
1%
Mali 66895 Kati
1%
India 221875 Katri
1%
Nigeria 318459 Katsina
1%
Greece 65857 Kavála
1%
Burkina Faso 122949 Kaya
1%
Taiwan 362487 Keelung
1%
Russia 544600 Kemerovo
1%
Ukraine 149566 Kerch
1%
Algeria 108580 Khenchela
1%
Russia 256684 Khimki
1%
Tajikistan 770000 Khŭjand
1%
Kenya 323881 Kikuyu
1%
Congo (Kinshasa) 458000 Kikwit
1%
United States 95059 Kingsport
1%
Somalia 166667 Kismaayo
1%
Japan 86060 Kitanagoya
1%
Japan 187144 Kōfu
1%
Japan 138237 Koga
1%
Japan 59349 Koga
1%
Japan 89619 Kōka
1%
Kazakhstan 193492 Kökshetaū
1%
India 561489 Kolhāpur
1%
Poland 69858 Konin
1%
Japan 327040 Koriyama
1%
China 770000 Korla
1%
Belgium 77741 Kortrijk
1%
Thailand 70059 Ko Samui
1%
Russia 267481 Kostroma
1%
Malaysia 452058 Kota Kinabalu
1%
Japan 738385 Kumamoto
1%
North Macedonia 70842 Kumanovo
1%
Afghanistan 268893 Kunduz
1%
China 462588 Kuqa
1%
Japan 212159 Kure
1%
Morocco 217732 Laâyoune
1%
Chile 366916 La Florida
1%
United States 64023 Laguna Niguel
1%
United States 71516 Lake Elsinore
1%
Philippines 73425 Lala
1%
United States 60835 La Mesa
1%
Argentina 459263 Lanús
1%
Chile 177335 La Pintana
1%
Dominican Republic 139238 La Romana
1%
Chile 249893 Las Condes
1%
Chile 195382 La Serena
1%
Italy 92119 La Spezia
1%
Syria 700000 Latakia
1%
Italy 127564 Latina
1%
United States 73961 Lauderhill
1%
South Sudan 100722 Leer
1%
United States 161515 Leesburg
1%
Poland 94878 Legnica
1%
Portugal 126897 Leiria
1%
Haiti 90000 Léogâne
1%
United States 113462 Leominster
1%
Canada 149683 Lévis
1%
Chile 73602 Linares
1%
Mexico 70368 Linares
1%
China 3976481 Linfen
1%
Brazil 76092 Lins
1%
Russia 496403 Lipetsk
1%
United States 85870 Livermore
1%
Guatemala 80249 Lívingston
1%
Spain 144739 Lleida
1%
Angola 436467 Lobito
1%
Spain 151164 Logroño
1%
Brazil 447065 Londrina
1%
Canada 254483 Longueuil
1%
Chile 59388 Los Andes
1%
Angola 776249 Lubango
1%
Philippines 278924 Lucena
1%
Germany 71463 Lüdenscheid
1%
India 1618879 Ludhiāna
1%
Turkey 125404 Lüleburgaz
1%
United States 65291 Lynwood
1%
China 2159930 Ma’anshan
1%
Japan 434414 Machida
1%
Iran 231476 Madan
1%
Russia 408715 Magnitogorsk
1%
India 180191 Mahād
1%
Portugal 134977 Maia
1%
United Kingdom 63580 Maidenhead
1%
United Kingdom 109490 Maidstone
1%
Chile 521627 Maipú
1%
Argentina 106662 Maipú
1%
South Sudan 147450 Malakal
1%
Indonesia 2795209 Malang
1%
India 75740 Malappuram
1%
Turkey 485484 Malatya
1%
United States 65509 Malden
1%
Spain 80201 Manresa
1%
Zambia 129185 Mansa
1%
India 82956 Mānsa
1%
United States 95347 Manteca
1%
Turkey 129864 Mardin
1%
United Kingdom 61223 Margate
1%
United States 58418 Margate
1%
Brazil 61288 Mariana
1%
Brazil 76737 Maricá
1%
United States 69554 Maricopa
1%
Brazil 409657 Maringá
1%
Somalia 230100 Marka
1%
Australia 63673 Maroochydore
1%
Italy 79809 Marsala
1%
Algeria 108587 Mascara
1%
Oman 1720000 Masqaţ
1%
Spain 129870 Mataró
1%
Mozambique 1032197 Matola
1%
Portugal 172557 Matosinhos
1%
Afghanistan 469247 Mazār-e Sharīf
1%
China 3873239 Meizhou
1%
Ukraine 148851 Melitopol
1%
Australia 76346 Melton
1%
France 77136 Mérignac
1%
United States 138995 Metairie
1%
Indonesia 161799 Metro
1%
South Africa 87348 Middelburg
1%
United States 58170 Midwest City
1%
Turkey 120069 Midyat
1%
Turkey 147416 Milas
1%
United States 78216 Milpitas
1%
Cabo Verde 70468 Mindelo
1%
Germany 83100 Minden
1%
Canada 61108 Mirabel
1%
United States 75234 Missouri City
1%
Japan 160392 Miyakonojō
1%
United States 59639 Monterey Park
1%
France 110758 Montreuil
1%
Mexico 1002461 Morelia
1%
Algeria 145696 Mostaganem
1%
Spain 209639 Móstoles
1%
Spain 59632 Motril
1%
United States 82363 Mountain View
1%
Malaysia 314776 Muar
1%
United States 111621 Murrieta
1%
Turkey 62874 Mut
1%
Pakistan 96000 Muzaffarabad
1%
India 920550 Mysore
1%
Indonesia 99848 Nabire
1%
China 954259 Nada
1%
Japan 265868 Nagaoka
1%
Japan 80423 Nagaoka
1%
India 95246 Nagīna
1%
China 414554 Nagqu
1%
Philippines 160987 Naic
1%
Korea, North 703317 Nampo
1%
Canada 106079 Nanaimo
1%
China 108190 Nantang
1%
France 98119 Nanterre
1%
China 130370 Nantou
1%
Taiwan 97504 Nantou
1%
New Zealand 62241 Napier
1%
Mexico 910407 Naucalpan de Juárez
1%
Syria 63676 Nawá
1%
Turkey 162737 Nazilli
1%
Zambia 627503 Ndola
1%
Israel 217200 Netanya
1%
Germany 64390 Neubrandenburg
1%
Germany 61780 Neu-Ulm
1%
Ukraine 105160 Nikopol
1%
Vietnam 1106913 Ninh Bình
1%
France 60074 Niort
1%
Russia 1204985 Nizhniy Novgorod
1%
Ukraine 65830 Nizhyn
1%
Turkey 148386 Nizip
1%
Mexico 264782 Nogales
1%
India 637272 Noida
1%
Germany 82719 Norderstedt
1%
Zimbabwe 87038 Norton
1%
Italy 101257 Novara
1%
United Kingdom 86552 Nuneaton
1%
Turkey 115586 Nusaybin
1%
Sudan 492984 Nyala
1%
Canada 213759 Oakville
1%
Philippines 66084 Oas
1%
Portugal 171658 Oeiras
1%
Japan 474804 Ōita
1%
Japan 385376 Okazaki
1%
Uzbekistan 133400 Olmaliq
1%
Poland 170225 Olsztyn
1%
Belarus 102759 Orsha
1%
Bolivia 351802 Oruro
1%
Bolivia 246501 Oruro
1%
Japan 128763 Ōsaki
1%
Korea, South 213840 Osan
1%
Kazakhstan 400142 Öskemen
1%
Nigeria 731000 Osogbo
1%
Chile 249728 Osorno
1%
Netherlands 92526 Oss
1%
Japan 112452 Otaru
1%
Japan 343991 Ōtsu
1%
Japan 167647 Oyama
1%
Bangladesh 190317 Pābna
1%
United Kingdom 64410 Paignton
1%
Spain 76738 Palencia
1%
Guatemala 74839 Palencia
1%
United States 94362 Palm Coast
1%
Serbia 73401 Pančevo
1%
France 60954 Pantin
1%
United States 60115 Parker
1%
Spain 134833 Parla
1%
United States 69651 Passaic
1%
Philippines 88873 Passi
1%
Colombia 410835 Pasto
1%
Indonesia 122785 Pati
1%
Kazakhstan 343091 Pavlodar
1%
Portugal 72265 Penafiel
1%
Chile 216060 Peñalolén
1%
Colombia 590554 Pereira
1%
Bulgaria 97181 Pernik
1%
France 66874 Pessac
1%
Russia 279190 Petrozavodsk
1%
United States 79809 Pharr
1%
Thailand 281929 Phitsanulok
1%
Vietnam 231363 Phú Yên
1%
Poland 71735 Piła
1%
Belarus 124295 Pinsk
1%
Bulgaria 119596 Pleven
1%
Romania 180539 Ploieşti
1%
Russia 312911 Podolsk
1%
Guadeloupe 250952 Pointe-à-Pitre
1%
Nepal 353841 Pokhara
1%
Turkey 128378 Polatlı
1%
South Africa 130028 Polokwane
1%
United States 112212 Pompano Beach
1%
Portugal 68809 Ponta Delgada
1%
United States 61914 Pontiac
1%
Colombia 300837 Popayán
1%
Venezuela 144830 Porlamar
1%
United States 114860 Port Arthur
1%
India 140572 Port Blair
1%
United States 64971 Port Charlotte
1%
United States 69616 Porterville
1%
Slovakia 84824 Prešov
1%
North Macedonia 63308 Prilep
1%
Canada 76708 Prince George
1%
Chile 573935 Puente Alto
1%
Venezuela 454312 Puerto La Cruz
1%
Chile 169736 Puerto Montt
1%
Dominican Republic 318419 Puerto Plata
1%
Philippines 307079 Puerto Princesa
1%
China 2900000 Putian
1%
China 3598740 Puyang
1%
Burma 134861 Pyay
1%
Egypt 201191 Qinā
1%
Kazakhstan 217135 Qostanay
1%
Mauritius 77308 Quatre Bornes
1%
United States 66369 Queen Creek
1%
Chile 210410 Quilicura
1%
Chile 147991 Quilpué
1%
Oman 63133 Qurayyāt
1%
Vietnam 311000 Quy Nhơn
1%
Kazakhstan 242462 Qyzylorda
1%
United States 135512 Racine
1%
Poland 201601 Radom
1%
Italy 73159 Ragusa
1%
Indonesia 69980 Raha
1%
India 112193 Rājpura
1%
Israel 75500 Ramla
1%
India 325248 Rāmpur
1%
Chile 231370 Rancagua
1%
Bangladesh 294265 Rangpur
1%
India 198194 Rānī
1%
United States 75721 Redmond
1%
Italy 170951 Reggio di Calabria
1%
Chile 133518 Renca
1%
Canada 86100 Repentigny
1%
United States 63542 Reston
1%
United States 59933 Revere
1%
Brazil 504923 Ribeirão Prêto
1%
United States 61912 Richland
1%
Argentina 200000 Río Cuarto
1%
Argentina 95796 Río Gallegos
1%
United States 107776 Riverview
1%
Philippines 70196 Rizal
1%
Turkey 119828 Rize
1%
United States 244403 Rock Hill
1%
United States 72340 Rocklin
1%
Philippines 443954 Rodriguez
1%
United States 71411 Rogers
1%
United Kingdom 122854 Romford
1%
Brazil 150227 Rondonópolis
1%
Netherlands 77200 Roosendaal
1%
Philippines 69624 Roxas
1%
Philippines 65839 Roxas
1%
Philippines 58849 Roxas
1%
Poland 133793 Ruda Śląska
1%
France 80842 Rueil-Malmaison
1%
United Kingdom 70627 Rugby
1%
United Kingdom 61789 Runcorn
1%
Bulgaria 140537 Ruse
1%
Georgia 132333 Rustavi
1%
Spain 222177 Sabadell
1%
Japan 722973 Sagamihara
1%
United States 117412 Saginaw
1%
Canada 144723 Saguenay
1%
Algeria 128413 Saïda
1%
Canada 100859 Saint-Jérôme
1%
Turkey 165182 Salihli
1%
Belarus 97818 Salihorsk
1%
Dominican Republic 58156 Samaná
1%
Philippines 133727 San Andres
1%
Colombia 71946 San Andrés
1%
United States 99507 San Angelo
1%
Chile 301313 San Bernardo
1%
United States 63510 San Clemente
1%
Norway 66231 Sandefjord
1%
Norway 58694 Sandnes
1%
Venezuela 220786 San Felipe
1%
Chile 64120 San Felipe
1%
Chile 94492 San Joaquín
1%
Switzerland 78213 Sankt Gallen
1%
United States 88531 San Leandro
1%
China 2486450 Sanming
1%
Argentina 215020 San Rafael
1%
Philippines 103097 San Rafael
1%
United States 60604 San Rafael
1%
Venezuela 112357 Santa Lucía
1%
Brazil 331937 Santarém
1%
Portugal 62200 Santarém
1%
Brazil 896744 São Gonçalo
1%
Brazil 539313 São José dos Campos
1%
Russia 310898 Saransk
1%
United States 75599 Saratoga Springs
1%
Laos 124000 Savannakhet
1%
Japan 148474 Sayama
1%
Japan 58593 Sayama
1%
Netherlands 61053 Scheveningen
1%
Mali 133501 Ségou
1%
Azerbaijan 68360 Şəki
1%
Kazakhstan 350201 Semey
1%
Brazil 321181 Serra
1%
Italy 78884 Sesto San Giovanni
1%
Algeria 288461 Sétif
1%
Uzbekistan 142700 Shahrisabz
1%
China 6435300 Shangrao
1%
United States 68175 Shawnee
1%
United States 73268 Sheboygan
1%
United States 73984 Sherman
1%
Iran 82689 Shīrvān
1%
Albania 76000 Shkodër
1%
Egypt 1025569 Shubrā al Khaymah
1%
Bulgaria 81207 Shumen
1%
Romania 134308 Sibiu
1%
Malaysia 247995 Sibu
1%
Algeria 212935 Sidi Bel Abbès
1%
Cambodia 147866 Siem Reap
1%
Turkey 132665 Silifke
1%
Turkey 217163 Silivri
1%
United States 82129 Silver Spring
1%
Korea, North 152759 Sinpo
1%
Turkey 267942 Siverek
1%
Sweden 74402 Skellefteå
1%
Belarus 60056 Slutsk
1%
Serbia 97930 Smederevo
1%
Colombia 522442 Soacha
1%
Vietnam 221430 Sóc Trăng
1%
Turkey 123301 Söke
1%
United Kingdom 206674 Solihull
1%
United States 80549 Somerville
1%
Thailand 61758 Songkhla
1%
Hungary 98479 Sopron
1%
Indonesia 295809 Sorong
1%
Poland 193660 Sosnowiec
1%
United Kingdom 75337 South Shields
1%
United States 188743 Spring Hill
1%
United States 69298 Spring Hill
1%
United States 219913 Spring Valley
1%
United States 76484 St. Joseph
1%
United Kingdom 63298 Stourbridge
1%
United States 96633 Sunrise
1%
United States 199099 Sunrise Manor
1%
United Kingdom 58880 Sutton
1%
Japan 195250 Suzuka
1%
Hungary 96024 Székesfehérvár
1%
Philippines 251881 Tacloban
1%
Peru 286240 Tacna
1%
Chile 206069 Talca
1%
Chile 161692 Talcahuano
1%
Kazakhstan 80000 Taldyqorghan
1%
Algeria 92635 Tamanrasset
1%
Japan 60824 Tamba
1%
Senegal 78800 Tambacounda
1%
United Kingdom 73924 Tamworth
1%
Vietnam 618984 Tân An
1%
Vietnam 215250 Tân An
1%
Tanzania 393429 Tanga
1%
Romania 116033 Târgu-Mureş
1%
Turkey 350732 Tarsus
1%
Spain 102769 Telde
1%
Ghana 161612 Tema
1%
United States 123932 Temple
1%
Chile 282415 Temuco
1%
Ukraine 225004 Ternopil
1%
Canada 119944 Terrebonne
1%
Mexico 105165 Texcoco
1%
Vietnam 420000 Thái Nguyên
1%
Iraq 105700 Tikrīt
1%
Algeria 72200 Tlemcen
1%
Russia 99454 Tobolsk
1%
Turkey 163405 Tokat
1%
Japan 254510 Tokushima
1%
United States 97034 Toms River
1%
China 2873168 Tongliao
1%
China 8669000 Tongshan
1%
Norway 58561 Tønsberg
1%
Portugal 79465 Torres Vedras
1%
Japan 74673 Tosu
1%
France 99160 Tourcoing
1%
Japan 371507 Toyohashi
1%
Vietnam 160310 Trà Vinh
1%
Germany 76503 Troisdorf
1%
Japan 273267 Tsu
1%
Romania 65624 Tulcea
1%
Colombia 163894 Tunja
1%
India 74858 Tura
1%
Kazakhstan 250000 Türkistan
1%
Brazil 501214 Uberlândia
1%
India 451100 Udaipur
1%
Korea, South 421579 Uijeongbu
1%
India 506098 Ulhāsnagar
1%
United States 68141 Union City
1%
United States 66375 Union City
1%
Germany 60223 Unna
1%
Japan 115855 Urasoe
1%
Uzbekistan 145000 Urganch
1%
Czechia 91342 Ústí nad Labem
1%
United States 102085 Vacaville
1%
India 178370 Vāda
1%
Spain 83507 Valdemoro
1%
Philippines 714978 Valenzuela
1%
Italy 78409 Varese
1%
India 1221233 Vasai-Virar
1%
India 94393 Vāsco Da Gāma
1%
Canada 323103 Vaughan
1%
Spain 85990 Vélez-Málaga
1%
Bulgaria 66943 Veliko Tarnovo
1%
France 66701 Vénissieux
1%
Brazil 79500 Viana
1%
Portugal 303824 Vila Nova de Gaia
1%
Chile 126548 Villa Alemana
1%
Mexico 353577 Villahermosa
1%
France 58142 Villejuif
1%
United States 91393 Vineland
1%
Ukraine 356303 Vinnytsia
1%
Portugal 99274 Viseu
1%
Brazil 58692 Viseu
1%
India 2035922 Vishākhapatnam
1%
Russia 303597 Vladikavkaz
1%
Greece 85803 Vólos
1%
Russia 67547 Vorkuta
1%
Vietnam 341552 Vũng Tàu
1%
Japan 353299 Wakayama
1%
Poland 104401 Wałbrzych
1%
United Kingdom 60284 Wallasey
1%
United States 64723 Waltham
1%
United States 66842 Watsonville
1%
United States 76386 Wausau
1%
China 4688744 Weinan
1%
United States 81106 Wenatchee
1%
Germany 61277 Wesel
1%
United States 107436 West Covina
1%
United Kingdom 61464 Widnes
1%
United States 296830 Winter Haven
1%
United Kingdom 62796 Woking
1%
Korea, South 330854 Wŏnju
1%
United States 103428 Woodbridge
1%
United States 76945 Woodbury
1%
China 1464955 Wuwei
1%
United States 76865 Wyoming
1%
China 920628 Xin’an
1%
China 6645766 Xingtai
1%
Uzbekistan 115000 Xiva
1%
China 300200 Yakou
1%
China 2187009 Yan’an
1%
China 2555600 Yangjiang
1%
Korea, South 297532 Yangsan
1%
Korea, South 273761 Yeosu
1%
Korea, South 268823 Yeosu
1%
Turkey 341654 Yeşilyurt
1%
Japan 310263 Yokkaichi
1%
Japan 390275 Yokosuka
1%
Japan 147210 Yonago
1%
Turkey 92643 Yozgat
1%
China 5796766 Yulin
1%
China 4774508 Yuncheng
1%
Turkey 399910 Yüreğir
1%
China 1095000 Yuyao
1%
Russia 180085 Yuzhno-Sakhalinsk
1%
Netherlands 78682 Zaandam
1%
Netherlands 156901 Zaanstad
1%
China 3729140 Zaozhuang
1%
China 1131016 Zhangye
1%
China 560258 Zhenzhou
1%
China 8677800 Zhoukou
1%
China 882932 Zhoushan
1%
China 603535 Zhuozhou
1%
Ukraine 261624 Zhytomyr
1%
Senegal 69646 Ziguinchor
1%
Turkey 101749 Zonguldak
1%
Serbia 67129 Zrenjanin
1%
Brazil 158188 Abaetetuba
0%
Nigeria 127900 Abaji
0%
Peru 72277 Abancay
0%
India 100000 Abbigeri
0%
Chad 76492 Abéché
0%
Côte d’Ivoire 164424 Abengourou
0%
United Kingdom 246700 Abertawe
0%
Iran 99285 Abhar
0%
India 1895686 Abhepur
0%
Iraq 240300 Abī al Khaşīb
0%
Japan 130290 Abiko
0%
United States 58470 Abington
0%
Egypt 67526 Abnūb
0%
India 145302 Abohar
0%
Côte d’Ivoire 100903 Aboisso
0%
Benin 655965 Abomey-Calavi
0%
Brazil 98462 Abreu e Lima
0%
Iraq 189000 Abū Ghurayb
0%
Egypt 63264 Abū Qurqāş
0%
Egypt 70969 Abū Tīj
0%
Egypt 514535 Abū Ţisht
0%
Kuwait 164212 Abū Ḩulayfah
0%
Egypt 569157 Abū Ḩummuş
0%
Philippines 61216 Abuyog
0%
Iran 60107 Ābyek
0%
Colombia 75252 Acacías
0%
Brazil 106550 Açailandia
0%
Mexico 673478 Acapulco de Juárez
0%
Venezuela 203358 Acarigua
0%
Mexico 83817 Acayucan
0%
Italy 58322 Acerra
0%
Greece 108169 Acharnés
0%
Russia 99665 Achinsk
0%
Italy 66932 Acilia
0%
United Kingdom 62480 Acton
0%
Japan 682326 Adachi
0%
Morocco 106277 Ad Dakhla
0%
Saudi Arabia 903312 Ad Dammām
0%
Saudi Arabia 69134 Ad Darb
0%
Morocco 96619 Ad Darwa
0%
Iraq 391600 Ad Dīwānīyah
0%
Sudan 87068 Ad Diwem
0%
Iraq 100000 Ad Dujayl
0%
Ethiopia 80440 Ādīgala
0%
Ethiopia 57588 Ādīgrat
0%
India 117167 Adilābād
0%
Turkey 267131 Adıyaman
0%
Benin 115953 Adjaouèrè
0%
Benin 97424 Adjarra
0%
Benin 60955 Adjohon
0%
Nigeria 446749 Ado-Ekiti
0%
Indonesia 132345 Adonara
0%
India 166344 Ādoni
0%
Algeria 68276 Adrar
0%
Côte d’Ivoire 156488 Adzopé
0%
Iraq 75000 Afak
0%
Ethiopia 112840 Āfdem
0%
Somalia 79400 Afgooye
0%
Ghana 66546 Aflao
0%
Algeria 102025 Aflou
0%
Somalia 90000 Afmadow
0%
Italy 61712 Afragola
0%
Saudi Arabia 387096 Ḩafr al Bāţin
0%
Turkey 80044 Afşin
0%
Israel 60000 Afula
0%
India 522613 Agartala
0%
Côte d’Ivoire 135082 Agboville
0%
Nigeria 683600 Agege
0%
Japan 226616 Ageoshimo
0%
Greece 62147 Agía Paraskeví
0%
Greece 71664 Ágios Dimítrios
0%
Philippines 66028 Agoo
0%
Guatemala 59638 Aguacatán
0%
Colombia 109621 Aguachica
0%
Puerto Rico 235546 Aguadilla
0%
Mexico 91029 Agua Prieta
0%
El Salvador 73300 Aguilares
0%
Ghana 80813 Ahenkro
0%
India 350859 Ahmadnagar
0%
Pakistan 128112 Ahmadpur East
0%
India 239642 Ahor
0%
El Salvador 135325 Ahuachapán
0%
Greece 65831 Aigáleo
0%
China 115047 Aihua
0%
Saudi Arabia 310897 Ḩā’il
0%
China 778047 Ailan Mubage
0%
Algeria 116064 Aïn Beïda
0%
Algeria 65453 Aïn Defla
0%
Morocco 98502 Ain El Aouda
0%
Morocco 60804 Aïn Harrouda
0%
Algeria 88441 Aïn M’Lila
0%
Algeria 73831 Aïn Oulmene
0%
Algeria 101239 Aïn Oussera
0%
Algeria 75558 Aïn Temouchent
0%
Algeria 59904 Aïn Touta
0%
Japan 76610 Aira
0%
Canada 74100 Airdrie
0%
Japan 60914 Aisai
0%
Morocco 113236 Ait Ali
0%
Morocco 210870 Ait Melloul
0%
India 293416 Āīzawl
0%
Japan 117924 Aizuwakamatsu
0%
Libya 416000 Ajdābiyā
0%
Jordan 148870 ‘Ajlūn
0%
India 551101 Ajmer
0%
Turkey 129290 Akçaabat
0%
Turkey 177419 Akhisar
0%
Egypt 482666 Akhmīm
0%
Japan 79600 Akiruno
0%
Japan 112110 Akishima
0%
India 425817 Akola
0%
India 92637 Akot
0%
Turkey 93965 Akşehir
0%
Ethiopia 66800 Āksum
0%
Sri Lanka 63397 Akurana
0%
Turkey 101782 Akyazı
0%
Saudi Arabia 110710 Al Aḩad al Masāriḩah
0%
Philippines 71075 Alabang
0%
Philippines 88294 Alabel
0%
Iraq 65200 Ḩalabjah
0%
United States 90874 Alafaya
0%
Brazil 152327 Alagoinhas
0%
Egypt 300000 Al ‘Ajamī
0%
Syria 101827 Al Ḩajar al Aswad
0%
Philippines 68659 Alamada
0%
India 344701 Alamādi
0%
Kuwait 68763 Al Aḩmadī
0%
Iraq 511500 Al ‘Amārah
0%
Philippines 99397 Alaminos
0%
Oman 70000 Al ‘Āmirāt
0%
Iraq 260000 Al Ḩamzah
0%
Jordan 140000 Al ‘Aqabah
0%
Egypt 178651 Al ‘Arīsh
0%
Syria 188160 Al Ḩasakah
0%
India 184625 Alasandigutta
0%
Turkey 104717 Alaşehir
0%
Egypt 246148 Al ‘Āshir min Ramaḑān
0%
Saudi Arabia 148151 Al Ḩawīyah
0%
United Arab Emirates 766936 Al ‘Ayn
0%
Iraq 82900 Al Ḩayy
0%
Egypt 90000 Al Badrashayn
0%
Romania 64227 Alba Iulia
0%
Egypt 427017 Al Bājūr
0%
Iraq 1326564 Al Başrah
0%
Libya 250000 Al Bayḑā’
0%
South Africa 121536 Alberton
0%
Oman 67963 Al Buraymī
0%
Spain 117041 Alcobendas
0%
Brazil 72409 Alegrete
0%
Russia 60842 Aleksin
0%
Brazil 69377 Alenquer
0%
Iraq 250884 Al Fallūjah
0%
Egypt 512242 Al Fashn
0%
Iraq 105080 Al Fāw
0%
Egypt 519047 Al Fayyūm
0%
Brazil 78970 Alfenas
0%
Philippines 59306 Alfonso
0%
Morocco 97380 Al Fqih Ben Çalah
0%
United Arab Emirates 93673 Al Fujayrah
0%
Egypt 214247 Al Ghardaqah
0%
Iraq 84100 Al Hindīyah
0%
Saudi Arabia 660788 Al Hufūf
0%
Turkey 104828 Aliağa
0%
Philippines 70363 Aliaga
0%
Philippines 73874 Alicia
0%
India 1131160 Alīgarh
0%
Iran 78690 Alīgūdarz
0%
Iraq 541034 Al Ḩillah
0%
India 65232 Alīpur Duār
0%
Kuwait 393432 Al Jahrā’
0%
Egypt 97682 Al Jammālīyah
0%
Jordan 110097 Al Jīzah
0%
Saudi Arabia 474679 Al Jubayl
0%
Libya 102000 Al Jumayl
0%
Jordan 176400 Al Juwayyidah
0%
Egypt 78185 Al Khānkah
0%
Saudi Arabia 295462 Al Kharj
0%
Qatar 61877 Al Khawr
0%
Morocco 88839 Al Khmissat
0%
Saudi Arabia 219679 Al Khubar
0%
Libya 201943 Al Khums
0%
Iraq 171305 Al Kūfah
0%
Benin 127512 Allada
0%
Burma 57897 Allanmyo
0%
India 240991 Alleppey
0%
India 94453 Allinagaram
0%
Saudi Arabia 72000 Al Līth
0%
Egypt 592573 Al Maḩallah al Kubrá
0%
Portugal 177238 Almada
0%
Jordan 580000 Al Mafraq
0%
Sudan 151827 Al Manāqil
0%
Egypt 432678 Al Marāghah
0%
Libya 169540 Al Marj
0%
Egypt 300000 Al Maţarīyah
0%
Russia 163747 Almetyevsk
0%
Egypt 65484 Al Minshāh
0%
Egypt 236043 Al Minyā
0%
Iraq 155968 Al Miqdādīyah
0%
Brazil 119825 Almirante Tamandaré
0%
Yemen 112653 Al Misrākh
0%
Bahrain 176583 Al Muḩarraq
0%
Oman 115040 Al Muḑaybī
0%
Saudi Arabia 298562 Al Mubarraz
0%
Yemen 594951 Al Mukallā
0%
Iraq 76454 Al Musayyib
0%
Malaysia 217000 Alor Setar
0%
Netherlands 114182 Alphen aan den Rijn
0%
Iraq 74100 Al Qā’im
0%
Syria 184231 Al Qāmishlī
0%
Saudi Arabia 625092 Al Qaţīf
0%
Saudi Arabia 300516 Al Qunfudhah
0%
Egypt 64453 Al Qurayn
0%
Syria 70680 Al Qurayyā
0%
Saudi Arabia 167080 Al Qurayyāt
0%
Iraq 286073 Al Qurnah
0%
Egypt 69388 Al Qūşīyah
0%
Brazil 58613 Alta Floresta
0%
Brazil 126279 Altamira
0%
Mexico 59536 Altamira
0%
Italy 69880 Altamura
0%
Turkey 413994 Altındağ
0%
Turkey 60344 Altınözü
0%
Chile 108375 Alto Hospicio
0%
United States 77583 Alton
0%
Yemen 404062 Al Ḩudaydah
0%
Iran 93836 Alvand
0%
Qatar 87970 Al Wakrah
0%
India 123031 Alwāl
0%
Egypt 619293 Ḩalwān
0%
Egypt 301486 Al Waqf
0%
India 341422 Alwar
0%
Japan 455555 Amagasaki
0%
Syria 696863 Ḩamāh
0%
Japan 74861 Amakusa
0%
India 95994 Amalner
0%
India 103000 Amarāvati
0%
India 253475 Amarnāth
0%
Turkey 114921 Amasya
0%
Guatemala 152296 Amatitlán
0%
Madagascar 58027 Ambahikily
0%
India 74844 Ambājogāi
0%
India 207934 Ambāla
0%
Madagascar 60321 Ambanja
0%
Indonesia 63725 Ambarawa
0%
Ecuador 177316 Ambato
0%
India 466205 Ambattūr
0%
India 121071 Ambikāpur
0%
Madagascar 62346 Ambilobe
0%
Madagascar 91056 Ambohimangakely
0%
Indonesia 372249 Ambon
0%
Madagascar 114230 Ambovombe
0%
Brazil 242018 Americana
0%
United States 130209 Amherst
0%
Iran 237528 Āmol
0%
Brazil 72677 Amparo
0%
India 549370 Amrāvati
0%
India 117967 Amreli
0%
India 198471 Amroha
0%
Netherlands 94435 Amstelveen
0%
Venezuela 106000 Anaco
0%
Mexico 57646 Anahuac
0%
India 86519 Anakāpalle
0%
Madagascar 62130 Analavory
0%
Turkey 65920 Anamur
0%
Japan 69259 Anan
0%
India 130462 Ānand
0%
Brazil 478778 Ananindeua
0%
India 267161 Anantapur
0%
Peru 80000 Andahuaylas
0%
Iran 240113 Andīmeshk
0%
Madagascar 58878 Andoharanofotsy
0%
Korea, South 153306 Andong
0%
Brazil 59783 Andradina
0%
Angola 258161 Andulo
0%
Russia 217365 Angarsk
0%
Philippines 65617 Angat
0%
Philippines 130494 Angono
0%
Brazil 119247 Angra dos Reis
0%
Uzbekistan 191300 Angren
0%
China 363091 Anguo
0%
India 68380 Anjangaon
0%
Japan 188801 Anjōmachi
0%
Korea, North 240117 Anju
0%
Madagascar 67337 Ankazoabokely
0%
China 498356 Anlu
0%
Iraq 541600 An Nāşirīyah
0%
Vietnam 350000 An Nhơn
0%
United States 76228 Anniston
0%
Sudan 108008 An Nuhūd
0%
Iraq 71000 An Nu‘mānīyah
0%
China 840553 Anqiu
0%
Korea, South 623256 Ansan
0%
Haiti 62559 Anse à Galets
0%
Korea, South 193220 Anseong
0%
China 2353100 Anshun
0%
Madagascar 67888 Antalaha
0%
Madagascar 80360 Antehiroka
0%
France 76612 Antibes
0%
Guatemala 59091 Antigua Guatemala
0%
Mozambique 347175 António Enes
0%
Madagascar 58280 Antsalova
0%
Madagascar 265018 Antsirabe
0%
Madagascar 129320 Antsiranana
0%
Sri Lanka 63208 Anuradhapura
0%
Russia 71547 Anzhero-Sudzhensk
0%
Uganda 67700 Apac
0%
Philippines 117160 Apalit
0%
Nigeria 217362 Apapa
0%
Philippines 68839 Aparri
0%
Colombia 121003 Apartadó
0%
Mexico 64443 Apaseo el Alto
0%
Mexico 85319 Apaseo el Grande
0%
Russia 69500 Apatity
0%
Mexico 128250 Apatzingan de la Constitucion
0%
Netherlands 138945 Apeldoorn
0%
Mexico 81565 Apizaco
0%
Benin 170069 Aplahoué
0%
El Salvador 198528 Apopa
0%
Brazil 130134 Apucarana
0%
Afghanistan 1012000 Āqchah
0%
Iraq 212000 ‘Aqrah
0%
Kazakhstan 69354 Aqsū
0%
Haiti 104216 Aquin
0%
Brazil 60469 Aquiraz
0%
Saudi Arabia 111214 Ḩaraḑ
0%
Brazil 664908 Aracaju
0%
Brazil 61187 Aracati
0%
Brazil 200124 Araçatuba
0%
Brazil 103101 Aracruz
0%
Mauritania 175969 Arafat
0%
Brazil 171301 Araguaína
0%
Brazil 117808 Araguari
0%
Iran 520944 Arāk
0%
Japan 217891 Arakawa
0%
India 66175 Arāmbāgh
0%
Iran 65404 Ārān Bīdgol
0%
Spain 59833 Aranjuez
0%
Bangladesh 59895 Arankhola
0%
Brazil 234696 Arapiraca
0%
Brazil 119138 Arapongas
0%
Brazil 71922 Araranguá
0%
Brazil 242228 Araraquara
0%
Brazil 130866 Araras
0%
India 79021 Arāria
0%
Brazil 85088 Araripina
0%
Brazil 82803 Araruama
0%
Colombia 96814 Arauca
0%
Brazil 151666 Araucária
0%
India 66999 Aravattūr
0%
Brazil 111691 Araxá
0%
Philippines 144875 Arayat
0%
Ethiopia 74879 Ārba Minch’
0%
Haiti 130306 Arcahaie
0%
India 129640 Arcot
0%
Brazil 61600 Arcoverde
0%
Iran 529374 Ardabīl
0%
Iran 75271 Ardakān
0%
United States 96319 Arden-Arcade
0%
Puerto Rico 125548 Arecibo
0%
Paraguay 67487 Areguá
0%
Philippines 78187 Argao
0%
Tunisia 123079 Ariana
0%
Pakistan 95655 Arifwala
0%
Trinidad and Tobago 65623 Arima
0%
Brazil 111148 Ariquemes
0%
Colombia 75615 Arjona
0%
India 78395 Arkonam
0%
Egypt 76457 Armant
0%
Russia 184546 Armavir
0%
Colombia 301226 Armenia
0%
India 64023 Armūr
0%
India 80275 Arni
0%
Germany 74206 Arnsberg
0%
Spain 86624 Arona
0%
Philippines 88351 Aroroy
0%
India 261430 Arrah
0%
Iraq 874543 Ar Ramādī
0%
Egypt 176315 Ar Raḩmānīyah
0%
Jordan 155693 Ar Ramthā
0%
Syria 299824 Ar Raqqah
0%
Saudi Arabia 121359 Ar Rass
0%
Syria 61176 Ar Rastan
0%
Qatar 605712 Ar Rayyān
0%
Cuba 210053 Arroyo Naranjo
0%
Iraq 115431 Ar Rumaythah
0%
Jordan 472604 Ar Ruşayfah
0%
Sudan 215857 Ar Ruseris
0%
Oman 120000 Ar Rustāq
0%
India 80000 Arsikere
0%
Turkey 101233 Arsuz
0%
Russia 108539 Artëm
0%
Cuba 59130 Artemisa
0%
Uganda 61962 Arua
0%
Brazil 83939 Arujá
0%
India 87722 Aruppukkottai
0%
Russia 103629 Arzamas
0%
Algeria 91400 Arzew
0%
Nigeria 500000 Asaba
0%
Turkey 100641 Aşağıçinik
0%
Japan 331392 Asahikawa
0%
Japan 143915 Asaka
0%
Uzbekistan 62200 Asaka
0%
Ethiopia 67269 Āsela
0%
Bulgaria 65962 Asenovgrad
0%
Ghana 208060 Ashaiman
0%
Israel 220174 Ashdod
0%
Japan 142882 Ashikaga
0%
Japan 94116 Ashiya
0%
Egypt 901191 Ashmūn
0%
India 81828 Ashoknagar
0%
Israel 134454 Ashqelon
0%
Iraq 300000 Ash Shāmīyah
0%
Iraq 254000 Ash Shaţrah
0%
Yemen 105248 Ash Shaykh ‘Uthmān
0%
Egypt 64305 Ash Shaykh Zuwayd
0%
Qatar 161240 Ash Shīḩānīyah
0%
Yemen 68313 Ash Shiḩr
0%
Egypt 358486 Ash Shuhadā’
0%
Philippines 57811 Asingan
0%
Norway 61523 Asker
0%
Eritrea 74405 Assab
0%
Egypt 59348 Aş Şaff
0%
Syria 106460 As Safīrah
0%
Syria 110683 As Salamīyah
0%
Jordan 88900 As Salţ
0%
Iraq 215000 As Samāwah
0%
Algeria 63581 Assi Bou Nif
0%
Brazil 101409 Assis
0%
Iraq 878146 As Sulaymānīyah
0%
Syria 64730 As Suwaydā’
0%
Oman 170000 As Suwayq
0%
Iraq 77200 Aş Şuwayrah
0%
Togo 84979 Atakpamé
0%
Indonesia 76732 Atambua
0%
Turkmenistan 96720 Atamyrat
0%
United States 93926 Atascocita
0%
Sudan 139768 Atbara
0%
Ghana 105938 Atebubu
0%
Kenya 81302 Athi River
0%
India 63625 Athni
0%
Syria 84000 Ath Thawrah
0%
Sri Lanka 84278 Athurugiriya
0%
Brazil 137187 Atibaia
0%
Philippines 64260 Atimonan
0%
Mexico 64009 Atotonilco el Alto
0%
Japan 223815 Atsugichō
0%
India 2615266 Attadappa
0%
Saudi Arabia 579970 Aţ Ţā’if
0%
Iraq 200000 At Tājī
0%
Syria 63554 At Tall
0%
Côte d’Ivoire 313135 Attiecoubé
0%
Pakistan 97374 Attock Khurd
0%
China 240368 Atushi
0%
France 89489 Aubervilliers
0%
Nigeria 150000 Auchi
0%
India 139628 Aul
0%
France 86360 Aulnay-sous-Bois
0%
Mexico 64931 Autlán de Navarro
0%
India 345996 Āvadi
0%
India 69967 Avaniyāpuram
0%
Brazil 91232 Avaré
0%
Turkey 452132 Avcılar
0%
Portugal 425411 Aves
0%
Spain 75351 Avilés
0%
Benin 128050 Avrankou
0%
Ethiopia 132149 Āwarē
0%
Ethiopia 300100 Āwasa
0%
Somalia 119000 Aw Dheegle
0%
Nigeria 2171900 Awka
0%
Egypt 415735 Awsīm
0%
Peru 216444 Ayacucho
0%
Japan 84257 Ayase
0%
Paraguay 67487 Ayolas
0%
Turkey 74030 Ayvalık
0%
Nigeria 105687 Azare
0%
Russia 80381 Azov
0%
Dominican Republic 91345 Azua
0%
Japan 93927 Azumino
0%
Egypt 302840 Az Zaqāzīq
0%
Jordan 481300 Az Zarqā’
0%
Libya 200000 Az Zāwīyah
0%
Iraq 70000 Az Zubaydīyah
0%
Iraq 370000 Az Zubayr
0%
Saudi Arabia 125000 Az Zulfī
0%
Lebanon 84900 Baabda
0%
Lebanon 81052 Baalbek
0%
Somalia 755500 Baardheere
0%
Algeria 60000 Baba Hassen
0%
Ecuador 98251 Babahoyo
0%
Tanzania 67445 Babati
0%
Algeria 96597 Bab Ezzouar
0%
Ethiopia 100000 Babīlē
0%
Iran 250217 Bābol
0%
Iran 59966 Bābolsar
0%
Belarus 207351 Babruysk
0%
Brazil 103711 Bacabal
0%
Philippines 72485 Bacacay
0%
Philippines 664625 Bacoor
0%
India 300000 Bada Barabīl
0%
Somalia 70000 Badhan
0%
Vietnam 134000 Ba Đồn
0%
Saudi Arabia 63468 Badr Ḩunayn
0%
India 70626 Badvel
0%
Cameroon 69270 Bafia
0%
Cameroon 600000 Bafoussam
0%
Turkey 143109 Bafra
0%
Cameroon 80305 Bafut
0%
India 120736 Bagaha
0%
India 112090 Bāgalkot
0%
Indonesia 1256610 Bagam
0%
Tanzania 82578 Bagamoyo
0%
Philippines 58714 Baganga
0%
Indonesia 73360 Bagan Si Api-api
0%
Turkey 740069 Bağcılar
0%
Brazil 117938 Bagé
0%
Philippines 87753 Baggao
0%
Afghanistan 83490 Baghlān
0%
Turkey 406471 Bağlar
0%
Philippines 106886 Bagong Silangan
0%
Mali 58661 Baguinéda
0%
Philippines 366358 Baguio City
0%
Philippines 68947 Bagumbayan
0%
Pakistan 108784 Bagu Na Mohra
0%
India 195223 Baharampur
0%
Iran 79023 Bahārestān
0%
Pakistan 141935 Bahawalnagar
0%
Argentina 301572 Bahía Blanca
0%
India 186223 Bahraigh
0%
Pakistan 102253 Bahrain
0%
Angola 107841 Baía Farta
0%
China 3571505 Baicheng
0%
China 1551378 Baicheng
0%
China 72000 Bailongqiaocun
0%
Haiti 62300 Bainet
0%
China 70472 Baiquan
0%
India 386745 Bairia
0%
Philippines 84317 Bais
0%
China 442709 Baisha
0%
China 968373 Baishan
0%
China 130256 Baiyashi
0%
China 1512110 Baiyin
0%
India 76837 Baj Baj
0%
Benin 206667 Bakaga
0%
Ukraine 71094 Bakhmut
0%
Azerbaijan 71600 Bakıxanov
0%
Congo (Kinshasa) 58092 Bakwa-Kalonji
0%
Iraq 62817 Balad
0%
Philippines 77018 Balagtas
0%
Russia 181724 Balakovo
0%
Philippines 95136 Balamban
0%
Mexico 58524 Balancán
0%
Philippines 104173 Balanga
0%
India 112544 Balāngīr
0%
Russia 530311 Balashikha
0%
Russia 74057 Balashov
0%
India 144373 Balasore
0%
Philippines 95913 Balayan
0%
Panama 62882 Balboa Heights
0%
Turkey 80721 Balçova
0%
Indonesia 124129 Baleraja
0%
Turkey 314958 Balıkesir
0%
Indonesia 598043 Balikpapan
0%
Philippines 74385 Balingasag
0%
Philippines 168470 Baliuag
0%
Turkmenistan 188429 Balkanabat
0%
Afghanistan 77000 Balkh
0%
India 104424 Ballia
0%
Brazil 139155 Balneário de Camboriú
0%
Angola 108965 Balombo
0%
Kazakhstan 78002 Balqash
0%
India 81054 Balrāmpur
0%
Brazil 107767 Balsas
0%
India 153279 Bālurghāt
0%
Philippines 129011 Bamban
0%
Philippines 78260 Bamban
0%
Cameroon 600000 Bamenda
0%
China 197065 Bamiantong
0%
Afghanistan 100000 Bāmyān
0%
Kenya 60000 Banane
0%
Thailand 59478 Ban Bang Kaeo
0%
Thailand 120058 Ban Bang Pu Mai
0%
Bangladesh 241799 Bānchpār
0%
Philippines 81739 Banco Filipino International Village
0%
Argentina 63226 Banda del Río Salí
0%
Iran 118564 Bandar-e Anzalī
0%
Iran 223504 Bandar-e Būshehr
0%
Iran 78353 Bandar-e Emām Khomeynī
0%
Iran 73472 Bandar-e Genāveh
0%
Iran 162797 Bandar-e Māhshahr
0%
Iran 78353 Bandar Emām
0%
Indonesia 1166761 Bandar Lampung
0%
Turkey 167363 Bandırma
0%
Congo (Kinshasa) 143435 Bandundu
0%
Iran 110218 Bāneh
0%
Nepal 67629 Banepā
0%
Argentina 223898 Banfield
0%
Burkina Faso 117200 Banfora
0%
India 108864 Bangaon
0%
Indonesia 84240 Bangil
0%
Indonesia 89550 Bangkalan
0%
Egypt 157701 Banhā
0%
Benin 248621 Banikoara
0%
Egypt 79553 Banī Mazār
0%
Egypt 193048 Banī Suwayf
0%
Indonesia 216600 Banjarbaru
0%
India 63957 Bankra
0%
India 137386 Bānkura
0%
Thailand 88271 Ban Laem Chabang
0%
Thailand 63271 Ban Lam Sam Kaeo
0%
Thailand 102291 Ban Mangkon
0%
Thailand 79773 Ban Map Ta Phut
0%
Thailand 79258 Ban Nong Prue
0%
Thailand 73369 Ban Plai Bua Phatthana
0%
Thailand 58838 Ban Rangsit
0%
Philippines 62737 Bansalan
0%
India 103920 Bānsbāria
0%
Thailand 66092 Ban Suan
0%
Thailand 79319 Ban Talat Rangsit
0%
Philippines 86247 Bantayan
0%
Benin 106945 Banté
0%
Thailand 77243 Ban Tha Khlong
0%
Indonesia 117558 Banyuwangi
0%
China 100000 Banzhuangcun
0%
China 3321853 Baojishi
0%
China 2431211 Baoshan
0%
India 70777 Bāpatla
0%
India 67555 Bāprola
0%
Iran 65388 Bāqershahr
0%
Iraq 467900 Ba‘qūbah
0%
India 146831 Bāra Bankī
0%
Cuba 78056 Baracoa
0%
Dominican Republic 83619 Barahona
0%
Congo (Kinshasa) 120000 Baraka
0%
Algeria 123101 Baraki
0%
India 152783 Bārākpur
0%
India 167986 Bāramūla
0%
Belarus 171361 Baranavichy
0%
Philippines 87637 Baras
0%
India 278435 Bārāsat
0%
Brazil 125317 Barbacena
0%
Brazil 61228 Barbalha
0%
Guatemala 61079 Barberena
0%
Brazil 126650 Barcarena
0%
Portugal 116752 Barcelos
0%
India 314265 Barddhamān
0%
Nepal 68353 Bardi̇̄bās
0%
India 475963 Bārdoli
0%
India 1000000 Bareilly
0%
India 80625 Bargarh
0%
Vietnam 235192 Bà Rịa
0%
Tanzania 260927 Bariadi
0%
Algeria 104388 Barika
0%
Philippines 80715 Barili
0%
Venezuela 397279 Barinas
0%
India 116874 Baripāda
0%
Bangladesh 230000 Barishal
0%
India 2537000 Barmhān Kalān
0%
India 116450 Barnāla
0%
Netherlands 59992 Barneveld
0%
India 106169 Barnoi
0%
India 100000 Barod
0%
Philippines 58176 Barotac Nuevo
0%
Brazil 88492 Barra do Corda
0%
Angola 222528 Barra do Dande
0%
Brazil 69210 Barra do Garças
0%
Brazil 92883 Barra do Piraí
0%
Brazil 169894 Barra Mansa
0%
Peru 58749 Barranca
0%
Colombia 300000 Barrancabermeja
0%
Morocco 168687 Barrechid
0%
Brazil 131849 Barreiras
0%
Brazil 122485 Barretos
0%
Turkey 81692 Bartın
0%
Brazil 316473 Barueri
0%
Bangladesh 405118 Barura
0%
Venezuela 240755 Baruta
0%
Somalia 90000 Barwaaqo
0%
India 69717 Basavakalyān
0%
United Kingdom 107355 Basingstoke
0%
India 125254 Basīrhat
0%
India 85716 Bāsoda
0%
Benin 130770 Bassila
0%
China 167636 Basuo
0%
India 183314 Batāla
0%
Indonesia 1196396 Batam Centre
0%
Philippines 85439 Batarasa
0%
Brazil 62980 Batatais
0%
Russia 124987 Bataysk
0%
Pakistan 73525 Bat Khela
0%
United Kingdom 80485 Batley
0%
Turkey 307478 Battalgazi
0%
Cambodia 130000 Battambang
0%
Sri Lanka 86227 Batticaloa
0%
Malaysia 133422 Batu Gajah
0%
Malaysia 140000 Batu Pahat
0%
Israel 128800 Bat Yam
0%
Philippines 90819 Bauan
0%
Philippines 78449 Bauang
0%
Indonesia 152143 Baubau
0%
Nigeria 693700 Bauchi
0%
Nigeria 197425 Baure
0%
Brazil 366992 Bauru
0%
Dominican Republic 150000 Bávaro
0%
Ghana 61151 Bawku
0%
Oman 383257 Bawshar
0%
Cuba 235107 Bayamo
0%
Puerto Rico 167312 Bayamón
0%
China 94445 Bayan Hot
0%
Malaysia 122654 Bayan Lepas
0%
Turkey 269595 Bayat
0%
Philippines 122747 Bayawan
0%
Philippines 111848 Baybay
0%
United States 62979 Bay City
0%
Brazil 82742 Bayeux
0%
Iraq 60000 Bayjī
0%
Philippines 67714 Bayombong
0%
Turkmenistan 70376 Bayramaly
0%
Gaza Strip 89838 Bayt Lāhyā
0%
Philippines 109499 Bayugan
0%
Ukraine 625543 Bazal’tove
0%
Afghanistan 65000 Bāzār-e Yakāwlang
0%
China 2712894 Bazhou
0%
China 622975 Bazhou
0%
Vietnam 450000 Bắc Giang
0%
Vietnam 156110 Bạc Liêu
0%
Vietnam 287658 Bắc Ninh
0%
India 151472 Beāwar
0%
Brazil 77627 Bebedouro
0%
India 252008 Begusarai
0%
Iran 122604 Behbahān
0%
Iran 94702 Behshahr
0%
China 308237 Beian
0%
China 195229 Beichengqu
0%
China 1680000 Beihai
0%
China 422289 Beining
0%
China 439998 Beipiao
0%
Zimbabwe 58100 Beitbridge
0%
Uzbekistan 96900 Bekobod
0%
Angola 500000 Belas
0%
Russia 59195 Belebey
0%
Somalia 62945 Beledweyne
0%
India 488157 Belgaum
0%
Haiti 86612 Belladère
0%
India 410445 Bellary
0%
Russia 60350 Belogorsk
0%
Brazil 79507 Belo Jardim
0%
Russia 64525 Beloretsk
0%
Madagascar 72000 Belo Tsiribihina
0%
Tunisia 96606 Ben Arous
0%
Israel 193774 Bené Beraq
0%
Brazil 63567 Benevides
0%
Tunisia 87404 Ben Gardane
0%
Indonesia 66211 Bengkalis
0%
Indonesia 360495 Bengkulu
0%
Morocco 114872 Ben Guerir
0%
Morocco 117653 Beni Yakhlef
0%
South Africa 158777 Benoni
0%
United States 62689 Bensalem
0%
Brazil 123151 Bento Gonçalves
0%
China 1326018 Benxi
0%
Japan 115992 Beppu
0%
Argentina 180523 Berazategui
0%
Somalia 478000 Berbera
0%
Central African Republic 76918 Berbérati
0%
Russia 102760 Berdsk
0%
Ukraine 73046 Berdychiv
0%
Ghana 62364 Berekum
0%
Russia 134098 Berezniki
0%
Russia 60566 Berëzovskiy
0%
Turkey 105754 Bergama
0%
Germany 62172 Bergheim
0%
Argentina 88470 Berisso
0%
Morocco 99069 Berkane
0%
Argentina 109914 Bernal
0%
Algeria 118678 Berrouaghia
0%
Brazil 64188 Bertioga
0%
Cameroon 88462 Bertoua
0%
South Africa 182012 Bethelsdorp
0%
Brazil 306675 Betim
0%
Congo (Brazzaville) 59563 Bétou
0%
Israel 118700 Bet Shemesh
0%
Madagascar 394561 Betsiboka
0%
India 414453 Bettiah
0%
India 153330 Betūl Bazār
0%
Turkey 247875 Beykoz
0%
Turkey 415290 Beylikdüzü
0%
India 66883 Beypore
0%
Turkey 77690 Beyşehir
0%
India 61999 Bhabhua
0%
India 180000 Bhachāu
0%
India 75376 Bhadarwāh
0%
India 94620 Bhadohi
0%
India 122119 Bhadrakh
0%
India 212073 Bhadrāvati
0%
India 101477 Bhadreswar
0%
India 410210 Bhāgalpur
0%
Nepal 63483 Bhairāhawā
0%
Pakistan 88472 Bhakkar
0%
Nepal 81748 Bhaktapur
0%
India 151427 Bhālswa Jahangirpur
0%
Pakistan 82556 Bhalwal
0%
Bangladesh 145233 Bhāndāria
0%
India 634107 Bhāngar
0%
Nepal 369377 Bharatpur
0%
India 252342 Bharatpur
0%
India 158253 Bharūch
0%
India 285813 Bhatinda
0%
India 386019 Bhātpāra
0%
India 70000 Bhattu Kolān
0%
India 643382 Bhāvnagar
0%
Pakistan 373841 Bhawana
0%
India 69045 Bhawānipatna
0%
India 809378 Bhayandar
0%
India 107170 Bhilai Karanja
0%
India 709483 Bhīlwāra
0%
India 142184 Bhīmavaram
0%
India 197585 Bhind
0%
India 709665 Bhiwandi
0%
India 197662 Bhiwāni
0%
Bangladesh 87243 Bhola
0%
India 837737 Bhubaneshwar
0%
India 188236 Bhuj
0%
India 187421 Bhusāval
0%
Indonesia 103610 Biak
0%
Côte d’Ivoire 71470 Biankouma
0%
Egypt 57716 Bibā
0%
Cameroon 133191 Bibémi
0%
Nigeria 173849 Bida
0%
India 172298 Bīdar
0%
Brazil 69486 Biguaçu
0%
India 617427 Bihtā
0%
India 327427 Bijāpur
0%
India 100000 Bijaynagar
0%
China 270310 Bijiao
0%
China 6686100 Bijie
0%
India 115381 Bijnor
0%
India 529007 Bīkaner
0%
India 71396 Bilāra
0%
India 1625502 Bilāspur
0%
Ukraine 207273 Bila Tserkva
0%
Egypt 141285 Bilbays
0%
Turkey 74457 Bilecik
0%
India 57583 Bilimora
0%
Nicaragua 86279 Bilwi
0%
Indonesia 136492 Bima
0%
Philippines 71407 Binalbagan
0%
Philippines 407437 Biñan
0%
Philippines 313631 Binangonan
0%
Congo (Kinshasa) 64639 Binga
0%
Côte d’Ivoire 204656 Bingerville
0%
Vietnam 105982 Bình Hòa
0%
Vietnam 105520 Bình Long
0%
Indonesia 269053 Binjai
0%
Philippines 86881 Binmaley
0%
India 58840 Binnāguri
0%
Malaysia 114058 Bintulu
0%
China 300226 Binxian
0%
India 305638 Birania
0%
Nepal 242548 Birāṭnagar
0%
Turkey 93866 Birecik
0%
Algeria 77727 Bir el Ater
0%
Algeria 171883 Bir el Djir
0%
Nepal 135904 Birgañj
0%
Brazil 118979 Birigui
0%
Iran 203636 Bīrjand
0%
Egypt 330847 Birkat as Sab‘
0%
Algeria 77749 Birkhadem
0%
Nigeria 108164 Birnin Kebbi
0%
Niger 65252 Birnin Konni
0%
Russia 73623 Birobidzhan
0%
India 67783 Bishnupur
0%
Philippines 99290 Bislig
0%
Turkey 118698 Bismil
0%
Romania 78877 Bistriţa
0%
Indonesia 218520 Bitung
0%
Egypt 231569 Biyalā
0%
Russia 183852 Biysk
0%
Tunisia 162053 Bizerte
0%
Russia 239864 Blagoveshchensk
0%
Indonesia 132018 Blitar
0%
Vietnam 100820 Bỉm Sơn
0%
Vietnam 124449 Bến Tre
0%
Spain 62627 Boadilla del Monte
0%
Ghana 3348000 Boankra
0%
Dominican Republic 142019 Boca Chica
0%
Central African Republic 61190 Bocaranga
0%
Philippines 141412 Bocaue
0%
Angola 164685 Bocoio
0%
Venezuela 100240 Boconó
0%
India 77573 Bodhan
0%
India 96901 Bodināyakkanūr
0%
Ethiopia 67861 Bodītī
0%
Indonesia 982469 Bogor
0%
Bangladesh 400983 Bogra
0%
Benin 149271 Bohicon
0%
Brazil 62170 Boituva
0%
Iran 228931 Bojnūrd
0%
India 563417 Bokaro Steel City
0%
Guinea 116270 Boké
0%
Tajikistan 126700 Bokhtar
0%
South Africa 260321 Boksburg
0%
Vietnam 170920 Bảo Lộc
0%
Ghana 66685 Bolgatanga
0%
Philippines 83979 Bolinao
0%
India 80210 Bolpur
0%
Turkey 184682 Bolu
0%
Brazil 65550 Bom Jesus da Lapa
0%
Iran 75332 Bonāb
0%
Dominican Republic 125338 Bonao
0%
Côte d’Ivoire 141568 Bondoukou
0%
Philippines 66839 Bongabon
0%
Philippines 76973 Bongabong
0%
India 67322 Bongaigaon
0%
Philippines 116118 Bongao
0%
Côte d’Ivoire 74281 Bongouanou
0%
Indonesia 161413 Bontang
0%
Somalia 700906 Boosaaso
0%
Benin 70268 Bopa
0%
Iran 155567 Borāzjān
0%
Algeria 168346 Bordj Bou Arreridj
0%
Algeria 151950 Bordj el Kiffan
0%
Algeria 64820 Bordj Menaïel
0%
Russia 60687 Borisoglebsk
0%
Lebanon 61973 Borj el Qoblé
0%
Lebanon 150000 Borj Hammoud
0%
Philippines 71961 Borongan
0%
Iran 234997 Borūjerd
0%
Iran 690000 Borvāyeh-ye Al Bū ‘Azīz
0%
Korea, South 101852 Boryeong
0%
Ukraine 64117 Boryspil
0%
India 130302 Botād
0%
Philippines 66739 Botolan
0%
Romania 90010 Botoşani
0%
China 573842 Botou
0%
Brazil 139483 Botucatu
0%
Côte d’Ivoire 213967 Bouaflé
0%
Mali 59679 Bougouni
0%
Benin 83147 Boukoumbé
0%
Côte d’Ivoire 94883 Bouna
0%
Côte d’Ivoire 92792 Boundiali
0%
Algeria 111787 Bou Saada
0%
Morocco 200359 Bouskoura
0%
China 4850657 Bozhou
0%
Turkey 71806 Bozüyük
0%
United Kingdom 60077 Bracknell
0%
Brazil 160665 Bragança Paulista
0%
Bangladesh 268279 Brāhmanbāria
0%
Bangladesh 204691 Brahmanpara
0%
India 355823 Brahmapur
0%
Romania 154686 Brăila
0%
India 101585 Brājarājnagar
0%
South Africa 73080 Brakpan
0%
Canada 104688 Brantford
0%
Russia 220097 Bratsk
0%
Brazil 103497 Breves
0%
Gambia, The 77700 Brikama
0%
Philippines 73994 Brookes Point
0%
United States 487817 Brookhaven
0%
Ukraine 109806 Brovary
0%
Brazil 70268 Brumado
0%
Brazil 141385 Brusque
0%
Somalia 115000 Bu’aale
0%
India 159221 Budaun
0%
Nepal 179688 Buḍhānilkanṭha
0%
Colombia 423927 Buenaventura
0%
Philippines 74962 Bugallon
0%
Turkey 150714 Buğdaylı
0%
Russia 79545 Bugulma
0%
Philippines 81306 Buhi
0%
Iran 193501 Būkān
0%
Malaysia 210000 Bukit Mertajam
0%
Indonesia 113326 Bukittinggi
0%
Tanzania 144938 Bukoba
0%
Philippines 81232 Bulacan
0%
Philippines 105190 Bulan
0%
India 235310 Bulandshahr
0%
Iran 79034 Būmahen
0%
Congo (Kinshasa) 103328 Bumba
0%
India 103286 Būndi
0%
Japan 240069 Bunkyō-ku
0%
Vietnam 127920 Buôn Hồ
0%
Vietnam 340000 Buôn Ma Thuột
0%
Somalia 60000 Buqda Caqable
0%
Saudi Arabia 467410 Buraydah
0%
Somalia 425000 Burco
0%
Turkey 95436 Burdur
0%
Egypt 70417 Būr Fu’ād
0%
Turkey 64283 Burhaniye
0%
India 210891 Burhānpur
0%
United Kingdom 75074 Burton upon Trent
0%
Nigeria 209666 Burutu
0%
Argentina 98859 Burzaco
0%
Uganda 64900 Busia
0%
Italy 82951 Busto Arsizio
0%
Philippines 77199 Bustos
0%
Nepal 118462 Butwāl
0%
Somalia 360795 Buurhakaba
0%
India 102861 Buxar
0%
Russia 69554 Buynaksk
0%
Turkey 150714 Büyük Çakırman
0%
Turkey 277181 Büyükçekmece
0%
Romania 103481 Buzău
0%
Russia 88341 Buzuluk
0%
Zambia 118464 Bwana Mkubwa
0%
Poland 153274 Bytom
0%
Philippines 80354 Cabadbaran
0%
Philippines 327325 Cabanatuan City
0%
Haiti 62063 Cabaret
0%
Philippines 61110 Cabatuan
0%
Brazil 66519 Cabedelo
0%
Philippines 85862 Cabiao
0%
Venezuela 288595 Cabimas
0%
Brazil 126828 Cabo Frio
0%
Venezuela 70578 Cabudare
0%
Philippines 355330 Cabuyao
0%
Brazil 79313 Caçador
0%
Brazil 91162 Caçapava
0%
Brazil 80070 Cachoeira do Sul
0%
Brazil 136258 Cachoeirinha
0%
Brazil 174879 Cachoeiro de Itapemirim
0%
Brazil 73568 Cacoal
0%
Angola 167820 Caconda
0%
Angola 1279488 Cacuaco
0%
Angola 136977 Cacula
0%
Somalia 510654 Cadaado
0%
Mexico 75721 Cadereyta Jiménez
0%
United Kingdom 361469 Caerdydd
0%
Venezuela 107932 Cagua
0%
Puerto Rico 72862 Caguas
0%
Angola 70061 Cahama
0%
Brazil 61146 Caicó
0%
Brazil 102775 Caieiras
0%
Vietnam 123775 Cai Lậy
0%
Angola 90838 Caimbambo
0%
Philippines 376933 Cainta
0%
Brazil 71805 Cajamar
0%
Peru 201329 Cajamarca
0%
Brazil 63239 Cajazeiras
0%
Colombia 82244 Cajicá
0%
Philippines 88906 Calabanga
0%
Nigeria 179392 Calabar
0%
Philippines 143403 Calabayan
0%
Venezuela 168605 Calabozo
0%
Philippines 87361 Calaca
0%
Angola 101703 Calandala
0%
Philippines 145786 Calapan
0%
Philippines 145786 Calapan
0%
Romania 58211 Călăraşi
0%
Colombia 71605 Calarcá
0%
Philippines 100471 Calasiao
0%
Philippines 58719 Calatagan
0%
Philippines 82540 Calatrava
0%
Philippines 71809 Calauag
0%
Philippines 87693 Calauan
0%
Philippines 186960 Calbayog City
0%
Brazil 98622 Caldas Novas
0%
Turkey 58635 Çaldıran
0%
Philippines 62853 Calinog
0%
Italy 58532 Caltanissetta
0%
Angola 60709 Calulo
0%
Philippines 118471 Calumpit
0%
Angola 179931 Caluquembe
0%
Angola 169420 Caluquembe
0%
Angola 61769 Camabatela
0%
Brazil 161727 Camaçari
0%
Angola 59000 Camacupa
0%
Cuba 321992 Camagüey
0%
Cuba 57600 Camajuaní
0%
Philippines 72042 Camalig
0%
Brazil 62200 Camaquã
0%
Brazil 155054 Camarajibe
0%
Vietnam 226372 Cà Mau
0%
Angola 90766 Cambambe
0%
Philippines 61893 Cambanugoy
0%
Brazil 107208 Cambé
0%
Angola 58581 Cambundi Catembo
0%
Brazil 134184 Cametá
0%
Philippines 87319 Camiling
0%
Brazil 62326 Camocim
0%
Guatemala 61958 Camotán
0%
Argentina 86860 Campana
0%
India 329104 Campīernagar
0%
Brazil 62886 Campo Bom
0%
Brazil 71377 Campo Formoso
0%
Brazil 136327 Campo Largo
0%
Brazil 80847 Campo Limpo
0%
Brazil 99432 Campo Mourão
0%
Brazil 511168 Campos
0%
Vietnam 146771 Cam Ranh
0%
Vietnam 138510 Cam Ranh
0%
Philippines 1273219 Canagatan
0%
Philippines 119497 Candaba
0%
Brazil 72382 Candeias
0%
Philippines 137881 Candelaria
0%
Colombia 95413 Candelaria
0%
Philippines 61432 Candon
0%
Brazil 74174 Canindé
0%
Turkey 942553 Çankaya
0%
Turkey 90564 Çankırı
0%
Philippines 58822 Canlaon
0%
India 232486 Cannanore
0%
Brazil 347657 Canoas
0%
Pakistan 374872 Cantonment
0%
Vietnam 73549 Cao Bằng
0%
Vietnam 211912 Cao Lãnh
0%
Taiwan 96838 Caotun
0%
Brazil 70394 Capanema
0%
Brazil 63594 Capão da Canoa
0%
Philippines 156056 Capas
0%
Canada 93694 Cape Breton
0%
Ghana 169894 Cape Coast
0%
Netherlands 67319 Capelle aan den IJssel
0%
Angola 58285 Capenda Camulemba
0%
Haiti 155505 Cap-Haïtien
0%
Paraguay 224152 Capiatá
0%
Somalia 89345 Caracase
0%
Brazil 78921 Caraguatatuba
0%
Brazil 344596 Carapicuíba
0%
Brazil 87360 Caratinga
0%
Brazil 62265 Caràzinho
0%
Philippines 136453 Carcar
0%
Cuba 86700 Cárdenas
0%
Brazil 324285 Cariacica
0%
Venezuela 64955 Caripito
0%
Philippines 72637 Carles
0%
Cuba 224488 Carlos Manuel de Céspedes
0%
Mexico 248845 Carmen
0%
Philippines 82018 Carmen
0%
Philippines 79140 Carmen
0%
Colombia 62581 Carmen de Viboral
0%
United States 78070 Carmichael
0%
Philippines 106256 Carmona
0%
Venezuela 112600 Carora
0%
Brazil 84395 Carpina
0%
Turkey 140664 Çarşamba
0%
Colombia 142902 Cartago
0%
Brazil 253634 Caruaru
0%
Venezuela 173877 Carúpano
0%
Venezuela 58863 Carvajal
0%
Brazil 348051 Cascavel
0%
Argentina 95785 Caseros
0%
Italy 74021 Casoria
0%
Angola 117000 Cassongue
0%
Brazil 134496 Castanhal
0%
Argentina 107786 Castelar
0%
Italy 62772 Castellammare di Stabia
0%
Spain 69450 Castelldefels
0%
Philippines 67889 Castillejos
0%
United States 65389 Castro Valley
0%
Angola 126631 Catabola
0%
Honduras 117493 Catacamas
0%
Peru 75870 Catacaos
0%
Brazil 75540 Cataguases
0%
Brazil 114427 Catalão
0%
Turkey 77468 Çatalca
0%
Argentina 159139 Catamarca
0%
Philippines 72752 Catanauan
0%
Brazil 105847 Catanduva
0%
Italy 84670 Catanzaro
0%
Angola 167820 Catape
0%
Philippines 97879 Catarman
0%
Philippines 106440 Catbalogan
0%
Angola 120677 Catchiungo
0%
Venezuela 661897 Catia La Mar
0%
Angola 175805 Catumbela
0%
Brazil 355679 Caucaia
0%
Colombia 90213 Caucasia
0%
Philippines 100674 Cavite City
0%
Philippines 108480 Cawayan
0%
Philippines 69265 Cawayan
0%
Brazil 139756 Caxias
0%
Brazil 360419 Caxias do Sul
0%
Angola 77276 Caxito
0%
Turkey 150792 Çayırova
0%
Angola 171743 Cazanga
0%
Angola 892401 Cazenga
0%
Bosnia and Herzegovina 66149 Cazin
0%
Brazil 79115 Ceará-Mirim
0%
Venezuela 67000 Cedeño
0%
Somalia 384630 Ceel Baraf
0%
Turkey 296066 Çekme
0%
Mexico 378143 Celaya
0%
Germany 70293 Celle
0%
China 724364 Cencheng
0%
Hong Kong 235953 Central District
0%
United States 71885 Centreville
0%
Cuba 132451 Centro Habana
0%
Colombia 94935 Cereté
0%
Peru 58899 Cerro de Pasco
0%
Turkey 158922 Ceyhan
0%
Turkey 90440 Ceylanpınar
0%
Iran 106739 Chābahār
0%
Thailand 60893 Chachoengsao
0%
Trinidad and Tobago 101297 Chaguanas
0%
China 73028 Chaigoubu
0%
Thailand 58350 Chaiyaphum
0%
India 95203 Chākdaha
0%
Pakistan 332461 Chak Jhumra
0%
India 72000 Chaklāsi
0%
India 63730 Chakpi Karong
0%
India 197953 Chakradharpur
0%
Pakistan 299751 Chakwal
0%
Greece 77102 Chalándri
0%
El Salvador 72728 Chalchuapa
0%
Mexico 310130 Chalco
0%
Greece 59125 Chalkída
0%
Pakistan 107660 Chaman
0%
Laos 62728 Champasak
0%
India 111251 Champdani
0%
France 78367 Champigny-sur-Marne
0%
India 60810 Chāmrājnagar
0%
India 518000 Chānda
0%
India 166867 Chandannagar
0%
China 110352 Changbang
0%
Taiwan 226564 Changhua
0%
China 614821 Changping
0%
China 87458 Changting
0%
India 83921 Channapatna
0%
India 85317 Chanwari
0%
China 727162 Chaohucun
0%
China 156522 Chaoshan
0%
China 2872857 Chaoyang
0%
Brazil 81386 Chapadinha
0%
Russia 70228 Chapayevsk
0%
India 212955 Chāpra
0%
Venezuela 129214 Charallave
0%
Afghanistan 96093 Chārīkār
0%
Pakistan 105414 Charsadda
0%
Canada 75891 Châteauguay
0%
Vietnam 101765 Châu Đốc
0%
Bangladesh 443648 Chauddagram
0%
India 233691 Chauhanpatti
0%
Pakistan 87376 Chauk Azam
0%
Russia 74913 Chaykovskiy
0%
Russia 496350 Cheboksary
0%
Korea, South 129066 Chech’ŏn
0%
United States 89201 Cheektowaga
0%
Zimbabwe 65800 Chegutu
0%
Russia 86164 Chekhov
0%
Algeria 82560 Chelghoum el Aïd
0%
China 77904 Chengbin
0%
China 740435 Chengguan
0%
China 476867 Chengjiao
0%
China 67826 Chengjiao Chengguanzhen
0%
China 1574648 Chengtangcun
0%
China 709500 Chengxiang
0%
China 4667134 Chenzhou
0%
Russia 298790 Cherepovets
0%
Algeria 75344 Cheria
0%
Ukraine 269836 Cherkasy
0%
Russia 123100 Cherkessk
0%
Ukraine 64297 Chervonohrad
0%
India 459943 Chhatarpur
0%
India 202688 Chhindwāra
0%
Guatemala 93780 Chiantla
0%
Taiwan 263188 Chiayi
0%
Angola 79462 Chibemba
0%
Angola 190670 Chibia
0%
Nigeria 66105 Chibok
0%
Mozambique 58012 Chibuto
0%
Guatemala 67399 Chicacao
0%
India 137944 Chicacole
0%
Japan 59101 Chichibu
0%
Guatemala 150932 Chichicastenango
0%
Spain 89794 Chiclana de la Frontera
0%
Mexico 175053 Chicoloapan
0%
Angola 131807 Chicomba
0%
Canada 103934 Chicoutimi
0%
India 115913 Chidambaram
0%
Japan 242347 Chigasaki
0%
Mexico 66464 Chignahuapan
0%
Colombia 84183 Chigorodó
0%
Chile 85863 Chiguayante
0%
India 63652 Chik Ballāpur
0%
India 118401 Chikmagalūr
0%
Japan 58755 Chikuma
0%
Japan 98384 Chikusei
0%
Japan 103185 Chikushino
0%
India 101398 Chilakalūrupet
0%
Mexico 120790 Chilapa de Álvarez
0%
Pakistan 214000 Chilas
0%
Zambia 90530 Chililabombwe
0%
Vietnam 220421 Chí Linh
0%
Mexico 111554 Chilón
0%
Mexico 225728 Chilpancingo
0%
Mexico 614453 Chimalhuacán
0%
Guatemala 116642 Chimaltenango
0%
Argentina 87258 Chimbas
0%
Peru 291408 Chimbote
0%
Mozambique 238976 Chimoio
0%
Nicaragua 121793 Chinandega
0%
Guatemala 124365 Chinautla
0%
Peru 63671 Chincha Alta
0%
United Kingdom 70583 Chingford
0%
India 82608 Chingleput
0%
Zambia 256560 Chingola
0%
Angola 129370 Chinguar
0%
Zimbabwe 90800 Chinhoyi
0%
Pakistan 477781 Chiniot
0%
Korea, South 337230 Chinju
0%
India 85442 Chinnachauku
0%
India 76068 Chintāmani
0%
Zambia 327059 Chipata
0%
Angola 64714 Chipindo
0%
Guatemala 111505 Chiquimula
0%
Guatemala 64871 Chiquimulilla
0%
Colombia 85274 Chiquinquirá
0%
India 172826 Chīrāla
0%
Uzbekistan 162800 Chirchiq
0%
Zambia 84750 Chirundu
0%
Japan 71907 Chiryū
0%
Guatemala 69325 Chisec
0%
Pakistan 101659 Chishtian
0%
China 237052 Chishui
0%
Russia 58815 Chistopol
0%
India 145853 Chitaldrug
0%
Angola 78156 Chitembo
0%
Angola 78156 Chitemo
0%
Japan 97945 Chitose
0%
India 116406 Chittaurgarh
0%
India 175647 Chittoor
0%
Zimbabwe 371244 Chitungwiza
0%
Venezuela 59059 Chivacoa
0%
Argentina 58152 Chivilcoy
0%
Japan 67036 Chiyoda-ku
0%
China 1342764 Chizhou
0%
Japan 238087 Chōfugaoka
0%
Mozambique 63695 Chokwé
0%
Honduras 227535 Choloma
0%
Mexico 193554 Cholula de Rivadabia
0%
Korea, South 656583 Ch’ŏnan
0%
Korea, North 189742 Chŏngju
0%
Angola 87278 Chongoroi
0%
China 107100 Chongshan
0%
China 2088692 Chongzuo
0%
Vietnam 121083 Chơn Thành
0%
India 72783 Chopda
0%
Ukraine 57983 Chornomorsk
0%
Poland 104193 Chorzów
0%
Peru 88606 Chosica
0%
Bangladesh 224576 Chuādānga
0%
Peru 82521 Chulucanas
0%
India 288090 Chunchura
0%
Korea, South 121020 Ch’ungmu
0%
Pakistan 64386 Chunian
0%
Japan 169179 Chūō-ku
0%
Uzbekistan 100200 Chust
0%
China 631530 Chuxiong
0%
China 3937868 Chuzhou
0%
Indonesia 99750 Ciamis
0%
Indonesia 176368 Cianjur
0%
Brazil 79527 Cianorte
0%
Indonesia 365387 Cibinong
0%
Mozambique 206449 Cidade de Nacala
0%
Cuba 143449 Ciego de Ávila
0%
Colombia 129414 Ciénaga
0%
Colombia 64226 Ciénaga de Oro
0%
Cuba 164924 Cienfuegos
0%
Turkey 214065 Çiğli
0%
Indonesia 209140 Cikupa
0%
Indonesia 1174964 Cilacap
0%
Indonesia 387543 Cilegon
0%
China 130000 Cili
0%
Indonesia 586580 Cimahi
0%
Indonesia 252370 Cimanggis
0%
Turkey 76966 Çınar
0%
Indonesia 101600 Cinere
0%
Argentina 105482 Cipolletti
0%
Indonesia 222186 Ciputat
0%
Indonesia 91438 Cisauk
0%
Philippines 539671 City of Calamba
0%
Philippines 130379 City of Isabela
0%
Philippines 689992 City of Parañaque
0%
Mexico 523370 Ciudad Apodaca
0%
El Salvador 60314 Ciudad Arce
0%
Mexico 308285 Ciudad Benito Juárez
0%
Venezuela 422578 Ciudad Bolívar
0%
Honduras 152519 Ciudad Choluteca
0%
Mexico 89314 Ciudad de Atlixco
0%
Spain 83229 Ciudad de Ceuta
0%
Uruguay 112449 Ciudad de la Costa
0%
Paraguay 308983 Ciudad del Este
0%
Spain 85985 Ciudad de Melilla
0%
Argentina 73155 Ciudadela
0%
Argentina 92957 Ciudad General Belgrano
0%
Mexico 454967 Ciudad General Escobedo
0%
Mexico 115000 Ciudad Guzmán
0%
Mexico 122619 Ciudad Hidalgo
0%
Mexico 79200 Ciudad Lázaro Cárdenas
0%
Mexico 79669 Ciudad Lerdo
0%
Mexico 489937 Ciudad López Mateos
0%
Mexico 197216 Ciudad Madero
0%
Mexico 84787 Ciudad Mante
0%
Mexico 329404 Ciudad Obregón
0%
Venezuela 128941 Ciudad Ojeda
0%
Mexico 101481 Ciudad Río Bravo
0%
Nicaragua 127517 Ciudad Sandino
0%
Mexico 306322 Ciudad Santa Catarina
0%
Mexico 177022 Ciudad Valles
0%
Mexico 305155 Ciudad Victoria
0%
Turkey 59967 Çivril
0%
Turkey 130916 Cizre
0%
Canada 101427 Clarington
0%
United States 86575 Clarkstown
0%
India 95167 Closepet
0%
Vietnam 190232 Cẩm Phả
0%
Vietnam 1237300 Cần Thơ
0%
Mexico 293444 Coacalco
0%
Brazil 67096 Coari
0%
Mexico 92127 Coatepec
0%
Guatemala 120737 Coatepeque
0%
El Salvador 74038 Coatepeque
0%
Mexico 319187 Coatzacoalcos
0%
Guatemala 228664 Cobán
0%
Côte d’Ivoire 692583 Cocody
0%
Brazil 111146 Codó
0%
Philippines 57897 Cogan
0%
Brazil 111788 Colatina
0%
Mexico 146965 Colima
0%
Chile 146209 Colina
0%
Spain 66698 Collado-Villalba
0%
France 90692 Colombes
0%
United States 85426 Colonie
0%
Mexico 214877 Comalcalco
0%
Honduras 144785 Comayagua
0%
Honduras 1250000 Comayagüela
0%
Bangladesh 296010 Comilla
0%
Mexico 113479 Comitán
0%
Guatemala 80612 Comitancillo
0%
Mexico 82216 Comonfort
0%
Bangladesh 250579 Companiganj
0%
Philippines 89884 Compostela
0%
Brazil 67825 Conceição do Coité
0%
Argentina 100728 Concepción del Uruguay
0%
Guatemala 84138 Concepción Tutuapa
0%
Angola 89479 Conda
0%
India 164384 Conjeeveram
0%
Brazil 131621 Conselheiro Lafaiete
0%
Philippines 148012 Consolacion
0%
Cuba 87500 Consolación del Sur
0%
Dominican Republic 59052 Constanza
0%
Dominican Republic 60000 Consuelito
0%
Brazil 538017 Contagem
0%
India 92226 Contai
0%
Cuba 106002 Contramaestre
0%
Colombia 73574 Copacabana
0%
Canada 148625 Coquitlam
0%
Brazil 59566 Coroatá
0%
Chile 116262 Coronel
0%
Brazil 104736 Coronel Fabriciano
0%
Colombia 70853 Corozal
0%
Argentina 352646 Corrientes
0%
Mexico 61658 Cortazar
0%
Brazil 96268 Corumbá
0%
Italy 63760 Cosenza
0%
Brazil 66807 Cosmópolis
0%
Philippines 325079 Cotabato
0%
Brazil 148987 Cotia
0%
Cuba 74650 Cotorro
0%
Dominican Republic 76554 Cotuí
0%
France 81945 Courbevoic
0%
Mexico 64886 Coyula
0%
Mexico 77236 Cozumel
0%
Australia 460491 Cranbourne
0%
Brazil 76390 Crateús
0%
Brazil 133031 Crato
0%
France 92859 Créteil
0%
Brazil 211369 Criciúma
0%
Haiti 284812 Croix-des-Bouquets
0%
Brazil 58913 Cruz Alta
0%
Brazil 82571 Cruzeiro
0%
Brazil 91888 Cruzeiro do Sul
0%
Mozambique 79013 Cuamba
0%
Angola 183767 Cuango
0%
Mexico 180638 Cuauhtémoc
0%
Mexico 178847 Cuautitlán
0%
Mexico 140059 Cuautitlán Izcalli
0%
Mexico 194786 Cuautla
0%
Angola 357618 Cubal
0%
Brazil 131626 Cubatão
0%
Turkey 95449 Çubuk
0%
Guatemala 60706 Cubulco
0%
India 173676 Cuddalore
0%
India 344893 Cuddapah
0%
Guatemala 67297 Cuilco
0%
Angola 69194 Cuímba
0%
Angola 512706 Cuito
0%
Malaysia 82425 Cukai
0%
Venezuela 405626 Cumaná
0%
Turkey 67690 Çumra
0%
Mexico 137257 Cunduacán
0%
Angola 73826 Cunhinga
0%
Indonesia 176617 Curug
0%
Brazil 80616 Curvelo
0%
El Salvador 86964 Cuscatancingo
0%
India 606007 Cuttack
0%
Philippines 68066 Cuyapo
0%
Rwanda 62179 Cyuve
0%
China 270911 Da’an
0%
Philippines 93502 Daanbantayan
0%
Côte d’Ivoire 78634 Dabakala
0%
Côte d’Ivoire 138083 Dabou
0%
India 74807 Dabra
0%
Poland 116930 Dąbrowa Górnicza
0%
Pakistan 146179 Dadu
0%
China 1212203 Dadukou
0%
Philippines 111700 Daet
0%
India 221229 Dagarua
0%
Philippines 174302 Dagupan City
0%
India 80532 Dahegām
0%
China 151037 Dahuaishu
0%
Iraq 330600 Dahūk
0%
Japan 118812 Daitōchō
0%
Japan 155165 Daiwanishi
0%
Philippines 74596 Dalaguete
0%
United States 72793 Dale City
0%
Egypt 63751 Daljā
0%
Côte d’Ivoire 421871 Daloa
0%
Vietnam 203710 Đà Lạt
0%
India 158941 Daltonganj
0%
India 132628 Dalūpura
0%
Egypt 244043 Damanhūr
0%
Nigeria 88014 Damaturu
0%
Angola 66472 Damba
0%
Nigeria 233500 Damboa
0%
Sri Lanka 72306 Dambulla
0%
India 114786 Dam Dam
0%
Iran 59106 Dāmghān
0%
India 168916 Damoh
0%
Philippines 156321 Danao
0%
India 70342 Dandeli
0%
China 2188436 Dandong
0%
Benin 66055 Dangbo
0%
China 397465 Dangyang
0%
China 409940 Danjiangkou
0%
Honduras 88722 Danlí
0%
China 806300 Danyang
0%
China 154955 Danzao
0%
Côte d’Ivoire 101136 Daoukro
0%
Togo 58071 Dapaong
0%
Philippines 85202 Dapitan
0%
Philippines 133893 Daraga
0%
Syria 84044 Dārayyā
0%
India 296039 Darbhanga
0%
Algeria 81509 Dar el Beïda
0%
Mongolia 74738 Darhan
0%
Mongolia 74738 Darhan
0%
India 118805 Darjeeling
0%
Libya 90000 Darnah
0%
Mauritania 144043 Dar Naim
0%
China 607098 Dashiqiao
0%
Turkmenistan 201142 Daşoguz
0%
Benin 112118 Dassa-Zoumé
0%
China 310889 Datang
0%
Japan 59625 Date
0%
India 100466 Datia
0%
Philippines 116768 Datu Odin Sinsuat
0%
Ecuador 161498 Daule
0%
India 435125 Davangere
0%
Burma 146964 Dawei
0%
China 76536 Daxincun
0%
China 1253878 Dayan
0%
China 74516 Dayong
0%
Gaza Strip 75132 Dayr al Balaḩ
0%
Syria 271800 Dayr az Zawr
0%
Egypt 653847 Dayrūţ
0%
Japan 72430 Dazaifu
0%
Vietnam 150927 Đức Phổ
0%
United States 62099 Dearborn Heights
0%
Ethiopia 65231 Debre Birhan
0%
Ethiopia 62497 Debre Mark’os
0%
Ethiopia 99928 Debre Zeyit
0%
Burkina Faso 63617 Dédougou
0%
India 578420 Dehra Dūn
0%
India 137231 Dehri
0%
China 839786 Dehui
0%
El Salvador 126839 Delgado
0%
India 405633 Delhi Cantonment
0%
Mexico 150506 Delicias
0%
Haiti 284079 Delmas
0%
Germany 78979 Delmenhorst
0%
Canada 108455 Delta
0%
Turkey 452157 Demiryol
0%
China 359401 Dengtacun
0%
Turkey 651200 Denizli
0%
Uzbekistan 78300 Denov
0%
India 203116 Deoghar
0%
India 97598 Deoni Buzurg
0%
Pakistan 80908 Dera Allahyar
0%
Pakistan 399064 Dera Ghazi Khan
0%
Pakistan 109686 Dera Ismail Khan
0%
Russia 127084 Derbent
0%
Turkey 62028 Derik
0%
Turkey 146374 Derince
0%
Ethiopia 187900 Desē
0%
Haiti 127529 Dessalines
0%
Germany 74835 Detmold
0%
Belgium 82270 Deurne
0%
Turkey 66840 Develi
0%
India 289550 Dewās
0%
United Kingdom 62945 Dewsbury
0%
China 293201 Dexing
0%
China 3456161 Deyang
0%
Iran 264709 Dezfūl
0%
Yemen 146346 Dhamār
0%
India 101677 Dhamtari
0%
Nepal 101970 Dhangaḍhi̇̄
0%
Nepal 116181 Dharān
0%
India 67007 Dhārāpuram
0%
India 64444 Dharmapuri
0%
India 69043 Dharmasāgaram
0%
India 121874 Dharmavaram
0%
India 67414 Dhenkānāl
0%
India 84545 Dhorāji
0%
India 75133 Dhrāngadhra
0%
India 63338 Dhuburi
0%
India 655603 Dhūlia
0%
India 95706 Dhuliān
0%
India 65215 Dhūri
0%
Brazil 393237 Diadema
0%
Vietnam 73859 Dĩ An
0%
China 225808 Dianbu
0%
China 206058 Diaobingshancun
0%
Brazil 71485 Dias d’Ávila
0%
India 154019 Dibrugarh
0%
Turkey 97000 Didim
0%
Philippines 188376 Digos
0%
Egypt 372871 Dikirnis
0%
Ethiopia 59150 Dīla
0%
India 122834 Dimāpur
0%
Côte d’Ivoire 70198 Dimbokro
0%
Russia 108804 Dimitrovgrad
0%
Bangladesh 206200 Dinājpur
0%
Philippines 118209 Dinalupihan
0%
India 182241 Dinapore
0%
Vietnam 84672 Điện Biên Phủ
0%
India 207327 Dindigul
0%
Pakistan 78422 Dinga
0%
China 86367 Dingcheng
0%
China 2524097 Dingxi
0%
China 1095986 Dingzhou
0%
Senegal 100445 Diourbel
0%
Pakistan 87176 Dipalpur
0%
India 61797 Diphu
0%
Nicaragua 57542 Diriamba
0%
India 111160 Dīsa
0%
India 534872 Dispur
0%
Egypt 143404 Disūq
0%
Brazil 231091 Divinópolis
0%
Côte d’Ivoire 294559 Divo
0%
Benin 134704 Djakotomé
0%
Benin 123542 Djidja
0%
Benin 237040 Djougou
0%
Russia 62869 Dmitrov
0%
Vietnam 133672 Đồng Hới
0%
Vietnam 150052 Đồng Xoài
0%
India 79185 Dobni Para
0%
Bulgaria 87361 Dobrich
0%
India 93105 Dod Ballāpur
0%
Netherlands 58270 Doetinchem
0%
Iran 96728 Do Gonbadān
0%
Turkey 80061 Doğubayazıt
0%
Russia 119089 Dolgoprudnyy
0%
Congo (Brazzaville) 83798 Dolisie
0%
Mexico 67101 Dolores Hidalgo Cuna de la Independencia Nacional
0%
Ghana 1000000 Domaa-Ahenkro
0%
Ghana 78785 Dome
0%
Russia 156681 Domodedovo
0%
Indonesia 57680 Dompu
0%
Philippines 69273 Don Carlos
0%
China 78611 Dongchuan
0%
China 59772 Dongcun
0%
Korea, South 97424 Dongducheon
0%
China 123647 Dongfeng
0%
China 148210 Dongguazhen
0%
Vietnam 164228 Đông Hà
0%
Vietnam 119991 Đông Hòa
0%
China 182449 Donghua
0%
China 195489 Dongning
0%
China 95000 Dongping
0%
China 147228 Dongsheng
0%
China 128000 Dongsheng
0%
China 117976 Dongsheng
0%
China 888410 Dongtai
0%
China 216053 Dongxing
0%
China 804398 Dongyang
0%
Russia 63837 Donskoy
0%
Argentina 64867 Don Torcuato
0%
Turkey 128941 Dörtyol
0%
Iran 121608 Dorūd
0%
Turkey 79495 Döşemealtı
0%
Colombia 179301 Dosquebradas
0%
Niger 58671 Dosso
0%
China 96184 Doudian
0%
Taiwan 107924 Douliu
0%
Brazil 164949 Dourados
0%
Ukraine 62691 Dovzhansk
0%
India 199429 Drabar
0%
France 71312 Drancy
0%
Romania 79865 Drobeta-Turnu Severin
0%
Ukraine 73682 Drohobych
0%
India 268806 Drug
0%
Cameroon 76524 Dschang
0%
Russia 74032 Dubna
0%
China 85659 Ducheng
0%
Côte d’Ivoire 220953 Duekoué
0%
Colombia 132894 Duitama
0%
Philippines 134103 Dumaguete City
0%
Indonesia 264084 Dumai
0%
Philippines 73899 Dumangas
0%
Philippines 57823 Dumanjog
0%
India 60463 Dumraon
0%
Angola 177604 Dundo
0%
China 392486 Dunhua
0%
China 185231 Dunhuang
0%
India 726000 Durgāpur
0%
India 136962 Durgauti
0%
Nigeria 153000 Dutse
0%
China 493574 Duyun
0%
Turkey 194097 Düzce
0%
Russia 215259 Dzerzhinsk
0%
Ghana 100000 Dzolokpuita
0%
United Kingdom 85014 Ealing
0%
United Kingdom 75120 East Kilbride
0%
United Kingdom 78716 Eastleigh
0%
United States 69183 East Orange
0%
Japan 119819 Ebetsu
0%
Japan 135557 Ebina
0%
Angola 165129 Ebo
0%
Cameroon 76885 Ébolowa
0%
Philippines 88410 Echague
0%
Japan 80264 Echizen
0%
Sudan 264734 Ed Daein
0%
Sudan 186051 Ed Damazin
0%
Sudan 122944 Ed Damer
0%
Cameroon 73128 Edéa
0%
United Kingdom 58619 Edgware
0%
Japan 697932 Edogawa
0%
Turkey 167901 Edremit
0%
Turkey 127819 Edremit
0%
China 68482 E’erguna
0%
Venezuela 99837 Ejido
0%
Ghana 70807 Ejura
0%
Kazakhstan 159760 Ekibastuz
0%
Benin 75313 Ekpé
0%
Algeria 57737 El Attaf
0%
Turkey 387072 Elazığ
0%
Colombia 72131 El Banco
0%
Algeria 85577 El Bayadh
0%
Turkey 141307 Elbistan
0%
Chile 175594 El Bosque
0%
Colombia 66001 El Carmen de Bolívar
0%
Kenya 289380 Eldoret
0%
Spain 90135 El Ejido
0%
Russia 141778 Elektrostal
0%
Guatemala 82491 El Estor
0%
Algeria 155038 El Eulma
0%
Sudan 500000 El Fasher
0%
Sudan 538390 El Geneina
0%
Russia 103219 Elista
0%
Morocco 220181 El Jadid
0%
Morocco 106418 El Kelaa des Srarhna
0%
United States 146511 Elkhart
0%
Algeria 179033 El Khroub
0%
United States 73737 Ellicott City
0%
Venezuela 106206 El Limón
0%
India 203780 Ellore
0%
Algeria 83931 El Milia
0%
Lebanon 150000 El Minié
0%
Sudan 418280 El Obeid
0%
Algeria 134699 El Oued
0%
Ecuador 295211 Eloy Alfaro
0%
Argentina 59031 El Palomar
0%
United States 69218 El Paso de Robles
0%
Spain 66184 El Prat de Llobregat
0%
Honduras 188366 El Progreso
0%
Mexico 115264 El Pueblito
0%
Spain 89960 El Puerto de Santa María
0%
Dominican Republic 66867 El Seibo
0%
Mexico 202694 El Tezal
0%
Venezuela 213524 El Tigre
0%
Nicaragua 76775 El Viejo
0%
Kenya 60732 El Wak
0%
Brazil 66970 Embu-Guaçu
0%
Pakistan 150646 Eminabad
0%
India 95149 Emmiganūr
0%
South Africa 110340 Empangeni
0%
Paraguay 69868 Encarnación
0%
China 483907 Encheng
0%
Indonesia 87723 Ende
0%
United Kingdom 156858 Enfield
0%
Russia 260190 Engels
0%
Japan 70102 Eniwa
0%
Argentina 63997 Ensenada Berisso
0%
Colombia 228848 Envigado
0%
Nigeria 181409 Epe
0%
Turkey 75210 Erbaa
0%
Turkey 171000 Erciş
0%
Hungary 71338 Érd
0%
Turkey 151928 Erdemli
0%
Mongolia 106810 Erdenet
0%
Brazil 105705 Erechim
0%
Turkey 150978 Ereğli
0%
Turkey 122282 Ereğli
0%
Turkey 136099 Ergani
0%
Turkey 452157 Erköklü
0%
South Africa 83865 Ermelo
0%
India 151184 Erode
0%
Brazil 69701 Escada
0%
Philippines 96159 Escalante
0%
Guatemala 170280 Escuintla
0%
Cameroon 79500 Eséka
0%
Turkey 983571 Esenyurt
0%
Iran 59490 Esfarāyen
0%
Iran 90559 Eslāmābād-e Gharb
0%
Iran 448129 Eslāmshahr
0%
Chile 101615 Espejo
0%
Philippines 74696 Esperanza
0%
Dominican Republic 62205 Esperanza
0%
Philippines 59353 Esperanza
0%
Colombia 75828 Espinal
0%
Algeria 96928 Es Senia
0%
Brazil 65078 Estância
0%
Argentina 109644 Esteban Echeverría
0%
Brazil 76137 Esteio
0%
Nicaragua 112084 Estelí
0%
India 145601 Etah
0%
India 402678 Etāwa
0%
India 256838 Etāwah
0%
Turkey 614891 Etimesgut
0%
Brazil 61456 Euclides da Cunha
0%
United States 60373 Euless
0%
Brazil 84120 Euriápolis
0%
Brazil 74170 Eusébio
0%
Germany 60256 Euskirchen
0%
Greece 79221 Évosmos
0%
Argentina 79557 Ezpeleta
0%
Colombia 145080 Facatativá
0%
Burkina Faso 73200 Fada Ngourma
0%
Italy 58710 Faenza
0%
Afghanistan 64704 Faīẕābād
0%
Puerto Rico 69381 Fajardo
0%
Portugal 133832 Famalicão
0%
China 76088 Fancheng
0%
China 953300 Fangchenggang
0%
China 406775 Fangting
0%
Italy 59785 Fano
0%
China 97300 Fanyang
0%
Egypt 116945 Fāqūs
0%
Afghanistan 500000 Farāh
0%
Guinea 78108 Faranah
0%
Iran 181174 Fardīs
0%
Uzbekistan 299200 Farg‘ona
0%
India 87695 Farīdkot
0%
Bangladesh 121632 Farīdpur
0%
India 69700 Farīdpur
0%
United Kingdom 65034 Farnborough
0%
India 275754 Farrukhābād
0%
Egypt 207547 Farshūţ
0%
Pakistan 60000 Faruka
0%
Iran 110825 Fasā
0%
India 70777 Fatehābād
0%
India 305638 Fatehpur
0%
India 193193 Fatehpur
0%
Turkey 126775 Fatsa
0%
India 76492 Fāzilka
0%
Ukraine 69145 Fedosiia
0%
China 894115 Feicheng
0%
Brazil 480949 Feira de Santana
0%
United Kingdom 63368 Feltham
0%
China 63400 Fengang
0%
China 469376 Fengcheng
0%
China 128571 Fengcheng
0%
China 93148 Fenggang
0%
China 173161 Fenglu
0%
China 99673 Fengning
0%
China 150138 Fengyicun
0%
Bangladesh 265000 Feni
0%
China 407647 Fenyang
0%
Tunisia 75000 Feriana
0%
Kosovo 108610 Ferizaj
0%
Côte d’Ivoire 160267 Ferkessédougou
0%
Paraguay 183390 Fernando de la Mora
0%
Brazil 71186 Fernandópolis
0%
India 110313 Ferozepore
0%
Brazil 184700 Ferraz de Vasconcelos
0%
Spain 64218 Ferrol
0%
Turkey 177702 Fethiye
0%
Madagascar 191776 Fianarantsoa
0%
United Kingdom 65812 Finchley
0%
Ireland 330506 Finglas
0%
Italy 81426 Fiumicino
0%
United States 61723 Florence-Graham
0%
Argentina 146704 Florencio Varela
0%
Colombia 295724 Floridablanca
0%
Philippines 135542 Floridablanca
0%
Morocco 77250 Fnidq
0%
Romania 66648 Focşani
0%
Colombia 317179 Fontibón
0%
Brazil 67822 Formiga
0%
Uganda 60800 Fort Portal
0%
Tunisia 74868 Fouchana
0%
Cameroon 83522 Foumban
0%
Guatemala 63721 Fraijanes
0%
Brazil 96666 Francisco Beltrão
0%
Brazil 168243 Francisco Morato
0%
Brazil 145755 Franco da Rocha
0%
Germany 58818 Frankfurt (Oder)
0%
Guatemala 77896 Fray Bartolomé de Las Casas
0%
France 58499 Fréjus
0%
Mexico 230865 Fresnillo
0%
Mexico 75242 Frontera
0%
Brazil 58588 Frutal
0%
Russia 60580 Fryazino
0%
Japan 260508 Fuchū
0%
China 542000 Fuding
0%
Japan 67396 Fuefuki
0%
China 102012 Fugangcun
0%
China 124002 Fugu
0%
Japan 63338 Fujiidera
0%
Japan 111858 Fujimi
0%
Japan 113490 Fujimino
0%
Japan 64539 Fujioka
0%
Japan 439728 Fujisawa
0%
Japan 145032 Fujita
0%
China 165006 Fukang
0%
Japan 140930 Fukayachō
0%
Japan 77150 Fukuchiyama
0%
Japan 86851 Fukuroi
0%
Japan 65770 Fukutsu
0%
Japan 459576 Fukuyama
0%
Iran 88426 Fūlād Shahr
0%
Bangladesh 119558 Fulgāzi
0%
United Kingdom 87161 Fulham
0%
Colombia 90514 Fundación
0%
China 76460 Funing
0%
Nigeria 180475 Funtua
0%
Colombia 90671 Funza
0%
China 283904 Fuquan
0%
Colombia 170241 Fusagasugá
0%
China 85512 Fusui
0%
China 1647280 Fuxin
0%
China 126694 Fuyuan
0%
India 165228 Fyzābād
0%
Angola 271843 Gabela
0%
Tunisia 167863 Gabès
0%
India 172813 Gadag
0%
India 229644 Gadda Madiral
0%
India 63177 Gadwāl
0%
Tunisia 120739 Gafsa
0%
Côte d’Ivoire 277044 Gagnoa
0%
Bangladesh 59289 Gaibandha
0%
China 559271 Gaizhou
0%
Greece 57909 Galátsi
0%
Sri Lanka 63273 Galgamuwa
0%
Japan 80063 Gamagōri
0%
Ethiopia 97643 Gambēla
0%
Sri Lanka 62797 Gampaha
0%
Angola 235486 Ganda
0%
Congo (Kinshasa) 146217 Gandajika
0%
India 248705 Gāndhīdhām
0%
Spain 80095 Gandía
0%
India 75017 Gangammapeta
0%
India 237780 Gangānagar
0%
India 105529 Gangāwati
0%
India 100286 Gangtok
0%
China 59239 Gannan
0%
Haiti 71261 Ganthier
0%
China 528903 Gaobeidian
0%
China 80840 Gaoliying Ercun
0%
China 868715 Gaomi
0%
China 2174000 Gaoping
0%
China 453054 Gaoping
0%
China 709572 Gaoyou
0%
China 1328657 Gaozhou
0%
Philippines 122968 Gapan
0%
Brazil 142506 Garanhuns
0%
Germany 61594 Garbsen
0%
Afghanistan 70641 Gardēz
0%
India 75544 Garhi
0%
Argentina 59335 Garín
0%
Kenya 65881 Garissa
0%
Somalia 485000 Garoowe
0%
Cameroon 600000 Garoua
0%
India 85336 Garulia
0%
Indonesia 127980 Garut
0%
Colombia 69823 Garzón
0%
Nigeria 125100 Gashua
0%
Brazil 72570 Gaspar
0%
Russia 91719 Gatchina
0%
United Kingdom 120046 Gateshead
0%
Philippines 58874 Gattaran
0%
India 70081 Gaura
0%
India 67521 Gauravaram
0%
India 474093 Gaya
0%
Turkey 137754 Gaziemir
0%
Bangladesh 2674697 Gāzipura
0%
Congo (Kinshasa) 198839 Gbadolite
0%
Ghana 74403 Gbawe
0%
Sudan 354927 Gedaref
0%
Tanzania 361671 Geita
0%
Ethiopia 241200 Gelemso
0%
Russia 80706 Gelendzhik
0%
Congo (Kinshasa) 138527 Gemena
0%
Turkey 120245 Gemlik
0%
Azerbaijan 331400 Gəncə
0%
Philippines 172433 General Mariano Alvarez
0%
Argentina 57669 General Pico
0%
Argentina 85315 General Rodríguez
0%
Philippines 450583 General Trias
0%
China 57617 Gengzhuangqiaocun
0%
China 120942 Genhe
0%
Russia 61543 Georgiyevsk
0%
United States 90521 Germantown
0%
South Africa 255863 Germiston
0%
Philippines 94485 Gerona
0%
China 122917 Gexianzhuang
0%
India 195891 Ghāndīnagar
0%
India 107676 Gharbara
0%
Algeria 120000 Ghardaïa
0%
Libya 187854 Gharyān
0%
India 121020 Ghazīpur
0%
Afghanistan 143379 Ghaznī
0%
Nepal 156164 Ghorāhī
0%
Pakistan 119879 Ghotki
0%
China 542507 Ghulja
0%
Vietnam 61413 Gia Nghĩa
0%
Vietnam 166324 Giá Rai
0%
Cuba 71126 Gibara
0%
India 65370 Giddarbāha
0%
Korea, South 352683 Gimpo
0%
Philippines 136698 Gingoog
0%
Colombia 129834 Girardot
0%
Turkey 125682 Giresun
0%
Rwanda 87613 Gitarama
0%
Italy 123679 Giugliano in Campania
0%
Israel 59518 Givatayim
0%
Kosovo 94556 Gjakovë
0%
Kosovo 90178 Gjilan
0%
Philippines 109547 Glan
0%
Benin 124431 Glazoué
0%
Russia 87762 Glazov
0%
United States 72772 Glen Burnie
0%
United States 70005 Glens Falls
0%
Argentina 57878 Glew
0%
Kosovo 58531 Gllogovc
0%
Poland 64261 Głogów
0%
Poland 65452 Gniezno
0%
Bangladesh 91675 Goalundo Ghāt
0%
Argentina 80769 Gobernador Gálvez
0%
India 73131 Gobindgarh
0%
Vietnam 151937 Gò Công
0%
Nepal 78018 Godāwari̇̄
0%
India 161925 Godhra
0%
Benin 253262 Godomè
0%
Argentina 191299 Godoy Cruz
0%
Benin 117793 Gogounou
0%
India 59706 Gohadi
0%
India 65708 Gohna
0%
Brazil 71075 Goianésia
0%
Brazil 71916 Goianira
0%
Pakistan 157863 Gojra
0%
India 253000 Gokāk
0%
India 83310 Gokulgarh
0%
Turkey 150047 Gölbaşı
0%
Turkey 175940 Gölcük
0%
Mexico 327985 Gómez Palacio
0%
Haiti 356324 Gonaïves
0%
Iran 151910 Gonbad-e Kāvūs
0%
India 173353 Gondal
0%
Ethiopia 80886 Gonder
0%
India 132821 Gondiā
0%
Portugal 164257 Gondomar
0%
Turkey 74871 Gönen
0%
China 862313 Gongzhuling
0%
Argentina 238067 González Catán
0%
India 67339 Gopālganj
0%
India 59523 Gopichettipālaiyam
0%
India 673446 Gorakhpur
0%
Iran 312223 Gorgān
0%
Russia 63214 Gorno-Altaysk
0%
Poland 119964 Gorzów Wielkopolski
0%
United Kingdom 71529 Gosport
0%
Japan 86334 Gotenba
0%
Pakistan 112335 Goth Tando Sumro
0%
Brazil 247131 Governador Valadares
0%
Korea, South 1061929 Goyang
0%
Chad 66107 Goz-Beida
0%
South Africa 91548 Grahamstown
0%
Brazil 70065 Grajaú
0%
Canada 69025 Granby
0%
Côte d’Ivoire 124567 Grand-Bassam
0%
Argentina 85189 Grand Bourg
0%
Benin 57636 Grand-Popo
0%
Spain 64181 Granollers
0%
Brazil 86516 Gravatá
0%
Brazil 232629 Gravataí
0%
United States 95841 Greece
0%
United States 93961 Greenburgh
0%
Germany 64588 Grevenbroich
0%
Poland 90890 Grudziądz
0%
Venezuela 178000 Guacara
0%
Colombia 128945 Guadalajara de Buga
0%
Philippines 128893 Guagua
0%
Brazil 92924 Guaíba
0%
Argentina 109461 Gualeguaychú
0%
Mexico 63743 Guamúchil
0%
Cuba 115180 Guanabacoa
0%
Brazil 87817 Guanambi
0%
Venezuela 112286 Guanare
0%
China 3205476 Guang’an
0%
China 307215 Guangming
0%
China 66384 Guangping
0%
China 710900 Guangshui
0%
China 2305657 Guangyuan
0%
China 1168056 Guankou
0%
China 671200 Guankou
0%
Brazil 124656 Guarapari
0%
Brazil 182093 Guarapuava
0%
Brazil 119073 Guaratinguetá
0%
Venezuela 200417 Guarenas
0%
Brazil 311230 Guarujá
0%
Brazil 1324781 Guarulhos
0%
Mexico 86361 Guasave
0%
Mexico 320000 Guasavito
0%
Venezuela 105000 Guasdualito
0%
Venezuela 200417 Guatire
0%
Mexico 156863 Guaymas
0%
Puerto Rico 70087 Guaynabo
0%
Philippines 60294 Gubat
0%
Indonesia 133900 Gubeng
0%
Russia 83766 Gubkin
0%
Russia 66352 Gudermes
0%
India 118167 Gudivāda
0%
India 74037 Gūdūr
0%
Guinea 221715 Guéckédou
0%
Senegal 329659 Guédiawaye
0%
Algeria 120004 Guelma
0%
Morocco 80703 Guercif
0%
Morocco 88676 Gueznaia
0%
Cameroon 65165 Guider
0%
China 4316262 Guigang
0%
Côte d’Ivoire 171454 Guiglo
0%
Venezuela 60000 Güigüe
0%
Philippines 113415 Guiguinto
0%
Philippines 102656 Guihulñgan
0%
United Kingdom 77057 Guildford
0%
Philippines 127653 Guimba
0%
Cuba 66892 Güines
0%
Philippines 85786 Guinobatan
0%
China 1511011 Guiping
0%
United Kingdom 64000 Guiseley
0%
China 540572 Guixi
0%
Pakistan 103284 Gujar Khan
0%
China 210757 Gujiao
0%
Russia 60361 Gukovo
0%
India 533587 Gulbarga
0%
China 723490 Guli
0%
Uzbekistan 90398 Guliston
0%
China 2606000 Gulou
0%
Philippines 71942 Gumaca
0%
India 80129 Gumlā
0%
Turkey 282692 Güngören
0%
India 126270 Guntakal
0%
India 670073 Guntūr
0%
Indonesia 137104 Gunungsitoli
0%
India 60000 Gunupur
0%
China 3321853 Guozhen
0%
Dominican Republic 126668 Gurabo al Medio
0%
India 120564 Gurdāspur
0%
India 876824 Gurgaon
0%
Turkey 81692 Gürgenpınarı
0%
Korea, South 180063 Guri
0%
Turkey 102601 Gürsu
0%
Brazil 65034 Gurupi
0%
India 67006 Guruvāyūr
0%
China 62700 Gusang
0%
Nigeria 383162 Gusau
0%
India 1116267 Guwāhāti
0%
China 70098 Guzhou
0%
Korea, South 64817 Gwacheon
0%
Nigeria 346000 Gwagwalada
0%
Korea, South 318021 Gwangmyeongni
0%
Korea, South 152160 Gwangyang
0%
Eritrea 100000 Gwelej
0%
Zimbabwe 158200 Gweru
0%
Nigeria 388600 Gwoza
0%
Korea, South 278500 Gyeongsan
0%
Japan 78488 Gyōda
0%
Kenya 174134 Habaswein
0%
Bangladesh 83114 Habiganj
0%
Japan 108370 Habikino
0%
India 147221 Hābra
0%
Japan 164292 Hadano
0%
Israel 95700 Hadera
0%
Algeria 65300 Hadjout
0%
Korea, North 241599 Haeju
0%
Pakistan 318621 Hafizabad
0%
United States 206889 Hagerstown
0%
Philippines 133448 Hagonoy
0%
China 1067905 Haicheng
0%
China 168227 Haicheng
0%
China 292755 Hailin
0%
China 480216 Hailun
0%
India 147688 Hājīpur
0%
Burma 72000 Haka
0%
Turkey 58470 Hakkari
0%
India 200827 Haldia
0%
India 656000 Haldwāni
0%
Jamaica 96494 Half Way Tree
0%
India 124939 Hālīsahar
0%
Canada 62951 Halton Hills
0%
India 61247 Halvad
0%
Iran 554406 Hamadān
0%
Japan 86653 Hamakita
0%
Algeria 83603 Hamma Bouziane
0%
Tunisia 106326 Hammamet
0%
Korea, South 154838 Hanam
0%
Japan 94691 Hanamaki Onsen
0%
China 383097 Hancheng
0%
China 903296 Hanchuan
0%
Tanzania 108968 Handeni
0%
India 269311 Handwāra
0%
India 86770 Hānsi
0%
India 129654 Hanumāngarh
0%
China 3211462 Hanzhong
0%
India 1077075 Hāora
0%
India 317004 Hāpur
0%
India 135066 Haraīpur
0%
India 140274 Harchandpur
0%
India 85136 Harda Khās
0%
Netherlands 59689 Hardenberg
0%
India 126851 Hardoī
0%
India 228832 Haridwār
0%
India 96422 Harihar
0%
India 168443 Harīpur
0%
Pakistan 97017 Harnai
0%
India 176140 Harnaut
0%
Ethiopia 117187 Harshin
0%
Pakistan 77206 Harunabad
0%
India 611533 Hasanpur
0%
Japan 66312 Hashima
0%
Japan 61063 Hashimoto
0%
Pakistan 99171 Hasilpur
0%
Bulgaria 94156 Haskovo
0%
India 133436 Hassan
0%
Algeria 86421 Hassi Bahbah
0%
India 58452 Hastināpur
0%
Japan 61473 Hasuda
0%
Vietnam 100560 Hà Tiên
0%
Vietnam 380000 Hà Tĩnh
0%
Japan 61781 Hatogaya-honchō
0%
Dominican Republic 61517 Hato Mayor
0%
Japan 114699 Hatsukaichi
0%
Thailand 406513 Hat Yai
0%
United States 67387 Haverhill
0%
India 73805 Hāveri
0%
Czechia 69694 Havířov
0%
India 142489 Hazāribāgh
0%
West Bank 201063 Hebron
0%
China 3417945 Hechi
0%
Netherlands 58387 Heerhugowaard
0%
China 891271 Hegang
0%
China 795198 Hejian
0%
China 392561 Hejin
0%
Japan 72480 Hekinan
0%
China 376857 Helixi
0%
Netherlands 92627 Helmond
0%
China 117087 Helong
0%
Taiwan 88740 Hemei
0%
Turkey 90153 Hendek
0%
China 78575 Hengbei
0%
Netherlands 81049 Hengelo
0%
India 120000 Hengken
0%
China 81086 Hengkou
0%
China 101415 Hengnan
0%
China 4212933 Hengshui
0%
China 896099 Hengzhou
0%
Germany 67265 Herford
0%
Israel 93989 Herẕliyya
0%
Philippines 77443 Hermosa
0%
Mexico 67604 Heroica Caborca
0%
Mexico 117253 Heroica Guaymas
0%
Mexico 541979 Heroica Matamoros
0%
Mexico 261137 Heroica Nogales
0%
China 516500 Heshan
0%
China 98938 Heshan
0%
Nepal 84000 Heṭauḍā
0%
China 2837686 Heyuan
0%
China 86951 Heyunkeng
0%
China 2007858 Hezhou
0%
China 112173 Hezuo
0%
Vietnam 152160 Hội An
0%
United States 200500 Hickory
0%
Vietnam 241373 Hải Dương
0%
Japan 197347 Higashi-Hiroshima
0%
Japan 91818 Higashi-Matsuyama
0%
Japan 150458 Higashimurayama
0%
Japan 112459 Higashiōmi
0%
Japan 84260 Higashiyamato
0%
United States 101437 Highlands Ranch
0%
Dominican Republic 251243 Higüey
0%
Egypt 66702 Hihyā
0%
Sri Lanka 101342 Hikkaduwa
0%
Japan 113191 Hikone
0%
Philippines 64514 Hilongos
0%
Philippines 116240 Himamaylan
0%
India 181137 Himatnagar
0%
Japan 527596 Himeji
0%
Haiti 102745 Hinche
0%
India 105690 Hindaun
0%
India 151677 Hindupur
0%
Philippines 88909 Hinigaran
0%
Japan 190598 Hino
0%
Burma 84880 Hinthada
0%
Japan 396694 Hirakata
0%
India 64423 Hiriyūr
0%
Japan 167803 Hirosaki
0%
India 307024 Hisar
0%
Tajikistan 308100 Hisor
0%
Japan 61755 Hita
0%
Japan 172709 Hitachi
0%
Japan 154311 Hitachi-Naka
0%
Vietnam 172915 Hạ Long
0%
Vietnam 101155 Hồng Ngự
0%
Vietnam 234567 Hòa Bình
0%
Vietnam 152339 Hòa Thành
0%
Korea, North 153532 Hoeryŏng
0%
Japan 114846 Hōfu
0%
Uganda 122700 Hoima
0%
Israel 194300 Holon
0%
Japan 644668 Honchō
0%
Japan 116477 Honchō
0%
China 289999 Hong’an
0%
China 341706 Hongjiang
0%
Japan 77900 Honjō
0%
Japan 120389 Honmachi
0%
Netherlands 77885 Hoofddorp
0%
South Africa 89917 Hoopstad
0%
United States 62152 Horizon West
0%
Ukraine 239828 Horlivka
0%
United Kingdom 63583 Hornchurch
0%
Paraguay 60031 Horqueta
0%
Brazil 215819 Hortolândia
0%
Ethiopia 69995 Hosa’ina
0%
Korea, South 108883 Hosan
0%
India 128599 Hoshangābād
0%
India 206167 Hospet
0%
India 229528 Hosūr
0%
Tunisia 84494 Houmt Souk
0%
Burkina Faso 87154 Houndé
0%
United Kingdom 103337 Hounslow
0%
Azerbaijan 85000 Hövsan
0%
Japan 102720 Hōyachō
0%
Burma 421525 Hpa-An
0%
Taiwan 453536 Hsinchu
0%
Burma 106427 Htison
0%
Vietnam 652572 Huế
0%
Peru 200585 Huacho
0%
China 341308 Huadian
0%
Thailand 65983 Hua Hin
0%
China 4587594 Huaihua
0%
China 1264000 Huaiyin
0%
China 59657 Huajiang
0%
China 67415 Huajing
0%
Taiwan 99458 Hualien
0%
Peru 71379 Huanchaco
0%
China 5882719 Huanggang
0%
China 484313 Huanghua
0%
China 231399 Huangjingkeng
0%
China 4564900 Huanglongsi
0%
China 1330565 Huangshan
0%
China 2469079 Huangshi
0%
Peru 196627 Huánuco
0%
Peru 79011 Huaral
0%
Peru 118836 Huaraz
0%
Mexico 60674 Huatusco
0%
Mexico 58957 Huauchinango
0%
Peru 160000 Huaycan
0%
China 205119 Huayin
0%
China 1291668 Huazhou
0%
China 1247807 Huazhou
0%
Mexico 77682 Huebampo
0%
Guatemala 136639 Huehuetenango
0%
Mexico 59721 Huehuetoca
0%
Mexico 59822 Huejotzingo
0%
India 288090 Hugli
0%
China 334213 Huichang
0%
Korea, North 168180 Hŭich’ŏn
0%
China 390531 Huili Chengguanzhen
0%
China 967313 Huilong
0%
China 272332 Huilong
0%
China 68958 Huishi
0%
Mexico 284965 Huixquilucan
0%
Pakistan 70204 Hujra Shah Muqim
0%
Taiwan 81550 Hukou
0%
China 267870 Hulin
0%
China 2434194 Huludao
0%
Angola 89144 Humpata
0%
China 225454 Hunchun
0%
Vietnam 118646 Hưng Yên
0%
India 57948 Hunsūr
0%
China 78250 Huolu
0%
Vietnam 95299 Hương Thủy
0%
Vietnam 72677 Hương Trà
0%
China 272987 Huozhou
0%
China 66271 Huquan
0%
Argentina 176505 Hurlingham
0%
Germany 61252 Hürth
0%
Taiwan 70300 Huwei
0%
Korea, South 941489 Hwasu-dong
0%
Pakistan 1732693 Hyderabad City
0%
Korea, North 192680 Hyesan
0%
Japan 59276 Hyūga
0%
Philippines 58507 Ibaan
0%
Brazil 133044 Ibirité
0%
Brazil 60600 Ibitinga
0%
Brazil 76432 Ibiúna
0%
Egypt 86186 Ibshawāy
0%
India 287570 Ichalkaranji
0%
Japan 268038 Ichihara
0%
Japan 492749 Ichikawa
0%
Japan 378108 Ichinomiya
0%
Japan 111824 Ichinoseki
0%
Korea, South 209003 Ich’ŏn
0%
Brazil 62521 Icó
0%
Nigeria 129795 Idanre
0%
India 64435 Idappādi
0%
India 295971 Idar
0%
Egypt 133772 Idfū
0%
Congo (Kinshasa) 61056 Idiofa
0%
Egypt 105875 Idkū
0%
Syria 165000 Idlib
0%
Tanzania 205843 Ifakara
0%
Benin 113749 Ifanhim
0%
Japan 85883 Iga
0%
Brazil 64831 Igarapé-Miri
0%
Brazil 115196 Igarassu
0%
Nigeria 400000 Igboho
0%
Turkey 101700 Iğdır
0%
Mexico 118468 Iguala de la Independencia
0%
Brazil 103074 Iguatu
0%
Japan 96642 Iida
0%
Japan 126136 Iizuka
0%
Nigeria 394246 Ijebu-Ode
0%
Brazil 78461 Ijuí
0%
Nigeria 1099931 Ikare
0%
Japan 104148 Ikeda
0%
Nigeria 861300 Ikeja
0%
Nigeria 79103 Ikom
0%
Japan 116518 Ikoma
0%
Nigeria 143077 Ikot Ekpene
0%
Philippines 158218 Ilagan
0%
Congo (Kinshasa) 107093 Ilebo
0%
Nigeria 501952 Ile-Ife
0%
Nigeria 384334 Ilesa
0%
United Kingdom 168168 Ilford
0%
Brazil 157639 Ilhéus
0%
Bosnia and Herzegovina 66730 Ilidža
0%
Philippines 363115 Iligan
0%
Greece 84004 Ílion
0%
Greece 76730 Ilioúpoli
0%
India 68534 Ilkal
0%
El Salvador 61510 Ilobasco
0%
Nigeria 118097 Ilobu
0%
Philippines 59855 Ilog
0%
Philippines 574000 Iloilo
0%
El Salvador 142979 Ilopango
0%
Japan 152111 Imabari
0%
Iraq 81500 Imam Qasim
0%
Madagascar 69953 Imerintsiatosika
0%
Japan 90201 Imizuchō
0%
Brazil 273110 Imperatriz
0%
India 264986 Imphāl
0%
Japan 93394 Inagi
0%
Japan 134938 Inazawa
0%
Brazil 71549 Indaial
0%
Brazil 256223 Indaiatuba
0%
Philippines 93168 Indanan
0%
Philippines 68699 Indang
0%
Indonesia 122400 Indramayu
0%
Turkey 294485 İnegöl
0%
Morocco 137512 Inezgane
0%
Philippines 76186 Infanta
0%
Burma 190412 Ingabu
0%
India 300088 Ingrāj Bāzār
0%
Mozambique 63837 Inhambane
0%
Nigeria 180533 Inisa
0%
Poland 69576 Inowrocław
0%
Japan 103084 Inzai
0%
Brazil 227731 Ipatinga
0%
Nigeria 78412 Iperu
0%
Nigeria 135000 Ipetumodu
0%
Colombia 169864 Ipiales
0%
Philippines 89401 Ipil
0%
Malaysia 866772 Ipoh
0%
Brazil 97669 Ipojuca
0%
Nigeria 150426 Ipokia
0%
Greece 211370 Irákleio
0%
Iran 113750 Īrānshahr
0%
Mexico 592953 Irapuato
0%
Brazil 59250 Irati
0%
Brazil 73524 Irecê
0%
Philippines 114457 Iriga City
0%
Tanzania 202490 Iringa
0%
Philippines 59267 Irosin
0%
Ukraine 65167 Irpin
0%
Spain 63656 Irún
0%
Japan 131467 Isahaya
0%
Nigeria 200000 Isanlu
0%
Japan 102088 Isehara
0%
Japan 213303 Isesaki
0%
Nigeria 236000 Iseyin
0%
Tajikistan 274000 Isfara
0%
Japan 58284 Ishikari
0%
Russia 67614 Ishim
0%
Russia 64041 Ishimbay
0%
Japan 71851 Ishioka
0%
Japan 138856 Ishizaki
0%
Argentina 190696 Isidro Casanova
0%
Congo (Kinshasa) 182900 Isiro
0%
Turkey 67650 İslahiye
0%
United Kingdom 206125 Islington
0%
Egypt 68656 Isnā
0%
France 67695 Issy-les-Moulineaux
0%
Tajikistan 273500 Istaravshan
0%
Philippines 97490 Isulan
0%
Paraguay 81084 Itá
0%
Brazil 96142 Itabaiana
0%
Japan 584483 Itabashi
0%
Brazil 65073 Itaberaba
0%
Brazil 113343 Itabira
0%
Brazil 224267 Itaboraí
0%
Brazil 186708 Itabuna
0%
Brazil 103598 Itacoatiara
0%
Colombia 276744 Itagüí
0%
Nepal 74501 Īṭahari̇̄
0%
Brazil 94750 Itaituba
0%
Brazil 264054 Itajaí
0%
Brazil 93073 Itajubá
0%
Brazil 64455 Itamaraju
0%
Japan 197215 Itami
0%
India 59490 Itānagar
0%
Brazil 103102 Itanhaém
0%
Brazil 167236 Itapecerica da Serra
0%
Brazil 67338 Itapema
0%
Brazil 101041 Itaperuna
0%
Brazil 65897 Itapetinga
0%
Brazil 157016 Itapetininga
0%
Brazil 89728 Itapeva
0%
Brazil 223404 Itapevi
0%
Brazil 131123 Itapipoca
0%
Brazil 75234 Itapira
0%
Brazil 375011 Itaquaquecetuba
0%
India 99330 Itārsi
0%
Brazil 122581 Itatiba
0%
Paraguay 100456 Itauguá
0%
Brazil 97669 Itaúna
0%
Nigeria 110196 Itele
0%
Philippines 61498 Itogon
0%
Japan 60903 Itoman
0%
Japan 98527 Itoshima
0%
India 185008 Ittikara
0%
Brazil 167095 Itu
0%
Brazil 102217 Ituiutaba
0%
Brazil 107970 Itumbiara
0%
Brazil 62813 Itupeva
0%
Argentina 129510 Ituzaingó
0%
France 64526 Ivry-sur-Seine
0%
Japan 127512 Iwakuni
0%
Japan 79361 Iwamizawa
0%
Japan 165688 Iwata
0%
Mexico 98654 Ixmiquilpan
0%
Mexico 68823 Ixtaczoquitlán
0%
Mexico 542211 Ixtapaluca
0%
Mexico 153184 Ixtlahuaca
0%
Mexico 67969 Ixtlahuacán de los Membrillos
0%
El Salvador 82332 Izalco
0%
Egypt 70000 ‘Izbat al Burj
0%
Ukraine 69932 Izmail
0%
Mexico 69413 Izúcar de Matamoros
0%
Japan 74175 Izumiōtsu
0%
Japan 99328 Izumisano
0%
Japan 171995 Izumo
0%
Japan 184299 Izuo
0%
Gaza Strip 172704 Jabālyā
0%
Syria 75505 Jablah
0%
Brazil 581556 Jaboatão dos Guararapes
0%
Brazil 71821 Jabuticabal
0%
Brazil 240275 Jacareí
0%
Haiti 137966 Jacmel
0%
Brazil 82590 Jacobina
0%
Mexico 68781 Jacona de Plancarte
0%
Sri Lanka 88138 Jaffna
0%
India 124894 Jagādhri
0%
India 79901 Jagannāthaprasād
0%
India 325463 Jagdalpur
0%
India 66982 Jagoniguda
0%
India 65240 Jagraon
0%
Brazil 58722 Jaguariúna
0%
Cuba 87771 Jagüey Grande
0%
Iran 141634 Jahrom
0%
India 65471 Jaisalmer
0%
Pakistan 90130 Jalalpur Jattan
0%
India 873725 Jalandhar
0%
Guatemala 192676 Jalapa
0%
India 460468 Jalgaon
0%
Nigeria 660213 Jalingo
0%
India 393000 Jālna
0%
India 107341 Jalpāiguri
0%
Somalia 129149 Jamaame
0%
Bangladesh 167900 Jamālpur
0%
India 105221 Jamālpur
0%
Indonesia 612162 Jambi
0%
Iraq 65300 Jamjamāl
0%
India 158380 Jāmkhed
0%
India 479920 Jāmnagar
0%
Pakistan 80000 Jamshoro
0%
India 90426 Jāmtāra
0%
India 87357 Jamūī
0%
Colombia 130114 Jamundí
0%
Nepal 97776 Janakpur
0%
Brazil 66803 Janaúba
0%
Brazil 126356 Jandira
0%
India 120000 Jandrapeta
0%
India 88165 Jangipur
0%
Philippines 66786 Janiuay
0%
Brazil 67852 Januária
0%
Libya 88073 Janzūr
0%
India 74907 Jaorā
0%
Brazil 105548 Japeri
0%
Dominican Republic 68585 Jarabacoa
0%
Brazil 182660 Jaraguá do Sul
0%
Syria 114363 Jaramānā
0%
Pakistan 150380 Jaranwala
0%
Poland 82788 Jastrzębie-Zdrój
0%
Brazil 105729 Jataí
0%
India 63697 Jatani
0%
Pakistan 113188 Jauharabad
0%
India 180362 Jaunpur
0%
Somalia 111308 Jawhar
0%
Poland 88998 Jaworzno
0%
India 217820 Jaynagar
0%
Saudi Arabia 127743 Jāzān
0%
Haiti 148416 Jean-Rabel
0%
Indonesia 298585 Jember
0%
Korea, South 110194 Jeonghae
0%
Indonesia 81920 Jepara
0%
Brazil 147202 Jequié
0%
Mexico 57610 Jerez de García Salinas
0%
Bangladesh 243987 Jessore
0%
India 129653 Jetpur
0%
India 101145 Jeypore
0%
Pakistan 414131 Jhang City
0%
India 507000 Jhānsi
0%
India 61712 Jhārgrām
0%
India 124500 Jhārsugra
0%
Pakistan 190425 Jhelum
0%
Bangladesh 252500 Jhenida
0%
China 515700 Jiaji
0%
China 2156505 Jiamusi
0%
China 1045900 Jiancheng
0%
China 4307488 Jiangguanchi
0%
China 119665 Jiangna
0%
China 494412 Jiangshan
0%
China 467862 Jiangshandicun
0%
China 1065641 Jianguang
0%
China 439958 Jiannan
0%
China 434451 Jian’ou
0%
China 687130 Jianshe
0%
China 169220 Ji’an Shi
0%
China 95163 Jiantang
0%
China 907500 Jiaozhou
0%
China 3521078 Jiaozuo
0%
Korea, South 135767 Jicheon
0%
Bahrain 66588 Jidd Ḩafş
0%
China 561956 Jieshou
0%
China 406517 Jiexiu
0%
Cuba 58982 Jiguaní
0%
Algeria 131513 Jijel
0%
Ethiopia 125876 Jijiga
0%
Somalia 125000 Jilib
0%
Mexico 87927 Jilotepec
0%
China 93281 Jinbi
0%
China 438026 Jinchang
0%
India 167592 Jīnd
0%
China 663408 Jingcheng
0%
China 1618979 Jingdezhen
0%
China 161343 Jinggang
0%
China 154325 Jinghai
0%
China 642737 Jinghong
0%
China 1158640 Jingling
0%
China 101297 Jingping
0%
China 85350 Jinhe
0%
Uganda 300000 Jinja
0%
Philippines 60865 Jinoba-an
0%
Nicaragua 99382 Jinotega
0%
China 71240 Jinsha
0%
China 366512 Jinshan
0%
China 212739 Jinshi
0%
China 60086 Jinxing
0%
China 60800 Jinzecun
0%
Brazil 106800 Ji-Paraná
0%
Egypt 102597 Jirjā
0%
Iran 130429 Jīroft
0%
China 4600276 Jiujiang
0%
China 205399 Jiutai
0%
Mexico 215357 Jiutepec
0%
China 1502060 Jixi
0%
China 124716 Jizhou
0%
Uzbekistan 202200 Jizzax
0%
Brazil 73610 João Monlevade
0%
Guatemala 75578 Jocotán
0%
Mexico 65291 Jocotitlán
0%
Japan 187291 Jōetsu
0%
Brazil 429604 Joinvile
0%
Philippines 137266 Jolo
0%
India 153249 Jorhāt
0%
Philippines 73381 Jose Abad Santos
0%
Argentina 216637 José C. Paz
0%
Argentina 160219 José María Ezeiza
0%
Philippines 63662 Jose Pañganiban
0%
Japan 59314 Jōsō
0%
Lebanon 102221 Joünié
0%
Cuba 58685 Jovellanos
0%
Guatemala 107634 Joyabaj
0%
Japan 72869 Jōyō
0%
Puerto Rico 66102 Juana Díaz
0%
France 60000 Juan-les-Pins
0%
El Salvador 70959 Juayúa
0%
Brazil 174567 Juazeiro
0%
Brazil 286120 Juazeiro do Norte
0%
Mexico 74825 Juchitán de Zaragoza
0%
Peru 276110 Juliaca
0%
China 90311 Julu
0%
India 87867 Jumri Tilaiyā
0%
India 320250 Jūnāgadh
0%
China 141736 Jun’an
0%
Argentina 85420 Junín
0%
Guatemala 167049 Jutiapa
0%
Honduras 124828 Juticalpa
0%
Philippines 77164 Kabacan
0%
Philippines 200198 Kabankalan
0%
Rwanda 71769 Kabarore
0%
Pakistan 70123 Kabirwala
0%
Zambia 288598 Kabwe
0%
India 99807 Kadaiyanallūr
0%
India 89429 Kadiri
0%
Turkey 98469 Kadirli
0%
Japan 118319 Kadoma
0%
Zimbabwe 116300 Kadoma
0%
Sudan 92674 Kadugli
0%
Korea, North 319554 Kaech’ŏn
0%
Egypt 104709 Kafr ad Dawwār
0%
Egypt 147393 Kafr ash Shaykh
0%
Egypt 76413 Kafr az Zayyāt
0%
Egypt 294765 Kafr Şaqr
0%
Zambia 219000 Kafue
0%
Turkey 455943 Kâğıthane
0%
Tanzania 453654 Kahama
0%
Pakistan 76098 Kahror Pakka
0%
Turkey 86232 Kâhta
0%
China 623772 Kaihua
0%
India 89000 Kairāna
0%
India 144915 Kaithal
0%
China 950939 Kaiyuan
0%
China 460927 Kaiyuan
0%
China 323031 Kaiyuan
0%
China 110964 Kaiyun
0%
Japan 84356 Kaizuka
0%
Malaysia 236240 Kajang
0%
South Sudan 196000 Kajo Kaji
0%
Kenya 91778 Kakamega
0%
Japan 143641 Kakamigahara
0%
Japan 113954 Kakegawa
0%
India 384182 Kākināda
0%
Japan 255523 Kakogawachō-honmachi
0%
Kenya 200000 Kakuma
0%
Benin 168882 Kalalé
0%
Greece 92248 Kalamariá
0%
India 70776 Kalamasseri
0%
India 177154 Kalamboli
0%
Iraq 250000 Kalār
0%
Congo (Kinshasa) 146974 Kalemie
0%
India 112014 Kaliānpur
0%
Philippines 89127 Kalibo
0%
India 73528 Kallakkurichchi
0%
India 1197412 Kalleli
0%
India 97483 Kallūru
0%
Sri Lanka 106780 Kalmunai
0%
India 133737 Kalol
0%
Sri Lanka 86405 Kalpitiya
0%
Ukraine 65088 Kalush
0%
India 100575 Kalyani
0%
Japan 109370 Kamagaya
0%
Japan 172929 Kamakurayama
0%
Pakistan 121401 Kamalia
0%
Iran 141166 Kamālshahr
0%
India 80315 Kāmāreddipet
0%
India 330211 Kāmārhāti
0%
India 77736 Kambam
0%
Pakistan 97691 Kambar
0%
Russia 83286 Kamensk-Shakhtinskiy
0%
Russia 161085 Kamensk-Ural’skiy
0%
Japan 85962 Kameoka
0%
Albania 126777 Kamëz
0%
Ukraine 96896 Kamianets-Podilskyi
0%
Ukraine 226845 Kamianske
0%
Congo (Kinshasa) 156761 Kamina
0%
Japan 194460 Kamirenjaku
0%
Japan 95471 Kamisu
0%
Cambodia 118242 Kampong Cham
0%
Cambodia 83061 Kampong Trach
0%
Indonesia 66211 Kampung Tengah
0%
Guinea 68999 Kamsar
0%
Uganda 67800 Kamuli
0%
Russia 105187 Kamyshin
0%
Philippines 59696 Kananya
0%
Mexico 139753 Kanasín
0%
Canada 137118 Kanata
0%
India 129576 Kānchrāpāra
0%
Pakistan 105011 Kandhkot
0%
Japan 74469 Kandori
0%
India 94874 Kangan
0%
Iran 60187 Kangān
0%
China 63779 Kangbao
0%
Korea, North 251971 Kanggye
0%
China 174672 Kangqiao
0%
India 65499 Kānhangād
0%
Gambia, The 382096 Kanifing
0%
United States 67925 Kankakee
0%
Guinea 198013 Kankan
0%
India 3243170 Kannankulam
0%
Japan 57921 Kan’onjichō
0%
Japan 98367 Kanoya
0%
Russia 86816 Kansk
0%
Japan 94591 Kanuma
0%
Congo (Kinshasa) 65000 Kanyobagonga
0%
Senegal 172305 Kaolack
0%
Philippines 81068 Kapalong
0%
Philippines 62571 Kapatagan
0%
Hungary 58830 Kaposvár
0%
India 101854 Kapūrthala
0%
Turkey 125403 Karabük
0%
Turkey 84907 Karacabey
0%
India 85500 Karād
0%
India 659260 Karaikandi
0%
India 303291 Kāraikkudi
0%
China 66541 Karakax
0%
Turkey 265035 Karaköprü
0%
China 487000 Karamay
0%
Turkey 59676 Karamürsel
0%
Indonesia 86402 Karanganyar
0%
India 100947 Kāranja
0%
Turkey 70600 Karasu
0%
Turkey 136625 Karatepe
0%
Japan 116052 Karatsu
0%
Indonesia 307880 Karawang
0%
China 75730 Kargilik
0%
Benin 66675 Karimama
0%
India 797447 Karīmnagar
0%
Japan 153178 Kariya
0%
India 200000 Karjat
0%
India 357334 Karnāl
0%
Malawi 61609 Karonga
0%
Turkey 346264 Karşıyaka
0%
Turkey 483418 Kartal
0%
India 394719 Karūr
0%
India 155213 Kārwār
0%
Zambia 101845 Kasama
0%
Japan 73521 Kasama
0%
Uganda 207800 Kasangati
0%
India 200000 Kasba Patāspur
0%
Zambia 111272 Kasempa
0%
Uganda 115400 Kasese
0%
Iran 304487 Kāshān
0%
Japan 78346 Kashiba
0%
Zambia 150000 Kashikishi
0%
Japan 67001 Kashima
0%
India 321623 Kāshīpur
0%
Japan 121604 Kashiwara
0%
Japan 67757 Kashiwara
0%
Japan 81027 Kashiwazaki
0%
Iran 102282 Kāshmar
0%
Pakistan 63984 Kashmor
0%
India 73425 Kāsipālaiyam
0%
Congo (Kinshasa) 63000 Kasongo
0%
Sudan 536009 Kassala
0%
Tunisia 108794 Kasserine
0%
Japan 111144 Kasuga
0%
Japan 306449 Kasugai
0%
Japan 228975 Kasukabe
0%
Tanzania 238321 Kasulu
0%
Malawi 58653 Kasungu
0%
Pakistan 314617 Kasur
0%
Japan 77401 Katano
0%
Greece 59189 Kateríni
0%
Pakistan 80000 Kathri
0%
India 59866 Kathua
0%
India 240565 Katihār
0%
Côte d’Ivoire 90641 Katiola
0%
South Africa 467890 Katlehong
0%
Japan 74469 Katori
0%
India 81615 Kātoya
0%
Japan 451772 Katsushika-ku
0%
Uzbekistan 62300 Kattagan
0%
Uzbekistan 90600 Kattaqo’rg’on Shahri
0%
Netherlands 66607 Katwijk
0%
Bangladesh 70515 Kaukhāli
0%
Nigeria 281367 Kaura Namoda
0%
India 90099 Kāvali
0%
Japan 486464 Kawachichō
0%
Japan 100415 Kawachinagano
0%
Japan 354598 Kawagoe
0%
Japan 607373 Kawaguchi
0%
Canada 79247 Kawartha Lakes
0%
Japan 152076 Kawashiri
0%
Philippines 107535 Kawit
0%
Egypt 71596 Kawm Umbū
0%
Burma 57949 Kawthoung
0%
Turkey 111395 Kayabaşı
0%
India 68634 Kāyankulam
0%
Turkey 419513 Kayapınar
0%
Mali 127368 Kayes
0%
Congo (Brazzaville) 71620 Kayes
0%
Bulgaria 89197 Kazanlak
0%
Iran 96683 Kāzerūn
0%
Japan 112792 Kazo
0%
Ethiopia 543272 K’ebrī Beyah
0%
Ethiopia 499500 K’ebrī Dehar
0%
Turkey 939279 Keçiören
0%
Indonesia 252000 Kediri
0%
Israel 100800 Kefar Sava
0%
Nigeria 85911 Keffi
0%
India 64937 Keitumkawn
0%
Tunisia 63264 Kelaa Kebira
0%
Tunisia 62993 Kélibia
0%
Turkey 114250 Kemalpaşa
0%
South Africa 171575 Kempton Park
0%
United States 78527 Kendall
0%
Indonesia 331013 Kendari
0%
Kenya 91248 Kendu Bay
0%
Sierra Leone 188463 Kenema
0%
Burma 75865 Kengtung
0%
Malaysia 173130 Keningau
0%
Kazakhstan 81484 Kentaū
0%
Greece 75721 Keratsíni
0%
Eritrea 146500 Keren
0%
Iran 738374 Kermān
0%
Iran 946651 Kermānshāh
0%
Germany 67627 Kerpen
0%
India 62323 Kesamudram
0%
Turkey 83874 Keşan
0%
Sri Lanka 243842 Kesbewa
0%
Japan 59341 Kesennuma
0%
China 72403 Keshan
0%
India 76193 Keshod
0%
Indonesia 92755 Ketapang
0%
Benin 156497 Kétou
0%
India 59691 Khagaria
0%
India 63763 Khagaul
0%
Pakistan 144949 Khairpur Mir’s
0%
Pakistan 300000 Khairpur Tamewah
0%
India 80991 Khamānon Kalān
0%
India 100000 Khambhāliya
0%
India 98700 Khambhāt
0%
Saudi Arabia 99213 Khamīs Mushayţ
0%
India 196283 Khammam
0%
India 345839 Khānāpur
0%
India 57698 Khandāla
0%
India 200738 Khandwa
0%
Pakistan 281890 Khanewal
0%
India 128137 Khanna
0%
Pakistan 160308 Khanpur
0%
Russia 105995 Khanty-Mansiysk
0%
Gaza Strip 205125 Khān Yūnis
0%
Pakistan 175000 Khapalu
0%
India 207604 Kharagpur
0%
Pakistan 80806 Kharan
0%
India 108496 Khardah
0%
India 215000 Khargone
0%
Pakistan 85765 Kharian
0%
Russia 155144 Khasavyurt
0%
India 227226 Khatīma
0%
South Africa 391749 Khayelitsha
0%
India 102587 Kheda
0%
India 75000 Khejroli
0%
Algeria 76474 Khemis el Khechna
0%
Algeria 84574 Khemis Miliana
0%
Morocco 228567 Khénifra
0%
Pakistan 80000 Khewra
0%
Pakistan 332833 Khipro
0%
Ukraine 274452 Khmelnytskyi
0%
Iran 164493 Khodābandeh
0%
Iran 72882 Khomeyn
0%
Iran 247128 Khomeynī Shahr
0%
Thailand 412758 Khon Kaen
0%
India 108648 Khopoli
0%
India 274403 Khorabar
0%
Iran 200000 Khorramābād
0%
Iran 133097 Khorramshahr
0%
Afghanistan 160214 Khōst
0%
Iran 86063 Khowrāsgān
0%
Iran 198845 Khowy
0%
Ukraine 79533 Khrustalnyi
0%
Saudi Arabia 63445 Khulayş
0%
India 120204 Khurda
0%
Pakistan 110868 Khushab
0%
Pakistan 141395 Khuzdar
0%
Pakistan 265571 Khwazakhela
0%
Philippines 65774 Kiamba
0%
Kenya 147870 Kiambu
0%
Tanzania 265360 Kibaha
0%
Congo (Kinshasa) 946372 Kibanseke Première
0%
India 221965 Kichha
0%
Philippines 160791 Kidapawan
0%
Mauritania 110714 Kiffa
0%
Tanzania 232388 Kigoma
0%
Kenya 122899 Kilifi
0%
Sri Lanka 103717 Kilinochchi
0%
Turkey 112187 Kilis
0%
Korea, South 531966 Kimhae
0%
Japan 81355 Kimitsu
0%
Korea, South 81357 Kimje
0%
Guinea 181126 Kindia
0%
Congo (Kinshasa) 172321 Kindu
0%
Russia 77694 Kineshma
0%
Vietnam 203638 Kinh Môn
0%
Ghana 111000 Kintampo
0%
Congo (Kinshasa) 132861 Kipushi
0%
Egypt 69317 Kirdāsah
0%
Uganda 69000 Kireka
0%
Turkey 121028 Kırıkhan
0%
Turkey 186960 Kırıkkale
0%
Japan 123812 Kirishima
0%
Turkey 85493 Kırklareli
0%
Russia 71498 Kirovo-Chepetsk
0%
Turkey 150700 Kırşehir
0%
Nepal 65602 Kirtipur
0%
Japan 105751 Kiryū
0%
Indonesia 147639 Kisaran
0%
Tanzania 159226 Kisarawe
0%
Japan 136023 Kisarazu
0%
Congo (Kinshasa) 386151 Kisenzi
0%
India 105782 Kishanganj
0%
India 154886 Kishangarh
0%
Japan 188015 Kishiwada
0%
Nigeria 155510 Kisi
0%
Russia 126423 Kislovodsk
0%
Guinea 66815 Kissidougou
0%
Kenya 409928 Kisumu
0%
Japan 58125 Kitahiroshima
0%
Japan 92348 Kitakami
0%
Japan 84007 Kitakōriyamachō
0%
Japan 353058 Kita-ku
0%
Kenya 63245 Kitale
0%
Japan 65191 Kitamoto
0%
Kenya 154436 Kitenkela
0%
Japan 75389 Kiyose
0%
Japan 69687 Kiyosu
0%
Turkey 267151 Kızıltepe
0%
Japan 78035 Kizugawa
0%
Czechia 69078 Kladno
0%
Malaysia 878000 Klang
0%
South Africa 186515 Klerksdorp
0%
Russia 63059 Klintsy
0%
Malaysia 323762 Kluang
0%
South Africa 76150 Knysna
0%
Turkey 363416 Kocaeli
0%
Turkey 409005 Kocasinan
0%
India 77935 Koch Bihār
0%
India 64234 Kodād
0%
Japan 196959 Kodaira
0%
India 70000 Kodoli
0%
India 70868 Kodungallūr
0%
Japan 115441 Kōenchō
0%
Ghana 127334 Koforidua
0%
Japan 127226 Koganei
0%
Uzbekistan 107566 Kogon Shahri
0%
Pakistan 170800 Kohat
0%
India 99039 Kohīma
0%
Sierra Leone 124662 Koidu
0%
Sierra Leone 87539 Koidu-Bulma
0%
India 143529 Koiridih
0%
Japan 58658 Koja
0%
Japan 60592 Kokawa
0%
China 80000 Koktokay
0%
Japan 129619 Kokubunji
0%
India 138462 Kolār
0%
Senegal 62258 Kolda
0%
Algeria 61643 Kolea
0%
India 365253 Kolga
0%
Russia 132247 Kolomna
0%
Ukraine 60821 Kolomyia
0%
Mali 57898 Kolondiéba
0%
Sri Lanka 64887 Kolonnawa
0%
Russia 225801 Kolpino
0%
Congo (Kinshasa) 480000 Kolwezi
0%
Japan 84437 Komae
0%
Japan 147897 Komaki
0%
Japan 108509 Komatsu
0%
Ethiopia 85367 Kombolcha
0%
Russia 235488 Komsomol’sk-na-Amure
0%
Turkey 332277 Konak
0%
Japan 97435 Kōnan
0%
China 81909 Kongjiazhuangcun
0%
Congo (Kinshasa) 105202 Kongolo
0%
Tajikistan 219000 Konibodom
0%
Ghana 71238 Konongo
0%
Japan 116777 Kōnosu
0%
Ukraine 83543 Konotop
0%
Nigeria 98763 Kontagora
0%
Benin 70938 Kopargo
0%
Russia 144957 Kopeysk
0%
India 66504 Koratla
0%
India 365253 Korba
0%
Tunisia 65542 Korba
0%
Turkey 178048 Körfez
0%
China 71466 Korgas
0%
Côte d’Ivoire 440926 Korhogo
0%
Mali 62681 Koro
0%
Tanzania 62032 Korogwe
0%
Russia 226007 Korolëv
0%
Philippines 195398 Koronadal
0%
Ukraine 61496 Korosten
0%
Greece 61248 Korydallós
0%
Japan 57682 Kosai
0%
Japan 341784 Koshigaya
0%
Japan 61997 Kōshizuka
0%
Ukraine 67350 Kostiantynivka
0%
Poland 105883 Koszalin
0%
Malaysia 491237 Kota Bharu
0%
Pakistan 120479 Kot Addu
0%
Indonesia 120597 Kotamobagu
0%
India 175232 Kotdwāra
0%
Russia 72311 Kotelniki
0%
India 57583 Kothāpet
0%
India 91979 Kot Kapūra
0%
Pakistan 3219375 Kotla Qasim Khan
0%
Sri Lanka 107523 Kotmale
0%
Japan 523419 Kōtō-ku
0%
Pakistan 102057 Kot Radha Kishan
0%
Pakistan 259358 Kotri
0%
India 79819 Kottagūdem
0%
India 2952254 Kottārasshēri
0%
India 571856 Kottayam
0%
Benin 112014 Kouandé
0%
Burkina Faso 160207 Koudougou
0%
Côte d’Ivoire 412282 Koumassi
0%
Morocco 195931 Kouribga
0%
Cameroon 101246 Kousséri
0%
Mali 137919 Koutiala
0%
Ukraine 67575 Kovel
0%
India 115434 Kovilpatti
0%
Russia 128879 Kovrov
0%
Hong Kong 418732 Kowloon City
0%
Turkmenistan 98477 Koytendag
0%
Turkey 132703 Kozan
0%
Togo 75084 Kpalimé
0%
Serbia 66688 Kraljevo
0%
Russia 193127 Krasnogorsk
0%
Ukraine 79533 Krasnyi Luch
0%
Cambodia 60000 Kratie
0%
Ukraine 215271 Kremenchuk
0%
Indonesia 71795 Kresek
0%
Cameroon 60000 Kribi
0%
India 85254 Krishnagiri
0%
India 153062 Krishnanagar
0%
Indonesia 65599 Kronjo
0%
South Africa 168762 Kroonstad
0%
Russia 74893 Kropotkin
0%
Ukraine 219676 Kropyvnytskyi
0%
South Africa 140643 Krugersdorp
0%
Serbia 58745 Kruševac
0%
Algeria 67813 Ksar el Boukhari
0%
Morocco 124701 Ksar El Kebir
0%
Russia 61602 Kstovo
0%
South Sudan 78111 Kuacjok
0%
China 1302778 Kuaidamao
0%
Malaysia 255109 Kuala Terengganu
0%
Malaysia 607778 Kuantan
0%
Pakistan 184818 Kuchlagh
0%
Turkey 326452 Küçükçekmece
0%
Iran 89091 Kūhdasht
0%
China 564501 Kuiju
0%
Nigeria 212100 Kuje
0%
India 60598 Kukarmunda
0%
Nigeria 203864 Kukawa
0%
Japan 150197 Kukichūō
0%
Malaysia 230000 Kulai
0%
Tajikistan 214700 Kŭlob
0%
Japan 193190 Kumagaya
0%
India 86945 Kumārapālaiyam
0%
India 140156 Kumbakonam
0%
Cameroon 80212 Kumbo
0%
Russia 57949 Kumertau
0%
Korea, South 404691 Kumi
0%
Pakistan 784711 Kumila
0%
Turkey 73496 Kumluca
0%
China 492096 Kumul
0%
India 100000 Kundli
0%
Russia 62173 Kungur
0%
Indonesia 113860 Kuningan
0%
Japan 75133 Kunitachi
0%
India 77748 Kuniyamuttūr
0%
Korea, South 270443 Kunp’o
0%
Korea, South 275155 Kunsan
0%
Indonesia 466632 Kupang
0%
India 65456 Kurabūr
0%
Japan 474862 Kurashiki
0%
Russia 310911 Kurgan
0%
Japan 63689 Kurihara
0%
Sudan 250000 Kurmuk
0%
India 457633 Kurnool
0%
Japan 302858 Kurume
0%
Turkey 130835 Kuşadası
0%
Japan 139913 Kusatsu
0%
Japan 165699 Kushiro
0%
Bangladesh 418312 Kushtia
0%
Korea, North 196515 Kusŏng
0%
Sudan 345068 Kūstī
0%
Turkey 263863 Kütahya
0%
Angola 78543 Kuvango
0%
Japan 138798 Kuwana
0%
China 166261 Kuytun
0%
Russia 78390 Kuznetsk
0%
South Africa 101224 KwaDukuza
0%
South Africa 69853 Kwamhlanga
0%
Zimbabwe 119863 Kwekwe
0%
Vietnam 120518 Kỳ Anh
0%
Burma 180000 Kyaukpyu
0%
Burma 741071 Kyaukse
0%
Korea, South 248244 Kyŏngju
0%
Japan 73985 Kyōtanabe
0%
Russia 116015 Kyzyl
0%
Argentina 106441 La Banda
0%
Mexico 67937 La Barca
0%
Guinea 107695 Labé
0%
Philippines 109245 Labo
0%
Malaysia 95120 Labuan
0%
Philippines 66664 La Carlota
0%
Canada 58889 Lac-Brome
0%
Honduras 197267 La Ceiba
0%
Colombia 64889 La Ceja
0%
India 302956 Lachhmangarh Sīkar
0%
Panama 68896 La Chorrera
0%
Guatemala 61486 La Democracia
0%
Colombia 72925 La Dorada
0%
South Africa 64855 Ladysmith
0%
Belgium 60295 Laeken
0%
Colombia 71545 La Estrella
0%
Nigeria 330712 Lafia
0%
Brazil 105221 Lagarto
0%
Algeria 134372 Laghouat
0%
Vietnam 108519 La Gi
0%
Brazil 75145 Lagoa Santa
0%
Mexico 172402 Lagos de Moreno
0%
Chile 116571 La Granja
0%
Venezuela 90000 La Grita
0%
Venezuela 203520 La Guaira
0%
United States 62233 La Habra
0%
Malaysia 199830 Lahad Datu
0%
Nepal 102031 Lahān
0%
India 84000 Lāharpur
0%
Indonesia 65906 Lahat
0%
China 2074611 Laibin
0%
China 1248636 Laiwu
0%
China 720103 Laixi
0%
China 794986 Laiyang
0%
China 75701 Laiyuan
0%
Brazil 97432 Lajeado
0%
Brazil 164981 Lajes
0%
Algeria 59746 Lakhdaria
0%
Bangladesh 83112 Lakshmīpur
0%
Pakistan 67283 Lala Musa
0%
Ecuador 112154 La Libertad
0%
Guatemala 86171 La Libertad
0%
Honduras 71910 La Lima
0%
Spain 64177 La Línea de la Concepción
0%
Cuba 147415 La Lisa
0%
India 133305 Lalitpur
0%
Bangladesh 60322 Lalmanirhat
0%
Benin 119926 Lalo
0%
Belgium 80986 La Louvière
0%
Tunisia 100000 La Marsa
0%
Peru 58276 Lambayeque
0%
Philippines 81236 Lambunao
0%
Philippines 100150 Lamitan
0%
Thailand 58074 Lampang
0%
Hong Kong 131000 Lam Tin
0%
Iran 79445 Langarūd
0%
Germany 59908 Langenfeld
0%
China 4358839 Langfang
0%
Indonesia 178334 Langsa
0%
China 622667 Langzhong
0%
Philippines 65974 Lantapan
0%
China 560514 Lanxi
0%
China 72528 Lanxi
0%
Philippines 111651 Laoag
0%
Philippines 60607 Laoang
0%
Vietnam 130671 Lào Cai
0%
China 420495 Laohekou
0%
Mexico 304088 La Peña
0%
Mexico 83323 La Piedad
0%
Philippines 497604 Lapu-Lapu City
0%
Qatar 198600 Laqţah
0%
Italy 69558 L’Aquila
0%
Morocco 133731 Larache
0%
Chile 92787 La Reina
0%
Pakistan 490508 Larkana
0%
France 62905 La Seyne-sur-Mer
0%
Argentina 189067 Las Heras
0%
Burma 149423 Lashio
0%
Afghanistan 276831 Lashkar Gāh
0%
Mexico 141027 Las Maravillas
0%
Uruguay 71268 Las Piedras
0%
Philippines 606293 Las Piñas City
0%
Spain 98590 Las Rozas de Madrid
0%
Cuba 202105 Las Tunas
0%
Ecuador 77267 Latacunga
0%
Philippines 137404 La Trinidad
0%
Mexico 83111 La Trinidad
0%
Brazil 113543 Lauro de Freitas
0%
Dominican Republic 220279 La Vega
0%
Venezuela 143468 La Victoria
0%
Brazil 104761 Lavras
0%
Indonesia 112540 Lawang
0%
United States 67880 Leander
0%
United States 72475 Lebanon
0%
Tunisia 73953 Le Bardo
0%
France 59912 Le Blanc-Mesnil
0%
China 64587 Lechang
0%
China 383498 Lecheng
0%
Philippines 209533 Legazpi City
0%
Italy 59941 Legnano
0%
United States 127391 Lehigh Acres
0%
China 1140675 Leiyang
0%
China 1321091 Leizhou
0%
Tunisia 74132 Le Kram
0%
China 559166 Leling
0%
Indonesia 441147 Lembok
0%
Brazil 80757 Leme
0%
Philippines 93186 Lemery
0%
Brazil 66131 Lençóis Paulista
0%
United States 57986 Lenexa
0%
China 329912 Lengshuijiang
0%
Russia 60993 Leninogorsk
0%
Russia 92244 Leninsk-Kuznetskiy
0%
Mexico 1579803 León de los Aldama
0%
China 753787 Leping
0%
China 88559 Leping
0%
Chad 89237 Léré
0%
Mexico 105578 Lerma
0%
Haiti 86780 Les Cayes
0%
China 3160168 Leshan
0%
China 88069 Leshou
0%
Poland 61791 Leszno
0%
Burma 176571 Letpandan
0%
Indonesia 131352 Leuwiliang
0%
France 68412 Levallois-Perret
0%
Indonesia 180200 Lhokseumawe
0%
China 160961 Liancheng
0%
China 1038416 Liangshi
0%
China 121367 Lianhe
0%
China 1363470 Lianjiang
0%
China 58429 Liannong
0%
China 483753 Lianran
0%
China 2426000 Lianshan
0%
China 58429 Liantangcun
0%
China 862099 Lianyuan
0%
China 377220 Lianzhou
0%
China 59576 Lianzhuangcun
0%
China 1604580 Liaoyang
0%
China 996903 Liaoyuan
0%
Argentina 100324 Libertad
0%
Philippines 112994 Libmanan
0%
Philippines 75073 Libon
0%
China 749522 Licheng
0%
China 334527 Licheng
0%
Mozambique 142253 Lichinga
0%
China 750670 Lichuan
0%
Belarus 103916 Lida
0%
Philippines 118096 Ligao
0%
Congo (Kinshasa) 495000 Likasi
0%
Philippines 78272 Limay
0%
Haiti 69256 Limbé
0%
Brazil 249046 Limeira
0%
Brazil 59560 Limoeiro do Norte
0%
Haiti 69256 Limonade
0%
Paraguay 87301 Limpio
0%
China 232160 Lin’an
0%
China 2257991 Lincang
0%
Tanzania 95096 Lindi
0%
China 68000 Lindong
0%
Philippines 107728 Lingayen
0%
China 736300 Lingbao Chengguanzhen
0%
China 1211637 Lingcheng
0%
China 412513 Linghai
0%
China 62713 Lingshou
0%
China 93835 Lingtang
0%
Congo (Kinshasa) 94635 Lingwala
0%
China 384390 Lingxi
0%
China 540832 Lingyuan
0%
China 1028813 Linhai
0%
Brazil 166786 Linhares
0%
China 121616 Linjiang
0%
China 77754 Linkou
0%
China 91670 Linquan
0%
China 355968 Linxia Chengguanzhen
0%
Philippines 372931 Lipa City
0%
Kosovo 77605 Lipjan
0%
Germany 69047 Lippstadt
0%
Uganda 99059 Lira
0%
Congo (Kinshasa) 79235 Lisala
0%
United Kingdom 71465 Lisburn
0%
China 2116957 Lishui
0%
China 68938 Liuhe
0%
Zambia 134349 Livingstone
0%
Vietnam 200108 Lạng Sơn
0%
Chile 105833 Lo Barnechea
0%
Austria 200000 Lochau
0%
Pakistan 144512 Lodhran
0%
Congo (Kinshasa) 68244 Lodja
0%
Ecuador 203496 Loja
0%
Nigeria 692050 Lokoja
0%
Benin 106081 Lokossa
0%
Argentina 71479 Lomas del Mirador
0%
Argentina 112580 Lomas de Zamora
0%
Poland 60848 Łomża
0%
India 57698 Lonāvale
0%
Angola 134254 Londuimbali
0%
China 2407272 Longba
0%
Vietnam 133206 Long Bình
0%
China 84955 Longchuan
0%
China 85697 Longhua
0%
China 464695 Longjiang
0%
China 221881 Longjiang
0%
China 106384 Longjiang
0%
China 180000 Longjin
0%
China 129286 Longjing
0%
China 95881 Longkeng
0%
Vietnam 151467 Long Khánh
0%
China 72421 Longkoucun
0%
Vietnam 71963 Long Mỹ
0%
Angola 86795 Longonjo
0%
China 310700 Longquan
0%
China 234626 Longquan
0%
China 95849 Longquan
0%
China 67790 Longshan
0%
China 70000 Longtangwan
0%
China 123469 Longtian
0%
Vietnam 278658 Long Xuyên
0%
China 2640000 Longyan
0%
China 70614 Longzhou
0%
India 516082 Loni
0%
Thailand 58000 Lop Buri
0%
Philippines 94657 Lopez
0%
Spain 98334 Lorca
0%
Brazil 87178 Lorena
0%
Dominican Republic 272776 Los Alcarrizos
0%
Guatemala 65475 Los Amates
0%
Philippines 115353 Los Baños
0%
Chile 89520 Los Cerrillos
0%
Venezuela 130345 Los Guayos
0%
Dominican Republic 104846 Los Minas
0%
Mexico 298009 Los Mochis
0%
Colombia 94847 Los Patios
0%
Argentina 60867 Los Polvorines
0%
Mexico 69723 Los Reyes de Salgado
0%
Venezuela 252242 Los Teques
0%
China 3826996 Loudi
0%
Senegal 82884 Louga
0%
United Kingdom 64880 Loughborough
0%
Portugal 70622 Loulé
0%
Portugal 201632 Loures
0%
New Zealand 103400 Lower Hutt
0%
United States 63903 Lower Merion
0%
Serbia 86413 Loznica
0%
China 84068 Luancheng
0%
Zambia 154863 Luanshya
0%
China 520102 Luanzhou
0%
Angola 90000 Luau
0%
Philippines 173502 Lubao
0%
Indonesia 208225 Lubuklinggau
0%
Ireland 57550 Lucan
0%
Angola 154305 Lucapa
0%
Brazil 83798 Lucas do Rio Verde
0%
China 126785 Lucheng
0%
India 99979 Luckeesarai
0%
Angola 357413 Luena
0%
Taiwan 85423 Lugang
0%
Uganda 114163 Lugazi
0%
Argentina 106899 Luján
0%
Argentina 73058 Luján de Cuyo
0%
Kenya 198423 Lunga-Lunga
0%
India 157000 Lunglei
0%
China 936931 Luocheng
0%
China 591115 Luocheng
0%
Taiwan 70002 Luodong
0%
China 543127 Luofeng
0%
China 2367490 Luohe
0%
Philippines 66979 Lupon
0%
Paraguay 263604 Luque
0%
China 67153 Lushar
0%
Philippines 65644 Lutayan
0%
Ukraine 220986 Lutsk
0%
Somalia 134000 Luuq
0%
Congo (Kinshasa) 85000 Luvungi
0%
China 203977 Luzhang
0%
Brazil 174531 Luziânia
0%
Ukraine 93340 Lysychansk
0%
Russia 66526 Lytkarino
0%
Russia 236339 Lyubertsy
0%
Syria 90000 Ma‘arrat an Nu‘mān
0%
Philippines 87446 Maasin
0%
Philippines 64940 Maasin
0%
China 134396 Mabacun
0%
China 99930 Mabai
0%
Philippines 293244 Mabalacat
0%
Philippines 82953 Mabinay
0%
Philippines 78151 Macabebe
0%
Brazil 246391 Macaé
0%
Brazil 512902 Macapá
0%
Kenya 114109 Machakos
0%
Ecuador 288072 Machala
0%
China 849090 Macheng
0%
India 232000 Machilīpatnam
0%
Venezuela 63000 Machiques
0%
Chile 116534 Macul
0%
Mexico 158601 Macuspana
0%
Jordan 84600 Mādabā
0%
India 180180 Madanapalle
0%
India 87650 Madgaon
0%
India 70000 Madhipura
0%
India 164156 Madhubani
0%
India 196127 Madhyamgram
0%
Bahrain 133550 Madīnat Ḩamad
0%
Egypt 79000 Madīnat as Sādāt
0%
Egypt 376302 Madīnat as Sādis min Uktūbar
0%
Bahrain 61293 Madīnat ‘Īsá
0%
Madagascar 66000 Madirovalo
0%
Indonesia 202544 Madiun
0%
India 57563 Maduraivayal
0%
Japan 331849 Maebashi
0%
China 58390 Ma’erkang
0%
Portugal 76685 Mafra
0%
Philippines 124188 Magalang
0%
Colombia 123906 Magangué
0%
Brazil 228127 Magé
0%
Indonesia 124912 Magelang
0%
Egypt 75657 Maghāghah
0%
Algeria 114634 Maghnia
0%
Taiwan 63745 Magong
0%
India 112267 Magra
0%
Burma 289247 Magway
0%
South Sudan 169826 Magwe
0%
Iran 168393 Mahābād
0%
Madagascar 246022 Mahajanga
0%
Sri Lanka 195355 Maharagama
0%
India 112228 Mahāsamund
0%
India 190400 Mahbūbnagar
0%
Iran 62910 Māhdāsht
0%
Tunisia 76513 Mahdia
0%
India 184991 Mahesāna
0%
South Africa 291527 Mahikeng
0%
Belarus 353110 Mahilyow
0%
Burma 157674 Mahlaing
0%
Turkey 150714 Mahmutlu
0%
India 98519 Mahuva
0%
Nigeria 201178 Mai’Adua
0%
Colombia 123757 Maicao
0%
Bangladesh 130842 Maijdi
0%
Afghanistan 149040 Maīmanah
0%
Philippines 59597 Maimbung
0%
Guam 122411 Maina
0%
India 136557 Mainpuri
0%
Venezuela 87909 Maiquetía
0%
Brazil 93853 Mairiporã
0%
Japan 78730 Maizuru
0%
Spain 73355 Majadahonda
0%
Indonesia 73948 Majalengka
0%
Indonesia 272377 Majene
0%
Philippines 629616 Makati City
0%
Ukraine 338968 Makiivka
0%
Philippines 87927 Makilala
0%
India 105080 Makrāna
0%
Nigeria 170925 Makurdi
0%
Philippines 380522 Malabon
0%
Guatemala 109318 Malacatán
0%
Belarus 89068 Maladzyechna
0%
Pakistan 371869 Malakwal
0%
Colombia 139566 Malambo
0%
Angola 604215 Malanje
0%
Benin 168641 Malanville
0%
Philippines 80741 Malapatan
0%
Iran 281027 Malārd
0%
Philippines 143094 Malasiqui
0%
Philippines 99257 Malate
0%
India 70958 Malaut
0%
Philippines 60077 Malay
0%
Philippines 190712 Malaybalay
0%
Iran 170237 Malāyer
0%
India 205521 Māldah
0%
Uruguay 135014 Maldonado
0%
India 481228 Mālegaon
0%
Mozambique 195077 Malema
0%
India 374000 Māler Kotla
0%
Senegal 61031 Malikounda
0%
Kenya 119859 Malindi
0%
Philippines 118197 Malita
0%
India 255899 Malkājgiri
0%
India 167740 Malkāpur
0%
Philippines 261189 Malolos
0%
Nigeria 182920 Malumfashi
0%
Philippines 105465 Maluñgun
0%
Philippines 64379 Malvar
0%
Turkey 687535 Mamak
0%
Central African Republic 233666 Mambéré
0%
Indonesia 278764 Mamuju
0%
Philippines 68465 Mamungan
0%
Brazil 98502 Manacapuru
0%
Indonesia 461636 Manado
0%
Indonesia 461636 Manado Light
0%
India 409271 Manampizha
0%
Philippines 76045 Manaoag
0%
Colombia 67584 Manaure
0%
Turkey 252941 Manavgat
0%
Syria 78255 Manbij
0%
India 110000 Mancherāl
0%
Philippines 425758 Mandaluyong City
0%
Philippines 364116 Mandaue City
0%
United States 115292 Mandeville
0%
Pakistan 157352 Mandi Bahauddin
0%
Pakistan 203454 Mandi Burewala
0%
India 62207 Mandi Dabwāli
0%
Indonesia 81411 Mandiraja Kulon
0%
India 71579 Mandlā
0%
India 141667 Mandsaur
0%
Australia 90306 Mandurah
0%
India 91330 Māndvi
0%
India 137358 Mandya
0%
Egypt 82585 Manfalūţ
0%
India 73613 Mangalagiri
0%
Philippines 113185 Mangaldan
0%
Philippines 79323 Mangatarem
0%
Vietnam 172712 Mang La
0%
Mozambique 60031 Manhiça
0%
Brazil 91169 Manhuaçu
0%
Cuba 61990 Manicaragua
0%
Bangladesh 71698 Mānikganj
0%
Turkey 385452 Manisa
0%
Colombia 454494 Manizales
0%
Côte d’Ivoire 74165 Mankono
0%
India 80058 Manmād
0%
India 81150 Mannārgudi
0%
Indonesia 107325 Manokwari
0%
Philippines 113200 Manolo Fortich
0%
Korea, North 116760 Manpo
0%
Philippines 59114 Mansalay
0%
Pakistan 69085 Mansehra
0%
Ecuador 258697 Manta
0%
Mexico 191031 Manzanillo
0%
Cuba 150999 Manzanillo
0%
China 150508 Manzhouli
0%
Eswatini 110508 Manzini
0%
Canada 90990 Maple Ridge
0%
Angola 146908 Maquela do Zombo
0%
Brazil 168020 Marabá
0%
Brazil 234509 Maracanaú
0%
Niger 267249 Maradi
0%
Iran 272400 Marāgheh
0%
Philippines 108293 Maramag
0%
Iran 130825 Marand
0%
Brazil 105093 Maranguape
0%
Italy 57777 Marano di Napoli
0%
India 85632 Maratturai
0%
Mexico 80258 Maravatío de Ocampo
0%
Philippines 207010 Marawi City
0%
Côte d’Ivoire 214061 Marcory
0%
Pakistan 368302 Mardan
0%
Uzbekistan 242500 Marg‘ilon
0%
Cuba 134057 Marianao
0%
Paraguay 97585 Mariano Roque Alonso
0%
South Sudan 148000 Maridi
0%
Philippines 456059 Marikina City
0%
Philippines 254453 Marilao
0%
Brazil 240590 Marília
0%
Italy 62923 Marina di Carrara
0%
Colombia 64645 Marinilla
0%
Brazil 133685 Marituba
0%
Iran 136654 Marīvān
0%
Philippines 149879 Mariveles
0%
India 71092 Mārkāpur
0%
India 94393 Marmagao
0%
Zimbabwe 66203 Marondera
0%
Pakistan 280000 Marot
0%
Cameroon 201371 Maroua
0%
Greece 71830 Maroúsi
0%
Indonesia 198239 Martapura
0%
Morocco 95896 Martil
0%
Mexico 110415 Martínez de la Torre
0%
Malaysia 90100 Marudi
0%
Japan 109165 Marugame
0%
Iran 148858 Marvdasht
0%
Uganda 285509 Masaka
0%
Libya 80000 Masallātah
0%
Korea, South 179266 Masan
0%
Philippines 57990 Masantol
0%
India 241216 Masaurhi Buzurg
0%
Nicaragua 139582 Masaya
0%
Philippines 908920 Masbate
0%
Uganda 110500 Masindi
0%
Iran 100497 Masjed Soleymān
0%
Zimbabwe 90286 Masvingo
0%
Congo (Kinshasa) 448000 Matadi
0%
Nicaragua 133416 Matagalpa
0%
Angola 262763 Matala
0%
Philippines 81355 Matalam
0%
Niger 64988 Matamey
0%
Mexico 118337 Matamoros
0%
Philippines 60493 Matanao
0%
Cuba 151624 Matanzas
0%
Brazil 83626 Matão
0%
Sri Lanka 68244 Matara
0%
Indonesia 408900 Mataram
0%
Nicaragua 61234 Mateare
0%
Mexico 102199 Matehuala
0%
Benin 113958 Matéri
0%
India 441894 Mathura
0%
Philippines 147547 Mati
0%
Oman 214901 Maţraḩ
0%
Egypt 108774 Maţrūḩ
0%
Japan 117811 Matsubara
0%
Japan 497514 Matsudo
0%
Japan 201802 Matsue
0%
Japan 158472 Matsuzaka
0%
Venezuela 647459 Maturín
0%
Brazil 418261 Mauá
0%
Philippines 71081 Mauban
0%
Brazil 61204 Maués
0%
India 176152 Mauli
0%
Indonesia 77909 Maumere
0%
Burma 400000 Maungdaw
0%
Sri Lanka 111727 Mawanella
0%
Sri Lanka 75081 Mawatagama
0%
Burma 253734 Mawlamyine
0%
Mozambique 108824 Maxixe
0%
Puerto Rico 88722 Mayagüez
0%
Cuba 102354 Mayarí
0%
Russia 139084 Maykop
0%
Jamaica 61548 May Pen
0%
Zambia 71700 Mazabuka
0%
Guatemala 82969 Mazatenango
0%
China 107819 Mazhang
0%
Belarus 105152 Mazyr
0%
Senegal 68054 Mbaké
0%
Uganda 96189 Mbale
0%
Cameroon 60091 Mbalmayo
0%
Congo (Kinshasa) 1187837 Mbandaka
0%
Angola 180329 Mbanza Kongo
0%
Congo (Kinshasa) 100000 Mbanza-Ngungu
0%
Uganda 195013 Mbarara
0%
Tanzania 541603 Mbeya
0%
Senegal 232777 Mbour
0%
Vietnam 148259 Mộc Châu
0%
Morocco 67599 M’diq
0%
Algeria 65043 Mecheria
0%
Tunisia 79406 Medenine
0%
Ghana 137162 Medina Estates
0%
India 169264 Medinīpur
0%
Japan 288088 Meguro
0%
Morocco 58558 Mehdya
0%
India 60000 Mehnājpur
0%
Pakistan 273764 Mehrabpur
0%
Afghanistan 144162 Mehtar Lām
0%
China 441224 Meicheng
0%
China 509336 Meihekou
0%
China 60791 Meihuacun
0%
Burma 177442 Meiktila
0%
China 623667 Meilan
0%
China 2950545 Meishan
0%
China 936000 Meishan
0%
China 95000 Meizichong
0%
El Salvador 141352 Mejicanos
0%
Ethiopia 323700 Mekele
0%
Malaysia 455300 Melaka
0%
Turkey 594344 Melikgazi
0%
Chile 148899 Melipilla
0%
Cameroon 71189 Melong
0%
India 227895 Mel Pālaiyam
0%
Turkey 106173 Menderes
0%
Turkey 200904 Menemen
0%
China 90715 Mengdingjie
0%
China 77425 Mengla
0%
China 87703 Menglang
0%
Angola 320914 Menongue
0%
Tunisia 58800 Menzel Bourguiba
0%
Tunisia 61489 Menzel Temime
0%
Turkey 348325 Meram
0%
Argentina 63284 Mercedes
0%
Argentina 244168 Merlo
0%
Algeria 76000 Merouana
0%
Ethiopia 111000 Mersa
0%
United Kingdom 58839 Merthyr Tudful
0%
Turkey 61376 Merzifon
0%
Iran 74109 Meshgīn Shahr
0%
Iran 62005 Meshkīn Dasht
0%
Algeria 60000 Meskiana
0%
Algeria 102453 Messaad
0%
Italy 89376 Mestre
0%
El Salvador 59004 Metapán
0%
India 87905 Mettupālaiyam
0%
Indonesia 64646 Meulaboh
0%
Mexico 58469 Mexquitic de Carmona
0%
Iran 80712 Meybod
0%
Philippines 225673 Meycauayan
0%
Russia 96174 Mezhdurechensk
0%
Turkey 222436 Mezitli
0%
India 85023 Mhow
0%
Philippines 68115 Miagao
0%
Pakistan 82586 Mian Channun
0%
Iran 98973 Mīāneh
0%
Pakistan 95007 Mianwali
0%
Taiwan 86327 Miaoli
0%
Russia 147287 Miass
0%
Russia 90451 Michurinsk
0%
Morocco 62648 Midalt
0%
Tunisia 63528 Midoun
0%
South Africa 87387 Midrand
0%
Philippines 117365 Midsayap
0%
Poland 58213 Mielec
0%
Japan 89972 Mihara
0%
Spain 93302 Mijas
0%
Russia 112179 Mikhaylovsk
0%
Japan 74255 Miki
0%
Ecuador 159970 Milagro
0%
Philippines 57538 Milagros
0%
United States 63342 Millcreek
0%
China 560725 Miluo Chengguanzhen
0%
Japan 69642 Minami-Alps
0%
Japan 381238 Minamisuita
0%
Mexico 356020 Minatitlán
0%
Japan 260486 Minato
0%
Mexico 68704 Mineral de la Reforma
0%
Russia 69082 Mineral’nyye Vody
0%
Japan 107416 Mineshita
0%
Pakistan 279914 Mingaora
0%
Azerbaijan 106100 Mingəçevir
0%
China 485627 Mingguang
0%
Philippines 151002 Minglanilla
0%
China 82981 Mingxing
0%
Japan 136976 Minoo
0%
Russia 68603 Minusinsk
0%
Taiwan 70316 Minxiong
0%
China 328925 Minzhu
0%
Brazil 63337 Mirassol
0%
Malaysia 234541 Miri
0%
India 109891 Miriālgūda
0%
India 66982 Mīrpeta
0%
Pakistan 210959 Mirpur Bhtoro
0%
Pakistan 236961 Mirpur Khas
0%
Pakistan 74651 Mirpur Mathelo
0%
Korea, South 103069 Miryang
0%
India 2496970 Mirzāpur
0%
Mexico 64249 Misantla
0%
Japan 141913 Misato
0%
China 339103 Mishan
0%
Libya 259056 Mişrātah
0%
Benin 127249 Missérété
0%
United Kingdom 63393 Mitcham
0%
South Africa 310485 Mitchells Plain
0%
Egypt 121039 Mīt Ghamr
0%
Japan 270445 Mito
0%
Japan 61838 Mitoyo
0%
Kosovo 85360 Mitrovicë
0%
Egypt 79957 Mīt Salsīl
0%
Uganda 105200 Mityana
0%
Guatemala 527828 Mixco
0%
Japan 62963 Miyoshi
0%
Ethiopia 91437 Mīzan Teferī
0%
Japan 60239 Mizusawa
0%
Philippines 98195 M’lang
0%
Iran 119418 Moḩammad Shahr
0%
Congo (Kinshasa) 153915 Moanda
0%
Japan 88330 Mobara
0%
Iran 62454 Mobārakeh
0%
Dominican Republic 94981 Moca
0%
Angola 255000 Moçâmedes
0%
Brazil 68980 Mococa
0%
Mozambique 69045 Mocuba
0%
Mozambique 68984 Mocuba
0%
India 67648 Modāsa
0%
Israel 97097 Modi‘in Makkabbim Re‘ut
0%
Burma 132608 Mogaung
0%
Brazil 450785 Mogi das Cruzes
0%
Brazil 124228 Mogi Guaçu
0%
Brazil 81467 Mogi Mirim
0%
Botswana 57637 Mogoditshane
0%
Burma 89855 Mogok
0%
Algeria 84700 Mohammadia
0%
Morocco 194358 Mohammedia
0%
Portugal 66029 Moita
0%
Indonesia 130196 Mojokerto
0%
Brazil 78629 Moju
0%
India 202411 Mokameh
0%
Tunisia 62802 Moknine
0%
Korea, South 214534 Mokpo
0%
Botswana 67598 Molepolole
0%
Spain 77493 Molina de Segura
0%
Kenya 156732 Molo
0%
Guatemala 139552 Momostenango
0%
Tunisia 107127 Monastir
0%
Philippines 62819 Moncada
0%
Mexico 237169 Monclova
0%
Brazil 61951 Mongaguá
0%
Vietnam 108553 Móng Cái
0%
India 213101 Monghyr
0%
Burma 90000 Möng Tun
0%
Zambia 179585 Mongu
0%
Philippines 93937 Monkayo
0%
France 62487 Montauban
0%
United States 61376 Montebello
0%
Argentina 85060 Monte Chingolo
0%
Ecuador 71066 Montecristi
0%
Colombia 90450 Montelíbano
0%
Mozambique 76139 Montepuez
0%
Colombia 400000 Montería
0%
Bolivia 137931 Montero
0%
Brazil 306947 Montes Claros
0%
Burma 207489 Monywa
0%
Japan 78665 Mooka
0%
Belgium 97979 Moortebeek
0%
Mali 108456 Mopti
0%
Peru 69882 Moquegua
0%
India 889810 Morādābād
0%
Brazil 61738 Morada Nova
0%
Guatemala 107400 Morales
0%
Sri Lanka 168280 Moratuwa
0%
India 194947 Morbi
0%
India 200483 Morena
0%
Japan 141849 Moriguchi
0%
Japan 290553 Morioka
0%
Japan 68992 Moriya
0%
Japan 83567 Moriyama
0%
Tanzania 471409 Morogoro
0%
Philippines 71151 Morong
0%
Tanzania 201150 Moshi
0%
China 102214 Mositai
0%
Colombia 128012 Mosquera
0%
South Africa 99000 Mossel Bay
0%
Brazil 264577 Mossoró
0%
India 426158 Mothīhāri
0%
Morocco 103993 Moulay Abdallah
0%
Chad 137929 Moundou
0%
Sri Lanka 245974 Mount Lavinia
0%
Belgium 58234 Mouscron
0%
Chad 75210 Moussoro
0%
Tanzania 204338 Mpanda
0%
Uganda 58600 Mpondwe
0%
Zambia 100993 Mporokoso
0%
Tunisia 89745 Msaken
0%
Algeria 132975 M’Sila
0%
South Africa 96114 Mthatha
0%
Tanzania 140793 Mtwara
0%
India 70463 Mubārakpur
0%
Uganda 103473 Mubende
0%
Nigeria 128900 Mubi
0%
China 2290208 Mudanjiang
0%
Turkey 108011 Mudanya
0%
Burma 152300 Mudon
0%
Zambia 151309 Mufulira
0%
Turkey 82717 Muğla
0%
Rwanda 319141 Muhanga
0%
Ukraine 85569 Mukacheve
0%
Thailand 180600 Mukdahan
0%
India 129841 Mukeriān
0%
Uganda 161996 Mukono
0%
India 397419 Mulangodi
0%
India 58123 Mulbāgal
0%
India 161819 Multai
0%
Kenya 99987 Mumias
0%
Japan 97041 Munakata
0%
Korea, North 122934 Munch’ŏn
0%
India 108387 Mungeli
0%
Angola 113417 Mungo
0%
Korea, South 71863 Mun’gyŏng
0%
India 397419 Munro Turuttu
0%
Philippines 543445 Muntinlupa City
0%
Egypt 117240 Munūf
0%
Japan 58300 Murakami
0%
Brazil 104108 Muriaé
0%
Pakistan 163268 Muridke
0%
Russia 104806 Murom
0%
Japan 81580 Muroran
0%
India 189117 Murtazābād
0%
Japan 71183 Musashimurayama
0%
Japan 148971 Musashino
0%
Burma 165022 Muse
0%
Nigeria 935400 Mushin
0%
Tanzania 164172 Musoma
0%
Angola 82544 Mussende
0%
Turkey 102284 Mustafakemalpaşa
0%
Zimbabwe 224802 Mutare
0%
Pakistan 163268 Muzaffargarh
0%
India 333200 Muzaffarpur
0%
Congo (Kinshasa) 195622 Mwene-Ditu
0%
Burma 58205 Myaungmya
0%
Burma 195624 Myawadi
0%
Burma 72000 Myaydo
0%
Morocco 126512 My Drarga
0%
Burma 137193 Myebon
0%
Burma 222056 Myeik
0%
Burma 91542 Myingyan
0%
Burma 243031 Myitkyina
0%
Bangladesh 576927 Mymensingh
0%
Poland 72553 Mysłowice
0%
Vietnam 270700 Mỹ Tho
0%
Russia 275313 Mytishchi
0%
Malawi 150100 Mzuzu
0%
Japan 77022 Nabari
0%
Lebanon 80000 Nabatîyé
0%
Russia 544383 Naberezhnyye Chelny
0%
Tunisia 84291 Nabeul
0%
India 95000 Nābha
0%
West Bank 156906 Nāblus
0%
Philippines 86490 Nabua
0%
Philippines 84340 Nabunturan
0%
India 86422 Nachchāndupatti
0%
India 3458045 Nādampālaiyam
0%
India 225132 Nadiād
0%
Philippines 342769 Naga City
0%
Japan 116043 Nagahama
0%
Japan 62473 Nagakute
0%
Japan 211620 Nagareyama
0%
India 62253 Nagari
0%
Philippines 64866 Nagcarlan
0%
India 127484 Nagda
0%
India 289916 Nāgercoil
0%
Dominican Republic 76933 Nagua
0%
Israel 60000 Nahariyya
0%
Iran 76162 Nahāvand
0%
Guatemala 87319 Nahualá
0%
India 217900 Naihāti
0%
Iraq 100600 Nāḩiyat al Iskandarīyah
0%
Iraq 95000 Nāḩiyat al Karmah
0%
Iraq 140000 Nāḩiyat Ghammās
0%
Iraq 127000 Nāḩiyat Khān Banī Sa‘d
0%
Iran 235281 Najafābād
0%
India 1365152 Najafgarh
0%
India 88535 Najībābād
0%
Saudi Arabia 72038 Najrān
0%
Korea, South 92582 Naju
0%
Japan 344880 Nakano
0%
Japan 82714 Nakatsu
0%
Japan 78930 Nakatsugawa
0%
Russia 136096 Nakhodka
0%
Thailand 120657 Nakhon Pathom
0%
Thailand 466098 Nakhon Ratchasima
0%
Thailand 82305 Nakhon Sawan
0%
Thailand 102152 Nakhon Si Thammarat
0%
Bangladesh 61788 Nakhyaungcharīpāra
0%
India 154326 Nalgonda
0%
Libya 66609 Nālūt
0%
Angola 142047 Namacunde
0%
India 119491 Nāmakkal
0%
Angola 60883 Nambuangongo
0%
Vietnam 448225 Nam Định
0%
Korea, North 80146 Namsan
0%
India 550439 Nānded
0%
India 123191 Nāndgaon
0%
Kenya 73626 Nandi Hills
0%
India 70200 Nāndūra Buzurg
0%
India 111000 Nandurbar
0%
India 200516 Nandyāl
0%
China 71479 Nanfengcun
0%
China 5708191 Nangandao
0%
India 150371 Nāngloi Jāt
0%
China 396718 Nangong
0%
India 57931 Nanjakkād
0%
India 61961 Nanjangūd
0%
Pakistan 63073 Nankana Sahib
0%
India 62782 Nānpāra
0%
China 2680645 Nanping
0%
China 361185 Nanqiao
0%
China 158234 Nanqiaotou
0%
China 82944 Nantingcun
0%
China 97747 Nanxicun
0%
China 156902 Nan Zhuang
0%
Bangladesh 150025 Naogaon
0%
Iran 72975 Naqadeh
0%
India 64542 Narapalli
0%
India 58770 Narasapur
0%
India 116250 Narasaraopet
0%
Japan 174990 Narashino
0%
Bangladesh 967951 Nārāyanganj
0%
India 809913 Narela
0%
Turkey 62923 Narlıdere
0%
India 145897 Nārnaul
0%
Russia 74493 Naro-Fominsk
0%
Kenya 65430 Narok
0%
Bangladesh 185128 Narsingdi
0%
India 62090 Narwāna
0%
India 132072 Naryāi ka Puri
0%
Pakistan 90200 Nasatta
0%
India 1486053 Nāsik
0%
Iran 200393 Nasīm Shahr
0%
Philippines 136524 Nasugbu
0%
Japan 115602 Nasushiobara
0%
Benin 104010 Natitingou
0%
Burma 250000 Natogyi
0%
Japan 79250 Natori-shi
0%
Philippines 109587 Naujan
0%
Fiji 57882 Nausori
0%
India 175474 Navadwīp
0%
Philippines 58187 Naval
0%
India 100000 Navalyal
0%
Belarus 95717 Navapolatsk
0%
India 560000 Nava Raipur
0%
Brazil 86401 Navegantes
0%
Mexico 120926 Navojoa
0%
Philippines 247543 Navotas
0%
Bangladesh 142361 Nawābganj
0%
Pakistan 263102 Nawabshah
0%
India 180740 Nawāda
0%
India 63948 Nawalgarh
0%
India 171109 Nawsari
0%
Azerbaijan 95100 Naxçıvan
0%
Iran 119512 Naz̧arābād
0%
Bangladesh 231900 Nazipur
0%
Russia 126292 Nazran
0%
Ethiopia 324000 Nazrēt
0%
Zambia 147927 Nchelenge
0%
Angola 161584 Ndalatando
0%
Benin 113604 Ndali
0%
Angola 105090 Ndjamba
0%
Congo (Kinshasa) 442138 Ndjili
0%
Angola 258161 Ndulo
0%
Greece 64611 Néa Ionía
0%
Greece 72853 Néa Smýrni
0%
Argentina 90000 Necochea
0%
Colombia 69090 Necoclí
0%
India 251384 Nedumana
0%
India 60161 Nedumangād
0%
Russia 131942 Neftekamsk
0%
Russia 126690 Nefteyugansk
0%
Angola 137559 Negage
0%
India 102905 Negapatam
0%
Sri Lanka 142136 Negombo
0%
China 436906 Nehe
0%
China 3140678 Neijiang
0%
Colombia 380019 Neiva
0%
Iran 60991 Nekā
0%
Ethiopia 75219 Nek’emtē
0%
India 70393 Nelamangala
0%
India 547621 Nellore
0%
Paraguay 126817 Ñemby
0%
China 500000 Nenjiang
0%
Nepal 72503 Nepālgañj
0%
Japan 752608 Nerima
0%
Bangladesh 91936 Netrakona
0%
France 59200 Neuilly-sur-Seine
0%
Germany 66243 Neuwied
0%
Russia 114556 Nevinnomyssk
0%
United Kingdom 75082 Newcastle under Lyme
0%
Philippines 57913 New Corella
0%
Liberia 84399 New Kru Town
0%
Canada 87942 Newmarket
0%
Pakistan 124352 New Mirpur
0%
New Zealand 57600 New Plymouth
0%
Canada 78916 New Westminster
0%
Iran 221700 Neyshābūr
0%
India 168368 Neyveli
0%
India 70850 Neyyāttinkara
0%
Vietnam 101192 Ngã Bảy
0%
Cameroon 189800 Ngaoundéré
0%
Vietnam 68206 Nghĩa Lộ
0%
Vietnam 307304 Nghi Sơn
0%
Kenya 102323 Ngong
0%
Nigeria 270632 Nguru
0%
Mexico 366602 Nicolás Romero
0%
Netherlands 63866 Nieuwegein
0%
Turkey 170511 Niğde
0%
India 68500 Nihtaur
0%
Japan 114971 Niihama
0%
Japan 165997 Niiza
0%
Greece 88077 Níkaia
0%
Benin 69970 Nikki
0%
India 72000 Nilanga
0%
Turkey 536365 Nilüfer
0%
India 86453 Nīmbāhera
0%
China 322127 Ning’an
0%
China 2910000 Ningde
0%
Vietnam 76368 Ninh Hòa
0%
Mali 91554 Niono
0%
Mali 60112 Nioro
0%
India 76666 Nipāni
0%
India 88433 Nirāla
0%
Venezuela 58932 Nirgua
0%
India 88433 Nirmal
0%
Japan 487010 Nishinomiya-hama
0%
Japan 168992 Nishio
0%
Japan 207436 Nishitōkyō
0%
Japan 92823 Nisshin
0%
Brazil 496696 Niterói
0%
India 311152 Nizāmābād
0%
Russia 240379 Nizhnekamsk
0%
Russia 283256 Nizhnevartovsk
0%
Russia 330507 Nizhniy Tagil
0%
Oman 83544 Nizwá
0%
Uganda 178800 Njeru
0%
Ghana 61785 Nkawkaw
0%
Zimbabwe 112471 Nkayi
0%
Cameroon 135405 Nkongsamba
0%
Nigeria 109377 Nkpor
0%
Nigeria 391227 Nnewi
0%
Nigeria 660821 Nneyi-Umuleri
0%
Japan 117711 Nobeoka
0%
Japan 154114 Noda
0%
Russia 102392 Noginsk
0%
France 71632 Noisy-le-Grand
0%
India 120000 Nokha
0%
Korea, South 115925 Noksan
0%
China 224387 Nong’an
0%
Tajikistan 61500 Norak
0%
Norway 62245 Nordre Fåle
0%
United States 61202 North Bergen
0%
New Zealand 205605 Northcote
0%
United States 236600 North Hempstead
0%
India 105376 North Lakhimpur
0%
United States 70338 North Richland Hills
0%
Canada 58120 North Vancouver
0%
Philippines 136064 Norzagaray
0%
Brazil 192330 Nossa Senhora do Socorro
0%
Mauritania 118000 Nouadhibou
0%
Brazil 173418 Nova Friburgo
0%
Brazil 111697 Nova Lima
0%
Brazil 62019 Nova Odessa
0%
Brazil 105552 Nova Serrana
0%
Russia 63083 Novaya Balakhna
0%
Russia 73511 Novoaltaysk
0%
Russia 120499 Novocheboksarsk
0%
Russia 160529 Novocherkassk
0%
Brazil 85364 Novo Hamburgo
0%
Russia 98306 Novokuybyshevsk
0%
Russia 531186 Novokuznetsk
0%
Russia 117175 Novomoskovsk
0%
Ukraine 69855 Novomoskovsk
0%
Russia 261937 Novorossiysk
0%
Russia 101483 Novoshakhtinsk
0%
Russia 74469 Novotroitsk
0%
Russia 77894 Novouralsk
0%
Russia 106890 Novyy Urengoy
0%
India 209000 Nowgong
0%
India 69307 Nowrangapur
0%
Pakistan 118594 Nowshera
0%
Poland 81281 Nowy Sącz
0%
Russia 102938 Noyabrsk
0%
South Africa 170307 Nqutu
0%
Congo (Kinshasa) 140929 Nsele
0%
Nigeria 111017 Nsukka
0%
Guatemala 82216 Nueva Concepción
0%
Nicaragua 66936 Nueva Guinea
0%
Nigeria 141200 Numan
0%
Japan 187653 Numazu
0%
India 148590 Nūzvīd
0%
Russia 63034 Nyagan
0%
Kenya 98908 Nyeri
0%
Hungary 115359 Nyíregyháza
0%
Tanzania 125193 Nzega
0%
Guinea 315000 N’Zérékoré
0%
Japan 299699 Ōakashichō
0%
Philippines 59978 Obando
0%
Argentina 66112 Oberá
0%
Japan 165684 Obihiro
0%
Russia 132477 Obninsk
0%
Japan 92179 Ōbu
0%
Ghana 180460 Obuase
0%
Colombia 116232 Ocaña
0%
Mexico 106050 Ocotlán
0%
Mexico 66190 Ocoyoacac
0%
Venezuela 166112 Ocumare del Tuy
0%
Ghana 60604 Oda
0%
Japan 67865 Ōdate
0%
Japan 189038 Odawara
0%
Turkey 132740 Ödemiş
0%
South Africa 63743 Odendaalsrus
0%
Côte d’Ivoire 86279 Odienné
0%
Russia 111612 Odintsovo
0%
Portugal 148034 Odivelas
0%
Japan 158386 Ōgaki
0%
Nigeria 1032000 Ogbomoso
0%
Japan 58322 Ogōri
0%
Japan 65054 Ogōshi
0%
Pakistan 232386 Okara
0%
Japan 74115 Okegawa
0%
Nigeria 320260 Okene
0%
India 62052 Okha
0%
Nigeria 132237 Okigwe
0%
Russia 116427 Oktyabr’skiy
0%
Honduras 104609 Olanchito
0%
Argentina 89721 Olavarría
0%
United States 67392 Old Bridge
0%
Ukraine 76097 Oleksandriia
0%
Brazil 349976 Olinda
0%
Philippines 260317 Olongapo
0%
Japan 131895 Ōme
0%
Iran 67427 Omīdīyeh
0%
Japan 82233 Ōmihachiman
0%
Japan 127252 Ōmiyachō
0%
Japan 99337 Ōmura
0%
Japan 106393 Ōmuta
0%
Angola 121537 Ondjiva
0%
Nigeria 358430 Ondo
0%
Kenya 172570 Ongata Rongai
0%
Korea, North 69195 Ongjang
0%
India 204746 Ongole
0%
Japan 102818 Ōnojō
0%
Japan 130143 Onomichi
0%
Somalia 60000 Oodweyne
0%
India 88430 Ootacamund
0%
India 190575 Orai
0%
Turkey 229214 Ordu
0%
Russia 137965 Orekhovo-Borisovo Yuzhnoye
0%
Russia 104728 Orekhovo-Zuyevo
0%
Turkey 81110 Orhangazi
0%
Spain 80784 Orihuela
0%
Philippines 60771 Orion
0%
Colombia 57774 Orito
0%
Brazil 68294 Oriximiná
0%
Mexico 123182 Orizaba
0%
United States 57961 Orland Park
0%
Philippines 230998 Ormoc
0%
Philippines 72301 Oroquieta
0%
United Kingdom 90315 Orpington
0%
Russia 187517 Orsk
0%
Iran 736224 Orūmīyeh
0%
Japan 58465 Ōsakasayama
0%
Brazil 652593 Osasco
0%
Japan 112531 Ōshū
0%
Nigeria 219632 Osisioma
0%
India 112085 Osmānābād
0%
Turkey 891250 Osmangazi
0%
Turkey 252186 Osmaniye
0%
Poland 64796 Ostrowiec Świętokrzyski
0%
Poland 70725 Ostrów Wielkopolski
0%
Guatemala 61517 Ostuncalco
0%
Japan 744849 Ōta-ku
0%
Japan 73189 Ōtawara
0%
Philippines 98509 Oton
0%
Nigeria 68220 Otukpo
0%
Burkina Faso 124580 Ouahigouya
0%
Benin 74289 Ouaké
0%
Algeria 191136 Ouargla
0%
South Africa 61507 Oudtshoorn
0%
Tunisia 66100 Oued Lill
0%
Algeria 64685 Oued Rhiou
0%
Morocco 93776 Oued Zem
0%
Morocco 57737 Ouezzane
0%
Benin 91688 Ouidah
0%
Benin 59381 Ouinhri
0%
Morocco 614000 Oujda-Angad
0%
Morocco 100284 Oulad Teïma
0%
Algeria 63237 Ouled Djellal
0%
India 300104 Oulgaret
0%
Côte d’Ivoire 127153 Oumé
0%
Algeria 80359 Oum el Bouaghi
0%
Brazil 65245 Ouricuri
0%
Brazil 103970 Ourinhos
0%
Brazil 74558 Ouro Prêto
0%
Chile 124401 Ovalle
0%
Japan 82336 Owariasahi
0%
Gabon 79300 Owendo
0%
Nigeria 908109 Owerri
0%
Nigeria 222262 Owo
0%
Gabon 60685 Oyem
0%
United States 299519 Oyster Bay
0%
Turkey 59851 Özalp
0%
Philippines 140334 Ozamiz City
0%
Russia 76434 Ozërsk
0%
Poland 62954 Pabianice
0%
Brazil 73188 Pacajus
0%
India 59609 Pāchora
0%
Mexico 297848 Pachuca
0%
Philippines 79839 Paco
0%
Brazil 145643 Paço do Lumiar
0%
Indonesia 184182 Padalarang
0%
Indonesia 225544 Padangsidempuan
0%
Chile 76219 Padre Hurtado
0%
Chile 76126 Padre Las Casas
0%
Philippines 210452 Pagadian
0%
Philippines 78700 Pagbilao
0%
Indonesia 136244 Pageralam
0%
Afghanistan 143000 Paghmān
0%
Chile 72759 Paine
0%
Burma 88604 Paingkyon
0%
Korea, South 415345 Paju
0%
Iran 236319 Pākdasht
0%
Thailand 190272 Pak Kret
0%
Pakistan 139525 Pakpattan
0%
India 68780 Pakribarawān
0%
Laos 77900 Pakxé
0%
Greece 64863 Palaió Fáliro
0%
Indonesia 249434 Palangkaraya
0%
India 87535 Palangotu Adwār
0%
India 182592 Pālanpur
0%
United States 66548 Palatine
0%
Indonesia 123580 Paleng
0%
Burma 96899 Paletwa
0%
India 68931 Pālghar
0%
India 130955 Pālghāt
0%
Brazil 102742 Palhoça
0%
Philippines 92828 Palimbang
0%
India 64497 Pālitāna
0%
India 215417 Pallāvaram
0%
Greece 59459 Pallíni
0%
Cuba 119740 Palma Soriano
0%
Brazil 71574 Palmeira dos Índios
0%
Portugal 62831 Palmela
0%
United States 61454 Palm Harbor
0%
Colombia 358895 Palmira
0%
India 70467 Palni
0%
Philippines 58313 Palompon
0%
India 91196 Pāloncha
0%
Venezuela 153706 Palo Negro
0%
Indonesia 180130 Palopo
0%
Indonesia 359350 Palu
0%
India 131926 Palwal
0%
Indonesia 91160 Pamekasan
0%
Turkey 347926 Pamukkale
0%
India 63017 Pāmūru
0%
Philippines 209230 Panabo
0%
China 70072 Pan’an
0%
Bangladesh 62198 Panchari Bazar
0%
India 211355 Panchkula
0%
Philippines 84769 Pandacan
0%
India 242515 Pandharpur
0%
Philippines 155115 Pandi
0%
Lithuania 87913 Panevėžys
0%
China 74912 Panggezhuang
0%
Indonesia 105514 Pangkalan Bun
0%
Indonesia 218569 Pangkalpinang
0%
India 161428 Pangzawl
0%
India 377347 Pānihāti
0%
India 1202811 Pānīpat
0%
Philippines 103003 Paniqui
0%
Tajikistan 303000 Panjakent
0%
Pakistan 157693 Panjgur
0%
India 60323 Panruti
0%
China 370238 Panshi
0%
India 57932 Pānskura
0%
Dominican Republic 138919 Pantanal
0%
Philippines 90786 Pantukan
0%
India 311434 Panvel
0%
Guatemala 81063 Panzos
0%
Cambodia 98934 Paoy Paet
0%
Mexico 161097 Papantla de Olarte
0%
Philippines 60198 Paracale
0%
Brazil 75216 Paracatu
0%
Pakistan 700000 Parachinar
0%
Brazil 97139 Pará de Minas
0%
India 68585 Parādīp Garh
0%
Brazil 76450 Paragominas
0%
Mexico 96741 Paraíso
0%
Benin 206667 Parakou
0%
India 133000 Paramagudi
0%
Brazil 127339 Paranaguá
0%
Brazil 75750 Paranavaí
0%
Philippines 102914 Parang
0%
Philippines 71495 Parang
0%
India 71239 Parappanangādi
0%
India 307170 Parbhani
0%
Portugal 86854 Paredes
0%
Indonesia 129542 Parepare
0%
Indonesia 85485 Pariaman
0%
Brazil 96372 Parintins
0%
Uzbekistan 60200 Parkent
0%
United States 63236 Parkersburg
0%
India 90975 Parli Vaijnāth
0%
Brazil 162159 Parnaíba
0%
Brazil 252716 Parnamirim
0%
Brazil 58858 Parobé
0%
South Africa 119462 Parow
0%
Mexico 104836 Parral
0%
Ecuador 60147 Pasaje
0%
Indonesia 255345 Pasarkemis
0%
Philippines 440656 Pasay City
0%
United States 78446 Pasco
0%
Philippines 803159 Pasig City
0%
Malaysia 312499 Pasir Gudang
0%
Pakistan 58644 Pasrur
0%
Brazil 168458 Passo Fundo
0%
Brazil 111939 Passos
0%
Indonesia 186262 Pasuruan
0%
India 125497 Pātan
0%
Spain 74822 Paterna
0%
Philippines 65227 Pateros
0%
India 155909 Pathānkot
0%
India 228279 Pāthardi
0%
Burma 287071 Pathein
0%
India 763280 Patiāla
0%
Philippines 79564 Patikul
0%
Turkey 61837 Patnos
0%
Brazil 91836 Pato Branco
0%
Brazil 103165 Patos
0%
Brazil 159235 Patos de Minas
0%
Brazil 89826 Patrocínio
0%
India 315957 Pattikād
0%
Pakistan 77210 Pattoki
0%
India 73135 Pattukkottai
0%
Bangladesh 65000 Patuakhāli
0%
Mexico 98382 Pátzcuaro
0%
Guatemala 71790 Patzún
0%
Brazil 97702 Paulínia
0%
Brazil 342167 Paulista
0%
Brazil 112870 Paulo Afonso
0%
Ukraine 101430 Pavlohrad
0%
Russia 65297 Pavlovskiy Posad
0%
Indonesia 125608 Payakumbuh
0%
Philippines 139740 Payatas
0%
Uruguay 76412 Paysandú
0%
Turkey 70173 Pazarcık
0%
Bulgaria 73931 Pazardzhik
0%
Mozambique 58342 Pebane
0%
India 95291 Pedagādi
0%
Benin 74492 Péda-Houéyogbé
0%
Dominican Republic 74016 Pedro Brand
0%
Paraguay 115583 Pedro Juan Caballero
0%
Brazil 58740 Pedro Leopoldo
0%
Benin 78217 Péhonko
0%
Kosovo 96450 Pejë
0%
Indonesia 298386 Pekalongan
0%
Indonesia 983356 Pekanbaru
0%
Indonesia 120488 Pelabuhanratu
0%
Brazil 323158 Pelotas
0%
Indonesia 278055 Pematangsiantar
0%
Mozambique 141316 Pemba
0%
Chile 90201 Peñaflor
0%
Brazil 61679 Penápolis
0%
China 403655 Pencheng
0%
Turkey 750435 Pendik
0%
Brazil 63846 Penedo
0%
Mexico 149936 Pénjamo
0%
India 74037 Pennepalli
0%
Russia 488299 Penza
0%
Benin 78988 Pèrèrè
0%
Argentina 104985 Pergamino
0%
Greece 133630 Peristéri
0%
Mexico 77432 Perote
0%
United States 79349 Perris
0%
Brazil 69001 Peruíbe
0%
India 80199 Peruvancha
0%
Ukraine 62426 Pervomaisk
0%
Russia 111751 Pervouralsk
0%
Italy 95376 Pesaro
0%
Brazil 67735 Pesqueira
0%
Mexico 147624 Pesquería
0%
Israel 236169 Petaẖ Tiqwa
0%
Malaysia 638516 Petaling Jaya
0%
United States 59321 Petaluma
0%
Guatemala 129124 Petapa
0%
Venezuela 369000 Petare
0%
Indonesia 180084 Petarukan
0%
Haiti 359615 Pétion-Ville
0%
Haiti 170740 Petite Rivière de l’Artibonite
0%
India 227031 Petlād
0%
Brazil 218538 Petrolina
0%
Russia 162992 Petropavlovsk-Kamchatskiy
0%
Brazil 278881 Petrópolis
0%
Greece 60146 Petroúpoli
0%
Slovakia 114000 Petržalka
0%
India 1750176 Peyanvilai
0%
United States 65162 Pflugerville
0%
India 117954 Phagwāra
0%
Pakistan 62453 Phalia
0%
India 66978 Phalodi
0%
Vietnam 207998 Phan Rang-Tháp Chàm
0%
Vietnam 205333 Phan Thiết
0%
Thailand 328961 Phatthaya
0%
India 178198 Phillaur
0%
Vietnam 136654 Phủ Lý
0%
Vietnam 202874 Phủ Từ Sơn
0%
Vietnam 83352 Phúc Yên
0%
Vietnam 70000 Phú Quốc
0%
India 89178 Phusro
0%
Vietnam 91650 Phú Thọ
0%
Romania 79679 Piatra Neamţ
0%
Canada 99186 Pickering
0%
United States 60821 Pico Rivera
0%
Brazil 83090 Picos
0%
India 66167 Pidugurālla
0%
Colombia 150483 Piedecuesta
0%
Mexico 173959 Piedras Negras
0%
Senegal 764597 Pikine
0%
Philippines 67024 Pikit
0%
Argentina 81120 Pilar
0%
Philippines 75793 Pilar
0%
Philippines 99196 Pili
0%
India 175000 Pīlibhīt
0%
Philippines 71535 Pililla
0%
India 83736 Pilkhua
0%
India 1729320 Pimpri-Chinchwad
0%
Philippines 90383 Pinamalayan
0%
Philippines 75131 Pinamungahan
0%
Cuba 188614 Pinar del Río
0%
Brazil 160614 Pindamonhangaba
0%
Pakistan 493222 Pindi Bhattian
0%
United States 82264 Pine Hills
0%
South Africa 144026 Pinetown
0%
China 1191348 Pingdu
0%
China 671326 Pinghu
0%
China 1848607 Pingliang
0%
China 399378 Pingquan
0%
China 120631 Pingshan
0%
Taiwan 193563 Pingtung
0%
China 1804805 Pingxiang
0%
China 78254 Pingyi
0%
China 94291 Pingyuanjie
0%
Brazil 68030 Pinheiro
0%
Poland 68978 Piotrków Trybunalski
0%
India 58578 Pipariā
0%
Brazil 423323 Piracicaba
0%
Brazil 74587 Piraçununga
0%
Argentina 64556 Pirané
0%
Iran 91515 Pīrānshahr
0%
Brazil 118730 Piraquara
0%
Brazil 65538 Piripiri
0%
India 80000 Piro
0%
Bangladesh 60056 Pirojpur
0%
United States 60632 Piscataway
0%
Peru 109965 Pisco
0%
Pakistan 107646 Pishin
0%
Italy 89309 Pistoia
0%
Colombia 133205 Pitalito
0%
India 126099 Pithampur
0%
China 1458038 Pizhou
0%
Cuba 71208 Placetas
0%
Brazil 105031 Planaltina
0%
Colombia 69285 Planeta Rica
0%
United States 94002 Plantation
0%
Philippines 114432 Plaridel
0%
Colombia 61856 Plato
0%
Mexico 100660 Playas de Rosarito
0%
United States 77500 Pleasanton
0%
Vietnam 146073 Pleiku
0%
South Africa 64108 Plettenberg Bay
0%
Poland 112483 Płock
0%
Benin 123740 Pobé
0%
Philippines 153197 Poblacion
0%
Philippines 120115 Poblacion
0%
Philippines 79739 Poblacion
0%
Philippines 70595 Poblacion
0%
Korea, South 163388 Pocheon
0%
Guatemala 112139 Pochuta
0%
Brazil 163742 Poços de Caldas
0%
Kosovo 88499 Podujevë
0%
Korea, South 503780 Pohang
0%
United States 71665 Poinciana
0%
Philippines 89176 Polangui
0%
Belarus 79579 Polatsk
0%
India 90180 Pollāchi
0%
Philippines 172605 Polomolok
0%
Italy 64119 Pomezia
0%
Puerto Rico 114940 Ponce
0%
Indonesia 295812 Pondokaren
0%
Spain 63747 Ponferrada
0%
Korea, South 67694 Pongnam
0%
Philippines 90786 Pongotan
0%
Burma 129753 Ponnagyun
0%
India 90491 Ponnāni
0%
India 59913 Ponnūru
0%
Brazil 273616 Ponta Grossa
0%
Brazil 93937 Ponta Porã
0%
Indonesia 680880 Pontianak
0%
Papua New Guinea 65000 Popondetta
0%
Guatemala 69437 Poptún
0%
Philippines 140751 Porac
0%
India 152760 Porbandar
0%
Côte d’Ivoire 618795 Port-Bouët
0%
Canada 61498 Port Coquitlam
0%
Haiti 121220 Port-de-Paix
0%
Malaysia 119300 Port Dickson
0%
Gabon 136462 Port-Gentil
0%
United States 85051 Port Huron
0%
Portugal 59845 Portimão
0%
Angola 137000 Porto Amboim
0%
Brazil 64418 Porto Nacional
0%
United States 63818 Port Orange
0%
Brazil 95721 Pôrto Seguro
0%
Ecuador 244129 Portoviejo
0%
Argentina 275988 Posadas
0%
Nigeria 86002 Potiskum
0%
Philippines 78298 Pototan
0%
Brazil 152549 Pouso Alegre
0%
Burkina Faso 99950 Pouytenga
0%
Portugal 64320 Póvoa de Varzim
0%
Serbia 68648 Požarevac
0%
Mexico 189457 Poza Rica de Hidalgo
0%
Philippines 74729 Pozorrubio
0%
Italy 76331 Pozzuoli
0%
Indonesia 188082 Prabumulih
0%
Colombia 57990 Pradera
0%
Brazil 349935 Praia Grande
0%
India 161279 Prāntij
0%
India 5954391 Prayagraj
0%
Argentina 101086 Presidencia Roque Sáenz Peña
0%
Paraguay 104677 Presidente Franco
0%
Brazil 225668 Presidente Prudente
0%
Bosnia and Herzegovina 89397 Prijedor
0%
Indonesia 223159 Probolinggo
0%
India 163970 Proddatūr
0%
Russia 60023 Prokhladnyy
0%
Russia 172618 Prokopyevsk
0%
Philippines 88321 Prosperidad
0%
Poland 65283 Pruszków
0%
Poland 58408 Przemyśl
0%
Peru 326040 Pucallpa
0%
China 5187200 Pudong
0%
India 225500 Pudukkottai
0%
Colombia 63067 Puerto Asís
0%
Venezuela 80000 Puerto Ayacucho
0%
Guatemala 110846 Puerto Barrios
0%
Venezuela 209080 Puerto Cabello
0%
Honduras 122426 Puerto Cortés
0%
Argentina 82227 Puerto Iguazú
0%
Argentina 115353 Puerto Madryn
0%
Peru 85024 Puerto Maldonado
0%
Cuba 90218 Puerto Padre
0%
Mexico 62301 Puerto Peñasco
0%
Guatemala 68331 Puerto San José
0%
Afghanistan 113500 Pul-e Khumrī
0%
Taiwan 77299 Puli
0%
Philippines 108836 Pulilan
0%
India 65706 Pulivendla
0%
India 66000 Puliyankudi
0%
China 1998619 Puning
0%
Peru 128637 Puno
0%
Argentina 58315 Punta Alta
0%
Venezuela 131784 Punto Fijo
0%
China 75006 Puqiancun
0%
India 201026 Puri
0%
Mexico 68795 Purísima de Bustos
0%
Netherlands 81515 Purmerend
0%
India 496830 Purnea
0%
Cambodia 58255 Pursat
0%
Guatemala 65340 Purulhá
0%
India 121067 Puruliya
0%
Indonesia 179233 Purwakarta
0%
India 110983 Purwa Utar
0%
Indonesia 233865 Purwokerto
0%
Russia 111580 Pushkino
0%
Philippines 99725 Putatan
0%
Malaysia 67964 Putrajaya
0%
China 789300 Puxi
0%
China 666322 Puyang Chengguanzhen
0%
Burma 76741 Pyapon
0%
Russia 143428 Pyatigorsk
0%
Korea, South 457873 Pyeongtaek
0%
Burma 100001 Pyinmana
0%
Korea, North 236609 P’yŏngsŏng-si
0%
Syria 136427 Qabr as Sitt
0%
Iran 247953 Qā’em Shahr
0%
Afghanistan 64125 Qal‘ah-ye Now
0%
Saudi Arabia 202096 Qal‘at Bīshah
0%
Iraq 110000 Qal‘at Sukkar
0%
Egypt 156363 Qalyūb
0%
China 798067 Qamdo
0%
Azerbaijan 85900 Qaraçuxur
0%
Kazakhstan 515632 Qaraghandy
0%
Iran 231075 Qarchak
0%
Somalia 365000 Qardho
0%
China 65572 Qarqan
0%
Uzbekistan 278300 Qarshi
0%
Kazakhstan 58418 Qaskeleng
0%
Iran 402748 Qazvīn
0%
China 728160 Qian’an
0%
China 88001 Qiantangcun
0%
China 970700 Qianxi
0%
China 301000 Qianzhou
0%
China 114712 Qiaotou
0%
Egypt 284853 Qillīn
0%
China 2179716 Qinbaling
0%
China 2984659 Qincheng
0%
China 64182 Qinggang
0%
China 760781 Qingnian
0%
China 826031 Qingping
0%
China 69902 Qingquan
0%
China 2061600 Qingyang
0%
China 467438 Qingzhen
0%
China 914047 Qingzhou
0%
China 3302238 Qinzhou
0%
China 567159 Qionghu
0%
Israel 65610 Qiryat Gat
0%
Somalia 60195 Qoorlugud
0%
Uzbekistan 259700 Qo‘qon
0%
Malta 93897 Qormi
0%
Iran 78276 Qorveh
0%
Somalia 62700 Qoryooley
0%
Italy 68585 Quartu Sant’Elena
0%
Iran 145531 Qūchān
0%
Mozambique 192876 Quelimane
0%
Portugal 78273 Queluz
0%
Guatemala 207620 Quetzaltenango
0%
Ecuador 177792 Quevedo
0%
China 621971 Qufu
0%
Angola 163991 Quibala
0%
Colombia 130825 Quibdó
0%
Venezuela 70536 Quíbor
0%
India 71873 Quilāndi
0%
Angola 97648 Quilenda
0%
Angola 113825 Quilengues
0%
Bolivia 137182 Quillacollo
0%
Chile 73261 Quillota
0%
Argentina 262379 Quilmes
0%
India 397419 Quilon
0%
Angola 136496 Quimbele
0%
Angola 158918 Quipungo
0%
Brazil 69654 Quixadá
0%
Brazil 82177 Quixeramobim
0%
Vietnam 260252 Quảng Ngãi
0%
Vietnam 180028 Quảng Yên
0%
Uzbekistan 96900 Quvasoy
0%
China 118100 Quyang
0%
China 902767 Quzhou
0%
Israel 74000 Ra‘ananna
0%
Tunisia 72209 Radès
0%
India 191316 Rāe Bareli
0%
Gaza Strip 171899 Rafaḩ
0%
Saudi Arabia 84536 Rafḩā
0%
Egypt 80823 Rafaḩ
0%
Argentina 92945 Rafaela
0%
Argentina 147965 Rafael Castillo
0%
Iran 161909 Rafsanjān
0%
Philippines 59770 Ragay
0%
India 62163 Rāghogarh
0%
Bangladesh 58624 Raharpur
0%
Israel 64462 Rahat
0%
Indonesia 69980 Raha Tiga
0%
Pakistan 420419 Rahimyar Khan
0%
India 234073 Rāichūr
0%
India 183612 Rāiganj
0%
India 135363 Raigarh
0%
India 341831 Rājahmundry
0%
India 59193 Rājgarh
0%
Korea, North 196954 Rajin
0%
India 67798 Rājsamand
0%
Bangladesh 448087 Rājshāhi
0%
India 80393 Rājula
0%
India 90774 Rāmagiri Udayagiri
0%
India 61440 Rāmanāthapuram
0%
United States 150225 Ramapo
0%
Israel 159200 Ramat Gan
0%
India 242979 Rāmgundam
0%
Iran 74285 Rāmhormoz
0%
India 249102 Rāmnagar
0%
India 97916 Rāmnagar
0%
Romania 93151 Râmnicu Vâlcea
0%
Mexico 66554 Ramos Arizpe
0%
Argentina 120346 Ramos Mejía
0%
India 57833 Rāmpur Hat
0%
Kenya 143850 Ramu
0%
India 75365 Rānāghāt
0%
United States 80656 Rancho Cordova
0%
South Africa 337053 Randburg
0%
South Africa 80492 Randfontein
0%
India 101667 Rāneswar
0%
Bangladesh 1031388 Rangapukur
0%
Indonesia 144733 Rangkasbitung
0%
India 106406 Rānībennur
0%
India 62360 Rānipet
0%
India 206831 Rānīwāra Kalān
0%
Iraq 257577 Rāniyah
0%
Indonesia 175960 Rantau Prapat
0%
India 253137 Rāpar
0%
Saudi Arabia 78691 Ra’s al Khafjī
0%
United Arab Emirates 115949 Ra’s al Khaymah
0%
Egypt 100000 Ra’s Ghārib
0%
Iran 679995 Rasht
0%
India 88584 Rāsipuram
0%
Saudi Arabia 62314 Ras Tanura
0%
India 71124 Ratangarh
0%
India 187573 Ratanpur
0%
India 65056 Rāth
0%
India 273892 Ratlām
0%
India 327120 Ratnāgiri
0%
Nepal 69851 Ratnanagar
0%
Sri Lanka 165998 Ratnapura
0%
Pakistan 81935 Ratodero
0%
Malaysia 91731 Raub
0%
India 600000 Raurkela
0%
Indonesia 114869 Rawajaya
0%
Iraq 95089 Rawānduz
0%
India 125210 Raxaul
0%
India 91234 Rāyachoti
0%
India 71445 Rāyadrug
0%
India 71208 Rāyagada
0%
Thailand 64256 Rayong
0%
India 60188 Rāzampeta
0%
Vietnam 250660 Rạch Giá
0%
Belarus 65213 Rechytsa
0%
Argentina 73293 Reconquista
0%
United Kingdom 81919 Redditch
0%
Brazil 85597 Redenção
0%
United States 72985 Redlands
0%
United States 69814 Redondo Beach
0%
United States 82423 Redwood City
0%
Algeria 66215 Reghaïa
0%
Israel 132671 Reẖovot
0%
Algeria 130094 Relizane
0%
Argentina 81465 Remedios de Escalada
0%
Pakistan 100054 Renala Khurd
0%
South Sudan 69079 Renk
0%
China 816401 Renqiu
0%
India 68000 Renukūt
0%
Brazil 125214 Resende
0%
Romania 83324 Reşiţa
0%
Guatemala 109935 Retalhuleu
0%
Russia 87300 Reutov
0%
Russia 59521 Revda
0%
India 236519 Rewa
0%
India 143021 Rewāri
0%
Turkey 108092 Reyhanlı
0%
Germany 78220 Rheine
0%
United Kingdom 69506 Rhondda
0%
Brazil 329794 Ribeirão das Neves
0%
Brazil 115559 Ribeirão Pires
0%
Bolivia 99070 Riberalta
0%
Senegal 90000 Richard-Toll
0%
Canada 202022 Richmond Hill
0%
Mexico 94978 Rincón de Romos
0%
Ecuador 177213 Riobamba
0%
Brazil 364756 Rio Branco
0%
Brazil 201418 Rio Claro
0%
Brazil 156491 Rio das Ostras
0%
Brazil 72587 Rio do Sul
0%
Colombia 167865 Ríohacha
0%
Brazil 93927 Rio Largo
0%
Colombia 62296 Riosucio
0%
Brazil 225696 Rio Verde
0%
Mexico 69613 Rioverde
0%
India 102138 Rishīkesh
0%
Israel 249860 Rishon LeẔiyyon
0%
India 124577 Rishra
0%
Japan 69598 Rittō
0%
Argentina 82582 Rivadavia
0%
Argentina 82582 Rivadavia
0%
Uruguay 64465 Rivera
0%
Iran 105393 Robāţ Karīm
0%
India 207350 Robertsonpet
0%
Philippines 79492 Robles
0%
United States 76086 Rochester Hills
0%
Belgium 64495 Roeselare
0%
Pakistan 69920 Rohri
0%
India 374292 Rohtak
0%
Brazil 67383 Rolândia
0%
Mexico 65766 Romita
0%
Italy 103607 Roncaglia
0%
China 1189813 Rongcheng
0%
China 1120822 Rongcheng
0%
China 69143 Rongcheng
0%
China 826000 Rongjiawan
0%
China 92601 Rongwo
0%
South Africa 326416 Roodepoort
0%
Spain 109204 Roquetas de Mar
0%
Philippines 66711 Rosales
0%
Germany 65192 Rosenheim
0%
Egypt 125778 Rosetta
0%
Russia 60879 Rossosh
0%
Algeria 61984 Rouiba
0%
Algeria 58112 Rouissat
0%
United States 252224 Round Lake Beach
0%
United States 124288 Round Rock
0%
United States 64139 Rowlett
0%
Philippines 179292 Roxas City
0%
United States 57880 Royal Oak
0%
Spain 81532 Rubí
0%
Venezuela 87249 Rubio
0%
Russia 123379 Rubtsovsk
0%
China 1241700 Rucheng
0%
India 154485 Rudarpur
0%
Kazakhstan 128200 Rudnyy
0%
Senegal 295459 Rufisque
0%
Rwanda 135000 Ruhengeri
0%
China 613894 Ruiming
0%
United Kingdom 58217 Ruislip
0%
China 75900 Rulin
0%
Namibia 118632 Rundu
0%
China 464078 Rushan
0%
Brazil 72928 Russas
0%
South Africa 549575 Rustenburg
0%
Indonesia 65694 Ruteng
0%
Zimbabwe 94083 Ruwa
0%
Russia 171810 Rybinsk
0%
Poland 133772 Rybnik
0%
Japan 76055 Ryūgasaki
0%
Jordan 169434 Saḩāb
0%
Morocco 91903 Sa’ada
0%
Canada 117735 Saanich
0%
Serbia 105432 Šabac
0%
Japan 68666 Sabae
0%
Iraq 254000 Sab‘ al Būr
0%
Colombia 100049 Sabanalarga
0%
Colombia 84410 Sabanalarga
0%
Colombia 82375 Sabaneta
0%
Brazil 115352 Sabará
0%
Niger 111490 Sabara Bangou
0%
Libya 116016 Sabhā
0%
Mexico 64811 Sabinas
0%
Philippines 92598 Sablayan
0%
Libya 102038 Şabrātah
0%
Saudi Arabia 228375 Şabyā
0%
Iran 243700 Sabzevār
0%
Bolivia 172466 Sacaba
0%
Korea, South 113335 Sa-ch’on
0%
Pakistan 189876 Saddiqabad
0%
Vietnam 214610 Sa Đéc
0%
Burma 69917 Sagaing
0%
Philippines 148894 Sagay
0%
Spain 71377 Sagunto
0%
Colombia 90487 Sahagún
0%
India 705478 Sahāranpur
0%
India 156540 Saharsa
0%
India 66204 Sahaswān
0%
India 111954 Sāhibganj
0%
Pakistan 247706 Sahiwal
0%
Mexico 78477 Sahuayo de Morelos
0%
Bangladesh 127104 Saidpur
0%
Pakistan 65000 Saidu Sharif
0%
Japan 106016 Saijō
0%
Japan 66497 Saiki
0%
India 176682 Sāila
0%
United Kingdom 82146 Saint Albans
0%
Canada 97873 Saint-Jean-sur-Richelieu
0%
Haiti 69592 Saint-Louis du Nord
0%
Haiti 59042 Saint-Louis du Sud
0%
Haiti 160181 Saint-Marc
0%
France 76010 Saint-Maur-des-Fossés
0%
Haiti 95216 Saint-Michel de l’Atalaye
0%
Japan 100829 Sakado
0%
Saudi Arabia 241669 Sakākā
0%
Turkey 281489 Sakarya
0%
Japan 99235 Sakata
0%
Benin 114207 Sakété
0%
Tunisia 125204 Sakiet ed Daier
0%
Tunisia 100000 Sakiet ez Zit
0%
Thailand 76000 Sakon Nakhon
0%
Pakistan 72040 Sakrand
0%
Japan 98292 Saku
0%
Japan 173740 Sakura
0%
Indonesia 175288 Salatiga
0%
Laos 100900 Salavan
0%
Russia 146633 Salavat
0%
Brazil 61249 Salgueiro
0%
India 604483 Salīmpur
0%
Mexico 81063 Salina Cruz
0%
Mexico 86766 Salinas Victoria
0%
Iraq 117500 Salmān Bāk
0%
Iran 127864 Salmās
0%
Russia 57937 Salsk
0%
India 248337 Salūmbar
0%
India 78354 Samadiāla
0%
Oman 80538 Samā’il
0%
Philippines 116771 Samal
0%
Egypt 91475 Samālūţ
0%
Turkey 165494 Samandağ
0%
Indonesia 831460 Samarinda
0%
India 253136 Samāstipur
0%
India 335761 Sambalpur
0%
Madagascar 84039 Sambava
0%
India 220813 Sambhal
0%
Ecuador 72425 Samborondón
0%
Pakistan 71766 Sambrial
0%
Korea, South 69509 Samch’ŏk
0%
United States 66375 Sammamish
0%
Philippines 388305 Sampaloc
0%
Indonesia 166773 Sampit
0%
Cambodia 70944 Samraong
0%
Pakistan 73911 Samundri
0%
Thailand 60103 Samut Sakhon
0%
Iran 412767 Sanandaj
0%
Mexico 80118 San Andrés Cholula
0%
Mexico 162428 San Andrés Tuxtla
0%
Venezuela 74422 San Antonio de Los Altos
0%
Venezuela 61630 San Antonio del Táchira
0%
Mexico 110560 San Antonio Enchisi
0%
Mexico 110560 San Antonio la Isla
0%
Guatemala 65501 San Antonio Suchitepéquez
0%
Spain 84831 San Baudilio de Llobregat
0%
United States 109900 San Buenaventura
0%
Philippines 205424 San Carlos City
0%
Argentina 112887 San Carlos de Bariloche
0%
Guatemala 80613 San Cristóbal Verapaz
0%
Cuba 138504 Sancti Spíritus
0%
Spain 98621 San Cugat del Vallés
0%
Japan 109243 Sandachō
0%
Malaysia 396290 Sandakan
0%
India 58346 Sandīla
0%
Philippines 72522 San Dionisio
0%
South Africa 222415 Sandton
0%
Philippines 87428 San Fabian
0%
Mexico 100201 San Felipe del Progreso
0%
United States 62292 Sanford
0%
Mexico 108697 San Francisco de la Piedad
0%
Mexico 61992 San Francisco de los Romo
0%
Mexico 71139 San Francisco del Rincón
0%
Dominican Republic 188118 San Francisco de Macorís
0%
Guatemala 65521 San Francisco El Alto
0%
Argentina 91322 San Francisco Solano
0%
India 65804 Sangamner
0%
India 72344 Sangāreddi
0%
Indonesia 1404785 Sangereng
0%
Puerto Rico 95622 San Germán
0%
Pakistan 434087 Sanghar
0%
Korea, South 102892 Sangju
0%
India 436639 Sāngli
0%
Cameroon 64227 Sangmélima
0%
Ecuador 96647 Sangolquí
0%
India 88043 Sangrūr
0%
China 64700 Sangzishi
0%
China 760107 Sanhe
0%
Peru 127523 San Ignacio
0%
Philippines 115713 San Ildefonso
0%
Philippines 79372 San Isidro
0%
China 121812 Sanjiao
0%
Cuba 81261 San José de las Lajas
0%
Colombia 68878 San José del Guaviare
0%
Philippines 651813 San Jose del Monte
0%
Mexico 91345 San José del Rincón Centro
0%
Guatemala 89639 San José Pinula
0%
Guatemala 61634 San Juan Chamelco
0%
Mexico 69725 San Juan de los Lagos
0%
Venezuela 87739 San Juan de los Morros
0%
Mexico 301237 San Juan del Río
0%
El Salvador 74280 San Juan Opico
0%
Guatemala 284798 San Juan Sacatepéquez
0%
Argentina 136604 San Justo
0%
India 70574 Sankaranayinār Kovil
0%
India 89627 Sankeshwar
0%
Philippines 68536 San Leonardo
0%
Paraguay 287977 San Lorenzo
0%
Argentina 196568 San Lorenzo
0%
Spain 69876 Sanlúcar de Barrameda
0%
Mexico 176685 San Luis Río Colorado
0%
Philippines 60124 San Mariano
0%
Guatemala 94901 San Martín Jilotepeque
0%
Mexico 163922 San Martin Texmelucan de Labastida
0%
Mexico 66740 San Mateo Atenco
0%
Guatemala 60203 San Mateo Ixtatán
0%
China 2034872 Sanmenxia
0%
Mexico 69811 San Miguel de Allende
0%
Cuba 161072 San Miguel del Padrón
0%
Panama 315019 San Miguelito
0%
Sudan 143059 Sannār
0%
Argentina 160000 San Nicolás de los Arroyos
0%
Mexico 443273 San Nicolás de los Garza
0%
Japan 114842 Sano
0%
Philippines 69009 San Pascual
0%
Guatemala 67946 San Pedro Ayampuc
0%
Guatemala 255006 San Pedro Carchá
0%
Dominican Republic 195307 San Pedro de Macorís
0%
Mexico 122659 San Pedro Garza García
0%
Guatemala 78244 San Pedro Pinula
0%
Guatemala 85671 San Pedro Sacatepéquez
0%
Chile 94906 San Ramón
0%
United States 85734 San Ramon
0%
Costa Rica 80566 San Ramón
0%
Argentina 76070 San Ramón de la Nueva Orán
0%
Philippines 65744 San Remigio
0%
Argentina 321789 San Salvador de Jujuy
0%
Philippines 59182 San Simon
0%
Brazil 183347 Santa Bárbara d’Oeste
0%
Philippines 77501 Santa Catalina
0%
Guatemala 61274 Santa Catarina Ixtahuacán
0%
Mexico 67611 Santa Catarina Otzolotepec
0%
Guatemala 87362 Santa Catarina Pinula
0%
Guatemala 99479 Santa Cruz del Quiché
0%
Brazil 98254 Santa Cruz do Capibaribe
0%
Brazil 133230 Santa Cruz do Sul
0%
Mexico 93188 Santa Cruz Xoxocotlán
0%
Brazil 85014 Santa Inês
0%
Brazil 57966 Santa Isabel
0%
Brazil 73019 Santa Isabel do Pará
0%
Guatemala 127683 Santa Lucía Cotzumalguapa
0%
Brazil 220444 Santa Luzia
0%
Guatemala 58918 Santa María Chiquimula
0%
Guatemala 70321 Santa María La Pila
0%
Mexico 175518 Santa María Texmelucan
0%
Philippines 111292 Santamesa
0%
Brazil 154105 Santana de Parnaíba
0%
Brazil 84421 Santana do Livramento
0%
Colombia 180000 Santander de Quilichao
0%
United States 105231 San Tan Valley
0%
Brazil 149910 Santa Rita
0%
Venezuela 134233 Santa Rita
0%
Colombia 73028 Santa Rosa de Cabal
0%
Honduras 61083 Santa Rosa de Copán
0%
Mexico 86376 Santa Rosa Jauregui
0%
El Salvador 139908 Santa Tecla
0%
Venezuela 260899 Santa Teresa del Tuy
0%
United States 59485 Santee
0%
Italy 67713 Sant’Eufemia Lamezia
0%
Cuba 444851 Santiago de Cuba
0%
Mexico 64365 Santiago Tianguistenco
0%
Brazil 208944 Santo Agostinho
0%
Brazil 61702 Santo Amaro
0%
Brazil 748919 Santo André
0%
Brazil 76917 Santo Ângelo
0%
Brazil 103055 Santo Antônio de Jesus
0%
Dominican Republic 948855 Santo Domingo Este
0%
Mexico 64639 Santo Domingo Tehuantepec
0%
Portugal 71530 Santo Tirso
0%
Philippines 218500 Santo Tomas
0%
Philippines 128667 Santo Tomas
0%
Argentina 65684 Santo Tomé
0%
Hong Kong 116022 San Tung Chung Hang
0%
Spain 101984 San Vicente de Baracaldo
0%
Colombia 72949 San Vicente del Caguán
0%
Spain 60269 San Vicente del Raspeig
0%
Nepal 72621 Sanwal
0%
China 119517 Sanxi
0%
Japan 59648 Sanyō-Onoda
0%
Angola 68391 Sanza Pombo
0%
China 1680000 Sanzhou
0%
Brazil 65437 São Bento do Sul
0%
Brazil 810729 São Bernardo do Campo
0%
Brazil 60019 São Borja
0%
Brazil 165655 São Caetano do Sul
0%
Brazil 254484 São Carlos
0%
Brazil 95612 São Cristóvão
0%
Brazil 65418 São Félix do Xingu
0%
Brazil 58487 São Gabriel
0%
Brazil 115838 São Gonçalo do Amarante
0%
Brazil 77387 São João da Boa Vista
0%
Brazil 90225 São João del Rei
0%
Brazil 244579 São José de Ribamar
0%
Brazil 358523 São José do Rio Prêto
0%
Brazil 204316 São José dos Pinhais
0%
Brazil 193547 São Leopoldo
0%
Brazil 90402 São Lourenço da Mata
0%
Brazil 132642 São Mateus
0%
Brazil 61797 São Miguel dos Campos
0%
Brazil 106049 São Pedro da Aldeia
0%
Brazil 79484 São Roque
0%
Brazil 58038 São Sebastião
0%
Brazil 71796 São Sebastião do Paraíso
0%
Brazil 303551 São Vicente
0%
Nigeria 242652 Sapele
0%
Brazil 75648 Sapiranga
0%
Iran 165258 Saqqez
0%
Brazil 89559 Saquarema
0%
Egypt 227719 Sāqultah
0%
Thailand 60809 Saraburi
0%
Pakistan 73967 Sarai Alamgir
0%
Argentina 60752 Sarandí
0%
India 122368 Sarangāpuram
0%
Russia 89442 Sarapul
0%
Iran 60014 Sarāvān
0%
Philippines 64290 Saravia
0%
France 58576 Sarcelles
0%
India 95911 Sardārshahr
0%
India 58490 Sardhana
0%
Pakistan 659862 Sargodha
0%
Chad 103269 Sarh
0%
Pakistan 128958 Sarhari
0%
Philippines 161868 Sariaya
0%
Turkey 221733 Sarıçam
0%
Korea, North 307764 Sariwŏn
0%
Turkey 350454 Sarıyer
0%
India 86141 Sārni
0%
Canada 73944 Sarnia
0%
Iran 271467 Sartā
0%
Japan 74778 Sasagawa
0%
India 358283 Sasarām
0%
Japan 242664 Sasebo
0%
South Africa 76349 Sasolburg
0%
Côte d’Ivoire 87945 Sassandra
0%
India 179147 Sātāra
0%
Kazakhstan 61883 Sätbayev
0%
Bangladesh 113322 Sātkhira
0%
India 283004 Satna
0%
Azerbaijan 87400 Şatrovka
0%
Japan 91875 Satsumasendai
0%
India 70000 Satyamangalam
0%
India 274556 Saugor
0%
Indonesia 149790 Saumlaki
0%
India 81915 Saunda
0%
Angola 393000 Saurimo
0%
India 67459 Sausar
0%
Bangladesh 384093 Savar
0%
Iran 220762 Sāveh
0%
Indonesia 61427 Sawahlunto
0%
India 165000 Sawāi Mādhopur
0%
Indonesia 197170 Sawangan
0%
Iraq 350000 Sawrān
0%
Guatemala 99787 Sayaxché
0%
Saudi Arabia 84818 Sayhāt
0%
Iraq 71557 Saymayl
0%
Yemen 68747 Say’ūn
0%
Iraq 61600 Sayyid Şādiq
0%
United States 76780 Schaumburg
0%
Netherlands 79279 Schiedam
0%
Germany 62726 Schwäbisch Gmünd
0%
Philippines 84308 Science City of Muñoz
0%
Malaysia 946092 Seberang Jaya
0%
United States 65138 Sebring
0%
India 213698 Secunderābād
0%
Turkey 60914 Seferhisar
0%
Malaysia 197762 Segamat
0%
Benin 89268 Ségbana
0%
Côte d’Ivoire 103980 Séguéla
0%
India 109118 Sehore
0%
Pakistan 75167 Sehwan
0%
Portugal 184269 Seixal
0%
Korea, South 204088 Sejong
0%
Japan 85636 Sekimachi
0%
Turkey 690667 Selçuklu
0%
India 105686 Semāri
0%
Iran 185129 Semnān
0%
Brazil 118451 Senador Canedo
0%
Guatemala 98703 Senahú
0%
Brazil 79424 Senhor do Bonfim
0%
Japan 59634 Sennan
0%
Indonesia 84648 Sentani
0%
Korea, South 153861 Seogwipo
0%
India 102343 Seoni
0%
Indonesia 112289 Sepatan
0%
Belgium 64270 Seraing
0%
Indonesia 613356 Serang
0%
Turkmenistan 89582 Serdar
0%
Gambia, The 382096 Serekunda
0%
Malaysia 419536 Seremban
0%
Russia 98251 Sergiyev Posad
0%
Turkey 139545 Serik
0%
Brazil 80596 Seropédica
0%
Russia 93192 Serov
0%
Russia 133756 Serpukhov
0%
Brazil 92228 Serra Talhada
0%
Greece 58400 Sérres
0%
Brazil 83275 Serrinha
0%
Brazil 126887 Sertãozinho
0%
Russia 71614 Sertolovo
0%
Croatia 70800 Sesvete
0%
Japan 940071 Setagaya
0%
Brazil 241835 Sete Lagoas
0%
Japan 127327 Seto
0%
Morocco 171556 Settat
0%
Japan 86168 Settsu
0%
United States 58041 Severn
0%
Russia 155647 Severodvinsk
0%
Russia 105304 Seversk
0%
Turkey 65465 Seydişehir
0%
Turkey 795012 Seyhan
0%
Pakistan 91851 Shabqadar
0%
China 851374 Shache
0%
China 114569 Shacheng
0%
Nigeria 1132270 Shagamu
0%
Malaysia 584340 Shah Alam
0%
Pakistan 113342 Shahdadpur
0%
India 86681 Shahdol
0%
China 431746 Shahe
0%
Iran 173329 Shāhīn Shahr
0%
India 346103 Shāhjānpur
0%
Pakistan 447993 Shah Latif Town
0%
Iran 134952 Shahreẕā
0%
Iran 190441 Shahr-e Kord
0%
Iran 309605 Shahr-e Qods
0%
Iran 309607 Shahrīār
0%
Uzbekistan 71400 Shahrixon
0%
Iran 165000 Shāhrūd
0%
India 76319 Shājāpur
0%
Pakistan 73160 Shakargarh
0%
Russia 220802 Shakhty
0%
India 107233 Shāmli
0%
Hong Kong 405869 Sham Shui Po
0%
China 74459 Shancheng
0%
China 69252 Shangchuankou
0%
China 62287 Shangtangcun
0%
China 463358 Shangzhi
0%
China 2041231 Shangzhou
0%
China 675226 Shanhu
0%
India 151777 Shāntipur
0%
China 2672819 Shanwei
0%
China 65497 Shanxia
0%
China 2855131 Shaoguan
0%
China 86036 Shaoshanzhan
0%
China 273721 Shaowu
0%
China 6563520 Shaoyang
0%
China 1542600 Shaoyang
0%
Egypt 73000 Sharm ash Shaykh
0%
Saudi Arabia 85977 Sharūrah
0%
Ethiopia 407000 Shashemenē
0%
China 67700 Shashijie
0%
Hong Kong 640000 Sha Tin
0%
Russia 86088 Shchëkino
0%
Russia 135918 Shchelkovo
0%
India 112539 Shegaon
0%
India 62927 Sheikhpura
0%
Pakistan 473129 Shekhupura
0%
China 2035338 Shengli
0%
China 237846 Shenmu
0%
India 105026 Sheopur
0%
India 62226 Sherkot
0%
Japan 94258 Shibata
0%
Egypt 267945 Shibīn al Kawm
0%
Egypt 570868 Shibīn al Qanāţir
0%
Afghanistan 175599 Shibirghān
0%
Japan 73064 Shibukawa
0%
Japan 102056 Shibuya
0%
Japan 235193 Shibuya-ku
0%
China 60724 Shihe
0%
China 717000 Shihezi
0%
China 108753 Shihuajie
0%
China 246960 Shijing
0%
India 107404 Shikohābād
0%
Japan 82320 Shikokuchūō
0%
India 701489 Shiliguri
0%
India 143229 Shillong
0%
China 61258 Shilu
0%
Japan 95198 Shimada
0%
India 206575 Shimla
0%
India 322650 Shimoga
0%
Japan 59404 Shimotsuke
0%
Japan 415729 Shinagawa-ku
0%
Japan 349385 Shinjuku
0%
Japan 76445 Shinkai
0%
Japan 252844 Shinozaki
0%
Tanzania 139727 Shinyanga
0%
Japan 67240 Shiojiri
0%
Japan 59393 Shirakawa
0%
Japan 110135 Shirayamamachi
0%
Japan 61673 Shiroi
0%
India 753815 Shīshgarh
0%
China 685930 Shishi
0%
India 179977 Shivpuri
0%
China 3209004 Shiyan
0%
China 122802 Shiyan
0%
China 140493 Shizhaobi
0%
India 412291 Shorāpur
0%
United States 59280 Shoreline
0%
Ukraine 71966 Shostka
0%
China 1039205 Shouguang
0%
India 181842 Shrīrāmpur
0%
China 130710 Shuangcheng
0%
China 360000 Shuanghe
0%
China 727265 Shuangqiao
0%
China 87295 Shuangshuicun
0%
China 1208803 Shuangyashan
0%
Egypt 295777 Shubrākhīt
0%
China 81413 Shuibian
0%
China 119517 Shuixi
0%
China 973197 Shuizhai
0%
Pakistan 70595 Shujaabad
0%
India 112000 Shujālpur
0%
China 406744 Shulan
0%
Japan 137899 Shūnan
0%
China 1593444 Shuozhou
0%
Iran 77148 Shūsh
0%
Iran 101878 Shūshtar
0%
Russia 62400 Shuya
0%
China 1770000 Shuyangzha
0%
Burma 88914 Shwebo
0%
Pakistan 591668 Sialkot City
0%
Philippines 83082 Siaton
0%
Philippines 63833 Sibalom
0%
Indonesia 94971 Sibolga
0%
India 150781 Sibsāgar
0%
Philippines 64343 Sibulan
0%
Peru 57551 Sicuani
0%
India 61867 Siddhapur
0%
Bangladesh 256760 Siddhirganj
0%
India 66737 Siddipet
0%
Egypt 200977 Şidfā
0%
Algeria 215000 Sidi Aïssa
0%
Egypt 63098 Sīdī Barānī
0%
Morocco 72929 Sidi Bibi
0%
Algeria 58857 Sidi ech Chahmi
0%
Morocco 75037 Sidi Qacem
0%
Morocco 95114 Sidi Slimane
0%
Morocco 116649 Sidi Yahya Zaer
0%
Lebanon 163554 Sidon
0%
Poland 76357 Siedlce
0%
Poland 63657 Siemianowice Śląskie
0%
Ukraine 99067 Sievierodonetsk
0%
Philippines 59891 Sigaboy
0%
Honduras 95121 Siguatepeque
0%
Guinea 183875 Siguiri
0%
Cambodia 71082 Sihanoukville
0%
China 593400 Sihui
0%
Korea, South 425184 Sihŭng
0%
China 62000 Sihushan
0%
Turkey 160340 Siirt
0%
India 294858 Sikandarābād
0%
India 359293 Sīkar
0%
Mali 213977 Sikasso
0%
Philippines 295644 Silang
0%
Mexico 74242 Silao
0%
Philippines 130478 Silay
0%
India 172830 Silchar
0%
India 58230 Sillod
0%
Turkey 108880 Silopi
0%
Turkey 86161 Silvan
0%
Malaysia 102092 Simanggang
0%
India 80129 Simdega
0%
Indonesia 93762 Simeulu
0%
Brazil 94066 Simões Filho
0%
Turkey 572609 Sincan
0%
Colombia 286716 Sincelejo
0%
Philippines 103952 Sindangan
0%
Germany 65504 Sindelfingen
0%
Benin 91672 Sinendé
0%
Côte d’Ivoire 137210 Sinfra
0%
Indonesia 73965 Singaparna
0%
Indonesia 153930 Singaraja
0%
Tanzania 232459 Singida
0%
Indonesia 230376 Singkawang
0%
Indonesia 180740 Singosari
0%
India 220257 Singrauliya
0%
India 65299 Sinnar
0%
Egypt 692701 Sinnūris
0%
Brazil 74831 Sinop
0%
Belgium 80167 Sint-Niklaas
0%
Korea, North 352000 Sinŭiju
0%
Philippines 72448 Sipalay
0%
China 1814733 Siping
0%
Philippines 68169 Sipocot
0%
Thailand 327172 Si Racha
0%
Bangladesh 450000 Sirājganj
0%
Iran 175000 Sīrjān
0%
Turkey 75932 Şırnak
0%
India 182534 Sirsa
0%
India 64345 Sirsi
0%
India 62882 Sirsi
0%
India 83186 Sirsilla
0%
India 72503 Siruguppa
0%
India 385414 Sirūr
0%
Azerbaijan 70684 Şirvan
0%
Cambodia 99019 Sisophon
0%
India 106093 Sītāmarhi
0%
India 177351 Sītāpur
0%
India 148266 Sitārganj
0%
Burma 100748 Sittwe
0%
Nicaragua 64092 Siuna
0%
India 67864 Siuri
0%
India 90803 Sivaganga
0%
India 260047 Sivakāsi
0%
India 135066 Siwān
0%
China 730400 Sizhan
0%
Pakistan 260000 Skardu
0%
Poland 78636 Skarżysko-Kamienna
0%
Morocco 122705 Skhirate
0%
United States 66427 Skokie
0%
Romania 63487 Slatina
0%
United States 94220 Slidell
0%
Bulgaria 115241 Sliven
0%
Ukraine 105141 Sloviansk
0%
Poland 87660 Słupsk
0%
Ukraine 65675 Smila
0%
United States 115988 Smithtown
0%
Vietnam 129801 Sầm Sơn
0%
Indonesia 118613 Soasio
0%
Benin 76315 So-Awa
0%
Brazil 210711 Sobral
0%
Venezuela 110512 Socopó
0%
Japan 63975 Sodegaura
0%
Ethiopia 254295 Sodo
0%
Colombia 116031 Sogamoso
0%
Angola 200920 Soio
0%
Japan 69428 Sōja
0%
India 100000 Sojat
0%
Japan 251390 Sōka
0%
Korea, South 79846 Sokcho
0%
Georgia 64441 Sokhumi
0%
Togo 189000 Sokodé
0%
Philippines 88445 Solana
0%
Philippines 65287 Solano
0%
India 951558 Solāpur
0%
Colombia 676014 Soledad
0%
Mexico 332072 Soledad de Graciano Sánchez
0%
Russia 88789 Solikamsk
0%
Indonesia 68602 Solok
0%
Guatemala 99934 Sololá
0%
Guatemala 64772 Soloma
0%
Zambia 90856 Solwezi
0%
Mali 69561 Somasso
0%
Nigeria 597400 Somolu
0%
India 58647 Sonabedha
0%
India 229782 Songadh
0%
Vietnam 105780 Sông Cầu
0%
Tanzania 286285 Songea
0%
China 1909713 Songjiang
0%
Korea, South 918771 Sŏngnam
0%
Korea, North 128831 Songnim
0%
China 729332 Songyang
0%
China 654762 Songzi
0%
India 402000 Sonīpat
0%
Vietnam 106052 Sơn La
0%
India 288102 Sonpur
0%
El Salvador 71980 Sonsonate
0%
Vietnam 230577 Sơn Tây
0%
India 118608 Sopur
0%
Indonesia 116780 Soreang
0%
Brazil 723574 Sorocaba
0%
Uganda 60900 Soroti
0%
Brazil 110635 Sorriso
0%
Philippines 182237 Sorsogon
0%
Korea, South 169221 Sŏsan
0%
Côte d’Ivoire 272773 Soubré
0%
Algeria 78956 Sougueur
0%
Algeria 155259 Souk Ahras
0%
Morocco 60293 Souq Sebt Oulad Nemma
0%
Brazil 67259 Sousa
0%
United Kingdom 78253 Southall
0%
United States 76025 Southfield
0%
United States 109157 South Fulton
0%
United States 91836 South Gate
0%
United States 68161 South Hill
0%
United States 151231 South Lyon
0%
United States 64487 South San Francisco
0%
El Salvador 284659 Soyapango
0%
Jamaica 131056 Spanish Town
0%
Netherlands 72740 Spijkenisse
0%
Serbia 72580 Sremska Mitrovica
0%
Bangladesh 132948 Srīpur
0%
India 75396 Srīvilliputtūr
0%
Ukraine 74546 Stakhanov
0%
Canada 68232 St. Albert
0%
Poland 57620 Stalowa Wola
0%
South Africa 84383 Standerton
0%
Serbia 71931 Stara Pazova
0%
Bulgaria 142746 Stara Zagora
0%
Poland 67348 Stargard Szczeciński
0%
Russia 217107 Staryy Oskol
0%
United States 79803 State College
0%
Canada 242460 St. Catharines
0%
United States 58287 St. Clair Shores
0%
South Africa 77476 Stellenbosch
0%
Russia 277410 Sterlitamak
0%
United Kingdom 82729 Stockton-on-Tees
0%
United States 59917 Stonecrest
0%
United Kingdom 58055 Streatham
0%
Ukraine 59425 Stryi
0%
Russia 63506 Stupino
0%
Indonesia 141038 Subang
0%
Philippines 111912 Subic
0%
Indonesia 78801 Subulussalam
0%
Romania 119694 Suceava
0%
China 58300 Sucun
0%
Japan 583609 Suginami-ku
0%
Egypt 193931 Sūhāj
0%
Kosovo 59722 Suharekë
0%
Ghana 126403 Suhum
0%
China 60000 Suifenhe
0%
China 3756167 Suihua
0%
China 57789 Suileng
0%
China 2814196 Suining
0%
India 101528 Sūjāngarh
0%
Indonesia 320970 Sukabumi
0%
Pakistan 499900 Sukkur
0%
Tunisia 153307 Sukrah
0%
Peru 162434 Sullana
0%
Turkey 358201 Sultanbeyli
0%
Philippines 105121 Sultan Kudarat
0%
India 107640 Sultānpur
0%
India 163716 Sultānpur Mazra
0%
Brazil 265955 Sumaré
0%
Indonesia 63362 Sumbawa Besar
0%
Tanzania 303986 Sumbawanga
0%
Angola 279968 Sumbe
0%
Indonesia 102973 Sumber
0%
Indonesia 1240000 Sumedang
0%
Indonesia 84656 Sumenep
0%
Japan 272085 Sumida
0%
Azerbaijan 341200 Sumqayıt
0%
United States 68914 Sumter
0%
India 124590 Sunām
0%
Korea, South 265390 Suncheon
0%
Korea, North 437000 Sunch’ŏn
0%
India 63724 Sundapālaiyam
0%
Indonesia 100750 Sungailiat
0%
Indonesia 101325 Sungai Penuh
0%
Malaysia 544851 Sungai Petani
0%
Angola 61682 Sungo
0%
Ghana 208496 Sunyani
0%
China 730135 Suohe
0%
India 2229076 Supaul
0%
India 290998 Surajgarha
0%
Philippines 89340 Surallah
0%
India 100000 Suramāla
0%
India 70536 Sūratgarh
0%
Thailand 132040 Surat Thani
0%
India 75755 Surendranagar
0%
India 106805 Suriāpet
0%
Philippines 171107 Surigao
0%
Brazil 65647 Surubim
0%
Turkey 100961 Suruç
0%
United Kingdom 96475 Sutton Coldfield
0%
Brazil 228690 Suzano
0%
Belarus 62602 Svyetlahorsk
0%
Pakistan 115018 Swabi
0%
Ghana 68216 Swedru
0%
Russia 245083 Syktyvkar
0%
Russia 161609 Syzran
0%
Hungary 66426 Szolnok
0%
Philippines 140961 Tabaco
0%
Haiti 130283 Tabarre
0%
Brazil 67182 Tabatinga
0%
Brazil 273542 Taboão da Serra
0%
Tanzania 308741 Tabora
0%
Saudi Arabia 886036 Tabūk
0%
Philippines 121033 Tabuk
0%
Sweden 65364 Täby
0%
Mexico 76661 Tacámbaro de Codallos
0%
Guatemala 82079 Tacaná
0%
China 158098 Tacheng
0%
Japan 181115 Tachikawa
0%
Philippines 109319 Tacurong
0%
India 64149 Tādepalle
0%
India 104032 Tādepallegūdem
0%
India 108171 Tādpatri
0%
China 150800 Tafeng
0%
Ghana 60919 Tafo
0%
Japan 61937 Tagajō
0%
Russia 241557 Taganrog
0%
Philippines 85330 Tagaytay
0%
Philippines 104976 Tagbilaran City
0%
Philippines 80319 Tagoloan
0%
Philippines 886722 Taguig City
0%
Philippines 296202 Tagum
0%
Japan 59015 Tahara
0%
Algeria 78500 Taher
0%
Niger 117826 Tahoua
0%
China 732380 Taihe
0%
China 189938 Taihe
0%
China 689611 Taihecun
0%
China 75992 Tailai
0%
Malaysia 245182 Taiping
0%
China 907744 Taishan
0%
China 85697 Taishan Houcun
0%
China 208589 Taisheng
0%
Japan 211444 Taitō
0%
Taiwan 103260 Taitung
0%
China 990200 Taixing
0%
Yemen 458789 Ta‘izz
0%
Japan 106746 Tajimi
0%
Iran 86000 Tajrīsh
0%
Guatemala 63405 Tajumulco
0%
Japan 165880 Takaoka
0%
Japan 221846 Takarazuka
0%
Japan 86888 Takasagochō-takasemachi
0%
Japan 372639 Takasaki
0%
Japan 347496 Takatsuki
0%
Iran 80299 Tākestān
0%
Pakistan 64083 Talagang
0%
India 136026 Talaivāsal
0%
Philippines 77027 Talakag
0%
Pakistan 70000 Talamba
0%
Peru 99600 Talara
0%
Turkey 169214 Talas
0%
Angola 500000 Talatona
0%
Pakistan 172014 Talhar
0%
Philippines 71272 Talibon
0%
Philippines 100088 Talipao
0%
Philippines 263048 Talisay
0%
Philippines 108909 Talisay
0%
Indonesia 57540 Taliwang
0%
Egypt 413584 Ţalkhā
0%
Iraq 80000 Tall ‘Afar
0%
Ireland 81022 Tallaght
0%
Afghanistan 258758 Tāluqān
0%
Japan 62784 Tamana
0%
Malaysia 66000 Taman Johor Jaya
0%
Malaysia 67440 Taman Senai
0%
United States 71887 Tamarac
0%
Mexico 96820 Tamazunchale
0%
India 182071 Tambaram
0%
Vietnam 104175 Tam Điệp
0%
Vietnam 122374 Tam Kỳ
0%
India 65306 Tamlūk
0%
Mexico 297284 Tampico
0%
Japan 68986 Tanabe
0%
Japan 78165 Tanashichō
0%
Philippines 193936 Tanauan
0%
Philippines 139420 Tanay
0%
China 447487 Tanbei
0%
Vietnam 141211 Tân Châu
0%
Korea, North 345875 Tanch’ŏn
0%
Philippines 62669 Tandag
0%
Pakistan 133487 Tando Allahyar
0%
Pakistan 114406 Tando Muhammad Khan
0%
India 71108 Tāndūr
0%
India 95516 Tandwa
0%
Bangladesh 392300 Tāngāil
0%
Sri Lanka 72500 Tangalla
0%
China 322990 Tangdong
0%
China 109152 Tangjia
0%
China 90000 Tangjia
0%
Korea, South 171213 Tangjin
0%
Philippines 68389 Tangub
0%
Benin 74675 Tanguiéta
0%
China 86862 Tangxing
0%
Philippines 82642 Tanjay
0%
India 222943 Tanjore
0%
Indonesia 165763 Tanjungbalai
0%
Indonesia 223450 Tanjung Morawa
0%
Indonesia 103062 Tanjungpandan
0%
Indonesia 203008 Tanjungpinang
0%
Indonesia 63588 Tanjung Selor
0%
Vietnam 161000 Tân Phú
0%
Vietnam 62778 Tân Phước Khánh
0%
India 77962 Tanuku
0%
Vietnam 466053 Tân Uyên
0%
Philippines 312116 Tanza
0%
China 86800 Taohuajiang
0%
Morocco 321876 Taourirt
0%
China 109300 Taoyang
0%
Taiwan 443273 Taoyuan District
0%
China 499132 Taozhou
0%
Mexico 217550 Tapachula
0%
Brazil 57584 Taquara
0%
Indonesia 201635 Tarakan
0%
Peru 240453 Tarapoto
0%
Romania 66965 Târgovişte
0%
Romania 73545 Târgu Jiu
0%
Venezuela 128590 Táriba
0%
Bolivia 268000 Tarija
0%
Yemen 58523 Tarīm
0%
Tanzania 133043 Tarime
0%
Afghanistan 71604 Tarīn Kōṯ
0%
Philippines 385398 Tarlac City
0%
Poland 106259 Tarnów
0%
Poland 61288 Tarnowskie Góry
0%
India 73638 Tarn Tāran
0%
Indonesia 115660 Tarogong
0%
Spain 228708 Tarrasa
0%
Argentina 63196 Tartagal
0%
India 65000 Tāsgaon
0%
Indonesia 678027 Tasikmalaya
0%
Hungary 65861 Tatabánya
0%
Indonesia 92361 Tatakan
0%
Tunisia 70224 Tataouine
0%
Japan 73991 Tatebayashi
0%
Japan 73952 Tatsunochō-tominaga
0%
Brazil 116682 Tatuí
0%
Turkey 79214 Tatvan
0%
Brazil 317915 Taubaté
0%
Burma 145909 Taungdwingyi
0%
Burma 264804 Taunggyi
0%
Burma 108569 Taungoo
0%
Turkey 73306 Tavşanlı
0%
Malaysia 113809 Tawau
0%
Pakistan 136900 Taxila
0%
Philippines 112658 Tayabas
0%
United States 59010 Taylorsville
0%
Vietnam 135254 Tây Ninh
0%
Philippines 386451 Taytay
0%
Philippines 83357 Taytay
0%
Morocco 148406 Taza
0%
Benin 221108 Tchaourou
0%
Congo (Brazzaville) 262931 Tchibota
0%
Angola 195136 Tchitato
0%
Poland 57990 Tczew
0%
Algeria 194461 Tébessa
0%
Indonesia 169786 Tebingtinggi
0%
Mexico 364579 Tecámac
0%
Mexico 77061 Tecamachalco
0%
Mexico 81059 Tecate
0%
Ghana 104212 Techiman
0%
Mexico 116305 Tecomán
0%
Guatemala 112864 Tecpán Guatemala
0%
Brazil 73669 Tefé
0%
Indonesia 275789 Tegal
0%
Mexico 319375 Tehuacán
0%
Brazil 107486 Teixeira de Freitas
0%
Turkmenistan 67488 Tejen
0%
Mexico 71077 Tejupilco
0%
Israel 467875 Tel Aviv-Yafo
0%
Brazil 75042 Telêmaco Borba
0%
India 99386 Tellicherry
0%
Malaysia 232800 Teluk Intan
0%
Indonesia 167980 Teluknaga
0%
Morocco 297098 Temara
0%
Mexico 58169 Temascalcingo
0%
Kazakhstan 185082 Temirtaū
0%
Mexico 116143 Temixco
0%
Mexico 105766 Temoaya
0%
Argentina 121451 Temperley
0%
India 164937 Tenāli
0%
Mexico 104677 Tenancingo
0%
Japan 61981 Tendō
0%
Indonesia 114039 Tenggarong
0%
China 620000 Tengyue
0%
India 70545 Tenkāsi
0%
Burkina Faso 58600 Tenkodogo
0%
Japan 63760 Tenri
0%
Brazil 137418 Teófilo Otoni
0%
Mexico 63115 Teoloyucan
0%
Mexico 141322 Tepatitlán de Morelos
0%
Mexico 102667 Tepexpan
0%
Mexico 425942 Tepic
0%
Mexico 67724 Tepotzotlán
0%
Philippines 64072 Teresa
0%
Brazil 868075 Teresina
0%
Brazil 138081 Teresópolis
0%
Turkey 71092 Terme
0%
Uzbekistan 182800 Termiz
0%
Indonesia 204215 Ternate
0%
Mozambique 152909 Tete
0%
North Macedonia 63176 Tetovo
0%
Lesotho 75115 Teyateyaneng
0%
Mexico 92170 Teziutlan
0%
India 102505 Tezpur
0%
South Africa 70118 Thaba Nchu
0%
Vietnam 268167 Thái Bình
0%
Laos 70000 Thakhèk
0%
Burma 145287 Thanatpin
0%
Burma 133484 Thandwe
0%
India 154962 Thānesar
0%
Vietnam 850000 Thanh Hóa
0%
Burma 86065 Thanhlyin
0%
Vietnam 120982 Thành Phố Uông Bí
0%
Pakistan 352491 Thari Mir Wah
0%
Burma 130763 Thaton
0%
India 59955 Thatri
0%
Pakistan 220000 Thatta
0%
Vietnam 1013795 Thủ Đức
0%
Vietnam 321607 Thủ Dầu Một
0%
United States 58548 The Hammocks
0%
United States 82108 The Villages
0%
United States 116916 The Woodlands
0%
Kenya 99322 Thika
0%
Burma 209486 Thingangyun
0%
South Africa 69453 Thohoyandou
0%
United Kingdom 65812 Thornton Heath
0%
China 602840 Tianchang
0%
Brazil 76537 Tianguá
0%
China 116084 Tianmu
0%
China 58430 Tianningcun
0%
China 166774 Tiantoujiao
0%
Philippines 106265 Tiaong
0%
Algeria 178915 Tiaret
0%
Cameroon 72081 Tibati
0%
China 225960 Tieli
0%
China 2388294 Tieling
0%
Colombia 78770 Tierralta
0%
Philippines 60524 Tigaon
0%
Indonesia 163531 Tigaraksa
0%
Philippines 65245 Tigbauan
0%
Algeria 62210 Tighenif
0%
Argentina 64867 Tigre
0%
India 79106 Tīkamgarh
0%
Cameroon 78885 Tiko
0%
Pakistan 58050 Timargara
0%
Egypt 201956 Timayy al Imdīd
0%
Brazil 174465 Timon
0%
Brazil 81579 Timóteo
0%
Philippines 70176 Tinambac
0%
Venezuela 110000 Tinaquillo
0%
India 120405 Tindivanam
0%
India 154428 Tindwāra
0%
Indonesia 142909 Tinipuka
0%
India 236571 Tinkhang
0%
India 411298 Tinnevelly
0%
Hong Kong 286232 Tin Shui Wai
0%
India 99507 Tinsukia
0%
Nicaragua 147379 Tipitapa
0%
India 59543 Tiptūr
0%
Guatemala 63971 Tiquisate
0%
Turkey 87462 Tire
0%
India 77319 Tirkākara
0%
India 95335 Tiruchengodu
0%
India 60212 Tirukkoyilūr
0%
India 287482 Tirupati
0%
India 83612 Tiruppattūr
0%
India 877778 Tiruppūr
0%
India 58301 Tiruvālūr
0%
India 172348 Tiruvannāmalai
0%
India 249446 Tiruvottiyūr
0%
Sri Lanka 79618 Tissamaharama
0%
Algeria 75197 Tissemsilt
0%
India 116541 Titāgarh
0%
Senegal 69556 Tivaouane
0%
Mexico 119442 Tizayuca
0%
Mexico 653410 Tlalnepantla
0%
Mexico 115000 Tlapacoyan
0%
Mexico 664193 Tlaquepaque
0%
Madagascar 225116 Toamasina
0%
Pakistan 75943 Toba Tek Singh
0%
Indonesia 65138 Toboali
0%
Libya 135832 Tobruk
0%
Japan 153508 Tochigi
0%
Honduras 72847 Tocoa
0%
Panama 74952 Tocumen
0%
Venezuela 173450 Tocuyito
0%
Japan 142352 Toda
0%
India 68722 Todupulai
0%
Benin 74717 Toffo
0%
Japan 57560 Tōgane
0%
Ethiopia 70450 Togoch’alē
0%
India 63871 Tohāna
0%
Japan 113144 Tōkai
0%
Nepal 133755 Tokha
0%
Japan 341289 Tokorozawa
0%
Madagascar 67284 Tôlan̈aro
0%
Madagascar 168756 Toliara
0%
Japan 170223 Tomakomai
0%
Poland 57600 Tomaszów Mazowiecki
0%
Japan 64850 Tomigusuku
0%
Indonesia 96411 Tomohon
0%
El Salvador 170282 Tonacatepeque
0%
Mexico 569913 Tonalá
0%
Japan 108735 Tondabayashichō
0%
Philippines 654220 Tondo
0%
China 698322 Tongchuan
0%
Korea, South 87724 Tonghae
0%
China 176112 Tongjiang
0%
Korea, South 1076369 Tongjin
0%
China 1311726 Tongling
0%
China 3168800 Tongren
0%
Turkey 207840 Torbalı
0%
Iran 140019 Torbat-e Ḩeydarīyeh
0%
Iran 100449 Torbat-e Jām
0%
Haiti 69189 Torbeck
0%
Japan 103908 Toride
0%
Italy 80508 Torre del Greco
0%
Spain 127132 Torrejón de Ardoz
0%
Spain 70933 Torremolinos
0%
Spain 89401 Torrente
0%
Spain 94803 Torrevieja
0%
Japan 297954 Toshima
0%
Benin 101870 Tota
0%
Guatemala 118960 Totonicapán
0%
United Kingdom 129237 Tottenham
0%
Japan 187323 Tottori
0%
Taiwan 106310 Toufen
0%
Algeria 143270 Touggourt
0%
Benin 88611 Toviklin
0%
Japan 60063 Towada
0%
United States 86544 Town 'n' Country
0%
United States 57683 Towson
0%
Japan 413028 Toyama
0%
Japan 69389 Toyoake
0%
Japan 183930 Toyokawa
0%
Japan 77897 Toyomamachi-teraike
0%
Japan 399263 Toyonaka
0%
Japan 77005 Toyooka
0%
United States 95358 Tracy
0%
Brazil 58415 Trairi
0%
Thailand 59894 Trang
0%
Philippines 210503 Trece Martires City
0%
Argentina 97915 Trelew
0%
Argentina 62835 Tres Arroyos
0%
Brazil 75485 Três Corações
0%
Brazil 123281 Três Lagoas
0%
Brazil 78346 Três Rios
0%
India 916857 Trichinopoly
0%
India 315596 Trichūr
0%
Greece 61608 Tríkala
0%
India 61287 Trikonavattam
0%
Sri Lanka 99135 Trincomalee
0%
Brazil 142431 Trindade
0%
India 69390 Tripunittura
0%
Vietnam 183385 Trảng Bàng
0%
Russia 69983 Troitsk
0%
Congo (Kinshasa) 1006387 Tshikapa
0%
Congo (Kinshasa) 84651 Tshilenge
0%
Hong Kong 191500 Tsing Yi Town
0%
Japan 77382 Tsubame
0%
Japan 142181 Tsuchiura
0%
Japan 246647 Tsukuba-kenkyūgakuen-toshi
0%
Japan 66123 Tsuruga
0%
Japan 70067 Tsurugashima
0%
Japan 121371 Tsuruoka
0%
Japan 60908 Tsushima
0%
Japan 97507 Tsuyama
0%
Philippines 63970 Tuao
0%
Indonesia 87947 Tuban
0%
Brazil 110088 Tubarão
0%
Philippines 68167 Tuburan
0%
Venezuela 86487 Tucupita
0%
Brazil 91306 Tucuruí
0%
Philippines 166334 Tuguegarao
0%
Egypt 627290 Ţūkh
0%
Mexico 103919 Tula de Allende
0%
Mexico 151582 Tulancingo
0%
United States 69984 Tulare
0%
West Bank 64532 Ţūlkarm
0%
Mexico 131567 Tultepec
0%
Mexico 520557 Tultitlán de Mariano Escobedo
0%
Colombia 219138 Tuluá
0%
Philippines 60978 Tulunan
0%
Colombia 212692 Tumaco
0%
Philippines 70743 Tumauini
0%
Peru 96946 Tumbes
0%
China 121000 Tumen
0%
India 599078 Tumkūr
0%
Malaysia 183100 Tumpat
0%
Philippines 61374 Tunasan
0%
China 86474 Tuncheng
0%
Bangladesh 350000 Tungi
0%
Brazil 63928 Tupã
0%
Philippines 73459 Tupi
0%
Saudi Arabia 91713 Ţurayf
0%
Colombia 115000 Turbaco
0%
Colombia 72168 Turbaná
0%
Pakistan 268625 Turbat
0%
Colombia 181000 Turbo
0%
Turkey 175401 Turgutlu
0%
Turkey 62030 Turhal
0%
Turkmenistan 230861 Türkmenabat
0%
Turkmenistan 91745 Türkmenbaşy
0%
Turkey 78976 Türkoğlu
0%
United States 79394 Turlock
0%
Tajikistan 298800 Tursunzoda
0%
United States 79035 Tustin
0%
India 500000 Tuticorin
0%
Mexico 84750 Túxpam de Rodríguez Cano
0%
Mexico 162511 Tuxtepec
0%
Mexico 578830 Tuxtla
0%
Vietnam 104645 Tuyên Quang
0%
Vietnam 242840 Tuy Hòa
0%
Russia 68349 Tuymazy
0%
Iraq 119000 Ţūz Khūrmātū
0%
United Kingdom 62148 Twickenham
0%
Poland 124882 Tychy
0%
United Kingdom 68202 Tynemouth
0%
Greece 222280 Týrnavos
0%
Angola 225520 Uacu Cungo
0%
Brazil 103365 Ubá
0%
Brazil 66861 Ubatuba
0%
Philippines 81799 Ubay
0%
Brazil 252051 Uberaba
0%
Thailand 68477 Ubon Ratchathani
0%
Indonesia 74800 Ubud
0%
Tanzania 1086912 Ubungo
0%
Pakistan 98852 Uch Sharif
0%
Angola 187127 Ucu Seles
0%
India 61133 Udamalpet
0%
India 165401 Udipi
0%
Thailand 130531 Udon Thani
0%
Japan 152948 Ueda
0%
Somalia 82850 Ufeyn
0%
Nigeria 420000 Ugep
0%
Angola 322531 Uíge
0%
South Africa 103639 Uitenhage
0%
Korea, South 154879 Ŭiwang
0%
India 515215 Ujjain
0%
Russia 77187 Ukhta
0%
Kenya 77686 Ukunda
0%
China 327081 Ulanhot
0%
India 235345 Uluberiya
0%
Ukraine 81525 Uman
0%
Philippines 77074 Umingan
0%
United Arab Emirates 59098 Umm al Qaywayn
0%
Iraq 107620 Umm Qaşr
0%
Turkey 723760 Umraniye
0%
India 185320 Umreth
0%
Nigeria 359230 Umuahia
0%
Brazil 117095 Umuarama
0%
India 58528 Una
0%
Brazil 86619 Unaí
0%
Saudi Arabia 184600 ‘Unayzah
0%
Indonesia 164916 Ungaran
0%
Brazil 59280 União dos Palmares
0%
India 177658 Unnāo
0%
Nigeria 120000 Unwana
0%
Turkey 132432 Ünye
0%
Philippines 59004 Upi
0%
South Africa 74834 Upington
0%
United States 78940 Upland
0%
India 58775 Upleta
0%
United States 85190 Upper Darby
0%
Japan 169749 Urayasu
0%
Philippines 144577 Urdaneta
0%
Uzbekistan 99675 Urgut Shahri
0%
Colombia 117674 Uribia
0%
Colombia 198890 Uripa
0%
Mexico 334749 Uruapan
0%
Brazil 117210 Uruguaiana
0%
Japan 122371 Uruma
0%
India 67391 Urun-Islāmpur
0%
Russia 65698 Urus-Martan
0%
Japan 84505 Ushiku
0%
Colombia 314431 Usme
0%
Russia 74762 Usol’ye-Sibirskoye
0%
Guatemala 74244 Uspantán
0%
Russia 179862 Ussuriysk
0%
Pakistan 76753 Usta Muhammad
0%
Russia 79570 Ust’-Ilimsk
0%
El Salvador 87078 Usulután
0%
Japan 518197 Utsunomiya
0%
India 159147 Uttarpāra
0%
Tanzania 387442 Uvinza
0%
Congo (Kinshasa) 726000 Uvira
0%
Japan 69639 Uwajima
0%
United Kingdom 70560 Uxbridge
0%
Ukraine 115449 Uzhhorod
0%
Serbia 59747 Užice
0%
Turkey 81692 Uzungöz
0%
Turkey 59351 Uzunköprü
0%
Spain 100250 Vaciamadrid
0%
Tajikistan 342700 Vahdat
0%
India 65296 Vaijāpur
0%
Brazil 97873 Valença
0%
Brazil 76869 Valença
0%
Venezuela 191167 Valera
0%
Brazil 82973 Valinhos
0%
Serbia 90312 Valjevo
0%
Mexico 61590 Valle de Bravo
0%
Venezuela 105403 Valle de La Pascua
0%
Mexico 150054 Valle de Santiago
0%
Mexico 68573 Valle Hermoso
0%
Portugal 93858 Valongo
0%
India 170060 Valsād
0%
Armenia 90525 Vanadzor
0%
South Africa 95840 Vanderbijlpark
0%
India 95061 Vāniyambādi
0%
Iran 225628 Varāmīn
0%
Brazil 136467 Varginha
0%
India 68970 Varisshiyakuni
0%
Brazil 300078 Várzea Grande
0%
Brazil 115771 Várzea Paulista
0%
Romania 63035 Vaslui
0%
Netherlands 66912 Veenendaal
0%
India 113304 Vejalpur
0%
India 60296 Velampālaiyam
0%
Germany 82462 Velbert
0%
Croatia 61075 Velika Gorica
0%
Russia 85989 Velikiye Luki
0%
Russia 222340 Velikiy Novgorod
0%
India 484690 Vellore
0%
Netherlands 68617 Velsen-Zuid
0%
Argentina 83263 Venado Tuerto
0%
Brazil 61234 Venâncio Aires
0%
India 153696 Verāval
0%
South Africa 99000 Vereeniging
0%
Russia 73727 Verkhnyaya Pyshma
0%
Brazil 129765 Vespasiano
0%
Turkey 90308 Vezirköprü
0%
Brazil 224112 Viamão
0%
Portugal 88725 Viana do Castelo
0%
Italy 60579 Viareggio
0%
Brazil 79388 Viçosa
0%
Brazil 59712 Viçosa do Ceará
0%
Philippines 90101 Victorias
0%
Peru 68506 Víctor Larco Herrera
0%
India 155959 Vidisha
0%
Russia 106222 Vidnoye
0%
Argentina 59993 Viedma
0%
Germany 79250 Viersen
0%
Italy 62076 Vigevano
0%
Pakistan 128034 Vihari
0%
Kenya 118696 Vihiga
0%
India 1476931 Vijayavāda
0%
Spain 67348 Viladecáns
0%
Portugal 79533 Vila do Conde
0%
Portugal 137529 Vila Franca de Xira
0%
Mozambique 145466 Vila Junqueiro
0%
Angola 294494 Vila Teixeira da Silva
0%
Brazil 472762 Vila Velha
0%
Brazil 95832 Vilhena
0%
Dominican Republic 84312 Villa Altagracia
0%
Guatemala 167779 Villa Canales
0%
Argentina 75315 Villa Carlos Paz
0%
Argentina 78699 Villa Celina
0%
Paraguay 65310 Villa Curuguaty
0%
Mexico 149762 Villa de Álvarez
0%
Venezuela 89364 Villa de Cura
0%
Colombia 107991 Villa del Rosario
0%
Argentina 62315 Villa Domínico
0%
Paraguay 75933 Villa Elisa
0%
Argentina 107778 Villa Krause
0%
Argentina 94403 Villa Luzuriaga
0%
Argentina 88600 Villa María
0%
Colombia 60729 Villamaría
0%
Argentina 131046 Villa Mercedes
0%
Guatemala 492480 Villa Nueva
0%
Honduras 149977 Villanueva
0%
Spain 68854 Villanueva y Geltrú
0%
Philippines 65047 Villasis
0%
Bolivia 71386 Villa Tunari
0%
Mexico 82688 Villa Vicente Guerrero
0%
Mexico 77819 Villa Victoria
0%
India 171131 Villupuram
0%
Vietnam 183918 Vĩnh Châu
0%
Vietnam 200120 Vĩnh Long
0%
Vietnam 152801 Vĩnh Yên
0%
India 59725 Vinukonda
0%
Philippines 76520 Virac
0%
Turkey 207315 Viranşehir
0%
India 84453 Vīrappanchathiram
0%
India 72296 Virudunagar
0%
India 63073 Visnagar
0%
United States 98646 Vista
0%
Italy 65949 Viterbo
0%
Vietnam 104244 Vị Thanh
0%
Brazil 341128 Vitória da Conquista
0%
Brazil 117609 Vitória de Santo Antão
0%
France 95282 Vitry-sur-Seine
0%
Belarus 358395 Vitsyebsk
0%
Vietnam 415280 Việt Trì
0%
India 228720 Vizianagaram
0%
Netherlands 73924 Vlaardingen
0%
Russia 163963 Volgodonsk
0%
Brazil 242063 Volta Redonda
0%
Russia 315220 Volzhskiy
0%
Russia 96037 Votkinsk
0%
Brazil 127923 Votorantim
0%
Brazil 96634 Votuporanga
0%
India 73585 Vriddhāchalam
0%
Russia 78011 Vsevolozhsk
0%
Kosovo 69870 Vushtrri
0%
Greece 59134 Výronas
0%
Pakistan 82835 Wadala Sandhuan
0%
India 180000 Wadlakonda
0%
Sudan 345290 Wad Medani
0%
China 905082 Wafangdian
0%
Indonesia 71218 Waingapu
0%
Kenya 90116 Wajir
0%
United Kingdom 99251 Wakefield
0%
Uganda 87900 Wakiso
0%
Japan 84120 Wakō
0%
United States 124186 Waldorf
0%
United States 69790 Walnut Creek
0%
United Kingdom 109424 Walthamstow
0%
United Kingdom 66566 Walton upon Thames
0%
Namibia 102704 Walvisbaai
0%
Congo (Kinshasa) 146871 Wamba
0%
Indonesia 66080 Wamena
0%
China 545992 Wancheng
0%
India 74320 Wandiwāsh
0%
China 67158 Wanggezhuang
0%
China 93291 Wangjia
0%
China 88732 Wangqing
0%
China 59452 Wangzhuang
0%
India 58840 Wani
0%
India 60949 Wanparti
0%
China 406685 Wanyuan
0%
India 450000 Wāpi
0%
Japan 74996 Warabi
0%
India 704570 Warangal
0%
India 176291 Wārāseonī
0%
Ethiopia 450400 Warder
0%
India 106444 Wardha
0%
Bolivia 214216 Warnes
0%
India 72126 Warora
0%
Morocco 79218 Warzat
0%
India 62863 Wāshīm
0%
Indonesia 81629 Watampone
0%
United Kingdom 64350 Waterlooville
0%
China 216910 Wayaobu
0%
Pakistan 128060 Wazirabad
0%
China 824708 Weichanglu
0%
China 64722 Weishui
0%
China 95795 Weiyuan
0%
China 66490 Weiyuan
0%
Sri Lanka 72511 Weligama
0%
Canada 69302 Welland
0%
Austria 65303 Wels
0%
United Kingdom 102856 Wembley
0%
China 593629 Wenchang
0%
China 560894 Wencheng
0%
China 585976 Wenlan
0%
China 1366794 Wenling
0%
China 71943 Wenping
0%
China 62407 Wenxicun
0%
United States 71965 Wesley Chapel
0%
United States 59588 West Allis
0%
United States 69893 West Des Moines
0%
Philippines 87508 Western Bicutan
0%
United States 84155 Westland
0%
Canada 138501 Whitby
0%
Canada 109167 White Rock
0%
Cameroon 86822 Widekum
0%
Argentina 65881 Wilde
0%
South Africa 120826 Winterveld
0%
Somalia 75000 Wisil
0%
Morocco 87910 Wislane
0%
South Africa 108673 Witbank
0%
Poland 104705 Włocławek
0%
Canada 72326 Wood Buffalo
0%
United Kingdom 84959 Woolwich
0%
United Kingdom 61603 Wrecsam
0%
China 897705 Wuchang
0%
China 907354 Wuchuan
0%
China 243283 Wudalianchi
0%
China 640181 Wugang
0%
China 550000 Wuhai
0%
China 91952 Wuji
0%
China 96436 Wujiaqu
0%
China 80714 Wujindian
0%
Nigeria 92933 Wukari
0%
China 86990 Wulan
0%
China 121110 Wuling
0%
Kenya 62340 Wundanyi
0%
China 1311726 Wusong
0%
China 82986 Wutiancun
0%
China 815848 Wutong
0%
China 644247 Wuxue
0%
China 58630 Wuyang
0%
China 82526 Wuyi
0%
China 238000 Wuyishan
0%
China 1284000 Wuzhong
0%
United States 58991 Wylie
0%
United Kingdom 110000 Wythenshawe
0%
Laos 79500 Xai
0%
Laos 75700 Xaignabouli
0%
Mozambique 116343 Xai-Xai
0%
Mexico 424755 Xalapa
0%
Angola 68114 Xá Muteba
0%
Angola 70568 Xangongo
0%
Greece 58760 Xánthi
0%
Somalia 65523 Xarardheere
0%
China 91109 Xiancun
0%
China 140010 Xiangcheng
0%
China 103659 Xianghe
0%
Laos 267172 Xiangkhoang
0%
China 2726181 Xiangtan
0%
China 730103 Xiangxiang
0%
China 148602 Xianshuigu
0%
China 65491 Xiantangcun
0%
China 1268715 Xiantao
0%
China 4270371 Xiaoganzhan
0%
China 315820 Xiaoli
0%
China 4017607 Xiaoxita
0%
China 468770 Xiaoyi
0%
China 155976 Xiaping
0%
China 806966 Xiashi
0%
China 65211 Xibang
0%
China 1055706 Xibeijie
0%
China 712434 Xichang
0%
China 419314 Xicheng
0%
Mexico 81455 Xicotepec de Juárez
0%
China 81386 Xiedian
0%
China 99387 Xiegang
0%
China 65473 Xieqiaocun
0%
China 57773 Xiezhou
0%
China 679771 Xigazê
0%
China 211590 Xigujing
0%
China 58890 Xikeng
0%
China 61668 Xiluodu
0%
China 1663542 Ximeicun
0%
China 65100 Xinbin
0%
China 698188 Xindi
0%
China 73530 Xindian
0%
Taiwan 58614 Xinfeng
0%
China 779411 Xingcheng
0%
China 490300 Xingcheng
0%
China 75381 Xinglong
0%
China 417919 Xingren
0%
China 277034 Xingsha
0%
China 783120 Xingyi
0%
China 100792 Xinhua
0%
China 1172237 Xinhualu
0%
China 594628 Xinji
0%
China 146776 Xinjing
0%
China 565634 Xinmin
0%
China 61441 Xinmin
0%
China 4393482 Xinpu
0%
China 544843 Xinshi
0%
China 1315942 Xintai
0%
China 144537 Xintang
0%
China 568566 Xinxing
0%
China 1013900 Xinyi
0%
China 1186700 Xinyu
0%
China 2689668 Xinzhou
0%
China 99693 Xiongzhou
0%
China 652604 Xiping
0%
China 221670 Xiqiao
0%
Azerbaijan 100900 Xırdalan
0%
China 885987 Xishan
0%
China 108592 Xishancun
0%
China 83822 Xishancun
0%
China 473707 Xiulin
0%
Uzbekistan 67800 Xo‘jayli Shahri
0%
China 2500063 Xuanzhou
0%
Somalia 85500 Xuddur
0%
China 165000 Xuejiawan
0%
China 211590 Xujing
0%
China 357876 Xunyang
0%
China 118263 Xuqiaocun
0%
China 1502000 Xushan
0%
Ethiopia 86400 Yabēlo
0%
Japan 66430 Yachimata
0%
Japan 200538 Yachiyo
0%
Bolivia 97296 Yacuiba
0%
Libya 72662 Yafran
0%
Japan 136028 Yaizu
0%
China 256396 Yakeshi
0%
Thailand 60617 Yala
0%
India 95149 Yalamakūru
0%
Turkey 133109 Yalova
0%
Japan 191470 Yamaguchi
0%
Japan 60791 Yamatotakada
0%
Bulgaria 83861 Yambol
0%
Japan 60196 Yame
0%
India 216628 Yamunānagar
0%
Japan 64120 Yanagawa
0%
India 76000 Yanam
0%
China 426253 Yan’an Beilu
0%
Saudi Arabia 331916 Yanbu‘
0%
China 875896 Yangchun
0%
China 80681 Yanggao
0%
Korea, South 732376 Yanggok
0%
China 67901 Yanghe
0%
Uzbekistan 61700 Yangiyŭl
0%
China 118291 Yangliuqing
0%
China 63578 Yangqingcun
0%
China 1318505 Yangquan
0%
China 1447600 Yangshe
0%
China 57609 Yanguancun
0%
China 548700 Yanji
0%
China 2308631 Yanjiang
0%
China 86435 Yaofeng
0%
Venezuela 140256 Yaritagua
0%
Japan 93283 Yashio
0%
Iran 108505 Yāsūj
0%
Japan 239146 Yato
0%
China 670251 Yatou
0%
West Bank 63511 Yattir
0%
India 116551 Yavatmāl
0%
Japan 70373 Yawata-shimizui
0%
Iran 529673 Yazd
0%
Liberia 124653 Yeebo Town
0%
South Sudan 185000 Yei
0%
Russia 73759 Yelabuga
0%
India 119891 Yelahanka
0%
Russia 99875 Yelets
0%
Ukraine 76673 Yenakiieve
0%
Vietnam 100631 Yên Bái
0%
Turkey 704652 Yenimahalle
0%
Turkey 219759 Yenişehir
0%
Russia 121534 Yessentuki
0%
Azerbaijan 59036 Yevlax
0%
Ukraine 105719 Yevpatoriia
0%
Russia 82172 Yeysk
0%
China 1082929 Yicheng
0%
China 469417 Yicheng
0%
China 5007702 Yichun
0%
China 878881 Yichun
0%
China 347388 Yidu
0%
Turkey 655856 Yıldırım
0%
Turkey 81692 Yıldız
0%
China 108124 Yilong
0%
China 135819 Yima
0%
China 941325 Yingcheng
0%
China 1109782 Yingchuan
0%
China 2296540 Yingkou
0%
China 1154223 Yingtan
0%
China 315462 Yingzhong
0%
China 70614 Yinying
0%
China 102090 Yishi
0%
China 94115 Yishui
0%
China 60283 Yisuhe
0%
China 68952 Yitiaoshan
0%
China 115752 Yitong
0%
China 94110 Yi Xian
0%
China 3851564 Yiyang
0%
China 790676 Yiyang
0%
Korea, South 114253 Yŏju
0%
Japan 84556 Yokotemachi
0%
Nigeria 392854 Yola
0%
Japan 80795 Yonezawa
0%
China 344793 Yong’an
0%
China 61932 Yongbei
0%
China 1240382 Yongcheng
0%
China 304781 Yonghetun
0%
China 394935 Yongji
0%
Korea, South 109266 Yŏngju
0%
China 118494 Yongqing
0%
China 60557 Yongyang
0%
China 5289824 Yongzhou
0%
Colombia 106822 Yopal
0%
Côte d’Ivoire 1571065 Yopougon
0%
United States 67407 Yorba Linda
0%
Honduras 86665 Yoro
0%
Japan 230873 Yoshiichō-shimobaru
0%
Japan 72139 Yoshikawa
0%
Japan 90224 Yoshiwara
0%
Japan 93233 Yotsukaidō
0%
Morocco 65669 Youssoufia
0%
Taiwan 122763 Yuanlin
0%
China 413922 Yuanping
0%
China 78254 Yuanshan
0%
China 1434603 Yucheng
0%
China 488014 Yucheng
0%
China 840000 Yuci
0%
China 488980 Yueqing
0%
China 69880 Yueshanwan
0%
China 616346 Yuhuan
0%
Turkey 608675 Yukarıkaraman
0%
Turkey 84800 Yüksekova
0%
Japan 72376 Yukuhashi
0%
China 3624750 Yulinshi
0%
China 117110 Yulu
0%
Colombia 95072 Yumbo
0%
China 2383350 Yunfu
0%
China 103532 Yunfu
0%
China 68858 Yunnanyi
0%
China 133558 Yunxian Chengguanzhen
0%
China 326849 Yunzhong
0%
China 67449 Yuquan
0%
Japan 73840 Yurihonjō
0%
Peru 62903 Yurimaguas
0%
Mexico 68741 Yuriria
0%
China 1652159 Yushan
0%
China 836098 Yushu
0%
China 1263332 Yutan
0%
China 2249502 Yuxi
0%
Iran 134950 Zābol
0%
Poland 158307 Zabrze
0%
Guatemala 66423 Zacapa
0%
El Salvador 75100 Zacatecoluca
0%
Pakistan 134275 Zafarwal
0%
Benin 132401 Zagnanado
0%
Iran 587730 Zāhedān
0%
India 58857 Zahirābād
0%
Lebanon 100000 Zahlé
0%
Iraq 197000 Zākhū
0%
China 318933 Zalantun
0%
Japan 130753 Zama
0%
Philippines 2100000 Zamboanga City
0%
Poland 60148 Zamość
0%
Nigeria 154743 Zango
0%
China 66255 Zanhuang
0%
Iran 386851 Zanjān
0%
China 888794 Zaoyang
0%
Mexico 68519 Zapotlanejo
0%
Uzbekistan 85100 Zarafshon Shahri
0%
Iran 57749 Zarand
0%
Afghanistan 160902 Zaranj
0%
Argentina 109443 Zárate
0%
Venezuela 58200 Zaraza
0%
Russia 58753 Zarechnyy
0%
Tunisia 78766 Zarzis
0%
South Africa 448000 Zebediela
0%
Mali 230360 Zégoua
0%
Netherlands 65043 Zeist
0%
Russia 98888 Zelënodol’sk
0%
Mexico 57906 Zempoala
0%
Serbia 161596 Zemun
0%
China 58339 Zengcun
0%
China 58339 Zengcun
0%
China 61872 Zengqiao
0%
India 95553 Zerakpur
0%
China 382610 Zêtang
0%
Kazakhstan 147962 Zhangaözen
0%
China 129338 Zhangbei
0%
China 70000 Zhanggu
0%
China 1517027 Zhangjiajie
0%
China 409745 Zhangjiakou Shi Xuanhua Qu
0%
China 132816 Zhangmu Touwei
0%
China 242000 Zhangping
0%
China 485649 Zhangshu
0%
China 161439 Zhanlicun
0%
China 666532 Zhaodong
0%
China 5092611 Zhaotong
0%
China 143350 Zhaoxiang
0%
China 127545 Zhaozhou
0%
China 144259 Zhaxi
0%
Russia 97038 Zheleznogorsk
0%
Russia 82723 Zheleznogorsk
0%
China 158599 Zhengding
0%
China 317758 Zhengjiatun
0%
Kazakhstan 90661 Zhezqazghan
0%
China 408487 Zhijiang
0%
China 113907 Zhijiang
0%
Belarus 76844 Zhlobin
0%
China 731343 Zhongba
0%
China 77514 Zhongcheng
0%
China 655300 Zhongshu
0%
China 1046000 Zhongwei
0%
China 868897 Zhongxiang
0%
China 94067 Zhoujiajing
0%
China 742496 Zhuanghe
0%
China 435405 Zhuangyuan
0%
Taiwan 212695 Zhubei
0%
Taiwan 96518 Zhudong
0%
China 1078178 Zhufeng
0%
China 392800 Zhugang
0%
China 1157938 Zhuji
0%
Russia 110083 Zhukovskiy
0%
China 7008427 Zhumadian
0%
Taiwan 89420 Zhunan
0%
China 72538 Zhuolu
0%
Pakistan 160422 Ziarat
0%
Egypt 93740 Ziftá
0%
Burma 67523 Zigon
0%
China 2489256 Zigong
0%
Mexico 67408 Zihuatanejo
0%
China 785242 Zijinglu
0%
Mexico 136167 Zinacantepec
0%
Niger 235605 Zinder
0%
Colombia 196409 Zipaquirá
0%
Bosnia and Herzegovina 57765 Živinice
0%
Russia 158597 Zlatoust
0%
Benin 72338 Zogbodomé
0%
Greece 69874 Zográfos
0%
Malawi 101140 Zomba
0%
Poland 61793 Żory
0%
Mauritania 62380 Zouerate
0%
China 726722 Zouping
0%
China 707047 Zunhua
0%
Libya 80310 Zuwārah
0%
Zimbabwe 59717 Zvishavane
0%
Bosnia and Herzegovina 63686 Zvornik
0%
No matching quizzes found
Score Distribution
Percent of People with Each Score
Percentile by Number Answered
Your Score History
You have not taken this quiz